{"text_format":"3","workbook":"xlsx","n_sheets":5,"sheets":["DADOS","BDI (1)","PO","PLQ","CFF"],"not_rendered":{"images":13,"macros":1,"defined_names":122},"read":"whole","date_system":"1900"}

{"sheet":"DADOS","index":0,"n_rows":230,"n_cols":24,"rows_kept":230,"merged":[[0,1,1,23],[3,0,3,23],[5,0,5,23],[7,0,7,23],[9,0,9,23],[11,0,11,23],[13,0,13,23],[15,0,15,23],[17,0,17,23],[21,0,21,8],[23,0,23,23],[25,0,25,23],[27,0,27,1],[27,2,27,4],[27,5,27,8],[27,9,27,14],[27,15,27,23],[28,0,28,1],[28,2,28,4],[28,5,28,8],[28,9,28,14],[28,15,28,23],[30,0,30,5],[30,6,30,9],[30,10,30,15],[30,16,30,23],[31,0,31,5],[31,6,31,9],[31,10,31,15],[31,16,31,23],[34,0,34,23],[36,0,36,1],[36,3,36,5],[36,6,36,18],[37,0,37,1],[37,3,37,5],[37,6,37,18],[39,0,39,23],[41,0,41,1],[41,2,41,6],[41,7,41,8],[41,10,41,12],[41,14,41,19],[41,20,41,21],[41,22,41,23],[42,0,42,1],[42,2,42,6],[42,7,42,8],[42,10,42,12],[42,14,42,19],[42,20,42,21],[42,22,42,23],[44,0,44,23],[47,0,47,2],[49,0,49,23],[53,1,53,4],[53,7,53,10],[54,1,54,4],[54,7,54,10],[55,1,55,4],[55,7,55,10],[56,1,56,4],[56,7,56,10],[59,0,59,23],[61,0,61,23],[62,0,62,23],[64,0,64,23],[66,0,66,23],[67,0,67,23],[68,0,68,23],[69,0,69,23],[70,0,70,23],[71,0,71,23],[73,0,73,23],[75,0,75,23],[76,0,76,23],[77,0,77,23],[78,0,78,23],[79,0,79,23],[80,0,80,23],[81,0,81,23],[82,0,82,23],[83,0,83,23],[84,0,84,23],[85,0,85,23],[86,0,86,23],[87,0,87,23],[89,0,89,23],[91,0,91,23],[92,0,92,23],[93,0,93,23],[94,0,94,23],[95,0,95,23],[96,0,96,23],[97,0,97,23],[98,0,98,23],[99,0,99,23],[100,0,100,23],[219,0,219,1],[219,2,219,4],[219,5,219,8],[219,9,219,14],[219,15,219,23],[220,0,220,1],[220,2,220,4],[220,5,220,8],[220,9,220,14],[220,15,220,23],[222,0,222,5],[222,6,222,9],[222,10,222,15],[222,16,222,23],[223,0,223,5],[223,6,223,9],[223,10,223,15],[223,16,223,23],[225,0,225,1],[225,3,225,5],[225,6,225,18],[226,0,226,1],[226,3,226,5],[226,6,226,18],[228,0,228,1],[228,2,228,6],[228,7,228,8],[228,10,228,12],[228,14,228,19],[228,20,228,21],[228,22,228,23],[229,0,229,1],[229,2,229,6],[229,7,229,8],[229,10,229,12],[229,14,229,19],[229,20,229,21],[229,22,229,23]]}
[{"v":27476,"d":"27,476"},"PO - Planilha Orçamentária / PLQ - Planilha de Levantamento de Quantidades / CFF - Cronograma Físico Financeiro"]
["v008"]
[]
["INSTRUÇÕES DE USO E PREENCHIMENTO"]
[]
["1. Este documento somente pode ser utilizado nas versões do Excel 2003 ou superior. Não deve ser utilizado versões do BROffice. O Documento deve ser salvo SOMENTE em extensão habilitada para macros (.xls ou .xlsm). Se o documento for salvo na extensão .xlsx, o arquivo será INUTILIZADO. "]
[]
["2. Para funcionamento pleno desse arquivo, a Segurança de Macros do Excel deve ser habilitada."]
[]
["2.1  Na Versão Excel 2003, selecione na Faixa de Opções: Ferramentas --> Macro --> Segurança --> Na aba Nível de Segurança selecione a Opção \"Baixo\" --> Clique em OK --> Feche e abra o Excel novamente para utilizar a Planilha."]
[]
["2.2 Na Versão Excel 2007 ou superior, selecione na Faixa de Opções: Arquivo --> Opções --> Central de Confiabilidade --> Configurações da Central de Confiabilidade --> Configurações de Macro --> Habilitar todas as Macros --> Clique em OK --> Feche e abra o excel novamente para utilizar a Planilha."]
[]
["3. O Preenchimento deve ser feito somente nas células em amarelo. As outras células são de preenchimento Automático."]
[]
["4. Preferências de Elaboração do Orçamento"]
[]
["4.1. Preenchimento de Quantidades"]
[]
[]
[]
["5. Ordem de Preenchimento"]
[]
["5.1. na Aba DADOS"]
[]
["5.1.1. Preencha no Quadro abaixo os Dados do TC/CR:"]
[]
["Nº OPERAÇÃO",null,"GESTOR",null,null,"PROGRAMA",{"$nulls":3},"AÇÃO / MODALIDADE",{"$nulls":5},"OBJETO"]
["-",null,"-",null,null,"-",{"$nulls":3},"-",{"$nulls":5},"CONSTRUÇÃO DO GINÁSIO DE ESPORTE MUNICIPAL MULTIUSO – 5ª ETAPA – EXECUÇÃO DE PISO E REVESTIMENTOS NOS VESTIÁRIOS E SALAS NO PAVIMENTO TÉRREO, BANHEIROS DO SEGUNDO PAVIMENTO"]
[]
["PROPONENTE / TOMADOR",{"$nulls":5},"MUNICÍPIO / UF",{"$nulls":3},"LOCALIDADE / ENDEREÇO",{"$nulls":5},"APELIDO DO EMPREENDIMENTO"]
["MUNICÍPIO DE GUAPORÉ/RS",{"$nulls":5},"GUAPORÉ/RS",{"$nulls":3},"RUA DO NASCENTE, 1350",{"$nulls":5},"GINÁSIO DE ESPORTE MUNICIPAL MULTIUSO – 5ª ETAPA"]
[]
[]
["5.1.2. Preencha no quadro abaixo as informações sobre o orçamento:"]
[]
["DATA BASE",null,"DESON.","LOCALIDADE DO SINAPI",null,null,"DESCRIÇÃO DO LOTE",{"$nulls":12},"BDI 1","BDI 2","BDI 3","BDI 4","BDI 5"]
["2020-04-01",null,"Não","Porto Alegre / RS",null,null,"GINÁSIO DE ESPORTE MUNICIPAL MULTIUSO – 5ª ETAPA",{"$nulls":12},{"$f":"IF(ISERROR(INDIRECT(\"'BDI (\"&RIGHT(T37,1)&\")'!N27\")),\"\",INDIRECT(\"'BDI (\"&RIGHT(T37,1)&\")'!N27\"))","v":{"v":0.2223,"d":"22.23%"}},{"$f":"IF(ISERROR(INDIRECT(\"'BDI (\"&RIGHT(U37,1)&\")'!N27\")),\"\",INDIRECT(\"'BDI (\"&RIGHT(U37,1)&\")'!N27\"))","v":""},{"$f":"IF(ISERROR(INDIRECT(\"'BDI (\"&RIGHT(V37,1)&\")'!N27\")),\"\",INDIRECT(\"'BDI (\"&RIGHT(V37,1)&\")'!N27\"))","v":""},{"$f":"IF(ISERROR(INDIRECT(\"'BDI (\"&RIGHT(W37,1)&\")'!N27\")),\"\",INDIRECT(\"'BDI (\"&RIGHT(W37,1)&\")'!N27\"))","v":""},{"$f":"IF(ISERROR(INDIRECT(\"'BDI (\"&RIGHT(X37,1)&\")'!N27\")),\"\",INDIRECT(\"'BDI (\"&RIGHT(X37,1)&\")'!N27\"))","v":""}]
[]
["4.1.2. Preencha no quadro abaixo as informações sobre o orçamento licitado:"]
[]
["CTEF n.º",null,"NOME DA EMPRESA ",{"$nulls":4},"DATA BASE",null,"DESON.","REGIME DE EXECUÇÃO",null,null,"ACOMP.","OBJETO CTEF",{"$nulls":5},"DATA ASSINATURA",null,"VIGÊNCIA"]
[]
[]
["5.1.3. Preencha a data de Início da Obra:"]
[]
["DATA INÍCIO"]
["2020-08-01"]
[]
["5.1.4. Preencha no(s) Quadro(s) abaixo os Dados do(s) Responsável(is) Técnico(s) pela elaboração do Orçamento:"]
[]
[{"$nulls":6},"Exibir o 2° Quadro de Assinatura?",{"$nulls":3},"NÃO"]
[]
["Nome:","RICARDO PEDROSO DE FARIAS",{"$nulls":4},"Nome:"]
[{"$f":"IF(OR(TipoOrçamento=\"BASE\",TipoOrçamento=\"REPROGRAMADONPL\"),\"Título:\",\"Cargo:\")","v":"Título:"},"ENGENHEIRO CIVIL",{"$nulls":4},{"$f":"A55","v":"Título:"}]
[{"$f":"IF(OR(TipoOrçamento=\"BASE\",TipoOrçamento=\"REPROGRAMADONPL\"),\"CREA/CAU:\",\"Empresa:\")","v":"CREA/CAU:"},"RS215262",{"$nulls":4},{"$f":"A56","v":"CREA/CAU:"}]
[{"$f":"IF(OR(TipoOrçamento=\"BASE\",TipoOrçamento=\"REPROGRAMADONPL\"),\"ART/RRT:\",\"CNPJ:\")","v":"ART/RRT:"},"10794667",{"$nulls":4},{"$f":"A57","v":"ART/RRT:"}]
[]
[]
["5.2. Legenda das Abas"]
[]
["5.2.1.  LARANJA: Aba DADOS. Preenchimento Obrigatório. Impressão Dispensada."]
["5.2.2.  AMARELO: Abas BDI, PO, PLQ e CFF. Preenchimento e Impressão Obrigatórias. O preenchimento da Aba BDI é dispensada para os casos de Aquisição Direta de Materiais e Equipamentos. A Impressão da Aba PLQ pode ser dispensada para casos de Frente de Obra Única."]
[]
["5.3. na Aba BDI (Bonificações e Despesas Indiretas):"]
[]
["5.3.1. Escolha o tipo de empreendimento."]
["5.3.2. Escolha se o BDI será do tipo desonerado ou não (aba DADOS)"]
["5.3.3. Informe a base de cálculo do ISS (0 a 100%)."]
["5.3.4. Informe a alíquota do ISS (Normalmente de 2 a 5%)."]
["5.3.5. Defina na tabela os percentuais a serem adotados para cada item que compõe o BDI nos campos em amarelo."]
["5.3.6. Preencha o campo observações se necessário (recomendado para os orçamentos que utilizam mais de um BDI)."]
[]
["5.4. na Aba PO (Planilha Orçamentária):"]
[]
["5.4.1. Primeiramente, selecione os níveis de cada item do orçamento na coluna NÍVEL."]
["5.4.1.1: O nível de \"Serviço\" serve tanto para serviços ou insumos (mão-de-obra / material / equipamento / veículo / máquina / ferramenta / etc). Um \"nível 2/3/4\" é um título (é preenchida apenas a coluna descrição) utilizado para organizar melhor a planilha orçamentária e engloba (agrupa) serviços e agrupadores de nível inferior."]
["5.4.2. Após a seleção dos níveis, preencha, para cada serviço, as informações sobre a Fonte de Referência, (SINAPI, SICRO, SIURB, etc) e o respectivo Código de Referência."]
["5.4.3. Esta planilha é compatível com o arquivo REFERÊNCIA distribuído pela CAIXA. Caso o arquivo REFERÊNCIA esteja aberto, será possível buscar um código através do botão \"Buscar Código\". Desta forma a descrição dos serviços será preenchida automaticamente (podendo ser substituída). Caso contrário, seu preenchimento deve ser manual."]
["5.4.3.1. As descrições e unidades preenchidas automaticamente ficarão vinculadas ao arquivo REFERÊNCIA até que se use o botão \"Fixar Descrições\", que quebra a fórmula e transforma as descrições em texto."]
["5.4.4. Preencher o custo unitário do serviço/insumo na Coluna CUSTO UNITÁRIO. ATENÇÃO: o custo unitário adotado deve ser menor ou igual ao contido na tabela de referência ou mediana das cotações de mercado."]
["5.4.5. Indicar o BDI adotado para cada serviço/insumo na Coluna BDI. Preferencialmente selecione uma das opções da lista suspensa que aparecerá na célula, esta lista contém os 05 BDIs que podem ser preenchidos na Aba BDI (conforme item 5.2 das instruções). Caso seja necessária a adoção de mais de 05 valores diferentes de BDI, digite o percentual diretamente na célula."]
["5.4.6. Conforme selecionado no item 4.1. desta Aba, a Coluna Quantidade pode ser preenchida diretamente na PO, ou representar a soma das quantidades de cada Frente de Obra, informadas na aba PLQ (Planilha de Levantamento de Quantitativos)."]
["5.4.7. OBSERVAÇÃO: As demais colunas (Item / Quantidade / Preço Unitário / Preço Total) são de preenchimento automático. Não tente preenche-las ou alterá-las na Aba PO."]
["5.4.8. Se for necessário acrescentar ou excluir linhas da Planilha Orçamentária, utilize o Botão EDITAR PLANILHA e selecione as opções no quadro.\nATENÇÃO: quanto maior o número de linhas mais lento será o processamento dos dados, então acrescente apenas o número necessário ou um pouco a mais."]
["5.4.8.1. Evite deixar linhas em branco no corpo da Planilha Orçamentária."]
["5.4.9. Caso deseje importar os dados de outro arquivo utilize apenas a opção COLAR ESPECIAL ==> VALORES."]
["5.4.10. Clique no Botão LICITAR / REPROGRAMAR para preencher o Orçamento Licitado ou Reprogramado."]
[]
["5.5. na Aba PLQ (Planilha de Levantamento de Quantitativos):"]
[]
["5.5.1. Preencha primeiramente as Frentes de Obra."]
["5.5.1.1. Exemplos de Frentes de Obra (Rua A trecho 01 / Rua A trecho 02 / Rua B ; UH 01 / UH 02 / UH 03). "]
["5.5.2. Preencha as quantidades dos serviços por frente de obra. A soma das quantidades de todas as frentes de um determinado serviço será a quantidade exibida na Planilha Orçamentária."]
["5.5.3. Caso deseje incluir ou excluir frentes, utilize os botões ADICIONAR e EXCLUIR."]
[]
["5.6. na Aba CFF (Cronograma Físico-Financeiro):"]
[]
["5.6.1. Preencha a data de início da obra na aba Dados."]
["5.6.2. Preencha as porcentagens previstas por parcela para cada meta ou macrosserviço."]
["5.6.3. Para atualizar o Cronograma conforme o Orçamento e incluir ou excluir parcelas, utilize o botão EDITAR / ATUALIZAR CRONOGRAMA."]
[]
[]
[]
[]
[]
[{"$nulls":11},"(Selecione uma Localidade)"]
[{"$nulls":11},"Aracaju / SE",{"$nulls":6},{"$f":"T38","v":{"v":0.2223,"d":"22.23%"}}]
[{"$nulls":11},"Belém / PA",{"$nulls":6},{"$f":"U38","v":""}]
[{"$nulls":11},"Belo Horizonte / MG",{"$nulls":6},{"$f":"V38","v":""}]
[{"$nulls":11},"Boa Vista / RR",{"$nulls":6},{"$f":"W38","v":""}]
[{"$nulls":11},"Brasília / DF",{"$nulls":6},{"$f":"X38","v":""}]
[{"$nulls":11},"Campo Grande / MS"]
[{"$nulls":11},"Cuiabá / MT"]
[{"$nulls":11},"Curitiba / PR",{"$nulls":3},"Empreitada Preço Global"]
[{"$nulls":11},"Florianópolis / SC",{"$nulls":3},"Empreitada Preço Unitário"]
[{"$nulls":11},"Fortaleza / CE",{"$nulls":3},"Empreitada Integral"]
[{"$nulls":11},"Goiânia / GO",{"$nulls":3},"Tarefa"]
[{"$nulls":11},"João Pessoa / PB",{"$nulls":3},"Contratação Integrada"]
[{"$nulls":11},"Macapá / AP",{"$nulls":3},"Não se aplica"]
[{"$nulls":11},"Maceió / AL"]
[{"$nulls":11},"Manaus / AM",{"$nulls":3},"BM"]
[{"$nulls":11},"Natal / RN",{"$nulls":3},"PLE"]
[{"$nulls":11},"Palmas / TO"]
[{"$nulls":11},"Porto Alegre / RS"]
[{"$nulls":11},"Porto Velho / RO"]
[{"$nulls":11},"Recife / PE"]
[{"$nulls":11},"Rio Branco / AC"]
[{"$nulls":11},"Rio de Janeiro / RJ"]
[{"$nulls":11},"Salvador / BA"]
[{"$nulls":11},"São Luís / MA"]
[{"$nulls":11},"São Paulo / SP"]
[{"$nulls":11},"Teresina / PI"]
[{"$nulls":11},"Vitória / ES"]
{"$rows_empty":85}
[{"$f":"A28","v":"Nº OPERAÇÃO"},null,{"$f":"C28","v":"GESTOR"},null,null,{"$f":"F28","v":"PROGRAMA"},{"$nulls":3},{"$f":"J28","v":"AÇÃO / MODALIDADE"},{"$nulls":5},{"$f":"P28","v":"OBJETO"}]
[{"$f":"IF(A29=\"\",\"\",A29)","v":"-"},null,{"$f":"IF(C29=\"\",\"\",C29)","v":"-"},null,null,{"$f":"IF(F29=\"\",\"\",F29)","v":"-"},{"$nulls":3},{"$f":"IF(J29=\"\",\"\",J29)","v":"-"},null,{"$f":"IF(#REF!=\"\",\"\",#REF!)","v":{"$error":"#REF!"}},null,{"$f":"IF(#REF!=\"\",\"\",#REF!)","v":{"$error":"#REF!"}},null,{"$f":"IF(P29=\"\",\"\",P29)","v":"CONSTRUÇÃO DO GINÁSIO DE ESPORTE MUNICIPAL MULTIUSO – 5ª ETAPA – EXECUÇÃO DE PISO E REVESTIMENTOS NOS VESTIÁRIOS E SALAS NO PAVIMENTO TÉRREO, BANHEIROS DO SEGUNDO PAVIMENTO"}]
[]
[{"$f":"A31","v":"PROPONENTE / TOMADOR"},{"$nulls":5},{"$f":"G31","v":"MUNICÍPIO / UF"},{"$nulls":3},{"$f":"K31","v":"LOCALIDADE / ENDEREÇO"},{"$nulls":5},{"$f":"Q31","v":"APELIDO DO EMPREENDIMENTO"}]
[{"$f":"IF(A32=\"\",\"\",A32)","v":"MUNICÍPIO DE GUAPORÉ/RS"},{"$nulls":5},{"$f":"IF(G32=\"\",\"\",G32)","v":"GUAPORÉ/RS"},{"$f":"IF(I32=\"\",\"\",I32)","v":""},null,{"$f":"IF(#REF!=\"\",\"\",#REF!)","v":{"$error":"#REF!"}},{"$f":"IF(K32=\"\",\"\",K32)","v":"RUA DO NASCENTE, 1350"},{"$nulls":5},{"$f":"IF(Q32=\"\",\"\",Q32)","v":"GINÁSIO DE ESPORTE MUNICIPAL MULTIUSO – 5ª ETAPA"}]
[]
[{"$f":"A37","v":"DATA BASE"},null,{"$f":"C37","v":"DESON."},{"$f":"D37","v":"LOCALIDADE DO SINAPI"},null,null,{"$f":"G37","v":"DESCRIÇÃO DO LOTE"},{"$nulls":12},{"$f":"T37","v":"BDI 1"},{"$f":"U37","v":"BDI 2"},{"$f":"V37","v":"BDI 3"},{"$f":"W37","v":"BDI 4"},{"$f":"X37","v":"BDI 5"}]
[{"$f":"IF(A38=\"\",\"\",A38)","v":"2020-04-01"},null,{"$f":"IF(C38=\"\",\"\",C38)","v":"Não"},"Porto Alegre / RS","","","GINÁSIO DE ESPORTE MUNICIPAL MULTIUSO – 5ª ETAPA","","","","","","","","","","","","",{"v":0.2223,"d":"22.23%"},"","","",""]
[]
["CTEF n.º",null,"NOME DA EMPRESA / CNPJ:",{"$nulls":4},"DATA BASE",null,"DESON.","REGIME DE EXECUÇÃO",null,null,"ACOMP.","OBJETO CTEF",{"$nulls":5},"DATA ASSINATURA",null,"VIGÊNCIA"]
[{"$f":"IF(A43=\"\",\"\",A43)","v":""},null,{"$f":"IF(C43=\"\",\"\",C43)","v":""},null,{"$f":"IF(E43=\"\",\"\",E43)","v":""},null,{"$f":"IF(G43=\"\",\"\",G43)","v":""},{"$f":"IF(H43=\"\",\"\",H43)","v":""},{"$f":"IF(I43=\"\",\"\",I43)","v":""},{"$f":"IF(J43=\"\",\"\",J43)","v":""},{"$f":"IF(K43=\"\",\"\",K43)","v":""},null,{"$f":"IF(M43=\"\",\"\",M43)","v":""},{"$f":"IF(N43=\"\",\"\",N43)","v":""},{"$f":"IF(O43=\"\",\"\",O43)","v":""},null,{"$f":"IF(Q43=\"\",\"\",Q43)","v":""},null,{"$f":"IF(S43=\"\",\"\",S43)","v":""},null,{"$f":"IF(U43=\"\",\"\",U43)","v":""},null,{"$f":"IF(W43=\"\",\"\",W43)","v":""}]

{"sheet":"BDI (1)","index":1,"n_rows":59,"n_cols":23,"rows_kept":59,"merged":[[3,8,3,9],[3,10,3,17],[4,8,4,9],[4,10,4,17],[6,8,6,17],[7,8,7,17],[9,8,9,15],[9,16,9,17],[10,8,10,15],[10,16,10,17],[12,8,12,15],[12,16,12,17],[13,8,13,15],[13,16,13,17],[15,8,16,11],[15,12,16,12],[15,13,16,13],[15,14,16,14],[15,15,16,15],[15,16,16,16],[15,17,16,17],[15,19,23,20],[17,8,17,11],[18,8,18,11],[19,8,19,11],[20,8,20,11],[21,8,21,11],[22,8,22,11],[23,8,23,11],[24,8,24,11],[25,8,25,11],[26,8,26,11],[26,15,26,17],[28,9,28,17],[30,8,30,17],[31,11,32,11],[31,12,31,14],[31,15,32,15],[32,12,32,14],[34,8,34,17],[36,8,36,17],[39,8,39,17],[41,8,41,11],[41,14,41,17],[42,8,42,11],[44,8,44,11],[44,14,44,17],[45,8,45,11],[45,14,45,17],[46,9,46,11],[46,15,46,17],[47,9,47,11],[47,15,47,17],[48,9,48,11],[49,9,49,11]]}
[{"$nulls":4},"MIN","MED","MAX",{"$nulls":6},{"$f":"\"Quadro de Composição do BDI \"&MID(CELL(\"nome.arquivo\",N1),5+FIND(\"BDI (\",CELL(\"nome.arquivo\",N1)),1)","v":"Quadro de Composição do BDI 1"}]
["Construção e Reforma de Edifícios","AC",{"$f":"CONCATENATE(A2,\"-\",B2)","v":"Construção e Reforma de Edifícios-AC"},null,{"v":0.03,"d":"3.00%"},{"v":0.04,"d":"4.00%"},{"v":0.055,"d":"5.50%"}]
[{"$f":"A2","v":"Construção e Reforma de Edifícios"},"SG","Construção e Reforma de Edifícios-SG",null,{"v":0.008,"d":"0.80%"},{"v":0.008,"d":"0.80%"},{"v":0.01,"d":"1.00%"}]
[{"$f":"A3","v":"Construção e Reforma de Edifícios"},"R","Construção e Reforma de Edifícios-R",null,{"v":0.0097,"d":"0.97%"},{"v":0.0127,"d":"1.27%"},{"v":0.0127,"d":"1.27%"},null,"Nº TC/CR",null,"PROPONENTE / TOMADOR"]
[{"$f":"A4","v":"Construção e Reforma de Edifícios"},"DF","Construção e Reforma de Edifícios-DF",null,{"v":0.0059,"d":"0.59%"},{"v":0.0123,"d":"1.23%"},{"v":0.0139,"d":"1.39%"},null,{"$f":"DADOS!A29","v":"-"},null,{"$f":"DADOS!A32","v":"MUNICÍPIO DE GUAPORÉ/RS"}]
[{"$f":"A5","v":"Construção e Reforma de Edifícios"},"L","Construção e Reforma de Edifícios-L",null,{"v":0.0616,"d":"6.16%"},{"v":0.07400000000000001,"d":"7.40%"},{"v":0.08960000000000001,"d":"8.96%"}]
[{"$f":"A6","v":"Construção e Reforma de Edifícios"},"BDI PAD","Construção e Reforma de Edifícios-BDI PAD",null,{"v":0.2034,"d":"20.34%"},{"v":0.2212,"d":"22.12%"},{"v":0.25,"d":"25.00%"},null,"OBJETO"]
["Construção de Praças Urbanas, Rodovias, Ferrovias e recapeamento e pavimentação de vias urbanas","AC","Construção de Praças Urbanas, Rodovias, Ferrovias e recapeamento e pavimentação de vias urbanas-AC",null,{"v":0.038,"d":"3.80%"},{"v":0.0401,"d":"4.01%"},{"v":0.0467,"d":"4.67%"},null,{"$f":"DADOS!P29","v":"CONSTRUÇÃO DO GINÁSIO DE ESPORTE MUNICIPAL MULTIUSO – 5ª ETAPA – EXECUÇÃO DE PISO E REVESTIMENTOS NOS VESTIÁRIOS E SALAS NO PAVIMENTO TÉRREO, BANHEIROS DO SEGUNDO PAVIMENTO"}]
["Construção de Praças Urbanas, Rodovias, Ferrovias e recapeamento e pavimentação de vias urbanas","SG","Construção de Praças Urbanas, Rodovias, Ferrovias e recapeamento e pavimentação de vias urbanas-SG",null,{"v":0.0032,"d":"0.32%"},{"v":0.004,"d":"0.40%"},{"v":0.0074,"d":"0.74%"}]
["Construção de Praças Urbanas, Rodovias, Ferrovias e recapeamento e pavimentação de vias urbanas","R","Construção de Praças Urbanas, Rodovias, Ferrovias e recapeamento e pavimentação de vias urbanas-R",null,{"v":0.005,"d":"0.50%"},{"v":0.005600000000000001,"d":"0.56%"},{"v":0.0097,"d":"0.97%"},null,"TIPO DE OBRA DO EMPREENDIMENTO",{"$nulls":7},"DESONERAÇÃO"]
["Construção de Praças Urbanas, Rodovias, Ferrovias e recapeamento e pavimentação de vias urbanas","DF","Construção de Praças Urbanas, Rodovias, Ferrovias e recapeamento e pavimentação de vias urbanas-DF",null,{"v":0.0102,"d":"1.02%"},{"v":0.0111,"d":"1.11%"},{"v":0.0121,"d":"1.21%"},null,"Construção e Reforma de Edifícios",{"$nulls":7},{"$f":"DADOS!$C$38","v":"Não"}]
["Construção de Praças Urbanas, Rodovias, Ferrovias e recapeamento e pavimentação de vias urbanas","L","Construção de Praças Urbanas, Rodovias, Ferrovias e recapeamento e pavimentação de vias urbanas-L",null,{"v":0.0664,"d":"6.64%"},{"v":0.073,"d":"7.30%"},{"v":0.08689999999999999,"d":"8.69%"}]
["Construção de Praças Urbanas, Rodovias, Ferrovias e recapeamento e pavimentação de vias urbanas","BDI PAD","Construção de Praças Urbanas, Rodovias, Ferrovias e recapeamento e pavimentação de vias urbanas-BDI PAD",null,{"v":0.196,"d":"19.60%"},{"v":0.2097,"d":"20.97%"},{"v":0.24230000000000002,"d":"24.23%"},null,"Conforme legislação tributária municipal, definir estimativa de percentual da base de cálculo para o ISS:",{"$nulls":7},{"v":1,"d":"100.00%"}]
["Construção de Redes de Abastecimento de Água, Coleta de Esgoto","AC","Construção de Redes de Abastecimento de Água, Coleta de Esgoto-AC",null,{"v":0.034300000000000004,"d":"3.43%"},{"v":0.0493,"d":"4.93%"},{"v":0.06709999999999999,"d":"6.71%"},null,"Sobre a base de cálculo, definir a respectiva alíquota do ISS (entre 2% e 5%):",{"$nulls":7},{"v":0.02,"d":"2.00%"}]
[{"$f":"A14","v":"Construção de Redes de Abastecimento de Água, Coleta de Esgoto"},"SG","Construção de Redes de Abastecimento de Água, Coleta de Esgoto-SG",null,{"v":2.8000000000000004E-3,"d":"0.28%"},{"v":0.0049,"d":"0.49%"},{"v":0.0075,"d":"0.75%"}]
[{"$nulls":8},"Itens",{"$nulls":3},"Siglas","% Adotado","Situação","1º Quartil","Médio","3º Quartil",null,{"$f":"IF(V27,\"Para BDI fora do intervalo estatístico, deve ser apresentado Relatório Técnico Circunstanciado justificando a adoção do percentual de cada parcela do BDI.\",\"\")","v":""}]
[{"$f":"A15","v":"Construção de Redes de Abastecimento de Água, Coleta de Esgoto"},"R","Construção de Redes de Abastecimento de Água, Coleta de Esgoto-R",null,{"v":0.01,"d":"1.00%"},{"v":0.0139,"d":"1.39%"},{"v":0.0174,"d":"1.74%"}]
[{"$f":"A17","v":"Construção de Redes de Abastecimento de Água, Coleta de Esgoto"},"DF","Construção de Redes de Abastecimento de Água, Coleta de Esgoto-DF",null,{"v":0.009399999999999999,"d":"0.94%"},{"v":0.009899999999999999,"d":"0.99%"},{"v":0.011699999999999999,"d":"1.17%"},null,{"$f":"IF($I$11=$A$59,\"Encargos Sociais incidentes sobre a mão de obra\",\"Administração Central\")","v":"Administração Central"},{"$nulls":3},{"$f":"IF($I$11=$A$59,\"K1\",\"AC\")","v":"AC"},{"v":0.04,"d":"4.00%"},"-",{"$f":"VLOOKUP(CONCATENATE(I$11,\"-\",M18),$C$2:$G$49,3,FALSE)","v":{"v":0.03,"d":"3.00%"}},{"$f":"VLOOKUP(CONCATENATE(I$11,\"-\",M18),$C$2:$G$49,4,FALSE)","v":{"v":0.04,"d":"4.00%"}},{"$f":"VLOOKUP(CONCATENATE(I$11,\"-\",M18),$C$2:$G$49,5,FALSE)","v":{"v":0.055,"d":"5.50%"}}]
[{"$f":"A18","v":"Construção de Redes de Abastecimento de Água, Coleta de Esgoto"},"L","Construção de Redes de Abastecimento de Água, Coleta de Esgoto-L",null,{"v":0.0674,"d":"6.74%"},{"v":0.08039999999999999,"d":"8.04%"},{"v":0.094,"d":"9.40%"},null,{"$f":"IF($I$11=$A$59,\"Administração Central da empresa ou consultoria - overhead\",\"Seguro e Garantia\")","v":"Seguro e Garantia"},{"$nulls":3},{"$f":"IF($I$11=$A$59,\"K2\",\"SG\")","v":"SG"},{"v":0.008,"d":"0.80%"},"-",{"$f":"VLOOKUP(CONCATENATE(I$11,\"-\",M19),$C$2:$G$49,3,FALSE)","v":{"v":0.008,"d":"0.80%"}},{"$f":"VLOOKUP(CONCATENATE(I$11,\"-\",M19),$C$2:$G$49,4,FALSE)","v":{"v":0.008,"d":"0.80%"}},{"$f":"VLOOKUP(CONCATENATE(I$11,\"-\",M19),$C$2:$G$49,5,FALSE)","v":{"v":0.01,"d":"1.00%"}}]
[{"$f":"A19","v":"Construção de Redes de Abastecimento de Água, Coleta de Esgoto"},"BDI PAD","Construção de Redes de Abastecimento de Água, Coleta de Esgoto-BDI PAD",null,{"v":0.2076,"d":"20.76%"},{"v":0.2418,"d":"24.18%"},{"v":0.2644,"d":"26.44%"},null,{"$f":"IF($I$11=$A$59,\"\",\"Risco\")","v":"Risco"},{"$nulls":3},{"$f":"IF($I$11=$A$59,\"\",\"R\")","v":"R"},{"v":0.0127,"d":"1.27%"},"-",{"$f":"VLOOKUP(CONCATENATE(I$11,\"-\",M20),$C$2:$G$49,3,FALSE)","v":{"v":0.0097,"d":"0.97%"}},{"$f":"VLOOKUP(CONCATENATE(I$11,\"-\",M20),$C$2:$G$49,4,FALSE)","v":{"v":0.0127,"d":"1.27%"}},{"$f":"VLOOKUP(CONCATENATE(I$11,\"-\",M20),$C$2:$G$49,5,FALSE)","v":{"v":0.0127,"d":"1.27%"}}]
["Construção e Manutenção de Estações e Redes de Distribuição de Energia Elétrica","AC","Construção e Manutenção de Estações e Redes de Distribuição de Energia Elétrica-AC",null,{"v":0.0529,"d":"5.29%"},{"v":0.0592,"d":"5.92%"},{"v":0.0793,"d":"7.93%"},null,{"$f":"IF($I$11=$A$59,\"\",\"Despesas Financeiras\")","v":"Despesas Financeiras"},{"$nulls":3},{"$f":"IF($I$11=$A$59,\"\",\"DF\")","v":"DF"},{"v":0.0123,"d":"1.23%"},"-",{"$f":"VLOOKUP(CONCATENATE(I$11,\"-\",M21),$C$2:$G$49,3,FALSE)","v":{"v":0.0059,"d":"0.59%"}},{"$f":"VLOOKUP(CONCATENATE(I$11,\"-\",M21),$C$2:$G$49,4,FALSE)","v":{"v":0.0123,"d":"1.23%"}},{"$f":"VLOOKUP(CONCATENATE(I$11,\"-\",M21),$C$2:$G$49,5,FALSE)","v":{"v":0.0139,"d":"1.39%"}}]
[{"$f":"A21","v":"Construção e Manutenção de Estações e Redes de Distribuição de Energia Elétrica"},"SG","Construção e Manutenção de Estações e Redes de Distribuição de Energia Elétrica-SG",null,{"v":0.0025,"d":"0.25%"},{"v":0.0051,"d":"0.51%"},{"v":0.005600000000000001,"d":"0.56%"},null,{"$f":"IF($I$11=$A$59,\"Margem bruta da empresa de consultoria\",\"Lucro\")","v":"Lucro"},{"$nulls":3},{"$f":"IF($I$11=$A$59,\"K3\",\"L\")","v":"L"},{"v":0.074,"d":"7.40%"},"-",{"$f":"VLOOKUP(CONCATENATE(I$11,\"-\",M22),$C$2:$G$49,3,FALSE)","v":{"v":0.0616,"d":"6.16%"}},{"$f":"VLOOKUP(CONCATENATE(I$11,\"-\",M22),$C$2:$G$49,4,FALSE)","v":{"v":0.07400000000000001,"d":"7.40%"}},{"$f":"VLOOKUP(CONCATENATE(I$11,\"-\",M22),$C$2:$G$49,5,FALSE)","v":{"v":0.08960000000000001,"d":"8.96%"}}]
[{"$f":"A22","v":"Construção e Manutenção de Estações e Redes de Distribuição de Energia Elétrica"},"R","Construção e Manutenção de Estações e Redes de Distribuição de Energia Elétrica-R",null,{"v":0.01,"d":"1.00%"},{"v":0.0148,"d":"1.48%"},{"v":0.0197,"d":"1.97%"},null,"Tributos (impostos COFINS 3%, e  PIS 0,65%)",{"$nulls":3},"CP",{"v":0.0365,"d":"3.65%"},"-",{"v":0.0365,"d":"3.65%"},{"v":0.0365,"d":"3.65%"},{"v":0.0365,"d":"3.65%"}]
[{"$f":"A23","v":"Construção e Manutenção de Estações e Redes de Distribuição de Energia Elétrica"},"DF","Construção e Manutenção de Estações e Redes de Distribuição de Energia Elétrica-DF",null,{"v":0.0101,"d":"1.01%"},{"v":0.010700000000000001,"d":"1.07%"},{"v":0.0111,"d":"1.11%"},null,"Tributos (ISS, variável de acordo com o município)",{"$nulls":3},"ISS",{"$f":"IF($I$11<>$A$58,Q14*Q13,0)","v":{"v":0.02,"d":"2.00%"}},"-",{"v":0,"d":"0.00%"},{"v":0.025,"d":"2.50%"},{"v":0.05,"d":"5.00%"}]
[{"$f":"A24","v":"Construção e Manutenção de Estações e Redes de Distribuição de Energia Elétrica"},"L","Construção e Manutenção de Estações e Redes de Distribuição de Energia Elétrica-L",null,{"v":0.08,"d":"8.00%"},{"v":0.08310000000000001,"d":"8.31%"},{"v":0.0951,"d":"9.51%"},null,"Tributos (Contribuição Previdenciária sobre a Receita Bruta - 0% ou 4,5% - Desoneração)",{"$nulls":3},"CPRB",{"$f":"IF(AND($I$11<>$A$58,Q11=\"Sim\"),4.5%,0%)","v":{"v":0,"d":"0.00%"}},{"$f":"IF(AND(N25>=P25, N25<=R25), \"OK\", \"Não OK\")","v":"OK"},{"v":0,"d":"0.00%"},{"v":0.045,"d":"4.50%"},{"v":0.045,"d":"4.50%"}]
[{"$f":"A25","v":"Construção e Manutenção de Estações e Redes de Distribuição de Energia Elétrica"},"BDI PAD","Construção e Manutenção de Estações e Redes de Distribuição de Energia Elétrica-BDI PAD",null,{"v":0.24,"d":"24.00%"},{"v":0.2584,"d":"25.84%"},{"v":0.2786,"d":"27.86%"},null,"BDI SEM desoneração\n(Fórmula Acórdão TCU)",{"$nulls":3},"BDI PAD",{"$f":"IF($I$11=$A$58,0,ROUND((((1+N18+N19+N20)*(1+N21)*(1+N22)/(1-(N23+N24)))-1),4))","v":{"v":0.2223,"d":"22.23%"}},{"$f":"IF(OR($I$11=$A$59,$I$11=$A$58,AND(N26>=P26, N26<=R26)), \"OK\", \"FORA DO INTERVALO\")","v":"OK"},{"$f":"IF($I$11=$A$58,0,VLOOKUP(CONCATENATE($I$11,\"-\",$M26),$C$2:$G$49,3,FALSE))","v":{"v":0.2034,"d":"20.34%"}},{"$f":"IF($I$11=$A$58,0,VLOOKUP(CONCATENATE($I$11,\"-\",$M26),$C$2:$G$49,4,FALSE))","v":{"v":0.2212,"d":"22.12%"}},{"$f":"IF($I$11=$A$58,0,VLOOKUP(CONCATENATE($I$11,\"-\",$M26),$C$2:$G$49,5,FALSE))","v":{"v":0.25,"d":"25.00%"}}]
["Obras Portuárias, Marítimas e Fluviais","AC","Obras Portuárias, Marítimas e Fluviais-AC",null,{"v":0.04,"d":"4.00%"},{"v":0.0552,"d":"5.52%"},{"v":0.0785,"d":"7.85%"},null,"BDI COM desoneração",{"$nulls":3},"BDI DES",{"$f":"IF($I$11=$A$58,0,ROUND((((1+N18+N19+N20)*(1+N21)*(1+N22)/(1-(N23+N24+N25)))-1),4))","v":{"v":0.2223,"d":"22.23%"}},{"$f":"IF(Q11<>\"Sim\",\"\",O26)","v":""},{"$nulls":6},{"$f":"AND(COUNTA(N18:N23)=6,O26<>\"ok\",NOT(V29))","v":false},"pedir anexo"]
[{"$f":"A27","v":"Obras Portuárias, Marítimas e Fluviais"},"SG","Obras Portuárias, Marítimas e Fluviais-SG",null,{"v":0.008100000000000001,"d":"0.81%"},{"v":0.012199999999999999,"d":"1.22%"},{"v":0.0199,"d":"1.99%"}]
[{"$f":"A28","v":"Obras Portuárias, Marítimas e Fluviais"},"R","Obras Portuárias, Marítimas e Fluviais-R",null,{"v":0.0146,"d":"1.46%"},{"v":0.0232,"d":"2.32%"},{"v":0.0316,"d":"3.16%"},null,{"$f":"IF(V29,\"X\",\"\")","v":""},"Anexo: Relatório Técnico Circunstanciado justificando a adoção do percentual de cada parcela do BDI.",{"$nulls":11},false,"anexo apresentado"]
[]
[{"$nulls":8},"Os valores de BDI foram calculados com o emprego da fórmula:"]
[{"$f":"A29","v":"Obras Portuárias, Marítimas e Fluviais"},"DF","Obras Portuárias, Marítimas e Fluviais-DF",null,{"v":0.009399999999999999,"d":"0.94%"},{"v":0.0102,"d":"1.02%"},{"v":0.013300000000000001,"d":"1.33%"},{"$nulls":4},{"$f":"IF(Q11=\"Sim\",\"BDI.DES =\",\"BDI.PAD =\")","v":"BDI.PAD ="},{"$f":"IF($I$11=$A$59,\"(1+K1+K2)*(1+K3)\",\"(1+AC + S + R + G)*(1 + DF)*(1+L)\")","v":"(1+AC + S + R + G)*(1 + DF)*(1+L)"},null,null," - 1"]
[{"$f":"A32","v":"Obras Portuárias, Marítimas e Fluviais"},"L","Obras Portuárias, Marítimas e Fluviais-L",null,{"v":0.07139999999999999,"d":"7.14%"},{"v":0.084,"d":"8.40%"},{"v":0.1043,"d":"10.43%"},{"$nulls":5},{"$f":"IF(Q11=\"Sim\",\"(1-CP-ISS-CRPB)\",\"(1-CP-ISS)\")","v":"(1-CP-ISS)"}]
[{"$f":"A33","v":"Obras Portuárias, Marítimas e Fluviais"},"BDI PAD","Obras Portuárias, Marítimas e Fluviais-BDI PAD",null,{"v":0.228,"d":"22.80%"},{"v":0.2748,"d":"27.48%"},{"v":0.3095,"d":"30.95%"}]
[{"$nulls":8},{"$f":"CONCATENATE(\"Declaro para os devidos fins que, conforme legislação tributária municipal, a base de cálculo para \",I11,\", é de \",Q13*100,\"%, com a respectiva alíquota de \",Q14*100,\"%.\")","v":"Declaro para os devidos fins que, conforme legislação tributária municipal, a base de cálculo para Construção e Reforma de Edifícios, é de 100%, com a respectiva alíquota de 2%."}]
[]
[{"$nulls":8},{"$f":"CONCATENATE(\"Declaro para os devidos fins que o regime de Contribuição Previdenciária sobre a Receita Bruta adotado para elaboração do orçamento foi \",IF(Q11=\"Sim\",\"COM\",\"SEM\"),\" Desoneração, e que esta é a alternativa mais adequada para a Administração Pública.\")","v":"Declaro para os devidos fins que o regime de Contribuição Previdenciária sobre a Receita Bruta adotado para elaboração do orçamento foi SEM Desoneração, e que esta é a alternativa mais adequada para a Administração Pública."}]
["Fornecimento de Materiais e Equipamentos (aquisição indireta - em conjunto com licitação de obras)","AC","Fornecimento de Materiais e Equipamentos (aquisição indireta - em conjunto com licitação de obras)-AC",null,{"v":0.015,"d":"1.50%"},{"v":0.0345,"d":"3.45%"},{"v":0.0449,"d":"4.49%"}]
[{"$f":"A38","v":"Fornecimento de Materiais e Equipamentos (aquisição indireta - em conjunto com licitação de obras)"},"SG","Fornecimento de Materiais e Equipamentos (aquisição indireta - em conjunto com licitação de obras)-SG",null,{"v":0.003,"d":"0.30%"},{"v":0.0048,"d":"0.48%"},{"v":8.199999999999999E-3,"d":"0.82%"},null,"Observações:"]
[{"$f":"A39","v":"Fornecimento de Materiais e Equipamentos (aquisição indireta - em conjunto com licitação de obras)"},"R","Fornecimento de Materiais e Equipamentos (aquisição indireta - em conjunto com licitação de obras)-R",null,{"v":0.005600000000000001,"d":"0.56%"},{"v":0.0085,"d":"0.85%"},{"v":0.0089,"d":"0.89%"}]
[{"$f":"A40","v":"Fornecimento de Materiais e Equipamentos (aquisição indireta - em conjunto com licitação de obras)"},"DF","Fornecimento de Materiais e Equipamentos (aquisição indireta - em conjunto com licitação de obras)-DF",null,{"v":0.0085,"d":"0.85%"},{"v":0.0085,"d":"0.85%"},{"v":0.0111,"d":"1.11%"}]
[{"$f":"A41","v":"Fornecimento de Materiais e Equipamentos (aquisição indireta - em conjunto com licitação de obras)"},"L","Fornecimento de Materiais e Equipamentos (aquisição indireta - em conjunto com licitação de obras)-L",null,{"v":0.035,"d":"3.50%"},{"v":0.051100000000000007,"d":"5.11%"},{"v":0.0622,"d":"6.22%"},null,{"$f":"PO!K145","v":"GUAPORÉ/RS"},{"$nulls":5},{"$f":"PO!K148","v":"2020-08-25"}]
[{"$f":"A42","v":"Fornecimento de Materiais e Equipamentos (aquisição indireta - em conjunto com licitação de obras)"},"BDI PAD","Fornecimento de Materiais e Equipamentos (aquisição indireta - em conjunto com licitação de obras)-BDI PAD",null,{"v":0.111,"d":"11.10%"},{"v":0.1402,"d":"14.02%"},{"v":0.168,"d":"16.80%"},null,"Local",{"$nulls":5},"Data"]
["Estudos e Projetos, Planos e Gerenciamento e outros correlatos","K1","Estudos e Projetos, Planos e Gerenciamento e outros correlatos-K1",null,"-","-","-"]
[{"$f":"A44","v":"Estudos e Projetos, Planos e Gerenciamento e outros correlatos"},"K2","Estudos e Projetos, Planos e Gerenciamento e outros correlatos-K2",null,"-",{"v":0.2,"d":"20.00%"},"-"]
[{"$f":"A45","v":"Estudos e Projetos, Planos e Gerenciamento e outros correlatos"},"","Estudos e Projetos, Planos e Gerenciamento e outros correlatos-",null,"-","-","-",null,"Responsável Técnico",{"$nulls":5},"Responsável Tomador"]
[{"$f":"A46","v":"Estudos e Projetos, Planos e Gerenciamento e outros correlatos"},"","Estudos e Projetos, Planos e Gerenciamento e outros correlatos-",null,"-","-","-",null,"Nome:",{"$f":"DADOS!B54","v":"RICARDO PEDROSO DE FARIAS"},{"$nulls":4},"Nome:","VALDIR CARLOS FABRIS"]
[{"$f":"A47","v":"Estudos e Projetos, Planos e Gerenciamento e outros correlatos"},"K3","Estudos e Projetos, Planos e Gerenciamento e outros correlatos-K3",null,"-",{"v":0.12,"d":"12.00%"},"-",null,"Título:",{"$f":"DADOS!B55","v":"ENGENHEIRO CIVIL"},{"$nulls":4},"Cargo:","PREFEITO MUNICIPAL"]
[{"$f":"A48","v":"Estudos e Projetos, Planos e Gerenciamento e outros correlatos"},"BDI PAD","Estudos e Projetos, Planos e Gerenciamento e outros correlatos-BDI PAD",null,"-","-","-",null,{"$f":"DADOS!A56","v":"CREA/CAU:"},{"$f":"DADOS!B56","v":"RS215262"}]
[{"$nulls":8},{"$f":"DADOS!A57","v":"ART/RRT:"},{"$f":"DADOS!B57","v":"10794667"}]
[]
["Construção e Reforma de Edifícios"]
["Construção de Praças Urbanas, Rodovias, Ferrovias e recapeamento e pavimentação de vias urbanas"]
["Construção de Redes de Abastecimento de Água, Coleta de Esgoto"]
["Construção e Manutenção de Estações e Redes de Distribuição de Energia Elétrica"]
["Obras Portuárias, Marítimas e Fluviais"]
["Fornecimento de Materiais e Equipamentos (aquisição indireta - em conjunto com licitação de obras)"]
["Fornecimento de Materiais e Equipamentos (aquisição direta)"]
["Estudos e Projetos, Planos e Gerenciamento e outros correlatos"]

{"sheet":"PO","index":2,"n_rows":149,"n_cols":26,"rows_kept":149,"merged":[[1,22,1,23],[134,12,134,19],[137,10,139,19],[141,10,141,19],[144,10,144,12],[147,10,147,12]]}
[{"$nulls":13},"PO - PLANILHA ORÇAMENTÁRIA",{"$nulls":5},"Grau de Sigilo"]
[null,"LOTE","Meta","Nível 2","Nível 3","Nível 4","Serviço",{"$nulls":6},{"$f":"CHOOSE(1+LOG(1+2*(TipoOrçamento=\"BASE\")+4*(TipoOrçamento=\"LICITADO\")+8*(TipoOrçamento=\"REPROGRAMADOAC\")+16*(TipoOrçamento=\"REPROGRAMADONPL\"),2),\"nada\",\"Orçamento Base para Licitação\",\"Orçamento Licitado\",\"Orçamento Licitado Reprogramado\",\"Orçamento Base para Licitação - Reprogramado\")","v":"Orçamento Base para Licitação"},{"$nulls":5},"#PUBLICO",null,null,"Arredondamento"]
[{"$nulls":22},"Quantidade",true]
["Nmax",{"$nulls":19},"ERRO GERAL",null,"Custo Unitáro",true]
[{"$f":"MAX($A$12:$A$134)","v":2},{"$nulls":19},{"$f":"IF(COUNTIF($U$12:OFFSET($U$134,-1,0),\"DESCRIÇÃO\")+COUNTIF($U$12:OFFSET($U$134,-1,0),\"UNIDADE\")+COUNTIF($U$12:OFFSET($U$134,-1,0),\"SEM VALOR\")>0,\"NÃO OK\",\"OK\")","v":"OK"},"","BDI",true]
[{"$nulls":22},"Preço Unitário",true]
[{"$nulls":22},"Preço Total",true]
[]
[{"$nulls":15},{"$f":"OFFSET(PLQ!$E$12,ROW($P9)-ROW(P$12),0)","v":"-"}]
["Nível","Altura","n1","n2","n3","n4","n5","Czero","Cnível","Nível","Item","Fonte","Código","Descrição","Unidade","Quantidade",{"$f":"IF(OR(TipoOrçamento=\"LICITADO\",TipoOrçamento=\"REPROGRAMADOAC\"),\"Preço Unitário (R$)\",\"Custo Unitário (R$)\")","v":"Custo Unitário (R$)"},"BDI\n(%)","Preço Unitário (R$)","Preço Total\n(R$)","Erro de Dados","Lista Crono","Concatenação Fonte-Código","BancoRef",{"$f":"IF(TipoOrçamento=\"LICITADO\",\"Preço Unitário Edital (R$)\",\"Custo Unitário Referência (R$)\")","v":"Custo Unitário Referência (R$)"},{"$f":"IF(TipoOrçamento=\"LICITADO\",\"Valor BDI Edital\",\"Valor BDI\")","v":"Valor BDI"}]
[{"$f":"CHOOSE(1+LOG(1+2*(J11=\"Meta\")+4*(J11=\"Nível 2\")+8*(J11=\"Nível 3\")+16*(J11=\"Nível 4\")+32*(J11=\"Serviço\"),2),0,1,2,3,4,\"S\")","v":"S"},{"$f":"IF(OR(A11=\"S\",A11=0),0,IF(ISERROR(I11),H11,SMALL(H11:I11,1)))","v":0},{"$f":"IF($A11=1,OFFSET(C11,-1,0)+1,OFFSET(C11,-1,0))","v":"n1"},{"$f":"IF($A11=1,0,IF($A11=2,OFFSET(D11,-1,0)+1,OFFSET(D11,-1,0)))","v":"n2"},{"$f":"IF(AND($A11<=2,$A11<>0),0,IF($A11=3,OFFSET(E11,-1,0)+1,OFFSET(E11,-1,0)))","v":"n3"},{"$f":"IF(AND($A11<=3,$A11<>0),0,IF($A11=4,OFFSET(F11,-1,0)+1,OFFSET(F11,-1,0)))","v":"n4"},{"$f":"IF(AND($A11<=4,$A11<>0),0,IF($A11=\"S\",OFFSET(G11,-1,0)+1,OFFSET(G11,-1,0)))","v":{"$error":"#VALUE!"}},{"$f":"IF(OR($A11=\"S\",$A11=0),0,MATCH(0,OFFSET($B11,1,$A11,ROW($A$134)-ROW($A11)),0))","v":0},{"$f":"IF(OR($A11=\"S\",$A11=0),0,MATCH(OFFSET($B11,0,$A11)+1,OFFSET($B11,1,$A11,ROW($A$134)-ROW($A11)),0))","v":0},"Serviço",{"$f":"IF($A11=0,\"-\",CONCATENATE(C11&\".\",IF(AND($A$5>=2,$A11>=2),D11&\".\",\"\"),IF(AND($A$5>=3,$A11>=3),E11&\".\",\"\"),IF(AND($A$5>=4,$A11>=4),F11&\".\",\"\"),IF($A11=\"S\",G11&\".\",\"\")))","v":{"$error":"#VALUE!"}},null,null,{"$f":"IF($A11=\"S\",Referencia.Descricao,\"(digite a descrição aqui)\")","v":""},{"$f":"Referencia.Unidade","v":""},null,null,"BDI 1",{"$f":"IF($A11=\"S\",IF($Q$10=\"Preço Unitário (R$)\",PO.CustoUnitario,ROUND(PO.CustoUnitario*(1+$Z11),15-13*$X$6)),0)","v":0},{"$f":"IF($A11=\"S\",VTOTAL1,IF($A11=0,0,ROUND(SomaAgrup,15-13*$X$7)))","v":0},{"$f":"IF($J11=\"\",\"\",IF($N11=\"\",\"DESCRIÇÃO\",IF(AND($J11=\"Serviço\",$O11=\"\"),\"UNIDADE\",IF($T11<=0,\"SEM VALOR\",IF(AND($Y11<>\"\",$Q11>$Y11),\"ACIMA REF.\",\"\")))))","v":"DESCRIÇÃO"},{"$f":"IF(OR($A11=0,$A11=\"S\",$A11>CFF!$A$9),\"\",MAX(V$12:OFFSET(V11,-1,0))+1)","v":""},{"$f":"IF(AND($J11=\"Serviço\",$M11<>\"\"),IF($L11=\"\",$M11,CONCATENATE($L11,\"-\",$M11)))","v":false},{"$f":"IF(AND(Fonte<>\"\",Código<>\"\"),MATCH(Fonte&\" \"&IF(Fonte=\"sinapi\",SUBSTITUTE(SUBSTITUTE(Código,\"/00\",\"/\"),\"/0\",\"/\"),Código),INDIRECT(\"'[Referência \"&_xlnm.Database&\".xls]Banco'!$a:$a\"),0),\"X\")","v":"X"},{"$f":"IF(Import.Desoneracao=\"sim\",Referencia.Desonerado,Referencia.NaoDesonerado)","v":0},{"$f":"ROUND(IF(ISNUMBER(R11),R11,IF(LEFT(R11,3)=\"BDI\",HLOOKUP(R11,DADOS!$T$37:$X$38,2,FALSE),0)),15-11*$X$5)","v":{"v":0.2223,"d":"22.23%"}}]
[0,{"$f":"COUNTA(OFFSET(B12,1,0):B$134)","v":121},{"$nulls":7},{"$f":"IF(OR(TipoOrçamento=\"LICITADO\",TipoOrçamento=\"REPROGRAMADOAC\"),\"CTEF\",\"LOTE\")","v":"LOTE"},0,null,null,{"$f":"IF(TipoOrçamento=\"LICITADO\",DADOS!O43,DADOS!G38)","v":"GINÁSIO DE ESPORTE MUNICIPAL MULTIUSO – 5ª ETAPA"},{"$nulls":5},{"$f":"SUMIF(OFFSET($J12,1,0,ROW(T134)-ROW(T12)-1),\"Serviço\",OFFSET(T12,1,0,ROW(T134)-ROW(T12)-1))","v":{"v":482701.42999999993,"d":"482,701.43"}},{"$f":"IF($N12=0,\"DESCRIÇÃO\",\"\")","v":""},0]
[{"$f":"CHOOSE(1+LOG(1+2*(J13=\"Meta\")+4*(J13=\"Nível 2\")+8*(J13=\"Nível 3\")+16*(J13=\"Nível 4\")+32*(J13=\"Serviço\"),2),0,1,2,3,4,\"S\")","v":1},{"$f":"IF(OR(A13=\"S\",A13=0),0,IF(ISERROR(I13),H13,SMALL(H13:I13,1)))","v":12},{"$f":"IF($A13=1,OFFSET(C13,-1,0)+1,OFFSET(C13,-1,0))","v":1},{"$f":"IF($A13=1,0,IF($A13=2,OFFSET(D13,-1,0)+1,OFFSET(D13,-1,0)))","v":0},{"$f":"IF(AND($A13<=2,$A13<>0),0,IF($A13=3,OFFSET(E13,-1,0)+1,OFFSET(E13,-1,0)))","v":0},{"$f":"IF(AND($A13<=3,$A13<>0),0,IF($A13=4,OFFSET(F13,-1,0)+1,OFFSET(F13,-1,0)))","v":0},{"$f":"IF(AND($A13<=4,$A13<>0),0,IF($A13=\"S\",OFFSET(G13,-1,0)+1,OFFSET(G13,-1,0)))","v":0},{"$f":"IF(OR($A13=\"S\",$A13=0),0,MATCH(0,OFFSET($B13,1,$A13,ROW($A$134)-ROW($A13)),0))","v":121},{"$f":"IF(OR($A13=\"S\",$A13=0),0,MATCH(OFFSET($B13,0,$A13)+1,OFFSET($B13,1,$A13,ROW($A$134)-ROW($A13)),0))","v":12},"Meta",{"$f":"IF($A13=0,\"-\",CONCATENATE(C13&\".\",IF(AND($A$5>=2,$A13>=2),D13&\".\",\"\"),IF(AND($A$5>=3,$A13>=3),E13&\".\",\"\"),IF(AND($A$5>=4,$A13>=4),F13&\".\",\"\"),IF($A13=\"S\",G13&\".\",\"\")))","v":"1."},null,null,"SERVIÇOS INICIAIS",null,0,null,"BDI 1",{"$f":"IF($A13=\"S\",IF($Q$10=\"Preço Unitário (R$)\",PO.CustoUnitario,ROUND(PO.CustoUnitario*(1+$Z13),15-13*$X$6)),0)","v":0},{"$f":"IF($A13=\"S\",VTOTAL1,IF($A13=0,0,ROUND(SomaAgrup,15-13*$X$7)))","v":{"v":31572.52,"d":"31,572.52"}},{"$f":"IF($J13=\"\",\"\",IF($N13=\"\",\"DESCRIÇÃO\",IF(AND($J13=\"Serviço\",$O13=\"\"),\"UNIDADE\",IF($T13<=0,\"SEM VALOR\",IF(AND($Y13<>\"\",$Q13>$Y13),\"ACIMA REF.\",\"\")))))","v":""},{"$f":"IF(OR($A13=0,$A13=\"S\",$A13>CFF!$A$9),\"\",MAX(V$12:OFFSET(V13,-1,0))+1)","v":1},{"$f":"IF(AND($J13=\"Serviço\",$M13<>\"\"),IF($L13=\"\",$M13,CONCATENATE($L13,\"-\",$M13)))","v":false},{"$f":"IF(AND(Fonte<>\"\",Código<>\"\"),MATCH(Fonte&\" \"&IF(Fonte=\"sinapi\",SUBSTITUTE(SUBSTITUTE(Código,\"/00\",\"/\"),\"/0\",\"/\"),Código),INDIRECT(\"'[Referência \"&_xlnm.Database&\".xls]Banco'!$a:$a\"),0),\"X\")","v":"X"},{"$f":"IF(Import.Desoneracao=\"sim\",Referencia.Desonerado,Referencia.NaoDesonerado)","v":0},{"$f":"ROUND(IF(ISNUMBER(R13),R13,IF(LEFT(R13,3)=\"BDI\",HLOOKUP(R13,DADOS!$T$37:$X$38,2,FALSE),0)),15-11*$X$5)","v":{"v":0.2223,"d":"22.23%"}}]
["S",0,1,0,0,0,1,0,0,"Serviço","1.0.1.","SINAPI-I","4813","PLACA DE OBRA EM CHAPA GALVANIZADA *N. 22*, ADESIVADA","M2    ",2.88,{"v":300,"d":"300.00"},"BDI 1",366.69,{"v":1056.07,"d":"1,056.07"},"ACIMA REF.",{"$f":"IF(OR($A14=0,$A14=\"S\",$A14>CFF!$A$9),\"\",MAX(V$12:OFFSET(V14,-1,0))+1)","v":""},"SINAPI-I-4813",{"$error":"#REF!"},0,{"$f":"ROUND(IF(ISNUMBER(R14),R14,IF(LEFT(R14,3)=\"BDI\",HLOOKUP(R14,DADOS!$T$37:$X$38,2,FALSE),0)),15-11*$X$5)","v":{"v":0.2223,"d":"22.23%"}}]
[{"$f":"CHOOSE(1+LOG(1+2*(J15=\"Meta\")+4*(J15=\"Nível 2\")+8*(J15=\"Nível 3\")+16*(J15=\"Nível 4\")+32*(J15=\"Serviço\"),2),0,1,2,3,4,\"S\")","v":"S"},{"$f":"IF(OR(A15=\"S\",A15=0),0,IF(ISERROR(I15),H15,SMALL(H15:I15,1)))","v":0},{"$f":"IF($A15=1,OFFSET(C15,-1,0)+1,OFFSET(C15,-1,0))","v":1},{"$f":"IF($A15=1,0,IF($A15=2,OFFSET(D15,-1,0)+1,OFFSET(D15,-1,0)))","v":0},{"$f":"IF(AND($A15<=2,$A15<>0),0,IF($A15=3,OFFSET(E15,-1,0)+1,OFFSET(E15,-1,0)))","v":0},{"$f":"IF(AND($A15<=3,$A15<>0),0,IF($A15=4,OFFSET(F15,-1,0)+1,OFFSET(F15,-1,0)))","v":0},{"$f":"IF(AND($A15<=4,$A15<>0),0,IF($A15=\"S\",OFFSET(G15,-1,0)+1,OFFSET(G15,-1,0)))","v":2},0,0,"Serviço",{"$f":"IF($A15=0,\"-\",CONCATENATE(C15&\".\",IF(AND($A$5>=2,$A15>=2),D15&\".\",\"\"),IF(AND($A$5>=3,$A15>=3),E15&\".\",\"\"),IF(AND($A$5>=4,$A15>=4),F15&\".\",\"\"),IF($A15=\"S\",G15&\".\",\"\")))","v":"1.0.2."},"SINAPI","98459","TAPUME COM TELHA METÁLICA. AF_05/2018","M2",{"v":180,"d":"180.00"},75.21,"BDI 1",{"$f":"IF($A15=\"S\",IF($Q$10=\"Preço Unitário (R$)\",PO.CustoUnitario,ROUND(PO.CustoUnitario*(1+$Z15),15-13*$X$6)),0)","v":91.93},{"$f":"IF($A15=\"S\",VTOTAL1,IF($A15=0,0,ROUND(SomaAgrup,15-13*$X$7)))","v":{"v":16547.4,"d":"16,547.40"}},{"$f":"IF($J15=\"\",\"\",IF($N15=\"\",\"DESCRIÇÃO\",IF(AND($J15=\"Serviço\",$O15=\"\"),\"UNIDADE\",IF($T15<=0,\"SEM VALOR\",IF(AND($Y15<>\"\",$Q15>$Y15),\"ACIMA REF.\",\"\")))))","v":"ACIMA REF."},{"$f":"IF(OR($A15=0,$A15=\"S\",$A15>CFF!$A$9),\"\",MAX(V$12:OFFSET(V15,-1,0))+1)","v":""},{"$f":"IF(AND($J15=\"Serviço\",$M15<>\"\"),IF($L15=\"\",$M15,CONCATENATE($L15,\"-\",$M15)))","v":"SINAPI-98459"},{"$f":"IF(AND(Fonte<>\"\",Código<>\"\"),MATCH(Fonte&\" \"&IF(Fonte=\"sinapi\",SUBSTITUTE(SUBSTITUTE(Código,\"/00\",\"/\"),\"/0\",\"/\"),Código),INDIRECT(\"'[Referência \"&_xlnm.Database&\".xls]Banco'!$a:$a\"),0),\"X\")","v":{"$error":"#REF!"}},{"$f":"IF(Import.Desoneracao=\"sim\",Referencia.Desonerado,Referencia.NaoDesonerado)","v":0},{"$f":"ROUND(IF(ISNUMBER(R15),R15,IF(LEFT(R15,3)=\"BDI\",HLOOKUP(R15,DADOS!$T$37:$X$38,2,FALSE),0)),15-11*$X$5)","v":{"v":0.2223,"d":"22.23%"}}]
["S",0,1,0,0,0,3,0,0,"Serviço","1.0.3.","SINAPI","99814","LIMPEZA DE PAREDES COM JATO DE ALTA PRESSÃO.","M2",{"v":1856.42,"d":"1,856.42"},1.47,"BDI 1",{"v":1.8,"d":"1.80"},{"v":3341.56,"d":"3,341.56"},"ACIMA REF.",{"$f":"IF(OR($A16=0,$A16=\"S\",$A16>CFF!$A$9),\"\",MAX(V$12:OFFSET(V16,-1,0))+1)","v":""},"SINAPI-99814",{"$error":"#REF!"},0,{"$f":"ROUND(IF(ISNUMBER(R16),R16,IF(LEFT(R16,3)=\"BDI\",HLOOKUP(R16,DADOS!$T$37:$X$38,2,FALSE),0)),15-11*$X$5)","v":{"v":0.2223,"d":"22.23%"}}]
["S",0,1,0,0,0,4,0,0,"Serviço","1.0.4.","SINAPI","97624","DEMOLIÇÃO DE ALVENARIA DE TIJOLO MACIÇO, DE FORMA MANUAL, SEM REAPROVEITAMENTO.","M3",1.27,{"v":80.6,"d":"80.60"},"BDI 1",98.52,125.12,"ACIMA REF.",{"$f":"IF(OR($A17=0,$A17=\"S\",$A17>CFF!$A$9),\"\",MAX(V$12:OFFSET(V17,-1,0))+1)","v":""},"SINAPI-97624",{"$error":"#REF!"},0,{"$f":"ROUND(IF(ISNUMBER(R17),R17,IF(LEFT(R17,3)=\"BDI\",HLOOKUP(R17,DADOS!$T$37:$X$38,2,FALSE),0)),15-11*$X$5)","v":{"v":0.2223,"d":"22.23%"}}]
[{"$f":"CHOOSE(1+LOG(1+2*(J18=\"Meta\")+4*(J18=\"Nível 2\")+8*(J18=\"Nível 3\")+16*(J18=\"Nível 4\")+32*(J18=\"Serviço\"),2),0,1,2,3,4,\"S\")","v":"S"},{"$f":"IF(OR(A18=\"S\",A18=0),0,IF(ISERROR(I18),H18,SMALL(H18:I18,1)))","v":0},{"$f":"IF($A18=1,OFFSET(C18,-1,0)+1,OFFSET(C18,-1,0))","v":1},{"$f":"IF($A18=1,0,IF($A18=2,OFFSET(D18,-1,0)+1,OFFSET(D18,-1,0)))","v":0},{"$f":"IF(AND($A18<=2,$A18<>0),0,IF($A18=3,OFFSET(E18,-1,0)+1,OFFSET(E18,-1,0)))","v":0},{"$f":"IF(AND($A18<=3,$A18<>0),0,IF($A18=4,OFFSET(F18,-1,0)+1,OFFSET(F18,-1,0)))","v":0},{"$f":"IF(AND($A18<=4,$A18<>0),0,IF($A18=\"S\",OFFSET(G18,-1,0)+1,OFFSET(G18,-1,0)))","v":5},0,0,"Serviço",{"$f":"IF($A18=0,\"-\",CONCATENATE(C18&\".\",IF(AND($A$5>=2,$A18>=2),D18&\".\",\"\"),IF(AND($A$5>=3,$A18>=3),E18&\".\",\"\"),IF(AND($A$5>=4,$A18>=4),F18&\".\",\"\"),IF($A18=\"S\",G18&\".\",\"\")))","v":"1.0.5."},"PRÓPRIA","0001","DEMOLIÇÃO DE REVESTIMENTO CERÂMICO - PISOS E PAREDES - DE FORMA MANUAL, SEM REAPROVEITAMENTO.","M2",346.07,2.35,"BDI 1",{"$f":"IF($A18=\"S\",IF($Q$10=\"Preço Unitário (R$)\",PO.CustoUnitario,ROUND(PO.CustoUnitario*(1+$Z18),15-13*$X$6)),0)","v":2.87},{"$f":"IF($A18=\"S\",VTOTAL1,IF($A18=0,0,ROUND(SomaAgrup,15-13*$X$7)))","v":993.22},{"$f":"IF($J18=\"\",\"\",IF($N18=\"\",\"DESCRIÇÃO\",IF(AND($J18=\"Serviço\",$O18=\"\"),\"UNIDADE\",IF($T18<=0,\"SEM VALOR\",IF(AND($Y18<>\"\",$Q18>$Y18),\"ACIMA REF.\",\"\")))))","v":"ACIMA REF."},{"$f":"IF(OR($A18=0,$A18=\"S\",$A18>CFF!$A$9),\"\",MAX(V$12:OFFSET(V18,-1,0))+1)","v":""},{"$f":"IF(AND($J18=\"Serviço\",$M18<>\"\"),IF($L18=\"\",$M18,CONCATENATE($L18,\"-\",$M18)))","v":"PRÓPRIA-0001"},{"$f":"IF(AND(Fonte<>\"\",Código<>\"\"),MATCH(Fonte&\" \"&IF(Fonte=\"sinapi\",SUBSTITUTE(SUBSTITUTE(Código,\"/00\",\"/\"),\"/0\",\"/\"),Código),INDIRECT(\"'[Referência \"&_xlnm.Database&\".xls]Banco'!$a:$a\"),0),\"X\")","v":{"$error":"#REF!"}},{"$f":"IF(Import.Desoneracao=\"sim\",Referencia.Desonerado,Referencia.NaoDesonerado)","v":0},{"$f":"ROUND(IF(ISNUMBER(R18),R18,IF(LEFT(R18,3)=\"BDI\",HLOOKUP(R18,DADOS!$T$37:$X$38,2,FALSE),0)),15-11*$X$5)","v":{"v":0.2223,"d":"22.23%"}}]
["S",0,1,0,0,0,6,0,0,"Serviço","1.0.6.","SINAPI","97631","DEMOLIÇÃO DE ARGAMASSAS - PAREDES E TETO - DE FORMA MANUAL, SEM REAPROVEITAMENTO.","M2",{"v":219.7,"d":"219.70"},2.47,"BDI 1",3.02,663.49,"ACIMA REF.",{"$f":"IF(OR($A19=0,$A19=\"S\",$A19>CFF!$A$9),\"\",MAX(V$12:OFFSET(V19,-1,0))+1)","v":""},"SINAPI-97631",{"$error":"#REF!"},0,{"$f":"ROUND(IF(ISNUMBER(R19),R19,IF(LEFT(R19,3)=\"BDI\",HLOOKUP(R19,DADOS!$T$37:$X$38,2,FALSE),0)),15-11*$X$5)","v":{"v":0.2223,"d":"22.23%"}}]
["S",0,1,0,0,0,7,0,0,"Serviço","1.0.7.","SINAPI","72131","ALVENARIA EM TIJOLO CERAMICO MACICO 5X10X20CM (ESPESSURA 20CM), ASSENTADO COM ARGAMASSA TRACO 1:2:8 (CIMENTO, CAL E AREIA)","M2",53.28,119.41,"BDI 1",145.95,{"v":7776.22,"d":"7,776.22"},"ACIMA REF.",{"$f":"IF(OR($A20=0,$A20=\"S\",$A20>CFF!$A$9),\"\",MAX(V$12:OFFSET(V20,-1,0))+1)","v":""},"SINAPI-72131",{"$error":"#REF!"},0,{"$f":"ROUND(IF(ISNUMBER(R20),R20,IF(LEFT(R20,3)=\"BDI\",HLOOKUP(R20,DADOS!$T$37:$X$38,2,FALSE),0)),15-11*$X$5)","v":{"v":0.2223,"d":"22.23%"}}]
[{"$f":"CHOOSE(1+LOG(1+2*(J21=\"Meta\")+4*(J21=\"Nível 2\")+8*(J21=\"Nível 3\")+16*(J21=\"Nível 4\")+32*(J21=\"Serviço\"),2),0,1,2,3,4,\"S\")","v":"S"},{"$f":"IF(OR(A21=\"S\",A21=0),0,IF(ISERROR(I21),H21,SMALL(H21:I21,1)))","v":0},{"$f":"IF($A21=1,OFFSET(C21,-1,0)+1,OFFSET(C21,-1,0))","v":1},{"$f":"IF($A21=1,0,IF($A21=2,OFFSET(D21,-1,0)+1,OFFSET(D21,-1,0)))","v":0},{"$f":"IF(AND($A21<=2,$A21<>0),0,IF($A21=3,OFFSET(E21,-1,0)+1,OFFSET(E21,-1,0)))","v":0},{"$f":"IF(AND($A21<=3,$A21<>0),0,IF($A21=4,OFFSET(F21,-1,0)+1,OFFSET(F21,-1,0)))","v":0},{"$f":"IF(AND($A21<=4,$A21<>0),0,IF($A21=\"S\",OFFSET(G21,-1,0)+1,OFFSET(G21,-1,0)))","v":8},0,0,"Serviço",{"$f":"IF($A21=0,\"-\",CONCATENATE(C21&\".\",IF(AND($A$5>=2,$A21>=2),D21&\".\",\"\"),IF(AND($A$5>=3,$A21>=3),E21&\".\",\"\"),IF(AND($A$5>=4,$A21>=4),F21&\".\",\"\"),IF($A21=\"S\",G21&\".\",\"\")))","v":"1.0.8."},"SINAPI","72897","CARGA MANUAL DE ENTULHO EM CAMINHAO BASCULANTE","M3",13.01,20.45,"BDI 1",{"$f":"IF($A21=\"S\",IF($Q$10=\"Preço Unitário (R$)\",PO.CustoUnitario,ROUND(PO.CustoUnitario*(1+$Z21),15-13*$X$6)),0)","v":{"v":25,"d":"25.00"}},{"$f":"IF($A21=\"S\",VTOTAL1,IF($A21=0,0,ROUND(SomaAgrup,15-13*$X$7)))","v":325.25},{"$f":"IF($J21=\"\",\"\",IF($N21=\"\",\"DESCRIÇÃO\",IF(AND($J21=\"Serviço\",$O21=\"\"),\"UNIDADE\",IF($T21<=0,\"SEM VALOR\",IF(AND($Y21<>\"\",$Q21>$Y21),\"ACIMA REF.\",\"\")))))","v":"ACIMA REF."},{"$f":"IF(OR($A21=0,$A21=\"S\",$A21>CFF!$A$9),\"\",MAX(V$12:OFFSET(V21,-1,0))+1)","v":""},{"$f":"IF(AND($J21=\"Serviço\",$M21<>\"\"),IF($L21=\"\",$M21,CONCATENATE($L21,\"-\",$M21)))","v":"SINAPI-72897"},{"$f":"IF(AND(Fonte<>\"\",Código<>\"\"),MATCH(Fonte&\" \"&IF(Fonte=\"sinapi\",SUBSTITUTE(SUBSTITUTE(Código,\"/00\",\"/\"),\"/0\",\"/\"),Código),INDIRECT(\"'[Referência \"&_xlnm.Database&\".xls]Banco'!$a:$a\"),0),\"X\")","v":{"$error":"#REF!"}},{"$f":"IF(Import.Desoneracao=\"sim\",Referencia.Desonerado,Referencia.NaoDesonerado)","v":0},{"$f":"ROUND(IF(ISNUMBER(R21),R21,IF(LEFT(R21,3)=\"BDI\",HLOOKUP(R21,DADOS!$T$37:$X$38,2,FALSE),0)),15-11*$X$5)","v":{"v":0.2223,"d":"22.23%"}}]
[{"$f":"CHOOSE(1+LOG(1+2*(J22=\"Meta\")+4*(J22=\"Nível 2\")+8*(J22=\"Nível 3\")+16*(J22=\"Nível 4\")+32*(J22=\"Serviço\"),2),0,1,2,3,4,\"S\")","v":"S"},{"$f":"IF(OR(A22=\"S\",A22=0),0,IF(ISERROR(I22),H22,SMALL(H22:I22,1)))","v":0},{"$f":"IF($A22=1,OFFSET(C22,-1,0)+1,OFFSET(C22,-1,0))","v":1},{"$f":"IF($A22=1,0,IF($A22=2,OFFSET(D22,-1,0)+1,OFFSET(D22,-1,0)))","v":0},{"$f":"IF(AND($A22<=2,$A22<>0),0,IF($A22=3,OFFSET(E22,-1,0)+1,OFFSET(E22,-1,0)))","v":0},{"$f":"IF(AND($A22<=3,$A22<>0),0,IF($A22=4,OFFSET(F22,-1,0)+1,OFFSET(F22,-1,0)))","v":0},{"$f":"IF(AND($A22<=4,$A22<>0),0,IF($A22=\"S\",OFFSET(G22,-1,0)+1,OFFSET(G22,-1,0)))","v":9},0,0,"Serviço",{"$f":"IF($A22=0,\"-\",CONCATENATE(C22&\".\",IF(AND($A$5>=2,$A22>=2),D22&\".\",\"\"),IF(AND($A$5>=3,$A22>=3),E22&\".\",\"\"),IF(AND($A$5>=4,$A22>=4),F22&\".\",\"\"),IF($A22=\"S\",G22&\".\",\"\")))","v":"1.0.9."},"SINAPI","72899","TRANSPORTE DE ENTULHO COM CAMINHÃO BASCULANTE","M3",13.01,3.78,"BDI 1",4.62,60.11,{"$f":"IF($J22=\"\",\"\",IF($N22=\"\",\"DESCRIÇÃO\",IF(AND($J22=\"Serviço\",$O22=\"\"),\"UNIDADE\",IF($T22<=0,\"SEM VALOR\",IF(AND($Y22<>\"\",$Q22>$Y22),\"ACIMA REF.\",\"\")))))","v":"ACIMA REF."},{"$f":"IF(OR($A22=0,$A22=\"S\",$A22>CFF!$A$9),\"\",MAX(V$12:OFFSET(V22,-1,0))+1)","v":""},{"$f":"IF(AND($J22=\"Serviço\",$M22<>\"\"),IF($L22=\"\",$M22,CONCATENATE($L22,\"-\",$M22)))","v":"SINAPI-72899"},{"$error":"#REF!"},{"$f":"IF(Import.Desoneracao=\"sim\",Referencia.Desonerado,Referencia.NaoDesonerado)","v":0},{"$f":"ROUND(IF(ISNUMBER(R22),R22,IF(LEFT(R22,3)=\"BDI\",HLOOKUP(R22,DADOS!$T$37:$X$38,2,FALSE),0)),15-11*$X$5)","v":{"v":0.2223,"d":"22.23%"}}]
[{"$f":"CHOOSE(1+LOG(1+2*(J23=\"Meta\")+4*(J23=\"Nível 2\")+8*(J23=\"Nível 3\")+16*(J23=\"Nível 4\")+32*(J23=\"Serviço\"),2),0,1,2,3,4,\"S\")","v":"S"},{"$f":"IF(OR(A23=\"S\",A23=0),0,IF(ISERROR(I23),H23,SMALL(H23:I23,1)))","v":0},{"$f":"IF($A23=1,OFFSET(C23,-1,0)+1,OFFSET(C23,-1,0))","v":1},{"$f":"IF($A23=1,0,IF($A23=2,OFFSET(D23,-1,0)+1,OFFSET(D23,-1,0)))","v":0},{"$f":"IF(AND($A23<=2,$A23<>0),0,IF($A23=3,OFFSET(E23,-1,0)+1,OFFSET(E23,-1,0)))","v":0},{"$f":"IF(AND($A23<=3,$A23<>0),0,IF($A23=4,OFFSET(F23,-1,0)+1,OFFSET(F23,-1,0)))","v":0},{"$f":"IF(AND($A23<=4,$A23<>0),0,IF($A23=\"S\",OFFSET(G23,-1,0)+1,OFFSET(G23,-1,0)))","v":10},0,0,"Serviço",{"$f":"IF($A23=0,\"-\",CONCATENATE(C23&\".\",IF(AND($A$5>=2,$A23>=2),D23&\".\",\"\"),IF(AND($A$5>=3,$A23>=3),E23&\".\",\"\"),IF(AND($A$5>=4,$A23>=4),F23&\".\",\"\"),IF($A23=\"S\",G23&\".\",\"\")))","v":"1.0.10."},"SINAPI","97645","REMOÇÃO DE JANELAS, DE FORMA MANUAL","M2",14.64,22.72,"BDI 1",27.77,406.55,{"$f":"IF($J23=\"\",\"\",IF($N23=\"\",\"DESCRIÇÃO\",IF(AND($J23=\"Serviço\",$O23=\"\"),\"UNIDADE\",IF($T23<=0,\"SEM VALOR\",IF(AND($Y23<>\"\",$Q23>$Y23),\"ACIMA REF.\",\"\")))))","v":"ACIMA REF."},{"$f":"IF(OR($A23=0,$A23=\"S\",$A23>CFF!$A$9),\"\",MAX(V$12:OFFSET(V23,-1,0))+1)","v":""},{"$f":"IF(AND($J23=\"Serviço\",$M23<>\"\"),IF($L23=\"\",$M23,CONCATENATE($L23,\"-\",$M23)))","v":"SINAPI-97645"},{"$error":"#REF!"},{"$f":"IF(Import.Desoneracao=\"sim\",Referencia.Desonerado,Referencia.NaoDesonerado)","v":0},{"$f":"ROUND(IF(ISNUMBER(R23),R23,IF(LEFT(R23,3)=\"BDI\",HLOOKUP(R23,DADOS!$T$37:$X$38,2,FALSE),0)),15-11*$X$5)","v":{"v":0.2223,"d":"22.23%"}}]
["S",0,1,0,0,0,11,0,0,"Serviço","1.0.11.","SINAPI","97644","REMOÇÃO DE PORTAS, DE FORMA MANUAL","M2",{"v":33,"d":"33.00"},6.88,"BDI 1",8.41,277.53,"ACIMA REF.",{"$f":"IF(OR($A24=0,$A24=\"S\",$A24>CFF!$A$9),\"\",MAX(V$12:OFFSET(V24,-1,0))+1)","v":""},"SINAPI-97644",{"$error":"#REF!"},{"$f":"IF(Import.Desoneracao=\"sim\",Referencia.Desonerado,Referencia.NaoDesonerado)","v":0},{"$f":"ROUND(IF(ISNUMBER(R24),R24,IF(LEFT(R24,3)=\"BDI\",HLOOKUP(R24,DADOS!$T$37:$X$38,2,FALSE),0)),15-11*$X$5)","v":{"v":0.2223,"d":"22.23%"}}]
[{"$f":"CHOOSE(1+LOG(1+2*(J25=\"Meta\")+4*(J25=\"Nível 2\")+8*(J25=\"Nível 3\")+16*(J25=\"Nível 4\")+32*(J25=\"Serviço\"),2),0,1,2,3,4,\"S\")","v":1},{"$f":"IF(OR(A25=\"S\",A25=0),0,IF(ISERROR(I25),H25,SMALL(H25:I25,1)))","v":5},{"$f":"IF($A25=1,OFFSET(C25,-1,0)+1,OFFSET(C25,-1,0))","v":2},{"$f":"IF($A25=1,0,IF($A25=2,OFFSET(D25,-1,0)+1,OFFSET(D25,-1,0)))","v":0},{"$f":"IF(AND($A25<=2,$A25<>0),0,IF($A25=3,OFFSET(E25,-1,0)+1,OFFSET(E25,-1,0)))","v":0},{"$f":"IF(AND($A25<=3,$A25<>0),0,IF($A25=4,OFFSET(F25,-1,0)+1,OFFSET(F25,-1,0)))","v":0},{"$f":"IF(AND($A25<=4,$A25<>0),0,IF($A25=\"S\",OFFSET(G25,-1,0)+1,OFFSET(G25,-1,0)))","v":0},109,5,"Meta",{"$f":"IF($A25=0,\"-\",CONCATENATE(C25&\".\",IF(AND($A$5>=2,$A25>=2),D25&\".\",\"\"),IF(AND($A$5>=3,$A25>=3),E25&\".\",\"\"),IF(AND($A$5>=4,$A25>=4),F25&\".\",\"\"),IF($A25=\"S\",G25&\".\",\"\")))","v":"2."},null,null,"REVESTIMENTOS EXTERNOS",{"$f":"Referencia.Unidade","v":""},null,null,"BDI 1",0,{"v":58847.37,"d":"58,847.37"},{"$f":"IF($J25=\"\",\"\",IF($N25=\"\",\"DESCRIÇÃO\",IF(AND($J25=\"Serviço\",$O25=\"\"),\"UNIDADE\",IF($T25<=0,\"SEM VALOR\",IF(AND($Y25<>\"\",$Q25>$Y25),\"ACIMA REF.\",\"\")))))","v":""},{"$f":"IF(OR($A25=0,$A25=\"S\",$A25>CFF!$A$9),\"\",MAX(V$12:OFFSET(V25,-1,0))+1)","v":2},{"$f":"IF(AND($J25=\"Serviço\",$M25<>\"\"),IF($L25=\"\",$M25,CONCATENATE($L25,\"-\",$M25)))","v":false},"X",{"$f":"IF(Import.Desoneracao=\"sim\",Referencia.Desonerado,Referencia.NaoDesonerado)","v":0},{"$f":"ROUND(IF(ISNUMBER(R25),R25,IF(LEFT(R25,3)=\"BDI\",HLOOKUP(R25,DADOS!$T$37:$X$38,2,FALSE),0)),15-11*$X$5)","v":{"v":0.2223,"d":"22.23%"}}]
[{"$f":"CHOOSE(1+LOG(1+2*(J26=\"Meta\")+4*(J26=\"Nível 2\")+8*(J26=\"Nível 3\")+16*(J26=\"Nível 4\")+32*(J26=\"Serviço\"),2),0,1,2,3,4,\"S\")","v":"S"},{"$f":"IF(OR(A26=\"S\",A26=0),0,IF(ISERROR(I26),H26,SMALL(H26:I26,1)))","v":0},{"$f":"IF($A26=1,OFFSET(C26,-1,0)+1,OFFSET(C26,-1,0))","v":2},{"$f":"IF($A26=1,0,IF($A26=2,OFFSET(D26,-1,0)+1,OFFSET(D26,-1,0)))","v":0},{"$f":"IF(AND($A26<=2,$A26<>0),0,IF($A26=3,OFFSET(E26,-1,0)+1,OFFSET(E26,-1,0)))","v":0},{"$f":"IF(AND($A26<=3,$A26<>0),0,IF($A26=4,OFFSET(F26,-1,0)+1,OFFSET(F26,-1,0)))","v":0},{"$f":"IF(AND($A26<=4,$A26<>0),0,IF($A26=\"S\",OFFSET(G26,-1,0)+1,OFFSET(G26,-1,0)))","v":1},0,0,"Serviço",{"$f":"IF($A26=0,\"-\",CONCATENATE(C26&\".\",IF(AND($A$5>=2,$A26>=2),D26&\".\",\"\"),IF(AND($A$5>=3,$A26>=3),E26&\".\",\"\"),IF(AND($A$5>=4,$A26>=4),F26&\".\",\"\"),IF($A26=\"S\",G26&\".\",\"\")))","v":"2.0.1."},"SINAPI","87908","CHAPISCO APLICADO EM ALVENARIA (COM PRESENÇA DE VÃOS) E ESTRUTURAS DE CONCRETO DE FACHADA, COM EQUIPAMENTO DE PROJEÇÃO.  ARGAMASSA TRAÇO 1:3 COM PREPARO EM BETONEIRA 400 L. AF_06/2014","M2",{"v":1856.42,"d":"1,856.42"},5.86,"BDI 1",{"$f":"IF($A26=\"S\",IF($Q$10=\"Preço Unitário (R$)\",PO.CustoUnitario,ROUND(PO.CustoUnitario*(1+$Z26),15-13*$X$6)),0)","v":7.16},{"$f":"IF($A26=\"S\",VTOTAL1,IF($A26=0,0,ROUND(SomaAgrup,15-13*$X$7)))","v":{"v":13291.97,"d":"13,291.97"}},{"$f":"IF($J26=\"\",\"\",IF($N26=\"\",\"DESCRIÇÃO\",IF(AND($J26=\"Serviço\",$O26=\"\"),\"UNIDADE\",IF($T26<=0,\"SEM VALOR\",IF(AND($Y26<>\"\",$Q26>$Y26),\"ACIMA REF.\",\"\")))))","v":"ACIMA REF."},{"$f":"IF(OR($A26=0,$A26=\"S\",$A26>CFF!$A$9),\"\",MAX(V$12:OFFSET(V26,-1,0))+1)","v":""},{"$f":"IF(AND($J26=\"Serviço\",$M26<>\"\"),IF($L26=\"\",$M26,CONCATENATE($L26,\"-\",$M26)))","v":"SINAPI-87908"},{"$f":"IF(AND(Fonte<>\"\",Código<>\"\"),MATCH(Fonte&\" \"&IF(Fonte=\"sinapi\",SUBSTITUTE(SUBSTITUTE(Código,\"/00\",\"/\"),\"/0\",\"/\"),Código),INDIRECT(\"'[Referência \"&_xlnm.Database&\".xls]Banco'!$a:$a\"),0),\"X\")","v":{"$error":"#REF!"}},{"$f":"IF(Import.Desoneracao=\"sim\",Referencia.Desonerado,Referencia.NaoDesonerado)","v":0},{"$f":"ROUND(IF(ISNUMBER(R26),R26,IF(LEFT(R26,3)=\"BDI\",HLOOKUP(R26,DADOS!$T$37:$X$38,2,FALSE),0)),15-11*$X$5)","v":{"v":0.2223,"d":"22.23%"}}]
["S",0,2,0,0,0,2,0,0,"Serviço","2.0.2.","SINAPI","87775","EMBOÇO OU MASSA ÚNICA EM ARGAMASSA TRAÇO 1:2:8, PREPARO MECÂNICO COM BETONEIRA 400 L, APLICADA MANUALMENTE EM PANOS DE FACHADA COM PRESENÇA DE VÃOS, ESPESSURA DE 25 MM.","M2",539.82,42.26,"BDI 1",51.65,{"v":27881.7,"d":"27,881.70"},"ACIMA REF.",{"$f":"IF(OR($A27=0,$A27=\"S\",$A27>CFF!$A$9),\"\",MAX(V$12:OFFSET(V27,-1,0))+1)","v":""},"SINAPI-87775",{"$error":"#REF!"},{"$f":"IF(Import.Desoneracao=\"sim\",Referencia.Desonerado,Referencia.NaoDesonerado)","v":0},{"$f":"ROUND(IF(ISNUMBER(R27),R27,IF(LEFT(R27,3)=\"BDI\",HLOOKUP(R27,DADOS!$T$37:$X$38,2,FALSE),0)),15-11*$X$5)","v":{"v":0.2223,"d":"22.23%"}}]
["S",0,2,0,0,0,3,0,0,"Serviço","2.0.3.","SINAPI","95305","TEXTURA ACRÍLICA, APLICAÇÃO MANUAL EM PAREDE, UMA DEMÃO.","M2",539.82,13.66,"BDI 1",{"v":16.7,"d":"16.70"},{"v":9014.99,"d":"9,014.99"},"ACIMA REF.",{"$f":"IF(OR($A28=0,$A28=\"S\",$A28>CFF!$A$9),\"\",MAX(V$12:OFFSET(V28,-1,0))+1)","v":""},"SINAPI-95305",{"$error":"#REF!"},{"$f":"IF(Import.Desoneracao=\"sim\",Referencia.Desonerado,Referencia.NaoDesonerado)","v":0},{"$f":"ROUND(IF(ISNUMBER(R28),R28,IF(LEFT(R28,3)=\"BDI\",HLOOKUP(R28,DADOS!$T$37:$X$38,2,FALSE),0)),15-11*$X$5)","v":{"v":0.2223,"d":"22.23%"}}]
[{"$f":"CHOOSE(1+LOG(1+2*(J29=\"Meta\")+4*(J29=\"Nível 2\")+8*(J29=\"Nível 3\")+16*(J29=\"Nível 4\")+32*(J29=\"Serviço\"),2),0,1,2,3,4,\"S\")","v":"S"},{"$f":"IF(OR(A29=\"S\",A29=0),0,IF(ISERROR(I29),H29,SMALL(H29:I29,1)))","v":0},{"$f":"IF($A29=1,OFFSET(C29,-1,0)+1,OFFSET(C29,-1,0))","v":2},{"$f":"IF($A29=1,0,IF($A29=2,OFFSET(D29,-1,0)+1,OFFSET(D29,-1,0)))","v":0},{"$f":"IF(AND($A29<=2,$A29<>0),0,IF($A29=3,OFFSET(E29,-1,0)+1,OFFSET(E29,-1,0)))","v":0},{"$f":"IF(AND($A29<=3,$A29<>0),0,IF($A29=4,OFFSET(F29,-1,0)+1,OFFSET(F29,-1,0)))","v":0},{"$f":"IF(AND($A29<=4,$A29<>0),0,IF($A29=\"S\",OFFSET(G29,-1,0)+1,OFFSET(G29,-1,0)))","v":4},0,0,"Serviço",{"$f":"IF($A29=0,\"-\",CONCATENATE(C29&\".\",IF(AND($A$5>=2,$A29>=2),D29&\".\",\"\"),IF(AND($A$5>=3,$A29>=3),E29&\".\",\"\"),IF(AND($A$5>=4,$A29>=4),F29&\".\",\"\"),IF($A29=\"S\",G29&\".\",\"\")))","v":"2.0.4."},"SINAPI","88489","APLICAÇÃO MANUAL DE PINTURA COM TINTA LÁTEX ACRÍLICA EM PAREDES, DUAS DEMÃOS. AF_06/2014","M2",539.82,13.12,"BDI 1",{"$f":"IF($A29=\"S\",IF($Q$10=\"Preço Unitário (R$)\",PO.CustoUnitario,ROUND(PO.CustoUnitario*(1+$Z29),15-13*$X$6)),0)","v":16.04},{"$f":"IF($A29=\"S\",VTOTAL1,IF($A29=0,0,ROUND(SomaAgrup,15-13*$X$7)))","v":{"v":8658.71,"d":"8,658.71"}},{"$f":"IF($J29=\"\",\"\",IF($N29=\"\",\"DESCRIÇÃO\",IF(AND($J29=\"Serviço\",$O29=\"\"),\"UNIDADE\",IF($T29<=0,\"SEM VALOR\",IF(AND($Y29<>\"\",$Q29>$Y29),\"ACIMA REF.\",\"\")))))","v":"ACIMA REF."},{"$f":"IF(OR($A29=0,$A29=\"S\",$A29>CFF!$A$9),\"\",MAX(V$12:OFFSET(V29,-1,0))+1)","v":""},{"$f":"IF(AND($J29=\"Serviço\",$M29<>\"\"),IF($L29=\"\",$M29,CONCATENATE($L29,\"-\",$M29)))","v":"SINAPI-88489"},{"$f":"IF(AND(Fonte<>\"\",Código<>\"\"),MATCH(Fonte&\" \"&IF(Fonte=\"sinapi\",SUBSTITUTE(SUBSTITUTE(Código,\"/00\",\"/\"),\"/0\",\"/\"),Código),INDIRECT(\"'[Referência \"&_xlnm.Database&\".xls]Banco'!$a:$a\"),0),\"X\")","v":{"$error":"#REF!"}},{"$f":"IF(Import.Desoneracao=\"sim\",Referencia.Desonerado,Referencia.NaoDesonerado)","v":0},{"$f":"ROUND(IF(ISNUMBER(R29),R29,IF(LEFT(R29,3)=\"BDI\",HLOOKUP(R29,DADOS!$T$37:$X$38,2,FALSE),0)),15-11*$X$5)","v":{"v":0.2223,"d":"22.23%"}}]
[1,50,3,0,0,0,0,104,50,"Meta","3.","SINAPI",null,"PAVIMENTO TÉRREO",{"$f":"Referencia.Unidade","v":""},null,null,"BDI 1",0,{"v":232977.69,"d":"232,977.69"},"",{"$f":"IF(OR($A30=0,$A30=\"S\",$A30>CFF!$A$9),\"\",MAX(V$12:OFFSET(V30,-1,0))+1)","v":3},false,"X",0,{"$f":"ROUND(IF(ISNUMBER(R30),R30,IF(LEFT(R30,3)=\"BDI\",HLOOKUP(R30,DADOS!$T$37:$X$38,2,FALSE),0)),15-11*$X$5)","v":{"v":0.2223,"d":"22.23%"}}]
[{"$f":"CHOOSE(1+LOG(1+2*(J31=\"Meta\")+4*(J31=\"Nível 2\")+8*(J31=\"Nível 3\")+16*(J31=\"Nível 4\")+32*(J31=\"Serviço\"),2),0,1,2,3,4,\"S\")","v":2},{"$f":"IF(OR(A31=\"S\",A31=0),0,IF(ISERROR(I31),H31,SMALL(H31:I31,1)))","v":9},{"$f":"IF($A31=1,OFFSET(C31,-1,0)+1,OFFSET(C31,-1,0))","v":3},{"$f":"IF($A31=1,0,IF($A31=2,OFFSET(D31,-1,0)+1,OFFSET(D31,-1,0)))","v":1},{"$f":"IF(AND($A31<=2,$A31<>0),0,IF($A31=3,OFFSET(E31,-1,0)+1,OFFSET(E31,-1,0)))","v":0},{"$f":"IF(AND($A31<=3,$A31<>0),0,IF($A31=4,OFFSET(F31,-1,0)+1,OFFSET(F31,-1,0)))","v":0},{"$f":"IF(AND($A31<=4,$A31<>0),0,IF($A31=\"S\",OFFSET(G31,-1,0)+1,OFFSET(G31,-1,0)))","v":0},49,9,"Nível 2",{"$f":"IF($A31=0,\"-\",CONCATENATE(C31&\".\",IF(AND($A$5>=2,$A31>=2),D31&\".\",\"\"),IF(AND($A$5>=3,$A31>=3),E31&\".\",\"\"),IF(AND($A$5>=4,$A31>=4),F31&\".\",\"\"),IF($A31=\"S\",G31&\".\",\"\")))","v":"3.1."},null,null,"PAVIMENTAÇÃO",{"$f":"Referencia.Unidade","v":""},null,null,"BDI 1",{"$f":"IF($A31=\"S\",IF($Q$10=\"Preço Unitário (R$)\",PO.CustoUnitario,ROUND(PO.CustoUnitario*(1+$Z31),15-13*$X$6)),0)","v":0},{"$f":"IF($A31=\"S\",VTOTAL1,IF($A31=0,0,ROUND(SomaAgrup,15-13*$X$7)))","v":{"v":51581.4,"d":"51,581.40"}},{"$f":"IF($J31=\"\",\"\",IF($N31=\"\",\"DESCRIÇÃO\",IF(AND($J31=\"Serviço\",$O31=\"\"),\"UNIDADE\",IF($T31<=0,\"SEM VALOR\",IF(AND($Y31<>\"\",$Q31>$Y31),\"ACIMA REF.\",\"\")))))","v":""},{"$f":"IF(OR($A31=0,$A31=\"S\",$A31>CFF!$A$9),\"\",MAX(V$12:OFFSET(V31,-1,0))+1)","v":4},{"$f":"IF(AND($J31=\"Serviço\",$M31<>\"\"),IF($L31=\"\",$M31,CONCATENATE($L31,\"-\",$M31)))","v":false},{"$f":"IF(AND(Fonte<>\"\",Código<>\"\"),MATCH(Fonte&\" \"&IF(Fonte=\"sinapi\",SUBSTITUTE(SUBSTITUTE(Código,\"/00\",\"/\"),\"/0\",\"/\"),Código),INDIRECT(\"'[Referência \"&_xlnm.Database&\".xls]Banco'!$a:$a\"),0),\"X\")","v":"X"},{"$f":"IF(Import.Desoneracao=\"sim\",Referencia.Desonerado,Referencia.NaoDesonerado)","v":0},{"$f":"ROUND(IF(ISNUMBER(R31),R31,IF(LEFT(R31,3)=\"BDI\",HLOOKUP(R31,DADOS!$T$37:$X$38,2,FALSE),0)),15-11*$X$5)","v":{"v":0.2223,"d":"22.23%"}}]
["S",0,3,1,0,0,1,0,0,"Serviço","3.1.1.","SINAPI","97082","ESCAVAÇÃO MANUAL DE MATERIAL PARA NIVELAMENTO DO CONTRAPISO","M3",23.62,47.94,"BDI 1",{"v":58.6,"d":"58.60"},{"v":1384.13,"d":"1,384.13"},"ACIMA REF.",{"$f":"IF(OR($A32=0,$A32=\"S\",$A32>CFF!$A$9),\"\",MAX(V$12:OFFSET(V32,-1,0))+1)","v":""},"SINAPI-97082",{"$error":"#REF!"},0,{"$f":"ROUND(IF(ISNUMBER(R32),R32,IF(LEFT(R32,3)=\"BDI\",HLOOKUP(R32,DADOS!$T$37:$X$38,2,FALSE),0)),15-11*$X$5)","v":{"v":0.2223,"d":"22.23%"}}]
["S",0,3,1,0,0,2,0,0,"Serviço","3.1.2.","SINAPI","96622","LASTRO DE BRITA, APLICAÇÃO EM PISOS, ESPESSURA DE 5 CM","M3",11.81,84.18,"BDI 1",102.89,{"v":1215.13,"d":"1,215.13"},"ACIMA REF.",{"$f":"IF(OR($A33=0,$A33=\"S\",$A33>CFF!$A$9),\"\",MAX(V$12:OFFSET(V33,-1,0))+1)","v":""},"SINAPI-96622",{"$error":"#REF!"},0,{"$f":"ROUND(IF(ISNUMBER(R33),R33,IF(LEFT(R33,3)=\"BDI\",HLOOKUP(R33,DADOS!$T$37:$X$38,2,FALSE),0)),15-11*$X$5)","v":{"v":0.2223,"d":"22.23%"}}]
[{"$f":"CHOOSE(1+LOG(1+2*(J34=\"Meta\")+4*(J34=\"Nível 2\")+8*(J34=\"Nível 3\")+16*(J34=\"Nível 4\")+32*(J34=\"Serviço\"),2),0,1,2,3,4,\"S\")","v":"S"},{"$f":"IF(OR(A34=\"S\",A34=0),0,IF(ISERROR(I34),H34,SMALL(H34:I34,1)))","v":0},{"$f":"IF($A34=1,OFFSET(C34,-1,0)+1,OFFSET(C34,-1,0))","v":3},{"$f":"IF($A34=1,0,IF($A34=2,OFFSET(D34,-1,0)+1,OFFSET(D34,-1,0)))","v":1},{"$f":"IF(AND($A34<=2,$A34<>0),0,IF($A34=3,OFFSET(E34,-1,0)+1,OFFSET(E34,-1,0)))","v":0},{"$f":"IF(AND($A34<=3,$A34<>0),0,IF($A34=4,OFFSET(F34,-1,0)+1,OFFSET(F34,-1,0)))","v":0},{"$f":"IF(AND($A34<=4,$A34<>0),0,IF($A34=\"S\",OFFSET(G34,-1,0)+1,OFFSET(G34,-1,0)))","v":3},0,0,"Serviço",{"$f":"IF($A34=0,\"-\",CONCATENATE(C34&\".\",IF(AND($A$5>=2,$A34>=2),D34&\".\",\"\"),IF(AND($A$5>=3,$A34>=3),E34&\".\",\"\"),IF(AND($A$5>=4,$A34>=4),F34&\".\",\"\"),IF($A34=\"S\",G34&\".\",\"\")))","v":"3.1.3."},"SINAPI-I","3777","LONA PLASTICA PRETA, E= 150 MICRA","M2    ",236.24,1.08,"BDI 1",{"$f":"IF($A34=\"S\",IF($Q$10=\"Preço Unitário (R$)\",PO.CustoUnitario,ROUND(PO.CustoUnitario*(1+$Z34),15-13*$X$6)),0)","v":1.32},{"$f":"IF($A34=\"S\",VTOTAL1,IF($A34=0,0,ROUND(SomaAgrup,15-13*$X$7)))","v":311.84},{"$f":"IF($J34=\"\",\"\",IF($N34=\"\",\"DESCRIÇÃO\",IF(AND($J34=\"Serviço\",$O34=\"\"),\"UNIDADE\",IF($T34<=0,\"SEM VALOR\",IF(AND($Y34<>\"\",$Q34>$Y34),\"ACIMA REF.\",\"\")))))","v":"ACIMA REF."},{"$f":"IF(OR($A34=0,$A34=\"S\",$A34>CFF!$A$9),\"\",MAX(V$12:OFFSET(V34,-1,0))+1)","v":""},{"$f":"IF(AND($J34=\"Serviço\",$M34<>\"\"),IF($L34=\"\",$M34,CONCATENATE($L34,\"-\",$M34)))","v":"SINAPI-I-3777"},{"$f":"IF(AND(Fonte<>\"\",Código<>\"\"),MATCH(Fonte&\" \"&IF(Fonte=\"sinapi\",SUBSTITUTE(SUBSTITUTE(Código,\"/00\",\"/\"),\"/0\",\"/\"),Código),INDIRECT(\"'[Referência \"&_xlnm.Database&\".xls]Banco'!$a:$a\"),0),\"X\")","v":{"$error":"#REF!"}},{"$f":"IF(Import.Desoneracao=\"sim\",Referencia.Desonerado,Referencia.NaoDesonerado)","v":0},{"$f":"ROUND(IF(ISNUMBER(R34),R34,IF(LEFT(R34,3)=\"BDI\",HLOOKUP(R34,DADOS!$T$37:$X$38,2,FALSE),0)),15-11*$X$5)","v":{"v":0.2223,"d":"22.23%"}}]
["S",0,3,1,0,0,4,0,0,"Serviço","3.1.4.","SINAPI-I","43127","TELA DE ACO SOLDADA NERVURADA, CA-60, Q-283 (4,48 KG/M2), DIAMETRO DO FIO = 6,0 MM, ESPACAMENTO DA MALHA = 10 X 10 CM","M2    ",236.24,30.28,"BDI 1",37.01,{"v":8743.24,"d":"8,743.24"},"ACIMA REF.",{"$f":"IF(OR($A35=0,$A35=\"S\",$A35>CFF!$A$9),\"\",MAX(V$12:OFFSET(V35,-1,0))+1)","v":""},"SINAPI-I-43127",{"$error":"#REF!"},0,{"$f":"ROUND(IF(ISNUMBER(R35),R35,IF(LEFT(R35,3)=\"BDI\",HLOOKUP(R35,DADOS!$T$37:$X$38,2,FALSE),0)),15-11*$X$5)","v":{"v":0.2223,"d":"22.23%"}}]
["S",0,3,1,0,0,5,0,0,"Serviço","3.1.5.","SINAPI","95241","LASTRO DE CONCRETO MAGRO, APLICADO EM PISOS, ESPESSURA DE 5 CM.","M2",236.24,21.12,"BDI 1",25.81,{"v":6097.35,"d":"6,097.35"},"ACIMA REF.",{"$f":"IF(OR($A36=0,$A36=\"S\",$A36>CFF!$A$9),\"\",MAX(V$12:OFFSET(V36,-1,0))+1)","v":""},"SINAPI-95241",{"$error":"#REF!"},0,{"$f":"ROUND(IF(ISNUMBER(R36),R36,IF(LEFT(R36,3)=\"BDI\",HLOOKUP(R36,DADOS!$T$37:$X$38,2,FALSE),0)),15-11*$X$5)","v":{"v":0.2223,"d":"22.23%"}}]
[{"$f":"CHOOSE(1+LOG(1+2*(J37=\"Meta\")+4*(J37=\"Nível 2\")+8*(J37=\"Nível 3\")+16*(J37=\"Nível 4\")+32*(J37=\"Serviço\"),2),0,1,2,3,4,\"S\")","v":"S"},{"$f":"IF(OR(A37=\"S\",A37=0),0,IF(ISERROR(I37),H37,SMALL(H37:I37,1)))","v":0},{"$f":"IF($A37=1,OFFSET(C37,-1,0)+1,OFFSET(C37,-1,0))","v":3},{"$f":"IF($A37=1,0,IF($A37=2,OFFSET(D37,-1,0)+1,OFFSET(D37,-1,0)))","v":1},{"$f":"IF(AND($A37<=2,$A37<>0),0,IF($A37=3,OFFSET(E37,-1,0)+1,OFFSET(E37,-1,0)))","v":0},{"$f":"IF(AND($A37<=3,$A37<>0),0,IF($A37=4,OFFSET(F37,-1,0)+1,OFFSET(F37,-1,0)))","v":0},{"$f":"IF(AND($A37<=4,$A37<>0),0,IF($A37=\"S\",OFFSET(G37,-1,0)+1,OFFSET(G37,-1,0)))","v":6},0,0,"Serviço",{"$f":"IF($A37=0,\"-\",CONCATENATE(C37&\".\",IF(AND($A$5>=2,$A37>=2),D37&\".\",\"\"),IF(AND($A$5>=3,$A37>=3),E37&\".\",\"\"),IF(AND($A$5>=4,$A37>=4),F37&\".\",\"\"),IF($A37=\"S\",G37&\".\",\"\")))","v":"3.1.6."},"SINAPI","88471","CONTRAPISO AUTONIVELANTE, APLICADO SOBRE LAJE, NÃO ADERIDO, ESPESSURA 4CM. AF_06/2014","M2",236.24,25.07,"BDI 1",{"$f":"IF($A37=\"S\",IF($Q$10=\"Preço Unitário (R$)\",PO.CustoUnitario,ROUND(PO.CustoUnitario*(1+$Z37),15-13*$X$6)),0)","v":30.64},{"$f":"IF($A37=\"S\",VTOTAL1,IF($A37=0,0,ROUND(SomaAgrup,15-13*$X$7)))","v":{"v":7238.39,"d":"7,238.39"}},{"$f":"IF($J37=\"\",\"\",IF($N37=\"\",\"DESCRIÇÃO\",IF(AND($J37=\"Serviço\",$O37=\"\"),\"UNIDADE\",IF($T37<=0,\"SEM VALOR\",IF(AND($Y37<>\"\",$Q37>$Y37),\"ACIMA REF.\",\"\")))))","v":"ACIMA REF."},{"$f":"IF(OR($A37=0,$A37=\"S\",$A37>CFF!$A$9),\"\",MAX(V$12:OFFSET(V37,-1,0))+1)","v":""},{"$f":"IF(AND($J37=\"Serviço\",$M37<>\"\"),IF($L37=\"\",$M37,CONCATENATE($L37,\"-\",$M37)))","v":"SINAPI-88471"},{"$f":"IF(AND(Fonte<>\"\",Código<>\"\"),MATCH(Fonte&\" \"&IF(Fonte=\"sinapi\",SUBSTITUTE(SUBSTITUTE(Código,\"/00\",\"/\"),\"/0\",\"/\"),Código),INDIRECT(\"'[Referência \"&_xlnm.Database&\".xls]Banco'!$a:$a\"),0),\"X\")","v":{"$error":"#REF!"}},{"$f":"IF(Import.Desoneracao=\"sim\",Referencia.Desonerado,Referencia.NaoDesonerado)","v":0},{"$f":"ROUND(IF(ISNUMBER(R37),R37,IF(LEFT(R37,3)=\"BDI\",HLOOKUP(R37,DADOS!$T$37:$X$38,2,FALSE),0)),15-11*$X$5)","v":{"v":0.2223,"d":"22.23%"}}]
["S",0,3,1,0,0,7,0,0,"Serviço","3.1.7.","SINAPI","87260","REVESTIMENTO CERÂMICO PARA PISO COM PLACAS TIPO PORCELANATO DE DIMENSÕES 45X45 CM","M2",255.89,74.94,"BDI 1",{"v":91.6,"d":"91.60"},{"v":23439.52,"d":"23,439.52"},"ACIMA REF.",{"$f":"IF(OR($A38=0,$A38=\"S\",$A38>CFF!$A$9),\"\",MAX(V$12:OFFSET(V38,-1,0))+1)","v":""},"SINAPI-87260",{"$error":"#REF!"},0,{"$f":"ROUND(IF(ISNUMBER(R38),R38,IF(LEFT(R38,3)=\"BDI\",HLOOKUP(R38,DADOS!$T$37:$X$38,2,FALSE),0)),15-11*$X$5)","v":{"v":0.2223,"d":"22.23%"}}]
[{"$f":"CHOOSE(1+LOG(1+2*(J39=\"Meta\")+4*(J39=\"Nível 2\")+8*(J39=\"Nível 3\")+16*(J39=\"Nível 4\")+32*(J39=\"Serviço\"),2),0,1,2,3,4,\"S\")","v":"S"},{"$f":"IF(OR(A39=\"S\",A39=0),0,IF(ISERROR(I39),H39,SMALL(H39:I39,1)))","v":0},{"$f":"IF($A39=1,OFFSET(C39,-1,0)+1,OFFSET(C39,-1,0))","v":3},{"$f":"IF($A39=1,0,IF($A39=2,OFFSET(D39,-1,0)+1,OFFSET(D39,-1,0)))","v":1},{"$f":"IF(AND($A39<=2,$A39<>0),0,IF($A39=3,OFFSET(E39,-1,0)+1,OFFSET(E39,-1,0)))","v":0},{"$f":"IF(AND($A39<=3,$A39<>0),0,IF($A39=4,OFFSET(F39,-1,0)+1,OFFSET(F39,-1,0)))","v":0},{"$f":"IF(AND($A39<=4,$A39<>0),0,IF($A39=\"S\",OFFSET(G39,-1,0)+1,OFFSET(G39,-1,0)))","v":8},0,0,"Serviço",{"$f":"IF($A39=0,\"-\",CONCATENATE(C39&\".\",IF(AND($A$5>=2,$A39>=2),D39&\".\",\"\"),IF(AND($A$5>=3,$A39>=3),E39&\".\",\"\"),IF(AND($A$5>=4,$A39>=4),F39&\".\",\"\"),IF($A39=\"S\",G39&\".\",\"\")))","v":"3.1.8."},"PRÓPRIA","0004","EXECUÇÃO DE RAMPA EM CONCRETO ARMADO, MOLDADA IN LOCO, FCK = 25 MPA","M3",4.18,616.89,"BDI 1",{"$f":"IF($A39=\"S\",IF($Q$10=\"Preço Unitário (R$)\",PO.CustoUnitario,ROUND(PO.CustoUnitario*(1+$Z39),15-13*$X$6)),0)","v":754.02},{"$f":"IF($A39=\"S\",VTOTAL1,IF($A39=0,0,ROUND(SomaAgrup,15-13*$X$7)))","v":{"v":3151.8,"d":"3,151.80"}},{"$f":"IF($J39=\"\",\"\",IF($N39=\"\",\"DESCRIÇÃO\",IF(AND($J39=\"Serviço\",$O39=\"\"),\"UNIDADE\",IF($T39<=0,\"SEM VALOR\",IF(AND($Y39<>\"\",$Q39>$Y39),\"ACIMA REF.\",\"\")))))","v":"ACIMA REF."},{"$f":"IF(OR($A39=0,$A39=\"S\",$A39>CFF!$A$9),\"\",MAX(V$12:OFFSET(V39,-1,0))+1)","v":""},{"$f":"IF(AND($J39=\"Serviço\",$M39<>\"\"),IF($L39=\"\",$M39,CONCATENATE($L39,\"-\",$M39)))","v":"PRÓPRIA-0004"},{"$f":"IF(AND(Fonte<>\"\",Código<>\"\"),MATCH(Fonte&\" \"&IF(Fonte=\"sinapi\",SUBSTITUTE(SUBSTITUTE(Código,\"/00\",\"/\"),\"/0\",\"/\"),Código),INDIRECT(\"'[Referência \"&_xlnm.Database&\".xls]Banco'!$a:$a\"),0),\"X\")","v":{"$error":"#REF!"}},{"$f":"IF(Import.Desoneracao=\"sim\",Referencia.Desonerado,Referencia.NaoDesonerado)","v":0},{"$f":"ROUND(IF(ISNUMBER(R39),R39,IF(LEFT(R39,3)=\"BDI\",HLOOKUP(R39,DADOS!$T$37:$X$38,2,FALSE),0)),15-11*$X$5)","v":{"v":0.2223,"d":"22.23%"}}]
[2,4,3,2,0,0,0,40,4,"Nível 2","3.2.","SINAPI",null,"REVESTIMENTOS INTERNOS",{"$f":"Referencia.Unidade","v":""},null,null,"BDI 1",0,{"v":32884.21,"d":"32,884.21"},"",{"$f":"IF(OR($A40=0,$A40=\"S\",$A40>CFF!$A$9),\"\",MAX(V$12:OFFSET(V40,-1,0))+1)","v":5},false,"X",0,{"$f":"ROUND(IF(ISNUMBER(R40),R40,IF(LEFT(R40,3)=\"BDI\",HLOOKUP(R40,DADOS!$T$37:$X$38,2,FALSE),0)),15-11*$X$5)","v":{"v":0.2223,"d":"22.23%"}}]
["S",0,3,2,0,0,1,0,0,"Serviço","3.2.1.","SINAPI","87879","CHAPISCO APLICADO EM ALVENARIAS E ESTRUTURAS DE CONCRETO INTERNAS, ARGAMASSA TRAÇO 1:3","M2",428.54,3.03,"BDI 1",{"v":3.7,"d":"3.70"},{"v":1585.6,"d":"1,585.60"},"ACIMA REF.",{"$f":"IF(OR($A41=0,$A41=\"S\",$A41>CFF!$A$9),\"\",MAX(V$12:OFFSET(V41,-1,0))+1)","v":""},"SINAPI-87879",{"$error":"#REF!"},0,{"$f":"ROUND(IF(ISNUMBER(R41),R41,IF(LEFT(R41,3)=\"BDI\",HLOOKUP(R41,DADOS!$T$37:$X$38,2,FALSE),0)),15-11*$X$5)","v":{"v":0.2223,"d":"22.23%"}}]
[{"$f":"CHOOSE(1+LOG(1+2*(J42=\"Meta\")+4*(J42=\"Nível 2\")+8*(J42=\"Nível 3\")+16*(J42=\"Nível 4\")+32*(J42=\"Serviço\"),2),0,1,2,3,4,\"S\")","v":"S"},{"$f":"IF(OR(A42=\"S\",A42=0),0,IF(ISERROR(I42),H42,SMALL(H42:I42,1)))","v":0},{"$f":"IF($A42=1,OFFSET(C42,-1,0)+1,OFFSET(C42,-1,0))","v":3},{"$f":"IF($A42=1,0,IF($A42=2,OFFSET(D42,-1,0)+1,OFFSET(D42,-1,0)))","v":2},{"$f":"IF(AND($A42<=2,$A42<>0),0,IF($A42=3,OFFSET(E42,-1,0)+1,OFFSET(E42,-1,0)))","v":0},{"$f":"IF(AND($A42<=3,$A42<>0),0,IF($A42=4,OFFSET(F42,-1,0)+1,OFFSET(F42,-1,0)))","v":0},{"$f":"IF(AND($A42<=4,$A42<>0),0,IF($A42=\"S\",OFFSET(G42,-1,0)+1,OFFSET(G42,-1,0)))","v":2},0,0,"Serviço",{"$f":"IF($A42=0,\"-\",CONCATENATE(C42&\".\",IF(AND($A$5>=2,$A42>=2),D42&\".\",\"\"),IF(AND($A$5>=3,$A42>=3),E42&\".\",\"\"),IF(AND($A$5>=4,$A42>=4),F42&\".\",\"\"),IF($A42=\"S\",G42&\".\",\"\")))","v":"3.2.2."},"SINAPI","87535","EMBOÇO, EM ARGAMASSA TRAÇO 1:2:8, PREPARO MECÂNICO COM BETONEIRA 400L, APLICADO MANUALMENTE EM FACES INTERNAS DE PAREDES, PARA AMBIENTE COM ÁREA  MAIOR QUE 10M2, ESPESSURA DE 20MM, COM EXECUÇÃO DE TALISCAS. AF_06/2014","M2",428.54,22.58,"BDI 1",{"$f":"IF($A42=\"S\",IF($Q$10=\"Preço Unitário (R$)\",PO.CustoUnitario,ROUND(PO.CustoUnitario*(1+$Z42),15-13*$X$6)),0)","v":{"v":27.6,"d":"27.60"}},{"$f":"IF($A42=\"S\",VTOTAL1,IF($A42=0,0,ROUND(SomaAgrup,15-13*$X$7)))","v":{"v":11827.7,"d":"11,827.70"}},{"$f":"IF($J42=\"\",\"\",IF($N42=\"\",\"DESCRIÇÃO\",IF(AND($J42=\"Serviço\",$O42=\"\"),\"UNIDADE\",IF($T42<=0,\"SEM VALOR\",IF(AND($Y42<>\"\",$Q42>$Y42),\"ACIMA REF.\",\"\")))))","v":"ACIMA REF."},{"$f":"IF(OR($A42=0,$A42=\"S\",$A42>CFF!$A$9),\"\",MAX(V$12:OFFSET(V42,-1,0))+1)","v":""},{"$f":"IF(AND($J42=\"Serviço\",$M42<>\"\"),IF($L42=\"\",$M42,CONCATENATE($L42,\"-\",$M42)))","v":"SINAPI-87535"},{"$f":"IF(AND(Fonte<>\"\",Código<>\"\"),MATCH(Fonte&\" \"&IF(Fonte=\"sinapi\",SUBSTITUTE(SUBSTITUTE(Código,\"/00\",\"/\"),\"/0\",\"/\"),Código),INDIRECT(\"'[Referência \"&_xlnm.Database&\".xls]Banco'!$a:$a\"),0),\"X\")","v":{"$error":"#REF!"}},{"$f":"IF(Import.Desoneracao=\"sim\",Referencia.Desonerado,Referencia.NaoDesonerado)","v":0},{"$f":"ROUND(IF(ISNUMBER(R42),R42,IF(LEFT(R42,3)=\"BDI\",HLOOKUP(R42,DADOS!$T$37:$X$38,2,FALSE),0)),15-11*$X$5)","v":{"v":0.2223,"d":"22.23%"}}]
["S",0,3,2,0,0,3,0,0,"Serviço","3.2.3.","SINAPI","87273","REVESTIMENTO CERÂMICO PARA PAREDES INTERNAS COM PLACAS TIPO ESMALTADA EXTRA DE DIMENSÕES 33X45 CM NA ALTURA INTEIRA DAS PAREDES.","M2",293.06,54.36,"BDI 1",66.44,{"v":19470.91,"d":"19,470.91"},"ACIMA REF.",{"$f":"IF(OR($A43=0,$A43=\"S\",$A43>CFF!$A$9),\"\",MAX(V$12:OFFSET(V43,-1,0))+1)","v":""},"SINAPI-87273",{"$error":"#REF!"},0,{"$f":"ROUND(IF(ISNUMBER(R43),R43,IF(LEFT(R43,3)=\"BDI\",HLOOKUP(R43,DADOS!$T$37:$X$38,2,FALSE),0)),15-11*$X$5)","v":{"v":0.2223,"d":"22.23%"}}]
[2,6,3,3,0,0,0,36,6,"Nível 2","3.3.","SINAPI",null,"DIVISÓRIAS E ESQUADRIAS",{"$f":"Referencia.Unidade","v":""},null,null,"BDI 1",0,{"v":90450.05,"d":"90,450.05"},"",{"$f":"IF(OR($A44=0,$A44=\"S\",$A44>CFF!$A$9),\"\",MAX(V$12:OFFSET(V44,-1,0))+1)","v":6},false,"X",0,{"$f":"ROUND(IF(ISNUMBER(R44),R44,IF(LEFT(R44,3)=\"BDI\",HLOOKUP(R44,DADOS!$T$37:$X$38,2,FALSE),0)),15-11*$X$5)","v":{"v":0.2223,"d":"22.23%"}}]
["S",0,3,3,0,0,1,{"$f":"IF(OR($A45=\"S\",$A45=0),0,MATCH(0,OFFSET($B45,1,$A45,ROW($A$134)-ROW($A45)),0))","v":0},{"$f":"IF(OR($A45=\"S\",$A45=0),0,MATCH(OFFSET($B45,0,$A45)+1,OFFSET($B45,1,$A45,ROW($A$134)-ROW($A45)),0))","v":0},"Serviço","3.3.1.","MERCADO","-","DIVISORIA EM GRANITO, COM DUAS FACES POLIDAS, TIPO ANDORINHA/ QUARTZ/ CASTELO/ CORUMBA OU OUTROS EQUIVALENTES DA REGIAO, E=  *3,0* CM","M2    ",{"v":32.4,"d":"32.40"},552.07,"BDI 1",{"v":674.8,"d":"674.80"},{"v":21863.52,"d":"21,863.52"},"ACIMA REF.",{"$f":"IF(OR($A45=0,$A45=\"S\",$A45>CFF!$A$9),\"\",MAX(V$12:OFFSET(V45,-1,0))+1)","v":""},"MERCADO--",{"$error":"#REF!"},0,{"$f":"ROUND(IF(ISNUMBER(R45),R45,IF(LEFT(R45,3)=\"BDI\",HLOOKUP(R45,DADOS!$T$37:$X$38,2,FALSE),0)),15-11*$X$5)","v":{"v":0.2223,"d":"22.23%"}}]
["S",0,3,3,0,0,2,0,0,"Serviço","3.3.2.","SINAPI","91341","PORTA EM ALUMÍNIO DE ABRIR COM GUARNIÇÃO, FIXAÇÃO COM PARAFUSOS - FORNECIMENTO E INSTALAÇÃO. - P1","M2",12.96,465.71,"BDI 1",569.24,{"v":7377.35,"d":"7,377.35"},"ACIMA REF.",{"$f":"IF(OR($A46=0,$A46=\"S\",$A46>CFF!$A$9),\"\",MAX(V$12:OFFSET(V46,-1,0))+1)","v":""},"SINAPI-91341",{"$error":"#REF!"},0,{"$f":"ROUND(IF(ISNUMBER(R46),R46,IF(LEFT(R46,3)=\"BDI\",HLOOKUP(R46,DADOS!$T$37:$X$38,2,FALSE),0)),15-11*$X$5)","v":{"v":0.2223,"d":"22.23%"}}]
[{"$f":"CHOOSE(1+LOG(1+2*(J47=\"Meta\")+4*(J47=\"Nível 2\")+8*(J47=\"Nível 3\")+16*(J47=\"Nível 4\")+32*(J47=\"Serviço\"),2),0,1,2,3,4,\"S\")","v":"S"},{"$f":"IF(OR(A47=\"S\",A47=0),0,IF(ISERROR(I47),H47,SMALL(H47:I47,1)))","v":0},{"$f":"IF($A47=1,OFFSET(C47,-1,0)+1,OFFSET(C47,-1,0))","v":3},{"$f":"IF($A47=1,0,IF($A47=2,OFFSET(D47,-1,0)+1,OFFSET(D47,-1,0)))","v":3},{"$f":"IF(AND($A47<=2,$A47<>0),0,IF($A47=3,OFFSET(E47,-1,0)+1,OFFSET(E47,-1,0)))","v":0},{"$f":"IF(AND($A47<=3,$A47<>0),0,IF($A47=4,OFFSET(F47,-1,0)+1,OFFSET(F47,-1,0)))","v":0},{"$f":"IF(AND($A47<=4,$A47<>0),0,IF($A47=\"S\",OFFSET(G47,-1,0)+1,OFFSET(G47,-1,0)))","v":3},0,0,"Serviço",{"$f":"IF($A47=0,\"-\",CONCATENATE(C47&\".\",IF(AND($A$5>=2,$A47>=2),D47&\".\",\"\"),IF(AND($A$5>=3,$A47>=3),E47&\".\",\"\"),IF(AND($A$5>=4,$A47>=4),F47&\".\",\"\"),IF($A47=\"S\",G47&\".\",\"\")))","v":"3.3.3."},"PRÓPRIA","0005","PORTA DE AÇO CONFORME PADRÃO EXISTENTE INCLUSO FERRAGENS, PINTURA ANTICORROSIVA, REQUADRO E PINTURA ESMALTE - FORNECIMENTO E INSTALAÇÃO","M2",63.21,483.57,"BDI 1",{"$f":"IF($A47=\"S\",IF($Q$10=\"Preço Unitário (R$)\",PO.CustoUnitario,ROUND(PO.CustoUnitario*(1+$Z47),15-13*$X$6)),0)","v":591.07},{"$f":"IF($A47=\"S\",VTOTAL1,IF($A47=0,0,ROUND(SomaAgrup,15-13*$X$7)))","v":{"v":37361.53,"d":"37,361.53"}},{"$f":"IF($J47=\"\",\"\",IF($N47=\"\",\"DESCRIÇÃO\",IF(AND($J47=\"Serviço\",$O47=\"\"),\"UNIDADE\",IF($T47<=0,\"SEM VALOR\",IF(AND($Y47<>\"\",$Q47>$Y47),\"ACIMA REF.\",\"\")))))","v":"ACIMA REF."},{"$f":"IF(OR($A47=0,$A47=\"S\",$A47>CFF!$A$9),\"\",MAX(V$12:OFFSET(V47,-1,0))+1)","v":""},{"$f":"IF(AND($J47=\"Serviço\",$M47<>\"\"),IF($L47=\"\",$M47,CONCATENATE($L47,\"-\",$M47)))","v":"PRÓPRIA-0005"},{"$f":"IF(AND(Fonte<>\"\",Código<>\"\"),MATCH(Fonte&\" \"&IF(Fonte=\"sinapi\",SUBSTITUTE(SUBSTITUTE(Código,\"/00\",\"/\"),\"/0\",\"/\"),Código),INDIRECT(\"'[Referência \"&_xlnm.Database&\".xls]Banco'!$a:$a\"),0),\"X\")","v":{"$error":"#REF!"}},{"$f":"IF(Import.Desoneracao=\"sim\",Referencia.Desonerado,Referencia.NaoDesonerado)","v":0},{"$f":"ROUND(IF(ISNUMBER(R47),R47,IF(LEFT(R47,3)=\"BDI\",HLOOKUP(R47,DADOS!$T$37:$X$38,2,FALSE),0)),15-11*$X$5)","v":{"v":0.2223,"d":"22.23%"}}]
["S",0,3,3,0,0,4,0,0,"Serviço","3.3.4.","SINAPI","98689","PEITORIL EM GRANITO, LARGURA 15 CM, ESPESSURA 2,0 CM. AF_06/2018","M",{"v":17.6,"d":"17.60"},89.19,"BDI 1",109.02,{"v":1918.75,"d":"1,918.75"},"ACIMA REF.",{"$f":"IF(OR($A48=0,$A48=\"S\",$A48>CFF!$A$9),\"\",MAX(V$12:OFFSET(V48,-1,0))+1)","v":""},"SINAPI-98689",{"$error":"#REF!"},0,{"$f":"ROUND(IF(ISNUMBER(R48),R48,IF(LEFT(R48,3)=\"BDI\",HLOOKUP(R48,DADOS!$T$37:$X$38,2,FALSE),0)),15-11*$X$5)","v":{"v":0.2223,"d":"22.23%"}}]
[{"$f":"CHOOSE(1+LOG(1+2*(J49=\"Meta\")+4*(J49=\"Nível 2\")+8*(J49=\"Nível 3\")+16*(J49=\"Nível 4\")+32*(J49=\"Serviço\"),2),0,1,2,3,4,\"S\")","v":"S"},{"$f":"IF(OR(A49=\"S\",A49=0),0,IF(ISERROR(I49),H49,SMALL(H49:I49,1)))","v":0},{"$f":"IF($A49=1,OFFSET(C49,-1,0)+1,OFFSET(C49,-1,0))","v":3},{"$f":"IF($A49=1,0,IF($A49=2,OFFSET(D49,-1,0)+1,OFFSET(D49,-1,0)))","v":3},{"$f":"IF(AND($A49<=2,$A49<>0),0,IF($A49=3,OFFSET(E49,-1,0)+1,OFFSET(E49,-1,0)))","v":0},{"$f":"IF(AND($A49<=3,$A49<>0),0,IF($A49=4,OFFSET(F49,-1,0)+1,OFFSET(F49,-1,0)))","v":0},{"$f":"IF(AND($A49<=4,$A49<>0),0,IF($A49=\"S\",OFFSET(G49,-1,0)+1,OFFSET(G49,-1,0)))","v":5},0,0,"Serviço",{"$f":"IF($A49=0,\"-\",CONCATENATE(C49&\".\",IF(AND($A$5>=2,$A49>=2),D49&\".\",\"\"),IF(AND($A$5>=3,$A49>=3),E49&\".\",\"\"),IF(AND($A$5>=4,$A49>=4),F49&\".\",\"\"),IF($A49=\"S\",G49&\".\",\"\")))","v":"3.3.5."},"PRÓPRIA","0002","JANELA DE AÇO TIPO BASCULANTE COM BATENTE, FERRAGENS E PINTURA ANTICORROSIVA. INCLUSIVE VIDROS, REQUADRO E PINTURA ESMALTE - FORNECIMENTO E INSTALAÇÃO","M2",{"v":26.4,"d":"26.40"},679.57,"BDI 1",{"$f":"IF($A49=\"S\",IF($Q$10=\"Preço Unitário (R$)\",PO.CustoUnitario,ROUND(PO.CustoUnitario*(1+$Z49),15-13*$X$6)),0)","v":830.64},{"$f":"IF($A49=\"S\",VTOTAL1,IF($A49=0,0,ROUND(SomaAgrup,15-13*$X$7)))","v":{"v":21928.9,"d":"21,928.90"}},{"$f":"IF($J49=\"\",\"\",IF($N49=\"\",\"DESCRIÇÃO\",IF(AND($J49=\"Serviço\",$O49=\"\"),\"UNIDADE\",IF($T49<=0,\"SEM VALOR\",IF(AND($Y49<>\"\",$Q49>$Y49),\"ACIMA REF.\",\"\")))))","v":"ACIMA REF."},{"$f":"IF(OR($A49=0,$A49=\"S\",$A49>CFF!$A$9),\"\",MAX(V$12:OFFSET(V49,-1,0))+1)","v":""},{"$f":"IF(AND($J49=\"Serviço\",$M49<>\"\"),IF($L49=\"\",$M49,CONCATENATE($L49,\"-\",$M49)))","v":"PRÓPRIA-0002"},{"$f":"IF(AND(Fonte<>\"\",Código<>\"\"),MATCH(Fonte&\" \"&IF(Fonte=\"sinapi\",SUBSTITUTE(SUBSTITUTE(Código,\"/00\",\"/\"),\"/0\",\"/\"),Código),INDIRECT(\"'[Referência \"&_xlnm.Database&\".xls]Banco'!$a:$a\"),0),\"X\")","v":{"$error":"#REF!"}},{"$f":"IF(Import.Desoneracao=\"sim\",Referencia.Desonerado,Referencia.NaoDesonerado)","v":0},{"$f":"ROUND(IF(ISNUMBER(R49),R49,IF(LEFT(R49,3)=\"BDI\",HLOOKUP(R49,DADOS!$T$37:$X$38,2,FALSE),0)),15-11*$X$5)","v":{"v":0.2223,"d":"22.23%"}}]
[2,14,3,4,0,0,0,30,14,"Nível 2","3.4.","SINAPI",null,"EQUIPAMENTO SANITÁRIO",{"$f":"Referencia.Unidade","v":""},null,null,"BDI 1",0,{"v":10251.94,"d":"10,251.94"},"",{"$f":"IF(OR($A50=0,$A50=\"S\",$A50>CFF!$A$9),\"\",MAX(V$12:OFFSET(V50,-1,0))+1)","v":7},false,"X",0,{"$f":"ROUND(IF(ISNUMBER(R50),R50,IF(LEFT(R50,3)=\"BDI\",HLOOKUP(R50,DADOS!$T$37:$X$38,2,FALSE),0)),15-11*$X$5)","v":{"v":0.2223,"d":"22.23%"}}]
["S",0,3,4,0,0,1,0,0,"Serviço","3.4.1.","SINAPI","86931","VASO SANITÁRIO SIFONADO COM CAIXA ACOPLADA LOUÇA BRANCA, INCLUSO ENGATE FLEXÍVEL EM PLÁSTICO BRANCO, 1/2  X 40CM - FORNECIMENTO E INSTALAÇÃO.","UN",{"v":6,"d":"6.00"},394.68,"BDI 1",482.42,{"v":2894.52,"d":"2,894.52"},"ACIMA REF.",{"$f":"IF(OR($A51=0,$A51=\"S\",$A51>CFF!$A$9),\"\",MAX(V$12:OFFSET(V51,-1,0))+1)","v":""},"SINAPI-86931",{"$error":"#REF!"},0,{"$f":"ROUND(IF(ISNUMBER(R51),R51,IF(LEFT(R51,3)=\"BDI\",HLOOKUP(R51,DADOS!$T$37:$X$38,2,FALSE),0)),15-11*$X$5)","v":{"v":0.2223,"d":"22.23%"}}]
["S",0,3,4,0,0,2,0,0,"Serviço","3.4.2.","SINAPI","95472","VASO SANITARIO SIFONADO CONVENCIONAL PARA PCD SEM FURO FRONTAL COM LOUÇA BRANCA SEM ASSENTO, INCLUSO CONJUNTO DE LIGAÇÃO PARA BACIA SANITÁRIA AJUSTÁVEL - FORNECIMENTO E INSTALAÇÃO","UN",{"v":1,"d":"1.00"},686.62,"BDI 1",839.26,839.26,"ACIMA REF.",{"$f":"IF(OR($A52=0,$A52=\"S\",$A52>CFF!$A$9),\"\",MAX(V$12:OFFSET(V52,-1,0))+1)","v":""},"SINAPI-95472",{"$error":"#REF!"},0,{"$f":"ROUND(IF(ISNUMBER(R52),R52,IF(LEFT(R52,3)=\"BDI\",HLOOKUP(R52,DADOS!$T$37:$X$38,2,FALSE),0)),15-11*$X$5)","v":{"v":0.2223,"d":"22.23%"}}]
["S",0,3,4,0,0,3,0,0,"Serviço","3.4.3.","SINAPI","100860","CHUVEIRO ELÉTRICO COMUM CORPO PLÁSTICO, TIPO DUCHA – FORNECIMENTO E INSTALAÇÃO","UN",{"v":7,"d":"7.00"},66.12,"BDI 1",80.82,565.74,"ACIMA REF.",{"$f":"IF(OR($A53=0,$A53=\"S\",$A53>CFF!$A$9),\"\",MAX(V$12:OFFSET(V53,-1,0))+1)","v":""},"SINAPI-100860",{"$error":"#REF!"},0,{"$f":"ROUND(IF(ISNUMBER(R53),R53,IF(LEFT(R53,3)=\"BDI\",HLOOKUP(R53,DADOS!$T$37:$X$38,2,FALSE),0)),15-11*$X$5)","v":{"v":0.2223,"d":"22.23%"}}]
["S",0,3,4,0,0,4,0,0,"Serviço","3.4.4.","SINAPI","93396","BANCADA GRANITO CINZA,  50 X 60 CM, INCL. CUBA DE EMBUTIR OVAL LOUÇA BRANCA 35 X 50 CM, VÁLVULA METAL CROMADO, SIFÃO FLEXÍVEL PVC, ENGATE 30 CM FLEXÍVEL PLÁSTICO E TORNEIRA CROMADA DE MESA, PADRÃO POPULAR - FORNEC. E INSTALAÇÃO","UN",{"v":3,"d":"3.00"},516.32,"BDI 1",{"v":631.1,"d":"631.10"},{"v":1893.3,"d":"1,893.30"},"ACIMA REF.",{"$f":"IF(OR($A54=0,$A54=\"S\",$A54>CFF!$A$9),\"\",MAX(V$12:OFFSET(V54,-1,0))+1)","v":""},"SINAPI-93396",{"$error":"#REF!"},0,{"$f":"ROUND(IF(ISNUMBER(R54),R54,IF(LEFT(R54,3)=\"BDI\",HLOOKUP(R54,DADOS!$T$37:$X$38,2,FALSE),0)),15-11*$X$5)","v":{"v":0.2223,"d":"22.23%"}}]
["S",0,3,4,0,0,5,0,0,"Serviço","3.4.5.","SINAPI","86942","LAVATÓRIO LOUÇA BRANCA SUSPENSO, 29,5 X 39CM OU EQUIVALENTE, PADRÃO POPULAR, INCLUSO SIFÃO TIPO GARRAFA EM PVC, VÁLVULA E ENGATE FLEXÍVEL 30CM EM PLÁSTICO E TORNEIRA CROMADA DE MESA, PADRÃO POPULAR - FORNECIMENTO E INSTALAÇÃO","UN",{"v":3,"d":"3.00"},200.59,"BDI 1",245.18,735.54,"ACIMA REF.",{"$f":"IF(OR($A55=0,$A55=\"S\",$A55>CFF!$A$9),\"\",MAX(V$12:OFFSET(V55,-1,0))+1)","v":""},"SINAPI-86942",{"$error":"#REF!"},0,{"$f":"ROUND(IF(ISNUMBER(R55),R55,IF(LEFT(R55,3)=\"BDI\",HLOOKUP(R55,DADOS!$T$37:$X$38,2,FALSE),0)),15-11*$X$5)","v":{"v":0.2223,"d":"22.23%"}}]
["S",0,3,4,0,0,6,0,0,"Serviço","3.4.6.","SINAPI","100865","BARRA DE APOIO LATERAL ARTICULADA, COM TRAVA, EM ACO INOX POLIDO, FIXADA NA PAREDE - FORNECIMENTO E INSTALAÇÃO. AF_01/2020","UN",{"v":1,"d":"1.00"},556.51,"BDI 1",680.22,680.22,"ACIMA REF.",{"$f":"IF(OR($A56=0,$A56=\"S\",$A56>CFF!$A$9),\"\",MAX(V$12:OFFSET(V56,-1,0))+1)","v":""},"SINAPI-100865",{"$error":"#REF!"},0,{"$f":"ROUND(IF(ISNUMBER(R56),R56,IF(LEFT(R56,3)=\"BDI\",HLOOKUP(R56,DADOS!$T$37:$X$38,2,FALSE),0)),15-11*$X$5)","v":{"v":0.2223,"d":"22.23%"}}]
["S",0,3,4,0,0,7,0,0,"Serviço","3.4.7.","SINAPI","100868","BARRA DE APOIO RETA, EM ACO INOX POLIDO, COMPRIMENTO 80 CM,  FIXADA NA PAREDE - FORNECIMENTO E INSTALAÇÃO. AF_01/2020","UN",{"v":1,"d":"1.00"},291.96,"BDI 1",356.86,356.86,"ACIMA REF.",{"$f":"IF(OR($A57=0,$A57=\"S\",$A57>CFF!$A$9),\"\",MAX(V$12:OFFSET(V57,-1,0))+1)","v":""},"SINAPI-100868",{"$error":"#REF!"},0,{"$f":"ROUND(IF(ISNUMBER(R57),R57,IF(LEFT(R57,3)=\"BDI\",HLOOKUP(R57,DADOS!$T$37:$X$38,2,FALSE),0)),15-11*$X$5)","v":{"v":0.2223,"d":"22.23%"}}]
["S",0,3,4,0,0,8,0,0,"Serviço","3.4.8.","SINAPI","100866","BARRA DE APOIO RETA, EM ACO INOX POLIDO, COMPRIMENTO 60CM, FIXADA NA PAREDE - FORNECIMENTO E INSTALAÇÃO. AF_01/2020","UN",{"v":1,"d":"1.00"},259.14,"BDI 1",316.75,316.75,"ACIMA REF.",{"$f":"IF(OR($A58=0,$A58=\"S\",$A58>CFF!$A$9),\"\",MAX(V$12:OFFSET(V58,-1,0))+1)","v":""},"SINAPI-100866",{"$error":"#REF!"},0,{"$f":"ROUND(IF(ISNUMBER(R58),R58,IF(LEFT(R58,3)=\"BDI\",HLOOKUP(R58,DADOS!$T$37:$X$38,2,FALSE),0)),15-11*$X$5)","v":{"v":0.2223,"d":"22.23%"}}]
[{"$f":"CHOOSE(1+LOG(1+2*(J59=\"Meta\")+4*(J59=\"Nível 2\")+8*(J59=\"Nível 3\")+16*(J59=\"Nível 4\")+32*(J59=\"Serviço\"),2),0,1,2,3,4,\"S\")","v":"S"},{"$f":"IF(OR(A59=\"S\",A59=0),0,IF(ISERROR(I59),H59,SMALL(H59:I59,1)))","v":0},{"$f":"IF($A59=1,OFFSET(C59,-1,0)+1,OFFSET(C59,-1,0))","v":3},{"$f":"IF($A59=1,0,IF($A59=2,OFFSET(D59,-1,0)+1,OFFSET(D59,-1,0)))","v":4},{"$f":"IF(AND($A59<=2,$A59<>0),0,IF($A59=3,OFFSET(E59,-1,0)+1,OFFSET(E59,-1,0)))","v":0},{"$f":"IF(AND($A59<=3,$A59<>0),0,IF($A59=4,OFFSET(F59,-1,0)+1,OFFSET(F59,-1,0)))","v":0},{"$f":"IF(AND($A59<=4,$A59<>0),0,IF($A59=\"S\",OFFSET(G59,-1,0)+1,OFFSET(G59,-1,0)))","v":9},0,0,"Serviço",{"$f":"IF($A59=0,\"-\",CONCATENATE(C59&\".\",IF(AND($A$5>=2,$A59>=2),D59&\".\",\"\"),IF(AND($A$5>=3,$A59>=3),E59&\".\",\"\"),IF(AND($A$5>=4,$A59>=4),F59&\".\",\"\"),IF($A59=\"S\",G59&\".\",\"\")))","v":"3.4.9."},"SINAPI-I","377","ASSENTO SANITARIO DE PLASTICO, TIPO CONVENCIONAL","UN    ",{"v":7,"d":"7.00"},{"v":25.9,"d":"25.90"},"BDI 1",{"$f":"IF($A59=\"S\",IF($Q$10=\"Preço Unitário (R$)\",PO.CustoUnitario,ROUND(PO.CustoUnitario*(1+$Z59),15-13*$X$6)),0)","v":31.66},{"$f":"IF($A59=\"S\",VTOTAL1,IF($A59=0,0,ROUND(SomaAgrup,15-13*$X$7)))","v":221.62},{"$f":"IF($J59=\"\",\"\",IF($N59=\"\",\"DESCRIÇÃO\",IF(AND($J59=\"Serviço\",$O59=\"\"),\"UNIDADE\",IF($T59<=0,\"SEM VALOR\",IF(AND($Y59<>\"\",$Q59>$Y59),\"ACIMA REF.\",\"\")))))","v":"ACIMA REF."},{"$f":"IF(OR($A59=0,$A59=\"S\",$A59>CFF!$A$9),\"\",MAX(V$12:OFFSET(V59,-1,0))+1)","v":""},{"$f":"IF(AND($J59=\"Serviço\",$M59<>\"\"),IF($L59=\"\",$M59,CONCATENATE($L59,\"-\",$M59)))","v":"SINAPI-I-377"},{"$f":"IF(AND(Fonte<>\"\",Código<>\"\"),MATCH(Fonte&\" \"&IF(Fonte=\"sinapi\",SUBSTITUTE(SUBSTITUTE(Código,\"/00\",\"/\"),\"/0\",\"/\"),Código),INDIRECT(\"'[Referência \"&_xlnm.Database&\".xls]Banco'!$a:$a\"),0),\"X\")","v":{"$error":"#REF!"}},{"$f":"IF(Import.Desoneracao=\"sim\",Referencia.Desonerado,Referencia.NaoDesonerado)","v":0},{"$f":"ROUND(IF(ISNUMBER(R59),R59,IF(LEFT(R59,3)=\"BDI\",HLOOKUP(R59,DADOS!$T$37:$X$38,2,FALSE),0)),15-11*$X$5)","v":{"v":0.2223,"d":"22.23%"}}]
[{"$f":"CHOOSE(1+LOG(1+2*(J60=\"Meta\")+4*(J60=\"Nível 2\")+8*(J60=\"Nível 3\")+16*(J60=\"Nível 4\")+32*(J60=\"Serviço\"),2),0,1,2,3,4,\"S\")","v":"S"},{"$f":"IF(OR(A60=\"S\",A60=0),0,IF(ISERROR(I60),H60,SMALL(H60:I60,1)))","v":0},{"$f":"IF($A60=1,OFFSET(C60,-1,0)+1,OFFSET(C60,-1,0))","v":3},{"$f":"IF($A60=1,0,IF($A60=2,OFFSET(D60,-1,0)+1,OFFSET(D60,-1,0)))","v":4},{"$f":"IF(AND($A60<=2,$A60<>0),0,IF($A60=3,OFFSET(E60,-1,0)+1,OFFSET(E60,-1,0)))","v":0},{"$f":"IF(AND($A60<=3,$A60<>0),0,IF($A60=4,OFFSET(F60,-1,0)+1,OFFSET(F60,-1,0)))","v":0},{"$f":"IF(AND($A60<=4,$A60<>0),0,IF($A60=\"S\",OFFSET(G60,-1,0)+1,OFFSET(G60,-1,0)))","v":10},0,0,"Serviço",{"$f":"IF($A60=0,\"-\",CONCATENATE(C60&\".\",IF(AND($A$5>=2,$A60>=2),D60&\".\",\"\"),IF(AND($A$5>=3,$A60>=3),E60&\".\",\"\"),IF(AND($A$5>=4,$A60>=4),F60&\".\",\"\"),IF($A60=\"S\",G60&\".\",\"\")))","v":"3.4.10."},"SINAPI","95547","SABONETEIRA PLASTICA TIPO DISPENSER PARA SABONETE LIQUIDO COM RESERVATORIO 800 A 1500 ML, INCLUSO FIXAÇÃO. AF_01/2020","UN",{"v":6,"d":"6.00"},44.33,"BDI 1",{"$f":"IF($A60=\"S\",IF($Q$10=\"Preço Unitário (R$)\",PO.CustoUnitario,ROUND(PO.CustoUnitario*(1+$Z60),15-13*$X$6)),0)","v":54.18},{"$f":"IF($A60=\"S\",VTOTAL1,IF($A60=0,0,ROUND(SomaAgrup,15-13*$X$7)))","v":325.08},{"$f":"IF($J60=\"\",\"\",IF($N60=\"\",\"DESCRIÇÃO\",IF(AND($J60=\"Serviço\",$O60=\"\"),\"UNIDADE\",IF($T60<=0,\"SEM VALOR\",IF(AND($Y60<>\"\",$Q60>$Y60),\"ACIMA REF.\",\"\")))))","v":"ACIMA REF."},{"$f":"IF(OR($A60=0,$A60=\"S\",$A60>CFF!$A$9),\"\",MAX(V$12:OFFSET(V60,-1,0))+1)","v":""},{"$f":"IF(AND($J60=\"Serviço\",$M60<>\"\"),IF($L60=\"\",$M60,CONCATENATE($L60,\"-\",$M60)))","v":"SINAPI-95547"},{"$f":"IF(AND(Fonte<>\"\",Código<>\"\"),MATCH(Fonte&\" \"&IF(Fonte=\"sinapi\",SUBSTITUTE(SUBSTITUTE(Código,\"/00\",\"/\"),\"/0\",\"/\"),Código),INDIRECT(\"'[Referência \"&_xlnm.Database&\".xls]Banco'!$a:$a\"),0),\"X\")","v":{"$error":"#REF!"}},{"$f":"IF(Import.Desoneracao=\"sim\",Referencia.Desonerado,Referencia.NaoDesonerado)","v":0},{"$f":"ROUND(IF(ISNUMBER(R60),R60,IF(LEFT(R60,3)=\"BDI\",HLOOKUP(R60,DADOS!$T$37:$X$38,2,FALSE),0)),15-11*$X$5)","v":{"v":0.2223,"d":"22.23%"}}]
[{"$f":"CHOOSE(1+LOG(1+2*(J61=\"Meta\")+4*(J61=\"Nível 2\")+8*(J61=\"Nível 3\")+16*(J61=\"Nível 4\")+32*(J61=\"Serviço\"),2),0,1,2,3,4,\"S\")","v":"S"},{"$f":"IF(OR(A61=\"S\",A61=0),0,IF(ISERROR(I61),H61,SMALL(H61:I61,1)))","v":0},{"$f":"IF($A61=1,OFFSET(C61,-1,0)+1,OFFSET(C61,-1,0))","v":3},{"$f":"IF($A61=1,0,IF($A61=2,OFFSET(D61,-1,0)+1,OFFSET(D61,-1,0)))","v":4},{"$f":"IF(AND($A61<=2,$A61<>0),0,IF($A61=3,OFFSET(E61,-1,0)+1,OFFSET(E61,-1,0)))","v":0},{"$f":"IF(AND($A61<=3,$A61<>0),0,IF($A61=4,OFFSET(F61,-1,0)+1,OFFSET(F61,-1,0)))","v":0},{"$f":"IF(AND($A61<=4,$A61<>0),0,IF($A61=\"S\",OFFSET(G61,-1,0)+1,OFFSET(G61,-1,0)))","v":11},0,0,"Serviço",{"$f":"IF($A61=0,\"-\",CONCATENATE(C61&\".\",IF(AND($A$5>=2,$A61>=2),D61&\".\",\"\"),IF(AND($A$5>=3,$A61>=3),E61&\".\",\"\"),IF(AND($A$5>=4,$A61>=4),F61&\".\",\"\"),IF($A61=\"S\",G61&\".\",\"\")))","v":"3.4.11."},"SINAPI-I","37401","TOALHEIRO PLASTICO TIPO DISPENSER PARA PAPEL TOALHA INTERFOLHADO","UN    ",{"v":6,"d":"6.00"},37.95,"BDI 1",{"$f":"IF($A61=\"S\",IF($Q$10=\"Preço Unitário (R$)\",PO.CustoUnitario,ROUND(PO.CustoUnitario*(1+$Z61),15-13*$X$6)),0)","v":46.39},{"$f":"IF($A61=\"S\",VTOTAL1,IF($A61=0,0,ROUND(SomaAgrup,15-13*$X$7)))","v":278.34},{"$f":"IF($J61=\"\",\"\",IF($N61=\"\",\"DESCRIÇÃO\",IF(AND($J61=\"Serviço\",$O61=\"\"),\"UNIDADE\",IF($T61<=0,\"SEM VALOR\",IF(AND($Y61<>\"\",$Q61>$Y61),\"ACIMA REF.\",\"\")))))","v":"ACIMA REF."},{"$f":"IF(OR($A61=0,$A61=\"S\",$A61>CFF!$A$9),\"\",MAX(V$12:OFFSET(V61,-1,0))+1)","v":""},{"$f":"IF(AND($J61=\"Serviço\",$M61<>\"\"),IF($L61=\"\",$M61,CONCATENATE($L61,\"-\",$M61)))","v":"SINAPI-I-37401"},{"$f":"IF(AND(Fonte<>\"\",Código<>\"\"),MATCH(Fonte&\" \"&IF(Fonte=\"sinapi\",SUBSTITUTE(SUBSTITUTE(Código,\"/00\",\"/\"),\"/0\",\"/\"),Código),INDIRECT(\"'[Referência \"&_xlnm.Database&\".xls]Banco'!$a:$a\"),0),\"X\")","v":{"$error":"#REF!"}},{"$f":"IF(Import.Desoneracao=\"sim\",Referencia.Desonerado,Referencia.NaoDesonerado)","v":0},{"$f":"ROUND(IF(ISNUMBER(R61),R61,IF(LEFT(R61,3)=\"BDI\",HLOOKUP(R61,DADOS!$T$37:$X$38,2,FALSE),0)),15-11*$X$5)","v":{"v":0.2223,"d":"22.23%"}}]
[{"$f":"CHOOSE(1+LOG(1+2*(J62=\"Meta\")+4*(J62=\"Nível 2\")+8*(J62=\"Nível 3\")+16*(J62=\"Nível 4\")+32*(J62=\"Serviço\"),2),0,1,2,3,4,\"S\")","v":"S"},{"$f":"IF(OR(A62=\"S\",A62=0),0,IF(ISERROR(I62),H62,SMALL(H62:I62,1)))","v":0},{"$f":"IF($A62=1,OFFSET(C62,-1,0)+1,OFFSET(C62,-1,0))","v":3},{"$f":"IF($A62=1,0,IF($A62=2,OFFSET(D62,-1,0)+1,OFFSET(D62,-1,0)))","v":4},{"$f":"IF(AND($A62<=2,$A62<>0),0,IF($A62=3,OFFSET(E62,-1,0)+1,OFFSET(E62,-1,0)))","v":0},{"$f":"IF(AND($A62<=3,$A62<>0),0,IF($A62=4,OFFSET(F62,-1,0)+1,OFFSET(F62,-1,0)))","v":0},{"$f":"IF(AND($A62<=4,$A62<>0),0,IF($A62=\"S\",OFFSET(G62,-1,0)+1,OFFSET(G62,-1,0)))","v":12},0,0,"Serviço",{"$f":"IF($A62=0,\"-\",CONCATENATE(C62&\".\",IF(AND($A$5>=2,$A62>=2),D62&\".\",\"\"),IF(AND($A$5>=3,$A62>=3),E62&\".\",\"\"),IF(AND($A$5>=4,$A62>=4),F62&\".\",\"\"),IF($A62=\"S\",G62&\".\",\"\")))","v":"3.4.12."},"SINAPI","95545","SABONETEIRA DE PAREDE EM METAL CROMADO, INCLUSO FIXAÇÃO. AF_01/2020","UN",{"v":7,"d":"7.00"},57.49,"BDI 1",{"$f":"IF($A62=\"S\",IF($Q$10=\"Preço Unitário (R$)\",PO.CustoUnitario,ROUND(PO.CustoUnitario*(1+$Z62),15-13*$X$6)),0)","v":70.27},{"$f":"IF($A62=\"S\",VTOTAL1,IF($A62=0,0,ROUND(SomaAgrup,15-13*$X$7)))","v":491.89},{"$f":"IF($J62=\"\",\"\",IF($N62=\"\",\"DESCRIÇÃO\",IF(AND($J62=\"Serviço\",$O62=\"\"),\"UNIDADE\",IF($T62<=0,\"SEM VALOR\",IF(AND($Y62<>\"\",$Q62>$Y62),\"ACIMA REF.\",\"\")))))","v":"ACIMA REF."},{"$f":"IF(OR($A62=0,$A62=\"S\",$A62>CFF!$A$9),\"\",MAX(V$12:OFFSET(V62,-1,0))+1)","v":""},{"$f":"IF(AND($J62=\"Serviço\",$M62<>\"\"),IF($L62=\"\",$M62,CONCATENATE($L62,\"-\",$M62)))","v":"SINAPI-95545"},{"$f":"IF(AND(Fonte<>\"\",Código<>\"\"),MATCH(Fonte&\" \"&IF(Fonte=\"sinapi\",SUBSTITUTE(SUBSTITUTE(Código,\"/00\",\"/\"),\"/0\",\"/\"),Código),INDIRECT(\"'[Referência \"&_xlnm.Database&\".xls]Banco'!$a:$a\"),0),\"X\")","v":{"$error":"#REF!"}},{"$f":"IF(Import.Desoneracao=\"sim\",Referencia.Desonerado,Referencia.NaoDesonerado)","v":0},{"$f":"ROUND(IF(ISNUMBER(R62),R62,IF(LEFT(R62,3)=\"BDI\",HLOOKUP(R62,DADOS!$T$37:$X$38,2,FALSE),0)),15-11*$X$5)","v":{"v":0.2223,"d":"22.23%"}}]
["S",0,3,4,0,0,13,0,0,"Serviço","3.4.13.","SINAPI","95543","PORTA TOALHA BANHO EM METAL CROMADO, TIPO BARRA, INCLUSO FIXAÇÃO. AF_01/2020","UN",{"v":7,"d":"7.00"},{"v":76.3,"d":"76.30"},"BDI 1",{"$f":"IF($A63=\"S\",IF($Q$10=\"Preço Unitário (R$)\",PO.CustoUnitario,ROUND(PO.CustoUnitario*(1+$Z63),15-13*$X$6)),0)","v":93.26},{"$f":"IF($A63=\"S\",VTOTAL1,IF($A63=0,0,ROUND(SomaAgrup,15-13*$X$7)))","v":652.82},"ACIMA REF.",{"$f":"IF(OR($A63=0,$A63=\"S\",$A63>CFF!$A$9),\"\",MAX(V$12:OFFSET(V63,-1,0))+1)","v":""},"SINAPI-95543",{"$f":"IF(AND(Fonte<>\"\",Código<>\"\"),MATCH(Fonte&\" \"&IF(Fonte=\"sinapi\",SUBSTITUTE(SUBSTITUTE(Código,\"/00\",\"/\"),\"/0\",\"/\"),Código),INDIRECT(\"'[Referência \"&_xlnm.Database&\".xls]Banco'!$a:$a\"),0),\"X\")","v":{"$error":"#REF!"}},{"$f":"IF(Import.Desoneracao=\"sim\",Referencia.Desonerado,Referencia.NaoDesonerado)","v":0},{"$f":"ROUND(IF(ISNUMBER(R63),R63,IF(LEFT(R63,3)=\"BDI\",HLOOKUP(R63,DADOS!$T$37:$X$38,2,FALSE),0)),15-11*$X$5)","v":{"v":0.2223,"d":"22.23%"}}]
[2,16,3,5,0,0,0,16,{"$error":"#N/A"},"Nível 2","3.5.","SINAPI",null,"INSTALAÇÕES DE ÁGUA FRIA E ESGOTO SANITÁRIO",{"$f":"Referencia.Unidade","v":""},null,null,"BDI 1",0,{"v":47810.09,"d":"47,810.09"},"",{"$f":"IF(OR($A64=0,$A64=\"S\",$A64>CFF!$A$9),\"\",MAX(V$12:OFFSET(V64,-1,0))+1)","v":8},false,"X",0,{"$f":"ROUND(IF(ISNUMBER(R64),R64,IF(LEFT(R64,3)=\"BDI\",HLOOKUP(R64,DADOS!$T$37:$X$38,2,FALSE),0)),15-11*$X$5)","v":{"v":0.2223,"d":"22.23%"}}]
[{"$f":"CHOOSE(1+LOG(1+2*(J65=\"Meta\")+4*(J65=\"Nível 2\")+8*(J65=\"Nível 3\")+16*(J65=\"Nível 4\")+32*(J65=\"Serviço\"),2),0,1,2,3,4,\"S\")","v":"S"},{"$f":"IF(OR(A65=\"S\",A65=0),0,IF(ISERROR(I65),H65,SMALL(H65:I65,1)))","v":0},{"$f":"IF($A65=1,OFFSET(C65,-1,0)+1,OFFSET(C65,-1,0))","v":3},{"$f":"IF($A65=1,0,IF($A65=2,OFFSET(D65,-1,0)+1,OFFSET(D65,-1,0)))","v":5},{"$f":"IF(AND($A65<=2,$A65<>0),0,IF($A65=3,OFFSET(E65,-1,0)+1,OFFSET(E65,-1,0)))","v":0},{"$f":"IF(AND($A65<=3,$A65<>0),0,IF($A65=4,OFFSET(F65,-1,0)+1,OFFSET(F65,-1,0)))","v":0},{"$f":"IF(AND($A65<=4,$A65<>0),0,IF($A65=\"S\",OFFSET(G65,-1,0)+1,OFFSET(G65,-1,0)))","v":1},0,0,"Serviço",{"$f":"IF($A65=0,\"-\",CONCATENATE(C65&\".\",IF(AND($A$5>=2,$A65>=2),D65&\".\",\"\"),IF(AND($A$5>=3,$A65>=3),E65&\".\",\"\"),IF(AND($A$5>=4,$A65>=4),F65&\".\",\"\"),IF($A65=\"S\",G65&\".\",\"\")))","v":"3.5.1."},"PRÓPRIA","0003","INSTALAÇÃO DE CAIXA D'AGUA","UN",{"v":4,"d":"4.00"},411.99,"BDI 1",{"$f":"IF($A65=\"S\",IF($Q$10=\"Preço Unitário (R$)\",PO.CustoUnitario,ROUND(PO.CustoUnitario*(1+$Z65),15-13*$X$6)),0)","v":503.58},{"$f":"IF($A65=\"S\",VTOTAL1,IF($A65=0,0,ROUND(SomaAgrup,15-13*$X$7)))","v":{"v":2014.32,"d":"2,014.32"}},{"$f":"IF($J65=\"\",\"\",IF($N65=\"\",\"DESCRIÇÃO\",IF(AND($J65=\"Serviço\",$O65=\"\"),\"UNIDADE\",IF($T65<=0,\"SEM VALOR\",IF(AND($Y65<>\"\",$Q65>$Y65),\"ACIMA REF.\",\"\")))))","v":"ACIMA REF."},{"$f":"IF(OR($A65=0,$A65=\"S\",$A65>CFF!$A$9),\"\",MAX(V$12:OFFSET(V65,-1,0))+1)","v":""},{"$f":"IF(AND($J65=\"Serviço\",$M65<>\"\"),IF($L65=\"\",$M65,CONCATENATE($L65,\"-\",$M65)))","v":"PRÓPRIA-0003"},{"$f":"IF(AND(Fonte<>\"\",Código<>\"\"),MATCH(Fonte&\" \"&IF(Fonte=\"sinapi\",SUBSTITUTE(SUBSTITUTE(Código,\"/00\",\"/\"),\"/0\",\"/\"),Código),INDIRECT(\"'[Referência \"&_xlnm.Database&\".xls]Banco'!$a:$a\"),0),\"X\")","v":{"$error":"#REF!"}},{"$f":"IF(Import.Desoneracao=\"sim\",Referencia.Desonerado,Referencia.NaoDesonerado)","v":0},{"$f":"ROUND(IF(ISNUMBER(R65),R65,IF(LEFT(R65,3)=\"BDI\",HLOOKUP(R65,DADOS!$T$37:$X$38,2,FALSE),0)),15-11*$X$5)","v":{"v":0.2223,"d":"22.23%"}}]
[{"$f":"CHOOSE(1+LOG(1+2*(J66=\"Meta\")+4*(J66=\"Nível 2\")+8*(J66=\"Nível 3\")+16*(J66=\"Nível 4\")+32*(J66=\"Serviço\"),2),0,1,2,3,4,\"S\")","v":"S"},{"$f":"IF(OR(A66=\"S\",A66=0),0,IF(ISERROR(I66),H66,SMALL(H66:I66,1)))","v":0},{"$f":"IF($A66=1,OFFSET(C66,-1,0)+1,OFFSET(C66,-1,0))","v":3},{"$f":"IF($A66=1,0,IF($A66=2,OFFSET(D66,-1,0)+1,OFFSET(D66,-1,0)))","v":5},{"$f":"IF(AND($A66<=2,$A66<>0),0,IF($A66=3,OFFSET(E66,-1,0)+1,OFFSET(E66,-1,0)))","v":0},{"$f":"IF(AND($A66<=3,$A66<>0),0,IF($A66=4,OFFSET(F66,-1,0)+1,OFFSET(F66,-1,0)))","v":0},{"$f":"IF(AND($A66<=4,$A66<>0),0,IF($A66=\"S\",OFFSET(G66,-1,0)+1,OFFSET(G66,-1,0)))","v":2},0,0,"Serviço",{"$f":"IF($A66=0,\"-\",CONCATENATE(C66&\".\",IF(AND($A$5>=2,$A66>=2),D66&\".\",\"\"),IF(AND($A$5>=3,$A66>=3),E66&\".\",\"\"),IF(AND($A$5>=4,$A66>=4),F66&\".\",\"\"),IF($A66=\"S\",G66&\".\",\"\")))","v":"3.5.2."},"SINAPI","83650","BOMBA RECALQUE D'AGUA PREDIO 3 A 5 PAVTOS - 2UD","UN",{"v":2,"d":"2.00"},{"v":4213.74,"d":"4,213.74"},"BDI 1",{"$f":"IF($A66=\"S\",IF($Q$10=\"Preço Unitário (R$)\",PO.CustoUnitario,ROUND(PO.CustoUnitario*(1+$Z66),15-13*$X$6)),0)","v":{"v":5150.45,"d":"5,150.45"}},{"$f":"IF($A66=\"S\",VTOTAL1,IF($A66=0,0,ROUND(SomaAgrup,15-13*$X$7)))","v":{"v":10300.9,"d":"10,300.90"}},{"$f":"IF($J66=\"\",\"\",IF($N66=\"\",\"DESCRIÇÃO\",IF(AND($J66=\"Serviço\",$O66=\"\"),\"UNIDADE\",IF($T66<=0,\"SEM VALOR\",IF(AND($Y66<>\"\",$Q66>$Y66),\"ACIMA REF.\",\"\")))))","v":"ACIMA REF."},{"$f":"IF(OR($A66=0,$A66=\"S\",$A66>CFF!$A$9),\"\",MAX(V$12:OFFSET(V66,-1,0))+1)","v":""},{"$f":"IF(AND($J66=\"Serviço\",$M66<>\"\"),IF($L66=\"\",$M66,CONCATENATE($L66,\"-\",$M66)))","v":"SINAPI-83650"},{"$f":"IF(AND(Fonte<>\"\",Código<>\"\"),MATCH(Fonte&\" \"&IF(Fonte=\"sinapi\",SUBSTITUTE(SUBSTITUTE(Código,\"/00\",\"/\"),\"/0\",\"/\"),Código),INDIRECT(\"'[Referência \"&_xlnm.Database&\".xls]Banco'!$a:$a\"),0),\"X\")","v":{"$error":"#REF!"}},{"$f":"IF(Import.Desoneracao=\"sim\",Referencia.Desonerado,Referencia.NaoDesonerado)","v":0},{"$f":"ROUND(IF(ISNUMBER(R66),R66,IF(LEFT(R66,3)=\"BDI\",HLOOKUP(R66,DADOS!$T$37:$X$38,2,FALSE),0)),15-11*$X$5)","v":{"v":0.2223,"d":"22.23%"}}]
[{"$f":"CHOOSE(1+LOG(1+2*(J67=\"Meta\")+4*(J67=\"Nível 2\")+8*(J67=\"Nível 3\")+16*(J67=\"Nível 4\")+32*(J67=\"Serviço\"),2),0,1,2,3,4,\"S\")","v":"S"},{"$f":"IF(OR(A67=\"S\",A67=0),0,IF(ISERROR(I67),H67,SMALL(H67:I67,1)))","v":0},{"$f":"IF($A67=1,OFFSET(C67,-1,0)+1,OFFSET(C67,-1,0))","v":3},{"$f":"IF($A67=1,0,IF($A67=2,OFFSET(D67,-1,0)+1,OFFSET(D67,-1,0)))","v":5},{"$f":"IF(AND($A67<=2,$A67<>0),0,IF($A67=3,OFFSET(E67,-1,0)+1,OFFSET(E67,-1,0)))","v":0},{"$f":"IF(AND($A67<=3,$A67<>0),0,IF($A67=4,OFFSET(F67,-1,0)+1,OFFSET(F67,-1,0)))","v":0},{"$f":"IF(AND($A67<=4,$A67<>0),0,IF($A67=\"S\",OFFSET(G67,-1,0)+1,OFFSET(G67,-1,0)))","v":3},0,0,"Serviço",{"$f":"IF($A67=0,\"-\",CONCATENATE(C67&\".\",IF(AND($A$5>=2,$A67>=2),D67&\".\",\"\"),IF(AND($A$5>=3,$A67>=3),E67&\".\",\"\"),IF(AND($A$5>=4,$A67>=4),F67&\".\",\"\"),IF($A67=\"S\",G67&\".\",\"\")))","v":"3.5.3."},"SINAPI","91786","(COMPOSIÇÃO REPRESENTATIVA) DO SERVIÇO DE INSTALAÇÃO TUBOS DE PVC, SOLDÁVEL, ÁGUA FRIA, DN 32 MM (INSTALADO EM RAMAL, SUB-RAMAL, RAMAL DE DISTRIBUIÇÃO OU PRUMADA), INCLUSIVE CONEXÕES, CORTES E FIXAÇÕES, PARA PRÉDIOS. AF_10/2015","M",{"v":92,"d":"92.00"},21.31,"BDI 1",{"$f":"IF($A67=\"S\",IF($Q$10=\"Preço Unitário (R$)\",PO.CustoUnitario,ROUND(PO.CustoUnitario*(1+$Z67),15-13*$X$6)),0)","v":26.05},{"$f":"IF($A67=\"S\",VTOTAL1,IF($A67=0,0,ROUND(SomaAgrup,15-13*$X$7)))","v":{"v":2396.6,"d":"2,396.60"}},{"$f":"IF($J67=\"\",\"\",IF($N67=\"\",\"DESCRIÇÃO\",IF(AND($J67=\"Serviço\",$O67=\"\"),\"UNIDADE\",IF($T67<=0,\"SEM VALOR\",IF(AND($Y67<>\"\",$Q67>$Y67),\"ACIMA REF.\",\"\")))))","v":"ACIMA REF."},{"$f":"IF(OR($A67=0,$A67=\"S\",$A67>CFF!$A$9),\"\",MAX(V$12:OFFSET(V67,-1,0))+1)","v":""},{"$f":"IF(AND($J67=\"Serviço\",$M67<>\"\"),IF($L67=\"\",$M67,CONCATENATE($L67,\"-\",$M67)))","v":"SINAPI-91786"},{"$f":"IF(AND(Fonte<>\"\",Código<>\"\"),MATCH(Fonte&\" \"&IF(Fonte=\"sinapi\",SUBSTITUTE(SUBSTITUTE(Código,\"/00\",\"/\"),\"/0\",\"/\"),Código),INDIRECT(\"'[Referência \"&_xlnm.Database&\".xls]Banco'!$a:$a\"),0),\"X\")","v":{"$error":"#REF!"}},{"$f":"IF(Import.Desoneracao=\"sim\",Referencia.Desonerado,Referencia.NaoDesonerado)","v":0},{"$f":"ROUND(IF(ISNUMBER(R67),R67,IF(LEFT(R67,3)=\"BDI\",HLOOKUP(R67,DADOS!$T$37:$X$38,2,FALSE),0)),15-11*$X$5)","v":{"v":0.2223,"d":"22.23%"}}]
[{"$f":"CHOOSE(1+LOG(1+2*(J68=\"Meta\")+4*(J68=\"Nível 2\")+8*(J68=\"Nível 3\")+16*(J68=\"Nível 4\")+32*(J68=\"Serviço\"),2),0,1,2,3,4,\"S\")","v":"S"},{"$f":"IF(OR(A68=\"S\",A68=0),0,IF(ISERROR(I68),H68,SMALL(H68:I68,1)))","v":0},{"$f":"IF($A68=1,OFFSET(C68,-1,0)+1,OFFSET(C68,-1,0))","v":3},{"$f":"IF($A68=1,0,IF($A68=2,OFFSET(D68,-1,0)+1,OFFSET(D68,-1,0)))","v":5},{"$f":"IF(AND($A68<=2,$A68<>0),0,IF($A68=3,OFFSET(E68,-1,0)+1,OFFSET(E68,-1,0)))","v":0},{"$f":"IF(AND($A68<=3,$A68<>0),0,IF($A68=4,OFFSET(F68,-1,0)+1,OFFSET(F68,-1,0)))","v":0},{"$f":"IF(AND($A68<=4,$A68<>0),0,IF($A68=\"S\",OFFSET(G68,-1,0)+1,OFFSET(G68,-1,0)))","v":4},0,0,"Serviço",{"$f":"IF($A68=0,\"-\",CONCATENATE(C68&\".\",IF(AND($A$5>=2,$A68>=2),D68&\".\",\"\"),IF(AND($A$5>=3,$A68>=3),E68&\".\",\"\"),IF(AND($A$5>=4,$A68>=4),F68&\".\",\"\"),IF($A68=\"S\",G68&\".\",\"\")))","v":"3.5.4."},"SINAPI","91785","(COMPOSIÇÃO REPRESENTATIVA) DO SERVIÇO DE INSTALAÇÃO DE TUBOS DE PVC, SOLDÁVEL, ÁGUA FRIA, DN 25 MM (INSTALADO EM RAMAL, SUB-RAMAL, RAMAL DE DISTRIBUIÇÃO OU PRUMADA), INCLUSIVE CONEXÕES, CORTES E FIXAÇÕES, PARA PRÉDIOS. AF_10/2015","M",{"v":10,"d":"10.00"},32.11,"BDI 1",{"$f":"IF($A68=\"S\",IF($Q$10=\"Preço Unitário (R$)\",PO.CustoUnitario,ROUND(PO.CustoUnitario*(1+$Z68),15-13*$X$6)),0)","v":39.25},{"$f":"IF($A68=\"S\",VTOTAL1,IF($A68=0,0,ROUND(SomaAgrup,15-13*$X$7)))","v":{"v":392.5,"d":"392.50"}},{"$f":"IF($J68=\"\",\"\",IF($N68=\"\",\"DESCRIÇÃO\",IF(AND($J68=\"Serviço\",$O68=\"\"),\"UNIDADE\",IF($T68<=0,\"SEM VALOR\",IF(AND($Y68<>\"\",$Q68>$Y68),\"ACIMA REF.\",\"\")))))","v":"ACIMA REF."},{"$f":"IF(OR($A68=0,$A68=\"S\",$A68>CFF!$A$9),\"\",MAX(V$12:OFFSET(V68,-1,0))+1)","v":""},{"$f":"IF(AND($J68=\"Serviço\",$M68<>\"\"),IF($L68=\"\",$M68,CONCATENATE($L68,\"-\",$M68)))","v":"SINAPI-91785"},{"$f":"IF(AND(Fonte<>\"\",Código<>\"\"),MATCH(Fonte&\" \"&IF(Fonte=\"sinapi\",SUBSTITUTE(SUBSTITUTE(Código,\"/00\",\"/\"),\"/0\",\"/\"),Código),INDIRECT(\"'[Referência \"&_xlnm.Database&\".xls]Banco'!$a:$a\"),0),\"X\")","v":{"$error":"#REF!"}},{"$f":"IF(Import.Desoneracao=\"sim\",Referencia.Desonerado,Referencia.NaoDesonerado)","v":0},{"$f":"ROUND(IF(ISNUMBER(R68),R68,IF(LEFT(R68,3)=\"BDI\",HLOOKUP(R68,DADOS!$T$37:$X$38,2,FALSE),0)),15-11*$X$5)","v":{"v":0.2223,"d":"22.23%"}}]
[{"$f":"CHOOSE(1+LOG(1+2*(J69=\"Meta\")+4*(J69=\"Nível 2\")+8*(J69=\"Nível 3\")+16*(J69=\"Nível 4\")+32*(J69=\"Serviço\"),2),0,1,2,3,4,\"S\")","v":"S"},{"$f":"IF(OR(A69=\"S\",A69=0),0,IF(ISERROR(I69),H69,SMALL(H69:I69,1)))","v":0},{"$f":"IF($A69=1,OFFSET(C69,-1,0)+1,OFFSET(C69,-1,0))","v":3},{"$f":"IF($A69=1,0,IF($A69=2,OFFSET(D69,-1,0)+1,OFFSET(D69,-1,0)))","v":5},{"$f":"IF(AND($A69<=2,$A69<>0),0,IF($A69=3,OFFSET(E69,-1,0)+1,OFFSET(E69,-1,0)))","v":0},{"$f":"IF(AND($A69<=3,$A69<>0),0,IF($A69=4,OFFSET(F69,-1,0)+1,OFFSET(F69,-1,0)))","v":0},{"$f":"IF(AND($A69<=4,$A69<>0),0,IF($A69=\"S\",OFFSET(G69,-1,0)+1,OFFSET(G69,-1,0)))","v":5},0,0,"Serviço",{"$f":"IF($A69=0,\"-\",CONCATENATE(C69&\".\",IF(AND($A$5>=2,$A69>=2),D69&\".\",\"\"),IF(AND($A$5>=3,$A69>=3),E69&\".\",\"\"),IF(AND($A$5>=4,$A69>=4),F69&\".\",\"\"),IF($A69=\"S\",G69&\".\",\"\")))","v":"3.5.5."},"SINAPI","89972","KIT DE REGISTRO DE GAVETA BRUTO DE LATÃO ¾\", INCLUSIVE CONEXÕES, ROSCÁVEL, INSTALADO EM RAMAL DE ÁGUA FRIA - FORNECIMENTO E INSTALAÇÃO. AF_12/2014","UN",{"v":6,"d":"6.00"},50.03,"BDI 1",{"$f":"IF($A69=\"S\",IF($Q$10=\"Preço Unitário (R$)\",PO.CustoUnitario,ROUND(PO.CustoUnitario*(1+$Z69),15-13*$X$6)),0)","v":61.15},{"$f":"IF($A69=\"S\",VTOTAL1,IF($A69=0,0,ROUND(SomaAgrup,15-13*$X$7)))","v":{"v":366.9,"d":"366.90"}},{"$f":"IF($J69=\"\",\"\",IF($N69=\"\",\"DESCRIÇÃO\",IF(AND($J69=\"Serviço\",$O69=\"\"),\"UNIDADE\",IF($T69<=0,\"SEM VALOR\",IF(AND($Y69<>\"\",$Q69>$Y69),\"ACIMA REF.\",\"\")))))","v":"ACIMA REF."},{"$f":"IF(OR($A69=0,$A69=\"S\",$A69>CFF!$A$9),\"\",MAX(V$12:OFFSET(V69,-1,0))+1)","v":""},{"$f":"IF(AND($J69=\"Serviço\",$M69<>\"\"),IF($L69=\"\",$M69,CONCATENATE($L69,\"-\",$M69)))","v":"SINAPI-89972"},{"$f":"IF(AND(Fonte<>\"\",Código<>\"\"),MATCH(Fonte&\" \"&IF(Fonte=\"sinapi\",SUBSTITUTE(SUBSTITUTE(Código,\"/00\",\"/\"),\"/0\",\"/\"),Código),INDIRECT(\"'[Referência \"&_xlnm.Database&\".xls]Banco'!$a:$a\"),0),\"X\")","v":{"$error":"#REF!"}},{"$f":"IF(Import.Desoneracao=\"sim\",Referencia.Desonerado,Referencia.NaoDesonerado)","v":0},{"$f":"ROUND(IF(ISNUMBER(R69),R69,IF(LEFT(R69,3)=\"BDI\",HLOOKUP(R69,DADOS!$T$37:$X$38,2,FALSE),0)),15-11*$X$5)","v":{"v":0.2223,"d":"22.23%"}}]
["S",0,3,5,0,0,6,0,0,"Serviço","3.5.6.","SINAPI","89957","PONTO DE CONSUMO TERMINAL DE ÁGUA FRIA (SUBRAMAL) COM TUBULAÇÃO DE PVC, DN 25 MM, INSTALADO EM RAMAL DE ÁGUA, INCLUSOS RASGO E CHUMBAMENTO EM ALVENARIA","UN",{"v":20,"d":"20.00"},104.58,"BDI 1",127.83,{"v":2556.6,"d":"2,556.60"},"ACIMA REF.",{"$f":"IF(OR($A70=0,$A70=\"S\",$A70>CFF!$A$9),\"\",MAX(V$12:OFFSET(V70,-1,0))+1)","v":""},"SINAPI-89957",{"$error":"#REF!"},0,{"$f":"ROUND(IF(ISNUMBER(R70),R70,IF(LEFT(R70,3)=\"BDI\",HLOOKUP(R70,DADOS!$T$37:$X$38,2,FALSE),0)),15-11*$X$5)","v":{"v":0.2223,"d":"22.23%"}}]
["S",0,3,5,0,0,7,0,0,"Serviço","3.5.7.","SINAPI","89709","RALO SIFONADO, PVC, DN 100 X 40 MM, JUNTA SOLDÁVEL, FORNECIDO E INSTALADO EM RAMAL DE DESCARGA OU EM RAMAL DE ESGOTO SANITÁRIO","UN",{"v":10,"d":"10.00"},{"v":10.3,"d":"10.30"},"BDI 1",12.59,{"v":125.9,"d":"125.90"},"ACIMA REF.",{"$f":"IF(OR($A71=0,$A71=\"S\",$A71>CFF!$A$9),\"\",MAX(V$12:OFFSET(V71,-1,0))+1)","v":""},"SINAPI-89709",{"$error":"#REF!"},0,{"$f":"ROUND(IF(ISNUMBER(R71),R71,IF(LEFT(R71,3)=\"BDI\",HLOOKUP(R71,DADOS!$T$37:$X$38,2,FALSE),0)),15-11*$X$5)","v":{"v":0.2223,"d":"22.23%"}}]
[{"$f":"CHOOSE(1+LOG(1+2*(J72=\"Meta\")+4*(J72=\"Nível 2\")+8*(J72=\"Nível 3\")+16*(J72=\"Nível 4\")+32*(J72=\"Serviço\"),2),0,1,2,3,4,\"S\")","v":"S"},{"$f":"IF(OR(A72=\"S\",A72=0),0,IF(ISERROR(I72),H72,SMALL(H72:I72,1)))","v":0},{"$f":"IF($A72=1,OFFSET(C72,-1,0)+1,OFFSET(C72,-1,0))","v":3},{"$f":"IF($A72=1,0,IF($A72=2,OFFSET(D72,-1,0)+1,OFFSET(D72,-1,0)))","v":5},{"$f":"IF(AND($A72<=2,$A72<>0),0,IF($A72=3,OFFSET(E72,-1,0)+1,OFFSET(E72,-1,0)))","v":0},{"$f":"IF(AND($A72<=3,$A72<>0),0,IF($A72=4,OFFSET(F72,-1,0)+1,OFFSET(F72,-1,0)))","v":0},{"$f":"IF(AND($A72<=4,$A72<>0),0,IF($A72=\"S\",OFFSET(G72,-1,0)+1,OFFSET(G72,-1,0)))","v":8},0,0,"Serviço",{"$f":"IF($A72=0,\"-\",CONCATENATE(C72&\".\",IF(AND($A$5>=2,$A72>=2),D72&\".\",\"\"),IF(AND($A$5>=3,$A72>=3),E72&\".\",\"\"),IF(AND($A$5>=4,$A72>=4),F72&\".\",\"\"),IF($A72=\"S\",G72&\".\",\"\")))","v":"3.5.8."},"SINAPI","91795","(COMPOSIÇÃO REPRESENTATIVA) DO SERVIÇO DE INST. TUBO PVC, SÉRIE N, ESGOTO PREDIAL, 100 MM (INST. RAMAL DESCARGA, RAMAL DE ESG. SANIT., PRUMADA ESG. SANIT., VENTILAÇÃO OU SUB-COLETOR AÉREO), INCL. CONEXÕES E CORTES, FIXAÇÕES, P/ PRÉDIOS. AF_10/2015","M",{"v":24,"d":"24.00"},48.01,"BDI 1",{"$f":"IF($A72=\"S\",IF($Q$10=\"Preço Unitário (R$)\",PO.CustoUnitario,ROUND(PO.CustoUnitario*(1+$Z72),15-13*$X$6)),0)","v":58.68},{"$f":"IF($A72=\"S\",VTOTAL1,IF($A72=0,0,ROUND(SomaAgrup,15-13*$X$7)))","v":{"v":1408.32,"d":"1,408.32"}},{"$f":"IF($J72=\"\",\"\",IF($N72=\"\",\"DESCRIÇÃO\",IF(AND($J72=\"Serviço\",$O72=\"\"),\"UNIDADE\",IF($T72<=0,\"SEM VALOR\",IF(AND($Y72<>\"\",$Q72>$Y72),\"ACIMA REF.\",\"\")))))","v":"ACIMA REF."},{"$f":"IF(OR($A72=0,$A72=\"S\",$A72>CFF!$A$9),\"\",MAX(V$12:OFFSET(V72,-1,0))+1)","v":""},{"$f":"IF(AND($J72=\"Serviço\",$M72<>\"\"),IF($L72=\"\",$M72,CONCATENATE($L72,\"-\",$M72)))","v":"SINAPI-91795"},{"$f":"IF(AND(Fonte<>\"\",Código<>\"\"),MATCH(Fonte&\" \"&IF(Fonte=\"sinapi\",SUBSTITUTE(SUBSTITUTE(Código,\"/00\",\"/\"),\"/0\",\"/\"),Código),INDIRECT(\"'[Referência \"&_xlnm.Database&\".xls]Banco'!$a:$a\"),0),\"X\")","v":{"$error":"#REF!"}},{"$f":"IF(Import.Desoneracao=\"sim\",Referencia.Desonerado,Referencia.NaoDesonerado)","v":0},{"$f":"ROUND(IF(ISNUMBER(R72),R72,IF(LEFT(R72,3)=\"BDI\",HLOOKUP(R72,DADOS!$T$37:$X$38,2,FALSE),0)),15-11*$X$5)","v":{"v":0.2223,"d":"22.23%"}}]
[{"$f":"CHOOSE(1+LOG(1+2*(J73=\"Meta\")+4*(J73=\"Nível 2\")+8*(J73=\"Nível 3\")+16*(J73=\"Nível 4\")+32*(J73=\"Serviço\"),2),0,1,2,3,4,\"S\")","v":"S"},{"$f":"IF(OR(A73=\"S\",A73=0),0,IF(ISERROR(I73),H73,SMALL(H73:I73,1)))","v":0},{"$f":"IF($A73=1,OFFSET(C73,-1,0)+1,OFFSET(C73,-1,0))","v":3},{"$f":"IF($A73=1,0,IF($A73=2,OFFSET(D73,-1,0)+1,OFFSET(D73,-1,0)))","v":5},{"$f":"IF(AND($A73<=2,$A73<>0),0,IF($A73=3,OFFSET(E73,-1,0)+1,OFFSET(E73,-1,0)))","v":0},{"$f":"IF(AND($A73<=3,$A73<>0),0,IF($A73=4,OFFSET(F73,-1,0)+1,OFFSET(F73,-1,0)))","v":0},{"$f":"IF(AND($A73<=4,$A73<>0),0,IF($A73=\"S\",OFFSET(G73,-1,0)+1,OFFSET(G73,-1,0)))","v":9},0,0,"Serviço",{"$f":"IF($A73=0,\"-\",CONCATENATE(C73&\".\",IF(AND($A$5>=2,$A73>=2),D73&\".\",\"\"),IF(AND($A$5>=3,$A73>=3),E73&\".\",\"\"),IF(AND($A$5>=4,$A73>=4),F73&\".\",\"\"),IF($A73=\"S\",G73&\".\",\"\")))","v":"3.5.9."},"SINAPI","91794","(COMPOSIÇÃO REPRESENTATIVA) DO SERVIÇO DE INST. TUBO PVC, SÉRIE N, ESGOTO PREDIAL, DN 75 MM, (INST. EM RAMAL DE DESCARGA, RAMAL DE ESG. SANITÁRIO, PRUMADA DE ESG. SANITÁRIO OU VENTILAÇÃO), INCL. CONEXÕES, CORTES E FIXAÇÕES, P/ PRÉDIOS. AF_10/2015","M",{"v":18,"d":"18.00"},28.23,"BDI 1",{"$f":"IF($A73=\"S\",IF($Q$10=\"Preço Unitário (R$)\",PO.CustoUnitario,ROUND(PO.CustoUnitario*(1+$Z73),15-13*$X$6)),0)","v":34.51},{"$f":"IF($A73=\"S\",VTOTAL1,IF($A73=0,0,ROUND(SomaAgrup,15-13*$X$7)))","v":621.18},{"$f":"IF($J73=\"\",\"\",IF($N73=\"\",\"DESCRIÇÃO\",IF(AND($J73=\"Serviço\",$O73=\"\"),\"UNIDADE\",IF($T73<=0,\"SEM VALOR\",IF(AND($Y73<>\"\",$Q73>$Y73),\"ACIMA REF.\",\"\")))))","v":"ACIMA REF."},{"$f":"IF(OR($A73=0,$A73=\"S\",$A73>CFF!$A$9),\"\",MAX(V$12:OFFSET(V73,-1,0))+1)","v":""},{"$f":"IF(AND($J73=\"Serviço\",$M73<>\"\"),IF($L73=\"\",$M73,CONCATENATE($L73,\"-\",$M73)))","v":"SINAPI-91794"},{"$f":"IF(AND(Fonte<>\"\",Código<>\"\"),MATCH(Fonte&\" \"&IF(Fonte=\"sinapi\",SUBSTITUTE(SUBSTITUTE(Código,\"/00\",\"/\"),\"/0\",\"/\"),Código),INDIRECT(\"'[Referência \"&_xlnm.Database&\".xls]Banco'!$a:$a\"),0),\"X\")","v":{"$error":"#REF!"}},{"$f":"IF(Import.Desoneracao=\"sim\",Referencia.Desonerado,Referencia.NaoDesonerado)","v":0},{"$f":"ROUND(IF(ISNUMBER(R73),R73,IF(LEFT(R73,3)=\"BDI\",HLOOKUP(R73,DADOS!$T$37:$X$38,2,FALSE),0)),15-11*$X$5)","v":{"v":0.2223,"d":"22.23%"}}]
[{"$f":"CHOOSE(1+LOG(1+2*(J74=\"Meta\")+4*(J74=\"Nível 2\")+8*(J74=\"Nível 3\")+16*(J74=\"Nível 4\")+32*(J74=\"Serviço\"),2),0,1,2,3,4,\"S\")","v":"S"},{"$f":"IF(OR(A74=\"S\",A74=0),0,IF(ISERROR(I74),H74,SMALL(H74:I74,1)))","v":0},{"$f":"IF($A74=1,OFFSET(C74,-1,0)+1,OFFSET(C74,-1,0))","v":3},{"$f":"IF($A74=1,0,IF($A74=2,OFFSET(D74,-1,0)+1,OFFSET(D74,-1,0)))","v":5},{"$f":"IF(AND($A74<=2,$A74<>0),0,IF($A74=3,OFFSET(E74,-1,0)+1,OFFSET(E74,-1,0)))","v":0},{"$f":"IF(AND($A74<=3,$A74<>0),0,IF($A74=4,OFFSET(F74,-1,0)+1,OFFSET(F74,-1,0)))","v":0},{"$f":"IF(AND($A74<=4,$A74<>0),0,IF($A74=\"S\",OFFSET(G74,-1,0)+1,OFFSET(G74,-1,0)))","v":10},0,0,"Serviço",{"$f":"IF($A74=0,\"-\",CONCATENATE(C74&\".\",IF(AND($A$5>=2,$A74>=2),D74&\".\",\"\"),IF(AND($A$5>=3,$A74>=3),E74&\".\",\"\"),IF(AND($A$5>=4,$A74>=4),F74&\".\",\"\"),IF($A74=\"S\",G74&\".\",\"\")))","v":"3.5.10."},"SINAPI","97901","CAIXA ENTERRADA HIDRÁULICA RETANGULAR EM ALVENARIA COM TIJOLOS CERÂMICOS MACIÇOS, DIMENSÕES INTERNAS: 0,4X0,4X0,4 M PARA REDE DE ESGOTO. AF_05/2018","UN",{"v":5,"d":"5.00"},223.15,"BDI 1",{"$f":"IF($A74=\"S\",IF($Q$10=\"Preço Unitário (R$)\",PO.CustoUnitario,ROUND(PO.CustoUnitario*(1+$Z74),15-13*$X$6)),0)","v":272.76},{"$f":"IF($A74=\"S\",VTOTAL1,IF($A74=0,0,ROUND(SomaAgrup,15-13*$X$7)))","v":{"v":1363.8,"d":"1,363.80"}},{"$f":"IF($J74=\"\",\"\",IF($N74=\"\",\"DESCRIÇÃO\",IF(AND($J74=\"Serviço\",$O74=\"\"),\"UNIDADE\",IF($T74<=0,\"SEM VALOR\",IF(AND($Y74<>\"\",$Q74>$Y74),\"ACIMA REF.\",\"\")))))","v":"ACIMA REF."},{"$f":"IF(OR($A74=0,$A74=\"S\",$A74>CFF!$A$9),\"\",MAX(V$12:OFFSET(V74,-1,0))+1)","v":""},{"$f":"IF(AND($J74=\"Serviço\",$M74<>\"\"),IF($L74=\"\",$M74,CONCATENATE($L74,\"-\",$M74)))","v":"SINAPI-97901"},{"$f":"IF(AND(Fonte<>\"\",Código<>\"\"),MATCH(Fonte&\" \"&IF(Fonte=\"sinapi\",SUBSTITUTE(SUBSTITUTE(Código,\"/00\",\"/\"),\"/0\",\"/\"),Código),INDIRECT(\"'[Referência \"&_xlnm.Database&\".xls]Banco'!$a:$a\"),0),\"X\")","v":{"$error":"#REF!"}},{"$f":"IF(Import.Desoneracao=\"sim\",Referencia.Desonerado,Referencia.NaoDesonerado)","v":0},{"$f":"ROUND(IF(ISNUMBER(R74),R74,IF(LEFT(R74,3)=\"BDI\",HLOOKUP(R74,DADOS!$T$37:$X$38,2,FALSE),0)),15-11*$X$5)","v":{"v":0.2223,"d":"22.23%"}}]
["S",0,3,5,0,0,11,0,0,"Serviço","3.5.11.","SINAPI","98055","TANQUE SÉPTICO CIRCULAR, EM CONCRETO PRÉ-MOLDADO, DIÂMETRO INTERNO = 2,38 M, ALTURA INTERNA = 2,50 M, VOLUME ÚTIL: 10009,8 L (PARA 69 CONTRIBUINTES). AF_05/2018","UN",{"v":1,"d":"1.00"},{"v":3242.71,"d":"3,242.71"},"BDI 1",{"v":3963.56,"d":"3,963.56"},{"v":3963.56,"d":"3,963.56"},"ACIMA REF.",{"$f":"IF(OR($A75=0,$A75=\"S\",$A75>CFF!$A$9),\"\",MAX(V$12:OFFSET(V75,-1,0))+1)","v":""},"SINAPI-98055",{"$error":"#REF!"},0,{"$f":"ROUND(IF(ISNUMBER(R75),R75,IF(LEFT(R75,3)=\"BDI\",HLOOKUP(R75,DADOS!$T$37:$X$38,2,FALSE),0)),15-11*$X$5)","v":{"v":0.2223,"d":"22.23%"}}]
["S",0,3,5,0,0,12,0,0,"Serviço","3.5.12.","SINAPI","98092","FILTRO ANAERÓBIO RETANGULAR, EM ALVENARIA COM BLOCOS DE CONCRETO, DIMENSÕES INTERNAS: 1,6 X 4,6 X 1,67 M, VOLUME ÚTIL: 8832 L (PARA 84 CONTRIBUINTES). AF_05/2018","UN",{"v":1,"d":"1.00"},{"v":9492.47,"d":"9,492.47"},"BDI 1",{"v":11602.65,"d":"11,602.65"},{"v":11602.65,"d":"11,602.65"},"ACIMA REF.",{"$f":"IF(OR($A76=0,$A76=\"S\",$A76>CFF!$A$9),\"\",MAX(V$12:OFFSET(V76,-1,0))+1)","v":""},"SINAPI-98092",{"$error":"#REF!"},0,{"$f":"ROUND(IF(ISNUMBER(R76),R76,IF(LEFT(R76,3)=\"BDI\",HLOOKUP(R76,DADOS!$T$37:$X$38,2,FALSE),0)),15-11*$X$5)","v":{"v":0.2223,"d":"22.23%"}}]
[{"$f":"CHOOSE(1+LOG(1+2*(J77=\"Meta\")+4*(J77=\"Nível 2\")+8*(J77=\"Nível 3\")+16*(J77=\"Nível 4\")+32*(J77=\"Serviço\"),2),0,1,2,3,4,\"S\")","v":"S"},{"$f":"IF(OR(A77=\"S\",A77=0),0,IF(ISERROR(I77),H77,SMALL(H77:I77,1)))","v":0},{"$f":"IF($A77=1,OFFSET(C77,-1,0)+1,OFFSET(C77,-1,0))","v":3},{"$f":"IF($A77=1,0,IF($A77=2,OFFSET(D77,-1,0)+1,OFFSET(D77,-1,0)))","v":5},{"$f":"IF(AND($A77<=2,$A77<>0),0,IF($A77=3,OFFSET(E77,-1,0)+1,OFFSET(E77,-1,0)))","v":0},{"$f":"IF(AND($A77<=3,$A77<>0),0,IF($A77=4,OFFSET(F77,-1,0)+1,OFFSET(F77,-1,0)))","v":0},{"$f":"IF(AND($A77<=4,$A77<>0),0,IF($A77=\"S\",OFFSET(G77,-1,0)+1,OFFSET(G77,-1,0)))","v":13},{"$f":"IF(OR($A77=\"S\",$A77=0),0,MATCH(0,OFFSET($B77,1,$A77,ROW($A$134)-ROW($A77)),0))","v":0},{"$f":"IF(OR($A77=\"S\",$A77=0),0,MATCH(OFFSET($B77,0,$A77)+1,OFFSET($B77,1,$A77,ROW($A$134)-ROW($A77)),0))","v":0},"Serviço",{"$f":"IF($A77=0,\"-\",CONCATENATE(C77&\".\",IF(AND($A$5>=2,$A77>=2),D77&\".\",\"\"),IF(AND($A$5>=3,$A77>=3),E77&\".\",\"\"),IF(AND($A$5>=4,$A77>=4),F77&\".\",\"\"),IF($A77=\"S\",G77&\".\",\"\")))","v":"3.5.13."},"MERCADO","-","CAIXA D'AGUA FIBRA DE VIDRO PARA 7500 LITROS, COM TAMPA","UN",{"v":2,"d":"2.00"},{"v":3932.51,"d":"3,932.51"},"BDI 1",{"$f":"IF($A77=\"S\",IF($Q$10=\"Preço Unitário (R$)\",PO.CustoUnitario,ROUND(PO.CustoUnitario*(1+$Z77),15-13*$X$6)),0)","v":{"v":4806.71,"d":"4,806.71"}},{"$f":"IF($A77=\"S\",VTOTAL1,IF($A77=0,0,ROUND(SomaAgrup,15-13*$X$7)))","v":{"v":9613.42,"d":"9,613.42"}},{"$f":"IF($J77=\"\",\"\",IF($N77=\"\",\"DESCRIÇÃO\",IF(AND($J77=\"Serviço\",$O77=\"\"),\"UNIDADE\",IF($T77<=0,\"SEM VALOR\",IF(AND($Y77<>\"\",$Q77>$Y77),\"ACIMA REF.\",\"\")))))","v":"ACIMA REF."},{"$f":"IF(OR($A77=0,$A77=\"S\",$A77>CFF!$A$9),\"\",MAX(V$12:OFFSET(V77,-1,0))+1)","v":""},{"$f":"IF(AND($J77=\"Serviço\",$M77<>\"\"),IF($L77=\"\",$M77,CONCATENATE($L77,\"-\",$M77)))","v":"MERCADO--"},{"$f":"IF(AND(Fonte<>\"\",Código<>\"\"),MATCH(Fonte&\" \"&IF(Fonte=\"sinapi\",SUBSTITUTE(SUBSTITUTE(Código,\"/00\",\"/\"),\"/0\",\"/\"),Código),INDIRECT(\"'[Referência \"&_xlnm.Database&\".xls]Banco'!$a:$a\"),0),\"X\")","v":{"$error":"#REF!"}},{"$f":"IF(Import.Desoneracao=\"sim\",Referencia.Desonerado,Referencia.NaoDesonerado)","v":0},{"$f":"ROUND(IF(ISNUMBER(R77),R77,IF(LEFT(R77,3)=\"BDI\",HLOOKUP(R77,DADOS!$T$37:$X$38,2,FALSE),0)),15-11*$X$5)","v":{"v":0.2223,"d":"22.23%"}}]
[{"$f":"CHOOSE(1+LOG(1+2*(J78=\"Meta\")+4*(J78=\"Nível 2\")+8*(J78=\"Nível 3\")+16*(J78=\"Nível 4\")+32*(J78=\"Serviço\"),2),0,1,2,3,4,\"S\")","v":"S"},{"$f":"IF(OR(A78=\"S\",A78=0),0,IF(ISERROR(I78),H78,SMALL(H78:I78,1)))","v":0},{"$f":"IF($A78=1,OFFSET(C78,-1,0)+1,OFFSET(C78,-1,0))","v":3},{"$f":"IF($A78=1,0,IF($A78=2,OFFSET(D78,-1,0)+1,OFFSET(D78,-1,0)))","v":5},{"$f":"IF(AND($A78<=2,$A78<>0),0,IF($A78=3,OFFSET(E78,-1,0)+1,OFFSET(E78,-1,0)))","v":0},{"$f":"IF(AND($A78<=3,$A78<>0),0,IF($A78=4,OFFSET(F78,-1,0)+1,OFFSET(F78,-1,0)))","v":0},{"$f":"IF(AND($A78<=4,$A78<>0),0,IF($A78=\"S\",OFFSET(G78,-1,0)+1,OFFSET(G78,-1,0)))","v":14},0,0,"Serviço",{"$f":"IF($A78=0,\"-\",CONCATENATE(C78&\".\",IF(AND($A$5>=2,$A78>=2),D78&\".\",\"\"),IF(AND($A$5>=3,$A78>=3),E78&\".\",\"\"),IF(AND($A$5>=4,$A78>=4),F78&\".\",\"\"),IF($A78=\"S\",G78&\".\",\"\")))","v":"3.5.14."},"SINAPI","91788","(COMPOSIÇÃO REPRESENTATIVA) DO SERVIÇO DE INSTALAÇÃO DE TUBOS DE PVC, SOLDÁVEL, ÁGUA FRIA, DN 50 MM (INSTALADO EM PRUMADA), INCLUSIVE CONEXÕES, CORTES E FIXAÇÕES, PARA PRÉDIOS. AF_10/2015","M",{"v":26,"d":"26.00"},29.83,"BDI 1",{"$f":"IF($A78=\"S\",IF($Q$10=\"Preço Unitário (R$)\",PO.CustoUnitario,ROUND(PO.CustoUnitario*(1+$Z78),15-13*$X$6)),0)","v":36.46},{"$f":"IF($A78=\"S\",VTOTAL1,IF($A78=0,0,ROUND(SomaAgrup,15-13*$X$7)))","v":947.96},{"$f":"IF($J78=\"\",\"\",IF($N78=\"\",\"DESCRIÇÃO\",IF(AND($J78=\"Serviço\",$O78=\"\"),\"UNIDADE\",IF($T78<=0,\"SEM VALOR\",IF(AND($Y78<>\"\",$Q78>$Y78),\"ACIMA REF.\",\"\")))))","v":"ACIMA REF."},{"$f":"IF(OR($A78=0,$A78=\"S\",$A78>CFF!$A$9),\"\",MAX(V$12:OFFSET(V78,-1,0))+1)","v":""},{"$f":"IF(AND($J78=\"Serviço\",$M78<>\"\"),IF($L78=\"\",$M78,CONCATENATE($L78,\"-\",$M78)))","v":"SINAPI-91788"},{"$f":"IF(AND(Fonte<>\"\",Código<>\"\"),MATCH(Fonte&\" \"&IF(Fonte=\"sinapi\",SUBSTITUTE(SUBSTITUTE(Código,\"/00\",\"/\"),\"/0\",\"/\"),Código),INDIRECT(\"'[Referência \"&_xlnm.Database&\".xls]Banco'!$a:$a\"),0),\"X\")","v":{"$error":"#REF!"}},{"$f":"IF(Import.Desoneracao=\"sim\",Referencia.Desonerado,Referencia.NaoDesonerado)","v":0},{"$f":"ROUND(IF(ISNUMBER(R78),R78,IF(LEFT(R78,3)=\"BDI\",HLOOKUP(R78,DADOS!$T$37:$X$38,2,FALSE),0)),15-11*$X$5)","v":{"v":0.2223,"d":"22.23%"}}]
[{"$f":"CHOOSE(1+LOG(1+2*(J79=\"Meta\")+4*(J79=\"Nível 2\")+8*(J79=\"Nível 3\")+16*(J79=\"Nível 4\")+32*(J79=\"Serviço\"),2),0,1,2,3,4,\"S\")","v":"S"},{"$f":"IF(OR(A79=\"S\",A79=0),0,IF(ISERROR(I79),H79,SMALL(H79:I79,1)))","v":0},{"$f":"IF($A79=1,OFFSET(C79,-1,0)+1,OFFSET(C79,-1,0))","v":3},{"$f":"IF($A79=1,0,IF($A79=2,OFFSET(D79,-1,0)+1,OFFSET(D79,-1,0)))","v":5},{"$f":"IF(AND($A79<=2,$A79<>0),0,IF($A79=3,OFFSET(E79,-1,0)+1,OFFSET(E79,-1,0)))","v":0},{"$f":"IF(AND($A79<=3,$A79<>0),0,IF($A79=4,OFFSET(F79,-1,0)+1,OFFSET(F79,-1,0)))","v":0},{"$f":"IF(AND($A79<=4,$A79<>0),0,IF($A79=\"S\",OFFSET(G79,-1,0)+1,OFFSET(G79,-1,0)))","v":15},0,0,"Serviço",{"$f":"IF($A79=0,\"-\",CONCATENATE(C79&\".\",IF(AND($A$5>=2,$A79>=2),D79&\".\",\"\"),IF(AND($A$5>=3,$A79>=3),E79&\".\",\"\"),IF(AND($A$5>=4,$A79>=4),F79&\".\",\"\"),IF($A79=\"S\",G79&\".\",\"\")))","v":"3.5.15."},"SINAPI","94492","REGISTRO DE ESFERA, PVC, SOLDÁVEL, DN  50 MM, INSTALADO EM RESERVAÇÃO DE ÁGUA DE EDIFICAÇÃO QUE POSSUA RESERVATÓRIO DE FIBRA/FIBROCIMENTO   FORNECIMENTO E INSTALAÇÃO. AF_06/2016","UN",{"v":2,"d":"2.00"},55.42,"BDI 1",{"$f":"IF($A79=\"S\",IF($Q$10=\"Preço Unitário (R$)\",PO.CustoUnitario,ROUND(PO.CustoUnitario*(1+$Z79),15-13*$X$6)),0)","v":67.74},{"$f":"IF($A79=\"S\",VTOTAL1,IF($A79=0,0,ROUND(SomaAgrup,15-13*$X$7)))","v":135.48},{"$f":"IF($J79=\"\",\"\",IF($N79=\"\",\"DESCRIÇÃO\",IF(AND($J79=\"Serviço\",$O79=\"\"),\"UNIDADE\",IF($T79<=0,\"SEM VALOR\",IF(AND($Y79<>\"\",$Q79>$Y79),\"ACIMA REF.\",\"\")))))","v":"ACIMA REF."},{"$f":"IF(OR($A79=0,$A79=\"S\",$A79>CFF!$A$9),\"\",MAX(V$12:OFFSET(V79,-1,0))+1)","v":""},{"$f":"IF(AND($J79=\"Serviço\",$M79<>\"\"),IF($L79=\"\",$M79,CONCATENATE($L79,\"-\",$M79)))","v":"SINAPI-94492"},{"$f":"IF(AND(Fonte<>\"\",Código<>\"\"),MATCH(Fonte&\" \"&IF(Fonte=\"sinapi\",SUBSTITUTE(SUBSTITUTE(Código,\"/00\",\"/\"),\"/0\",\"/\"),Código),INDIRECT(\"'[Referência \"&_xlnm.Database&\".xls]Banco'!$a:$a\"),0),\"X\")","v":{"$error":"#REF!"}},{"$f":"IF(Import.Desoneracao=\"sim\",Referencia.Desonerado,Referencia.NaoDesonerado)","v":0},{"$f":"ROUND(IF(ISNUMBER(R79),R79,IF(LEFT(R79,3)=\"BDI\",HLOOKUP(R79,DADOS!$T$37:$X$38,2,FALSE),0)),15-11*$X$5)","v":{"v":0.2223,"d":"22.23%"}}]
[1,38,4,0,0,0,0,54,38,"Meta","4.","SINAPI",null,"SEGUNDO PAVIMENTO - BANHEIROS",{"$f":"Referencia.Unidade","v":""},null,null,"BDI 1",0,{"v":130613.04,"d":"130,613.04"},"",{"$f":"IF(OR($A80=0,$A80=\"S\",$A80>CFF!$A$9),\"\",MAX(V$12:OFFSET(V80,-1,0))+1)","v":9},false,"X",0,{"$f":"ROUND(IF(ISNUMBER(R80),R80,IF(LEFT(R80,3)=\"BDI\",HLOOKUP(R80,DADOS!$T$37:$X$38,2,FALSE),0)),15-11*$X$5)","v":{"v":0.2223,"d":"22.23%"}}]
[2,6,4,1,0,0,0,37,6,"Nível 2","4.1.","SINAPI",null,"PAVIMENTAÇÃO",{"$f":"Referencia.Unidade","v":""},null,null,"BDI 1",0,{"v":22589.28,"d":"22,589.28"},"",{"$f":"IF(OR($A81=0,$A81=\"S\",$A81>CFF!$A$9),\"\",MAX(V$12:OFFSET(V81,-1,0))+1)","v":10},false,"X",0,{"$f":"ROUND(IF(ISNUMBER(R81),R81,IF(LEFT(R81,3)=\"BDI\",HLOOKUP(R81,DADOS!$T$37:$X$38,2,FALSE),0)),15-11*$X$5)","v":{"v":0.2223,"d":"22.23%"}}]
[{"$f":"CHOOSE(1+LOG(1+2*(J82=\"Meta\")+4*(J82=\"Nível 2\")+8*(J82=\"Nível 3\")+16*(J82=\"Nível 4\")+32*(J82=\"Serviço\"),2),0,1,2,3,4,\"S\")","v":"S"},{"$f":"IF(OR(A82=\"S\",A82=0),0,IF(ISERROR(I82),H82,SMALL(H82:I82,1)))","v":0},{"$f":"IF($A82=1,OFFSET(C82,-1,0)+1,OFFSET(C82,-1,0))","v":4},{"$f":"IF($A82=1,0,IF($A82=2,OFFSET(D82,-1,0)+1,OFFSET(D82,-1,0)))","v":1},{"$f":"IF(AND($A82<=2,$A82<>0),0,IF($A82=3,OFFSET(E82,-1,0)+1,OFFSET(E82,-1,0)))","v":0},{"$f":"IF(AND($A82<=3,$A82<>0),0,IF($A82=4,OFFSET(F82,-1,0)+1,OFFSET(F82,-1,0)))","v":0},{"$f":"IF(AND($A82<=4,$A82<>0),0,IF($A82=\"S\",OFFSET(G82,-1,0)+1,OFFSET(G82,-1,0)))","v":1},0,0,"Serviço",{"$f":"IF($A82=0,\"-\",CONCATENATE(C82&\".\",IF(AND($A$5>=2,$A82>=2),D82&\".\",\"\"),IF(AND($A$5>=3,$A82>=3),E82&\".\",\"\"),IF(AND($A$5>=4,$A82>=4),F82&\".\",\"\"),IF($A82=\"S\",G82&\".\",\"\")))","v":"4.1.1."},"SINAPI","98546","IMPERMEABILIZAÇÃO DE SUPERFÍCIE COM MANTA ASFÁLTICA, UMA CAMADA, INCLUSIVE APLICAÇÃO DE PRIMER ASFÁLTICO, E=3MM","M2",57.78,73.69,"BDI 1",{"$f":"IF($A82=\"S\",IF($Q$10=\"Preço Unitário (R$)\",PO.CustoUnitario,ROUND(PO.CustoUnitario*(1+$Z82),15-13*$X$6)),0)","v":90.07},{"$f":"IF($A82=\"S\",VTOTAL1,IF($A82=0,0,ROUND(SomaAgrup,15-13*$X$7)))","v":{"v":5204.24,"d":"5,204.24"}},{"$f":"IF($J82=\"\",\"\",IF($N82=\"\",\"DESCRIÇÃO\",IF(AND($J82=\"Serviço\",$O82=\"\"),\"UNIDADE\",IF($T82<=0,\"SEM VALOR\",IF(AND($Y82<>\"\",$Q82>$Y82),\"ACIMA REF.\",\"\")))))","v":"ACIMA REF."},{"$f":"IF(OR($A82=0,$A82=\"S\",$A82>CFF!$A$9),\"\",MAX(V$12:OFFSET(V82,-1,0))+1)","v":""},{"$f":"IF(AND($J82=\"Serviço\",$M82<>\"\"),IF($L82=\"\",$M82,CONCATENATE($L82,\"-\",$M82)))","v":"SINAPI-98546"},{"$f":"IF(AND(Fonte<>\"\",Código<>\"\"),MATCH(Fonte&\" \"&IF(Fonte=\"sinapi\",SUBSTITUTE(SUBSTITUTE(Código,\"/00\",\"/\"),\"/0\",\"/\"),Código),INDIRECT(\"'[Referência \"&_xlnm.Database&\".xls]Banco'!$a:$a\"),0),\"X\")","v":{"$error":"#REF!"}},{"$f":"IF(Import.Desoneracao=\"sim\",Referencia.Desonerado,Referencia.NaoDesonerado)","v":0},{"$f":"ROUND(IF(ISNUMBER(R82),R82,IF(LEFT(R82,3)=\"BDI\",HLOOKUP(R82,DADOS!$T$37:$X$38,2,FALSE),0)),15-11*$X$5)","v":{"v":0.2223,"d":"22.23%"}}]
["S",0,4,1,0,0,2,0,0,"Serviço","4.1.2.","SINAPI","87765","CONTRAPISO EM ARGAMASSA TRAÇO 1:4 (CIMENTO E AREIA), PREPARO MECÂNICO COM BETONEIRA 400 L, APLICADO EM ÁREAS MOLHADAS SOBRE IMPERMEABILIZAÇÃO, ESPESSURA 4CM","M2",67.08,42.14,"BDI 1",51.51,{"v":3455.29,"d":"3,455.29"},"ACIMA REF.",{"$f":"IF(OR($A83=0,$A83=\"S\",$A83>CFF!$A$9),\"\",MAX(V$12:OFFSET(V83,-1,0))+1)","v":""},"SINAPI-87765",{"$error":"#REF!"},0,{"$f":"ROUND(IF(ISNUMBER(R83),R83,IF(LEFT(R83,3)=\"BDI\",HLOOKUP(R83,DADOS!$T$37:$X$38,2,FALSE),0)),15-11*$X$5)","v":{"v":0.2223,"d":"22.23%"}}]
["S",0,4,1,0,0,3,0,0,"Serviço","4.1.3.","SINAPI","87260","REVESTIMENTO CERÂMICO PARA PISO COM PLACAS TIPO PORCELANATO DE DIMENSÕES 45X45 CM","M2",67.08,74.94,"BDI 1",{"v":91.6,"d":"91.60"},{"v":6144.53,"d":"6,144.53"},"ACIMA REF.",{"$f":"IF(OR($A84=0,$A84=\"S\",$A84>CFF!$A$9),\"\",MAX(V$12:OFFSET(V84,-1,0))+1)","v":""},"SINAPI-87260",{"$error":"#REF!"},0,{"$f":"ROUND(IF(ISNUMBER(R84),R84,IF(LEFT(R84,3)=\"BDI\",HLOOKUP(R84,DADOS!$T$37:$X$38,2,FALSE),0)),15-11*$X$5)","v":{"v":0.2223,"d":"22.23%"}}]
["S",0,4,1,0,0,4,0,0,"Serviço","4.1.4.","SINAPI","95969","EXECUÇÃO DE ESCADA EM CONCRETO ARMADO, MOLDADA IN LOCO, FCK = 25 MPA","M3",{"v":2,"d":"2.00"},{"v":1997.15,"d":"1,997.15"},"BDI 1",{"v":2441.12,"d":"2,441.12"},{"v":4882.24,"d":"4,882.24"},"ACIMA REF.",{"$f":"IF(OR($A85=0,$A85=\"S\",$A85>CFF!$A$9),\"\",MAX(V$12:OFFSET(V85,-1,0))+1)","v":""},"SINAPI-95969",{"$error":"#REF!"},0,{"$f":"ROUND(IF(ISNUMBER(R85),R85,IF(LEFT(R85,3)=\"BDI\",HLOOKUP(R85,DADOS!$T$37:$X$38,2,FALSE),0)),15-11*$X$5)","v":{"v":0.2223,"d":"22.23%"}}]
[{"$f":"CHOOSE(1+LOG(1+2*(J86=\"Meta\")+4*(J86=\"Nível 2\")+8*(J86=\"Nível 3\")+16*(J86=\"Nível 4\")+32*(J86=\"Serviço\"),2),0,1,2,3,4,\"S\")","v":"S"},{"$f":"IF(OR(A86=\"S\",A86=0),0,IF(ISERROR(I86),H86,SMALL(H86:I86,1)))","v":0},{"$f":"IF($A86=1,OFFSET(C86,-1,0)+1,OFFSET(C86,-1,0))","v":4},{"$f":"IF($A86=1,0,IF($A86=2,OFFSET(D86,-1,0)+1,OFFSET(D86,-1,0)))","v":1},{"$f":"IF(AND($A86<=2,$A86<>0),0,IF($A86=3,OFFSET(E86,-1,0)+1,OFFSET(E86,-1,0)))","v":0},{"$f":"IF(AND($A86<=3,$A86<>0),0,IF($A86=4,OFFSET(F86,-1,0)+1,OFFSET(F86,-1,0)))","v":0},{"$f":"IF(AND($A86<=4,$A86<>0),0,IF($A86=\"S\",OFFSET(G86,-1,0)+1,OFFSET(G86,-1,0)))","v":5},0,0,"Serviço",{"$f":"IF($A86=0,\"-\",CONCATENATE(C86&\".\",IF(AND($A$5>=2,$A86>=2),D86&\".\",\"\"),IF(AND($A$5>=3,$A86>=3),E86&\".\",\"\"),IF(AND($A$5>=4,$A86>=4),F86&\".\",\"\"),IF($A86=\"S\",G86&\".\",\"\")))","v":"4.1.5."},"PRÓPRIA","0004","EXECUÇÃO DE RAMPA EM CONCRETO ARMADO, MOLDADA IN LOCO, FCK = 25 MPA","M3",3.85,616.89,"BDI 1",{"$f":"IF($A86=\"S\",IF($Q$10=\"Preço Unitário (R$)\",PO.CustoUnitario,ROUND(PO.CustoUnitario*(1+$Z86),15-13*$X$6)),0)","v":754.02},{"$f":"IF($A86=\"S\",VTOTAL1,IF($A86=0,0,ROUND(SomaAgrup,15-13*$X$7)))","v":{"v":2902.98,"d":"2,902.98"}},{"$f":"IF($J86=\"\",\"\",IF($N86=\"\",\"DESCRIÇÃO\",IF(AND($J86=\"Serviço\",$O86=\"\"),\"UNIDADE\",IF($T86<=0,\"SEM VALOR\",IF(AND($Y86<>\"\",$Q86>$Y86),\"ACIMA REF.\",\"\")))))","v":"ACIMA REF."},{"$f":"IF(OR($A86=0,$A86=\"S\",$A86>CFF!$A$9),\"\",MAX(V$12:OFFSET(V86,-1,0))+1)","v":""},{"$f":"IF(AND($J86=\"Serviço\",$M86<>\"\"),IF($L86=\"\",$M86,CONCATENATE($L86,\"-\",$M86)))","v":"PRÓPRIA-0004"},{"$f":"IF(AND(Fonte<>\"\",Código<>\"\"),MATCH(Fonte&\" \"&IF(Fonte=\"sinapi\",SUBSTITUTE(SUBSTITUTE(Código,\"/00\",\"/\"),\"/0\",\"/\"),Código),INDIRECT(\"'[Referência \"&_xlnm.Database&\".xls]Banco'!$a:$a\"),0),\"X\")","v":{"$error":"#REF!"}},{"$f":"IF(Import.Desoneracao=\"sim\",Referencia.Desonerado,Referencia.NaoDesonerado)","v":0},{"$f":"ROUND(IF(ISNUMBER(R86),R86,IF(LEFT(R86,3)=\"BDI\",HLOOKUP(R86,DADOS!$T$37:$X$38,2,FALSE),0)),15-11*$X$5)","v":{"v":0.2223,"d":"22.23%"}}]
[2,4,4,2,0,0,0,31,4,"Nível 2","4.2.","SINAPI",null,"REVESTIMENTOS INTERNOS",{"$f":"Referencia.Unidade","v":""},null,null,"BDI 1",0,{"v":21077.64,"d":"21,077.64"},"",{"$f":"IF(OR($A87=0,$A87=\"S\",$A87>CFF!$A$9),\"\",MAX(V$12:OFFSET(V87,-1,0))+1)","v":11},false,"X",0,{"$f":"ROUND(IF(ISNUMBER(R87),R87,IF(LEFT(R87,3)=\"BDI\",HLOOKUP(R87,DADOS!$T$37:$X$38,2,FALSE),0)),15-11*$X$5)","v":{"v":0.2223,"d":"22.23%"}}]
["S",0,4,2,0,0,1,0,0,"Serviço","4.2.1.","SINAPI","87879","CHAPISCO APLICADO EM ALVENARIAS E ESTRUTURAS DE CONCRETO INTERNAS, ARGAMASSA TRAÇO 1:3","M2",215.65,3.03,"BDI 1",{"v":3.7,"d":"3.70"},797.91,"ACIMA REF.",{"$f":"IF(OR($A88=0,$A88=\"S\",$A88>CFF!$A$9),\"\",MAX(V$12:OFFSET(V88,-1,0))+1)","v":""},"SINAPI-87879",{"$error":"#REF!"},0,{"$f":"ROUND(IF(ISNUMBER(R88),R88,IF(LEFT(R88,3)=\"BDI\",HLOOKUP(R88,DADOS!$T$37:$X$38,2,FALSE),0)),15-11*$X$5)","v":{"v":0.2223,"d":"22.23%"}}]
[{"$f":"CHOOSE(1+LOG(1+2*(J89=\"Meta\")+4*(J89=\"Nível 2\")+8*(J89=\"Nível 3\")+16*(J89=\"Nível 4\")+32*(J89=\"Serviço\"),2),0,1,2,3,4,\"S\")","v":"S"},{"$f":"IF(OR(A89=\"S\",A89=0),0,IF(ISERROR(I89),H89,SMALL(H89:I89,1)))","v":0},{"$f":"IF($A89=1,OFFSET(C89,-1,0)+1,OFFSET(C89,-1,0))","v":4},{"$f":"IF($A89=1,0,IF($A89=2,OFFSET(D89,-1,0)+1,OFFSET(D89,-1,0)))","v":2},{"$f":"IF(AND($A89<=2,$A89<>0),0,IF($A89=3,OFFSET(E89,-1,0)+1,OFFSET(E89,-1,0)))","v":0},{"$f":"IF(AND($A89<=3,$A89<>0),0,IF($A89=4,OFFSET(F89,-1,0)+1,OFFSET(F89,-1,0)))","v":0},{"$f":"IF(AND($A89<=4,$A89<>0),0,IF($A89=\"S\",OFFSET(G89,-1,0)+1,OFFSET(G89,-1,0)))","v":2},0,0,"Serviço",{"$f":"IF($A89=0,\"-\",CONCATENATE(C89&\".\",IF(AND($A$5>=2,$A89>=2),D89&\".\",\"\"),IF(AND($A$5>=3,$A89>=3),E89&\".\",\"\"),IF(AND($A$5>=4,$A89>=4),F89&\".\",\"\"),IF($A89=\"S\",G89&\".\",\"\")))","v":"4.2.2."},"SINAPI","87535","EMBOÇO, EM ARGAMASSA TRAÇO 1:2:8, PREPARO MECÂNICO COM BETONEIRA 400L, APLICADO MANUALMENTE EM FACES INTERNAS DE PAREDES, PARA AMBIENTE COM ÁREA  MAIOR QUE 10M2, ESPESSURA DE 20MM, COM EXECUÇÃO DE TALISCAS. AF_06/2014","M2",215.65,22.58,"BDI 1",{"$f":"IF($A89=\"S\",IF($Q$10=\"Preço Unitário (R$)\",PO.CustoUnitario,ROUND(PO.CustoUnitario*(1+$Z89),15-13*$X$6)),0)","v":{"v":27.6,"d":"27.60"}},{"$f":"IF($A89=\"S\",VTOTAL1,IF($A89=0,0,ROUND(SomaAgrup,15-13*$X$7)))","v":{"v":5951.94,"d":"5,951.94"}},{"$f":"IF($J89=\"\",\"\",IF($N89=\"\",\"DESCRIÇÃO\",IF(AND($J89=\"Serviço\",$O89=\"\"),\"UNIDADE\",IF($T89<=0,\"SEM VALOR\",IF(AND($Y89<>\"\",$Q89>$Y89),\"ACIMA REF.\",\"\")))))","v":"ACIMA REF."},{"$f":"IF(OR($A89=0,$A89=\"S\",$A89>CFF!$A$9),\"\",MAX(V$12:OFFSET(V89,-1,0))+1)","v":""},{"$f":"IF(AND($J89=\"Serviço\",$M89<>\"\"),IF($L89=\"\",$M89,CONCATENATE($L89,\"-\",$M89)))","v":"SINAPI-87535"},{"$f":"IF(AND(Fonte<>\"\",Código<>\"\"),MATCH(Fonte&\" \"&IF(Fonte=\"sinapi\",SUBSTITUTE(SUBSTITUTE(Código,\"/00\",\"/\"),\"/0\",\"/\"),Código),INDIRECT(\"'[Referência \"&_xlnm.Database&\".xls]Banco'!$a:$a\"),0),\"X\")","v":{"$error":"#REF!"}},{"$f":"IF(Import.Desoneracao=\"sim\",Referencia.Desonerado,Referencia.NaoDesonerado)","v":0},{"$f":"ROUND(IF(ISNUMBER(R89),R89,IF(LEFT(R89,3)=\"BDI\",HLOOKUP(R89,DADOS!$T$37:$X$38,2,FALSE),0)),15-11*$X$5)","v":{"v":0.2223,"d":"22.23%"}}]
["S",0,4,2,0,0,3,0,0,"Serviço","4.2.3.","SINAPI","87273","REVESTIMENTO CERÂMICO PARA PAREDES INTERNAS COM PLACAS TIPO ESMALTADA EXTRA DE DIMENSÕES 33X45 CM NA ALTURA INTEIRA DAS PAREDES.","M2",215.65,54.36,"BDI 1",66.44,{"v":14327.79,"d":"14,327.79"},"ACIMA REF.",{"$f":"IF(OR($A90=0,$A90=\"S\",$A90>CFF!$A$9),\"\",MAX(V$12:OFFSET(V90,-1,0))+1)","v":""},"SINAPI-87273",{"$error":"#REF!"},0,{"$f":"ROUND(IF(ISNUMBER(R90),R90,IF(LEFT(R90,3)=\"BDI\",HLOOKUP(R90,DADOS!$T$37:$X$38,2,FALSE),0)),15-11*$X$5)","v":{"v":0.2223,"d":"22.23%"}}]
[2,7,4,3,0,0,0,27,7,"Nível 2","4.3.","SINAPI",null,"ESQUADRIAS E DIVISÓRIAS",{"$f":"Referencia.Unidade","v":""},null,null,"BDI 1",0,{"v":48378.74,"d":"48,378.74"},"",{"$f":"IF(OR($A91=0,$A91=\"S\",$A91>CFF!$A$9),\"\",MAX(V$12:OFFSET(V91,-1,0))+1)","v":12},false,"X",0,{"$f":"ROUND(IF(ISNUMBER(R91),R91,IF(LEFT(R91,3)=\"BDI\",HLOOKUP(R91,DADOS!$T$37:$X$38,2,FALSE),0)),15-11*$X$5)","v":{"v":0.2223,"d":"22.23%"}}]
["S",0,4,3,0,0,1,0,0,"Serviço","4.3.1.","MERCADO","-","DIVISORIA EM GRANITO, COM DUAS FACES POLIDAS, TIPO ANDORINHA/ QUARTZ/ CASTELO/ CORUMBA OU OUTROS EQUIVALENTES DA REGIAO, E=  *3,0* CM","M2    ",29.16,552.07,"BDI 1",{"v":674.8,"d":"674.80"},{"v":19677.17,"d":"19,677.17"},"ACIMA REF.",{"$f":"IF(OR($A92=0,$A92=\"S\",$A92>CFF!$A$9),\"\",MAX(V$12:OFFSET(V92,-1,0))+1)","v":""},"MERCADO--",{"$error":"#REF!"},0,{"$f":"ROUND(IF(ISNUMBER(R92),R92,IF(LEFT(R92,3)=\"BDI\",HLOOKUP(R92,DADOS!$T$37:$X$38,2,FALSE),0)),15-11*$X$5)","v":{"v":0.2223,"d":"22.23%"}}]
["S",0,4,3,0,0,2,0,0,"Serviço","4.3.2.","SINAPI","91341","PORTA EM ALUMÍNIO DE ABRIR COM GUARNIÇÃO, FIXAÇÃO COM PARAFUSOS - FORNECIMENTO E INSTALAÇÃO. - P1","M2",15.12,465.71,"BDI 1",569.24,{"v":8606.91,"d":"8,606.91"},"ACIMA REF.",{"$f":"IF(OR($A93=0,$A93=\"S\",$A93>CFF!$A$9),\"\",MAX(V$12:OFFSET(V93,-1,0))+1)","v":""},"SINAPI-91341",{"$error":"#REF!"},0,{"$f":"ROUND(IF(ISNUMBER(R93),R93,IF(LEFT(R93,3)=\"BDI\",HLOOKUP(R93,DADOS!$T$37:$X$38,2,FALSE),0)),15-11*$X$5)","v":{"v":0.2223,"d":"22.23%"}}]
[{"$f":"CHOOSE(1+LOG(1+2*(J94=\"Meta\")+4*(J94=\"Nível 2\")+8*(J94=\"Nível 3\")+16*(J94=\"Nível 4\")+32*(J94=\"Serviço\"),2),0,1,2,3,4,\"S\")","v":"S"},{"$f":"IF(OR(A94=\"S\",A94=0),0,IF(ISERROR(I94),H94,SMALL(H94:I94,1)))","v":0},{"$f":"IF($A94=1,OFFSET(C94,-1,0)+1,OFFSET(C94,-1,0))","v":4},{"$f":"IF($A94=1,0,IF($A94=2,OFFSET(D94,-1,0)+1,OFFSET(D94,-1,0)))","v":3},{"$f":"IF(AND($A94<=2,$A94<>0),0,IF($A94=3,OFFSET(E94,-1,0)+1,OFFSET(E94,-1,0)))","v":0},{"$f":"IF(AND($A94<=3,$A94<>0),0,IF($A94=4,OFFSET(F94,-1,0)+1,OFFSET(F94,-1,0)))","v":0},{"$f":"IF(AND($A94<=4,$A94<>0),0,IF($A94=\"S\",OFFSET(G94,-1,0)+1,OFFSET(G94,-1,0)))","v":3},0,0,"Serviço",{"$f":"IF($A94=0,\"-\",CONCATENATE(C94&\".\",IF(AND($A$5>=2,$A94>=2),D94&\".\",\"\"),IF(AND($A$5>=3,$A94>=3),E94&\".\",\"\"),IF(AND($A$5>=4,$A94>=4),F94&\".\",\"\"),IF($A94=\"S\",G94&\".\",\"\")))","v":"4.3.3."},"PRÓPRIA","0005","PORTA DE AÇO CONFORME PADRÃO EXISTENTE INCLUSO FERRAGENS, PINTURA ANTICORROSIVA, REQUADRO E PINTURA ESMALTE - FORNECIMENTO E INSTALAÇÃO","M2",16.33,483.57,"BDI 1",{"$f":"IF($A94=\"S\",IF($Q$10=\"Preço Unitário (R$)\",PO.CustoUnitario,ROUND(PO.CustoUnitario*(1+$Z94),15-13*$X$6)),0)","v":591.07},{"$f":"IF($A94=\"S\",VTOTAL1,IF($A94=0,0,ROUND(SomaAgrup,15-13*$X$7)))","v":{"v":9652.17,"d":"9,652.17"}},{"$f":"IF($J94=\"\",\"\",IF($N94=\"\",\"DESCRIÇÃO\",IF(AND($J94=\"Serviço\",$O94=\"\"),\"UNIDADE\",IF($T94<=0,\"SEM VALOR\",IF(AND($Y94<>\"\",$Q94>$Y94),\"ACIMA REF.\",\"\")))))","v":"ACIMA REF."},{"$f":"IF(OR($A94=0,$A94=\"S\",$A94>CFF!$A$9),\"\",MAX(V$12:OFFSET(V94,-1,0))+1)","v":""},{"$f":"IF(AND($J94=\"Serviço\",$M94<>\"\"),IF($L94=\"\",$M94,CONCATENATE($L94,\"-\",$M94)))","v":"PRÓPRIA-0005"},{"$f":"IF(AND(Fonte<>\"\",Código<>\"\"),MATCH(Fonte&\" \"&IF(Fonte=\"sinapi\",SUBSTITUTE(SUBSTITUTE(Código,\"/00\",\"/\"),\"/0\",\"/\"),Código),INDIRECT(\"'[Referência \"&_xlnm.Database&\".xls]Banco'!$a:$a\"),0),\"X\")","v":{"$error":"#REF!"}},{"$f":"IF(Import.Desoneracao=\"sim\",Referencia.Desonerado,Referencia.NaoDesonerado)","v":0},{"$f":"ROUND(IF(ISNUMBER(R94),R94,IF(LEFT(R94,3)=\"BDI\",HLOOKUP(R94,DADOS!$T$37:$X$38,2,FALSE),0)),15-11*$X$5)","v":{"v":0.2223,"d":"22.23%"}}]
["S",0,4,3,0,0,4,0,0,"Serviço","4.3.4.","SINAPI","98689","PEITORIL EM GRANITO, LARGURA 15 CM, ESPESSURA 2,0 CM. AF_06/2018","M",{"v":13.6,"d":"13.60"},89.19,"BDI 1",109.02,{"v":1482.67,"d":"1,482.67"},"ACIMA REF.",{"$f":"IF(OR($A95=0,$A95=\"S\",$A95>CFF!$A$9),\"\",MAX(V$12:OFFSET(V95,-1,0))+1)","v":""},"SINAPI-98689",{"$error":"#REF!"},0,{"$f":"ROUND(IF(ISNUMBER(R95),R95,IF(LEFT(R95,3)=\"BDI\",HLOOKUP(R95,DADOS!$T$37:$X$38,2,FALSE),0)),15-11*$X$5)","v":{"v":0.2223,"d":"22.23%"}}]
[{"$f":"CHOOSE(1+LOG(1+2*(J96=\"Meta\")+4*(J96=\"Nível 2\")+8*(J96=\"Nível 3\")+16*(J96=\"Nível 4\")+32*(J96=\"Serviço\"),2),0,1,2,3,4,\"S\")","v":"S"},{"$f":"IF(OR(A96=\"S\",A96=0),0,IF(ISERROR(I96),H96,SMALL(H96:I96,1)))","v":0},{"$f":"IF($A96=1,OFFSET(C96,-1,0)+1,OFFSET(C96,-1,0))","v":4},{"$f":"IF($A96=1,0,IF($A96=2,OFFSET(D96,-1,0)+1,OFFSET(D96,-1,0)))","v":3},{"$f":"IF(AND($A96<=2,$A96<>0),0,IF($A96=3,OFFSET(E96,-1,0)+1,OFFSET(E96,-1,0)))","v":0},{"$f":"IF(AND($A96<=3,$A96<>0),0,IF($A96=4,OFFSET(F96,-1,0)+1,OFFSET(F96,-1,0)))","v":0},{"$f":"IF(AND($A96<=4,$A96<>0),0,IF($A96=\"S\",OFFSET(G96,-1,0)+1,OFFSET(G96,-1,0)))","v":5},0,0,"Serviço",{"$f":"IF($A96=0,\"-\",CONCATENATE(C96&\".\",IF(AND($A$5>=2,$A96>=2),D96&\".\",\"\"),IF(AND($A$5>=3,$A96>=3),E96&\".\",\"\"),IF(AND($A$5>=4,$A96>=4),F96&\".\",\"\"),IF($A96=\"S\",G96&\".\",\"\")))","v":"4.3.5."},"PRÓPRIA","0002","JANELA DE AÇO TIPO BASCULANTE COM BATENTE, FERRAGENS E PINTURA ANTICORROSIVA. INCLUSIVE VIDROS, REQUADRO E PINTURA ESMALTE - FORNECIMENTO E INSTALAÇÃO","M2",10.72,679.57,"BDI 1",{"$f":"IF($A96=\"S\",IF($Q$10=\"Preço Unitário (R$)\",PO.CustoUnitario,ROUND(PO.CustoUnitario*(1+$Z96),15-13*$X$6)),0)","v":830.64},{"$f":"IF($A96=\"S\",VTOTAL1,IF($A96=0,0,ROUND(SomaAgrup,15-13*$X$7)))","v":{"v":8904.46,"d":"8,904.46"}},{"$f":"IF($J96=\"\",\"\",IF($N96=\"\",\"DESCRIÇÃO\",IF(AND($J96=\"Serviço\",$O96=\"\"),\"UNIDADE\",IF($T96<=0,\"SEM VALOR\",IF(AND($Y96<>\"\",$Q96>$Y96),\"ACIMA REF.\",\"\")))))","v":"ACIMA REF."},{"$f":"IF(OR($A96=0,$A96=\"S\",$A96>CFF!$A$9),\"\",MAX(V$12:OFFSET(V96,-1,0))+1)","v":""},{"$f":"IF(AND($J96=\"Serviço\",$M96<>\"\"),IF($L96=\"\",$M96,CONCATENATE($L96,\"-\",$M96)))","v":"PRÓPRIA-0002"},{"$f":"IF(AND(Fonte<>\"\",Código<>\"\"),MATCH(Fonte&\" \"&IF(Fonte=\"sinapi\",SUBSTITUTE(SUBSTITUTE(Código,\"/00\",\"/\"),\"/0\",\"/\"),Código),INDIRECT(\"'[Referência \"&_xlnm.Database&\".xls]Banco'!$a:$a\"),0),\"X\")","v":{"$error":"#REF!"}},{"$f":"IF(Import.Desoneracao=\"sim\",Referencia.Desonerado,Referencia.NaoDesonerado)","v":0},{"$f":"ROUND(IF(ISNUMBER(R96),R96,IF(LEFT(R96,3)=\"BDI\",HLOOKUP(R96,DADOS!$T$37:$X$38,2,FALSE),0)),15-11*$X$5)","v":{"v":0.2223,"d":"22.23%"}}]
[{"$f":"CHOOSE(1+LOG(1+2*(J97=\"Meta\")+4*(J97=\"Nível 2\")+8*(J97=\"Nível 3\")+16*(J97=\"Nível 4\")+32*(J97=\"Serviço\"),2),0,1,2,3,4,\"S\")","v":"S"},{"$f":"IF(OR(A97=\"S\",A97=0),0,IF(ISERROR(I97),H97,SMALL(H97:I97,1)))","v":0},{"$f":"IF($A97=1,OFFSET(C97,-1,0)+1,OFFSET(C97,-1,0))","v":4},{"$f":"IF($A97=1,0,IF($A97=2,OFFSET(D97,-1,0)+1,OFFSET(D97,-1,0)))","v":3},{"$f":"IF(AND($A97<=2,$A97<>0),0,IF($A97=3,OFFSET(E97,-1,0)+1,OFFSET(E97,-1,0)))","v":0},{"$f":"IF(AND($A97<=3,$A97<>0),0,IF($A97=4,OFFSET(F97,-1,0)+1,OFFSET(F97,-1,0)))","v":0},{"$f":"IF(AND($A97<=4,$A97<>0),0,IF($A97=\"S\",OFFSET(G97,-1,0)+1,OFFSET(G97,-1,0)))","v":6},0,0,"Serviço",{"$f":"IF($A97=0,\"-\",CONCATENATE(C97&\".\",IF(AND($A$5>=2,$A97>=2),D97&\".\",\"\"),IF(AND($A$5>=3,$A97>=3),E97&\".\",\"\"),IF(AND($A$5>=4,$A97>=4),F97&\".\",\"\"),IF($A97=\"S\",G97&\".\",\"\")))","v":"4.3.6."},"SINAPI","93184","VERGA PRÉ-MOLDADA PARA PORTAS COM ATÉ 1,5 M DE VÃO. AF_03/2016","M",{"v":2.3,"d":"2.30"},19.69,"BDI 1",{"$f":"IF($A97=\"S\",IF($Q$10=\"Preço Unitário (R$)\",PO.CustoUnitario,ROUND(PO.CustoUnitario*(1+$Z97),15-13*$X$6)),0)","v":24.07},{"$f":"IF($A97=\"S\",VTOTAL1,IF($A97=0,0,ROUND(SomaAgrup,15-13*$X$7)))","v":55.36},{"$f":"IF($J97=\"\",\"\",IF($N97=\"\",\"DESCRIÇÃO\",IF(AND($J97=\"Serviço\",$O97=\"\"),\"UNIDADE\",IF($T97<=0,\"SEM VALOR\",IF(AND($Y97<>\"\",$Q97>$Y97),\"ACIMA REF.\",\"\")))))","v":"ACIMA REF."},{"$f":"IF(OR($A97=0,$A97=\"S\",$A97>CFF!$A$9),\"\",MAX(V$12:OFFSET(V97,-1,0))+1)","v":""},{"$f":"IF(AND($J97=\"Serviço\",$M97<>\"\"),IF($L97=\"\",$M97,CONCATENATE($L97,\"-\",$M97)))","v":"SINAPI-93184"},{"$f":"IF(AND(Fonte<>\"\",Código<>\"\"),MATCH(Fonte&\" \"&IF(Fonte=\"sinapi\",SUBSTITUTE(SUBSTITUTE(Código,\"/00\",\"/\"),\"/0\",\"/\"),Código),INDIRECT(\"'[Referência \"&_xlnm.Database&\".xls]Banco'!$a:$a\"),0),\"X\")","v":{"$error":"#REF!"}},{"$f":"IF(Import.Desoneracao=\"sim\",Referencia.Desonerado,Referencia.NaoDesonerado)","v":0},{"$f":"ROUND(IF(ISNUMBER(R97),R97,IF(LEFT(R97,3)=\"BDI\",HLOOKUP(R97,DADOS!$T$37:$X$38,2,FALSE),0)),15-11*$X$5)","v":{"v":0.2223,"d":"22.23%"}}]
[2,12,4,4,0,0,0,20,12,"Nível 2","4.4.","SINAPI",null,"EQUIPAMENTO SANITÁRIO",{"$f":"Referencia.Unidade","v":""},null,null,"BDI 1",0,{"v":24502.8,"d":"24,502.80"},"",{"$f":"IF(OR($A98=0,$A98=\"S\",$A98>CFF!$A$9),\"\",MAX(V$12:OFFSET(V98,-1,0))+1)","v":13},false,"X",0,{"$f":"ROUND(IF(ISNUMBER(R98),R98,IF(LEFT(R98,3)=\"BDI\",HLOOKUP(R98,DADOS!$T$37:$X$38,2,FALSE),0)),15-11*$X$5)","v":{"v":0.2223,"d":"22.23%"}}]
["S",0,4,4,0,0,1,0,0,"Serviço","4.4.1.","SINAPI","86931","VASO SANITÁRIO SIFONADO COM CAIXA ACOPLADA LOUÇA BRANCA, INCLUSO ENGATE FLEXÍVEL EM PLÁSTICO BRANCO, 1/2  X 40CM - FORNECIMENTO E INSTALAÇÃO.","UN",{"v":14,"d":"14.00"},394.68,"BDI 1",482.42,{"v":6753.88,"d":"6,753.88"},"ACIMA REF.",{"$f":"IF(OR($A99=0,$A99=\"S\",$A99>CFF!$A$9),\"\",MAX(V$12:OFFSET(V99,-1,0))+1)","v":""},"SINAPI-86931",{"$error":"#REF!"},0,{"$f":"ROUND(IF(ISNUMBER(R99),R99,IF(LEFT(R99,3)=\"BDI\",HLOOKUP(R99,DADOS!$T$37:$X$38,2,FALSE),0)),15-11*$X$5)","v":{"v":0.2223,"d":"22.23%"}}]
["S",0,4,4,0,0,2,0,0,"Serviço","4.4.2.","SINAPI","95472","VASO SANITARIO SIFONADO CONVENCIONAL PARA PCD SEM FURO FRONTAL COM LOUÇA BRANCA SEM ASSENTO, INCLUSO CONJUNTO DE LIGAÇÃO PARA BACIA SANITÁRIA AJUSTÁVEL - FORNECIMENTO E INSTALAÇÃO","UN",{"v":2,"d":"2.00"},686.62,"BDI 1",839.26,{"v":1678.52,"d":"1,678.52"},"ACIMA REF.",{"$f":"IF(OR($A100=0,$A100=\"S\",$A100>CFF!$A$9),\"\",MAX(V$12:OFFSET(V100,-1,0))+1)","v":""},"SINAPI-95472",{"$error":"#REF!"},0,{"$f":"ROUND(IF(ISNUMBER(R100),R100,IF(LEFT(R100,3)=\"BDI\",HLOOKUP(R100,DADOS!$T$37:$X$38,2,FALSE),0)),15-11*$X$5)","v":{"v":0.2223,"d":"22.23%"}}]
["S",0,4,4,0,0,3,0,0,"Serviço","4.4.3.","SINAPI","100858","MICTORIO SIFONADO LOUCA BRANCA - FORNECIMENTO E INSTALAÇÃO - INCLUSIVE ACESSÓRIOS","UN    ",{"v":10,"d":"10.00"},519.55,"BDI 1",635.05,{"v":6350.5,"d":"6,350.50"},"ACIMA REF.",{"$f":"IF(OR($A101=0,$A101=\"S\",$A101>CFF!$A$9),\"\",MAX(V$12:OFFSET(V101,-1,0))+1)","v":""},"SINAPI-100858",{"$error":"#REF!"},0,{"$f":"ROUND(IF(ISNUMBER(R101),R101,IF(LEFT(R101,3)=\"BDI\",HLOOKUP(R101,DADOS!$T$37:$X$38,2,FALSE),0)),15-11*$X$5)","v":{"v":0.2223,"d":"22.23%"}}]
["S",0,4,4,0,0,4,0,0,"Serviço","4.4.4.","SINAPI","86939","LAVATÓRIO LOUÇA BRANCA COM COLUNA, *44 X 35,5* CM, PADRÃO POPULAR, INCLUSO SIFÃO FLEXÍVEL EM PVC, VÁLVULA E ENGATE FLEXÍVEL 30CM EM PLÁSTICO E COM TORNEIRA CROMADA PADRÃO POPULAR - FORNECIMENTO E INSTALAÇÃO.","UN",{"v":14,"d":"14.00"},292.75,"BDI 1",357.83,{"v":5009.62,"d":"5,009.62"},"ACIMA REF.",{"$f":"IF(OR($A102=0,$A102=\"S\",$A102>CFF!$A$9),\"\",MAX(V$12:OFFSET(V102,-1,0))+1)","v":""},"SINAPI-86939",{"$error":"#REF!"},0,{"$f":"ROUND(IF(ISNUMBER(R102),R102,IF(LEFT(R102,3)=\"BDI\",HLOOKUP(R102,DADOS!$T$37:$X$38,2,FALSE),0)),15-11*$X$5)","v":{"v":0.2223,"d":"22.23%"}}]
["S",0,4,4,0,0,5,0,0,"Serviço","4.4.5.","SINAPI","86942","LAVATÓRIO LOUÇA BRANCA SUSPENSO, 29,5 X 39CM OU EQUIVALENTE, PADRÃO POPULAR, INCLUSO SIFÃO TIPO GARRAFA EM PVC, VÁLVULA E ENGATE FLEXÍVEL 30CM EM PLÁSTICO E TORNEIRA CROMADA DE MESA, PADRÃO POPULAR - FORNECIMENTO E INSTALAÇÃO.","UN",{"v":2,"d":"2.00"},200.59,"BDI 1",245.18,490.36,"ACIMA REF.",{"$f":"IF(OR($A103=0,$A103=\"S\",$A103>CFF!$A$9),\"\",MAX(V$12:OFFSET(V103,-1,0))+1)","v":""},"SINAPI-86942",{"$error":"#REF!"},0,{"$f":"ROUND(IF(ISNUMBER(R103),R103,IF(LEFT(R103,3)=\"BDI\",HLOOKUP(R103,DADOS!$T$37:$X$38,2,FALSE),0)),15-11*$X$5)","v":{"v":0.2223,"d":"22.23%"}}]
[{"$f":"CHOOSE(1+LOG(1+2*(J104=\"Meta\")+4*(J104=\"Nível 2\")+8*(J104=\"Nível 3\")+16*(J104=\"Nível 4\")+32*(J104=\"Serviço\"),2),0,1,2,3,4,\"S\")","v":"S"},{"$f":"IF(OR(A104=\"S\",A104=0),0,IF(ISERROR(I104),H104,SMALL(H104:I104,1)))","v":0},{"$f":"IF($A104=1,OFFSET(C104,-1,0)+1,OFFSET(C104,-1,0))","v":4},{"$f":"IF($A104=1,0,IF($A104=2,OFFSET(D104,-1,0)+1,OFFSET(D104,-1,0)))","v":4},{"$f":"IF(AND($A104<=2,$A104<>0),0,IF($A104=3,OFFSET(E104,-1,0)+1,OFFSET(E104,-1,0)))","v":0},{"$f":"IF(AND($A104<=3,$A104<>0),0,IF($A104=4,OFFSET(F104,-1,0)+1,OFFSET(F104,-1,0)))","v":0},{"$f":"IF(AND($A104<=4,$A104<>0),0,IF($A104=\"S\",OFFSET(G104,-1,0)+1,OFFSET(G104,-1,0)))","v":6},0,0,"Serviço",{"$f":"IF($A104=0,\"-\",CONCATENATE(C104&\".\",IF(AND($A$5>=2,$A104>=2),D104&\".\",\"\"),IF(AND($A$5>=3,$A104>=3),E104&\".\",\"\"),IF(AND($A$5>=4,$A104>=4),F104&\".\",\"\"),IF($A104=\"S\",G104&\".\",\"\")))","v":"4.4.6."},"SINAPI","100865","BARRA DE APOIO LATERAL ARTICULADA, COM TRAVA, EM ACO INOX POLIDO, FIXADA NA PAREDE - FORNECIMENTO E INSTALAÇÃO. AF_01/2020","UN",{"v":2,"d":"2.00"},556.51,"BDI 1",{"$f":"IF($A104=\"S\",IF($Q$10=\"Preço Unitário (R$)\",PO.CustoUnitario,ROUND(PO.CustoUnitario*(1+$Z104),15-13*$X$6)),0)","v":680.22},{"$f":"IF($A104=\"S\",VTOTAL1,IF($A104=0,0,ROUND(SomaAgrup,15-13*$X$7)))","v":{"v":1360.44,"d":"1,360.44"}},{"$f":"IF($J104=\"\",\"\",IF($N104=\"\",\"DESCRIÇÃO\",IF(AND($J104=\"Serviço\",$O104=\"\"),\"UNIDADE\",IF($T104<=0,\"SEM VALOR\",IF(AND($Y104<>\"\",$Q104>$Y104),\"ACIMA REF.\",\"\")))))","v":"ACIMA REF."},{"$f":"IF(OR($A104=0,$A104=\"S\",$A104>CFF!$A$9),\"\",MAX(V$12:OFFSET(V104,-1,0))+1)","v":""},{"$f":"IF(AND($J104=\"Serviço\",$M104<>\"\"),IF($L104=\"\",$M104,CONCATENATE($L104,\"-\",$M104)))","v":"SINAPI-100865"},{"$f":"IF(AND(Fonte<>\"\",Código<>\"\"),MATCH(Fonte&\" \"&IF(Fonte=\"sinapi\",SUBSTITUTE(SUBSTITUTE(Código,\"/00\",\"/\"),\"/0\",\"/\"),Código),INDIRECT(\"'[Referência \"&_xlnm.Database&\".xls]Banco'!$a:$a\"),0),\"X\")","v":{"$error":"#REF!"}},{"$f":"IF(Import.Desoneracao=\"sim\",Referencia.Desonerado,Referencia.NaoDesonerado)","v":0},{"$f":"ROUND(IF(ISNUMBER(R104),R104,IF(LEFT(R104,3)=\"BDI\",HLOOKUP(R104,DADOS!$T$37:$X$38,2,FALSE),0)),15-11*$X$5)","v":{"v":0.2223,"d":"22.23%"}}]
["S",0,4,4,0,0,7,0,0,"Serviço","4.4.7.","SINAPI","100868","BARRA DE APOIO RETA, EM ACO INOX POLIDO, COMPRIMENTO 80 CM,  FIXADA NA PAREDE - FORNECIMENTO E INSTALAÇÃO. AF_01/2020","UN",{"v":2,"d":"2.00"},291.96,"BDI 1",356.86,713.72,"ACIMA REF.",{"$f":"IF(OR($A105=0,$A105=\"S\",$A105>CFF!$A$9),\"\",MAX(V$12:OFFSET(V105,-1,0))+1)","v":""},"SINAPI-100868",{"$error":"#REF!"},{"$f":"IF(Import.Desoneracao=\"sim\",Referencia.Desonerado,Referencia.NaoDesonerado)","v":0},{"$f":"ROUND(IF(ISNUMBER(R105),R105,IF(LEFT(R105,3)=\"BDI\",HLOOKUP(R105,DADOS!$T$37:$X$38,2,FALSE),0)),15-11*$X$5)","v":{"v":0.2223,"d":"22.23%"}}]
["S",0,4,4,0,0,8,0,0,"Serviço","4.4.8.","SINAPI","100866","BARRA DE APOIO RETA, EM ACO INOX POLIDO, COMPRIMENTO 60CM, FIXADA NA PAREDE - FORNECIMENTO E INSTALAÇÃO. AF_01/2020","UN",{"v":2,"d":"2.00"},259.14,"BDI 1",316.75,{"v":633.5,"d":"633.50"},"ACIMA REF.",{"$f":"IF(OR($A106=0,$A106=\"S\",$A106>CFF!$A$9),\"\",MAX(V$12:OFFSET(V106,-1,0))+1)","v":""},"SINAPI-100866",{"$error":"#REF!"},{"$f":"IF(Import.Desoneracao=\"sim\",Referencia.Desonerado,Referencia.NaoDesonerado)","v":0},{"$f":"ROUND(IF(ISNUMBER(R106),R106,IF(LEFT(R106,3)=\"BDI\",HLOOKUP(R106,DADOS!$T$37:$X$38,2,FALSE),0)),15-11*$X$5)","v":{"v":0.2223,"d":"22.23%"}}]
["S",0,4,4,0,0,9,0,0,"Serviço","4.4.9.","SINAPI-I","377","ASSENTO SANITARIO DE PLASTICO, TIPO CONVENCIONAL","UN    ",{"v":16,"d":"16.00"},{"v":25.9,"d":"25.90"},"BDI 1",31.66,506.56,"ACIMA REF.",{"$f":"IF(OR($A107=0,$A107=\"S\",$A107>CFF!$A$9),\"\",MAX(V$12:OFFSET(V107,-1,0))+1)","v":""},"SINAPI-I-377",{"$error":"#REF!"},{"$f":"IF(Import.Desoneracao=\"sim\",Referencia.Desonerado,Referencia.NaoDesonerado)","v":0},{"$f":"ROUND(IF(ISNUMBER(R107),R107,IF(LEFT(R107,3)=\"BDI\",HLOOKUP(R107,DADOS!$T$37:$X$38,2,FALSE),0)),15-11*$X$5)","v":{"v":0.2223,"d":"22.23%"}}]
["S",0,4,4,0,0,10,0,0,"Serviço","4.4.10.","SINAPI","95547","SABONETEIRA PLASTICA TIPO DISPENSER PARA SABONETE LIQUIDO COM RESERVATORIO 800 A 1500 ML, INCLUSO FIXAÇÃO. AF_01/2020","UN",{"v":10,"d":"10.00"},44.33,"BDI 1",54.18,{"v":541.8,"d":"541.80"},"ACIMA REF.",{"$f":"IF(OR($A108=0,$A108=\"S\",$A108>CFF!$A$9),\"\",MAX(V$12:OFFSET(V108,-1,0))+1)","v":""},"SINAPI-95547",{"$error":"#REF!"},{"$f":"IF(Import.Desoneracao=\"sim\",Referencia.Desonerado,Referencia.NaoDesonerado)","v":0},{"$f":"ROUND(IF(ISNUMBER(R108),R108,IF(LEFT(R108,3)=\"BDI\",HLOOKUP(R108,DADOS!$T$37:$X$38,2,FALSE),0)),15-11*$X$5)","v":{"v":0.2223,"d":"22.23%"}}]
["S",0,4,4,0,0,11,{"$f":"IF(OR($A109=\"S\",$A109=0),0,MATCH(0,OFFSET($B109,1,$A109,ROW($A$134)-ROW($A109)),0))","v":0},{"$f":"IF(OR($A109=\"S\",$A109=0),0,MATCH(OFFSET($B109,0,$A109)+1,OFFSET($B109,1,$A109,ROW($A$134)-ROW($A109)),0))","v":0},"Serviço","4.4.11.","SINAPI-I","37401","TOALHEIRO PLASTICO TIPO DISPENSER PARA PAPEL TOALHA INTERFOLHADO","UN    ",{"v":10,"d":"10.00"},37.95,"BDI 1",46.39,{"v":463.9,"d":"463.90"},"ACIMA REF.",{"$f":"IF(OR($A109=0,$A109=\"S\",$A109>CFF!$A$9),\"\",MAX(V$12:OFFSET(V109,-1,0))+1)","v":""},"SINAPI-I-37401",{"$error":"#REF!"},{"$f":"IF(Import.Desoneracao=\"sim\",Referencia.Desonerado,Referencia.NaoDesonerado)","v":0},{"$f":"ROUND(IF(ISNUMBER(R109),R109,IF(LEFT(R109,3)=\"BDI\",HLOOKUP(R109,DADOS!$T$37:$X$38,2,FALSE),0)),15-11*$X$5)","v":{"v":0.2223,"d":"22.23%"}}]
[2,8,4,5,0,0,0,8,{"$error":"#N/A"},"Nível 2","4.5.","SINAPI",null,"INSTALAÇÕES DE ÁGUA FRIA E ESGOTO SANITÁRIO",{"$f":"Referencia.Unidade","v":""},null,null,"BDI 1",0,{"v":14064.58,"d":"14,064.58"},"",{"$f":"IF(OR($A110=0,$A110=\"S\",$A110>CFF!$A$9),\"\",MAX(V$12:OFFSET(V110,-1,0))+1)","v":14},false,"X",0,{"$f":"ROUND(IF(ISNUMBER(R110),R110,IF(LEFT(R110,3)=\"BDI\",HLOOKUP(R110,DADOS!$T$37:$X$38,2,FALSE),0)),15-11*$X$5)","v":{"v":0.2223,"d":"22.23%"}}]
[{"$f":"CHOOSE(1+LOG(1+2*(J111=\"Meta\")+4*(J111=\"Nível 2\")+8*(J111=\"Nível 3\")+16*(J111=\"Nível 4\")+32*(J111=\"Serviço\"),2),0,1,2,3,4,\"S\")","v":"S"},{"$f":"IF(OR(A111=\"S\",A111=0),0,IF(ISERROR(I111),H111,SMALL(H111:I111,1)))","v":0},{"$f":"IF($A111=1,OFFSET(C111,-1,0)+1,OFFSET(C111,-1,0))","v":4},{"$f":"IF($A111=1,0,IF($A111=2,OFFSET(D111,-1,0)+1,OFFSET(D111,-1,0)))","v":5},{"$f":"IF(AND($A111<=2,$A111<>0),0,IF($A111=3,OFFSET(E111,-1,0)+1,OFFSET(E111,-1,0)))","v":0},{"$f":"IF(AND($A111<=3,$A111<>0),0,IF($A111=4,OFFSET(F111,-1,0)+1,OFFSET(F111,-1,0)))","v":0},{"$f":"IF(AND($A111<=4,$A111<>0),0,IF($A111=\"S\",OFFSET(G111,-1,0)+1,OFFSET(G111,-1,0)))","v":1},0,0,"Serviço",{"$f":"IF($A111=0,\"-\",CONCATENATE(C111&\".\",IF(AND($A$5>=2,$A111>=2),D111&\".\",\"\"),IF(AND($A$5>=3,$A111>=3),E111&\".\",\"\"),IF(AND($A$5>=4,$A111>=4),F111&\".\",\"\"),IF($A111=\"S\",G111&\".\",\"\")))","v":"4.5.1."},"SINAPI","91786","(COMPOSIÇÃO REPRESENTATIVA) DO SERVIÇO DE INSTALAÇÃO TUBOS DE PVC, SOLDÁVEL, ÁGUA FRIA, DN 32 MM (INSTALADO EM RAMAL, SUB-RAMAL, RAMAL DE DISTRIBUIÇÃO OU PRUMADA), INCLUSIVE CONEXÕES, CORTES E FIXAÇÕES, PARA PRÉDIOS. AF_10/2015","M",{"v":60,"d":"60.00"},21.31,"BDI 1",{"$f":"IF($A111=\"S\",IF($Q$10=\"Preço Unitário (R$)\",PO.CustoUnitario,ROUND(PO.CustoUnitario*(1+$Z111),15-13*$X$6)),0)","v":26.05},{"$f":"IF($A111=\"S\",VTOTAL1,IF($A111=0,0,ROUND(SomaAgrup,15-13*$X$7)))","v":{"v":1563,"d":"1,563.00"}},{"$f":"IF($J111=\"\",\"\",IF($N111=\"\",\"DESCRIÇÃO\",IF(AND($J111=\"Serviço\",$O111=\"\"),\"UNIDADE\",IF($T111<=0,\"SEM VALOR\",IF(AND($Y111<>\"\",$Q111>$Y111),\"ACIMA REF.\",\"\")))))","v":"ACIMA REF."},{"$f":"IF(OR($A111=0,$A111=\"S\",$A111>CFF!$A$9),\"\",MAX(V$12:OFFSET(V111,-1,0))+1)","v":""},{"$f":"IF(AND($J111=\"Serviço\",$M111<>\"\"),IF($L111=\"\",$M111,CONCATENATE($L111,\"-\",$M111)))","v":"SINAPI-91786"},{"$f":"IF(AND(Fonte<>\"\",Código<>\"\"),MATCH(Fonte&\" \"&IF(Fonte=\"sinapi\",SUBSTITUTE(SUBSTITUTE(Código,\"/00\",\"/\"),\"/0\",\"/\"),Código),INDIRECT(\"'[Referência \"&_xlnm.Database&\".xls]Banco'!$a:$a\"),0),\"X\")","v":{"$error":"#REF!"}},{"$f":"IF(Import.Desoneracao=\"sim\",Referencia.Desonerado,Referencia.NaoDesonerado)","v":0},{"$f":"ROUND(IF(ISNUMBER(R111),R111,IF(LEFT(R111,3)=\"BDI\",HLOOKUP(R111,DADOS!$T$37:$X$38,2,FALSE),0)),15-11*$X$5)","v":{"v":0.2223,"d":"22.23%"}}]
["S",0,4,5,0,0,2,0,0,"Serviço","4.5.2.","SINAPI","91785","(COMPOSIÇÃO REPRESENTATIVA) DO SERVIÇO DE INSTALAÇÃO DE TUBOS DE PVC, SOLDÁVEL, ÁGUA FRIA, DN 25 MM (INSTALADO EM RAMAL, SUB-RAMAL, RAMAL DE DISTRIBUIÇÃO OU PRUMADA), INCLUSIVE CONEXÕES, CORTES E FIXAÇÕES, PARA PRÉDIOS. AF_10/2015","M",{"v":20,"d":"20.00"},32.11,"BDI 1",{"$f":"IF($A112=\"S\",IF($Q$10=\"Preço Unitário (R$)\",PO.CustoUnitario,ROUND(PO.CustoUnitario*(1+$Z112),15-13*$X$6)),0)","v":39.25},{"$f":"IF($A112=\"S\",VTOTAL1,IF($A112=0,0,ROUND(SomaAgrup,15-13*$X$7)))","v":{"v":785,"d":"785.00"}},"ACIMA REF.",{"$f":"IF(OR($A112=0,$A112=\"S\",$A112>CFF!$A$9),\"\",MAX(V$12:OFFSET(V112,-1,0))+1)","v":""},"SINAPI-91785",{"$f":"IF(AND(Fonte<>\"\",Código<>\"\"),MATCH(Fonte&\" \"&IF(Fonte=\"sinapi\",SUBSTITUTE(SUBSTITUTE(Código,\"/00\",\"/\"),\"/0\",\"/\"),Código),INDIRECT(\"'[Referência \"&_xlnm.Database&\".xls]Banco'!$a:$a\"),0),\"X\")","v":{"$error":"#REF!"}},{"$f":"IF(Import.Desoneracao=\"sim\",Referencia.Desonerado,Referencia.NaoDesonerado)","v":0},{"$f":"ROUND(IF(ISNUMBER(R112),R112,IF(LEFT(R112,3)=\"BDI\",HLOOKUP(R112,DADOS!$T$37:$X$38,2,FALSE),0)),15-11*$X$5)","v":{"v":0.2223,"d":"22.23%"}}]
["S",0,4,5,0,0,3,0,0,"Serviço","4.5.3.","SINAPI","89972","KIT DE REGISTRO DE GAVETA BRUTO DE LATÃO ¾\", INCLUSIVE CONEXÕES, ROSCÁVEL, INSTALADO EM RAMAL DE ÁGUA FRIA - FORNECIMENTO E INSTALAÇÃO. AF_12/2014","UN",{"v":10,"d":"10.00"},50.03,"BDI 1",{"$f":"IF($A113=\"S\",IF($Q$10=\"Preço Unitário (R$)\",PO.CustoUnitario,ROUND(PO.CustoUnitario*(1+$Z113),15-13*$X$6)),0)","v":61.15},{"$f":"IF($A113=\"S\",VTOTAL1,IF($A113=0,0,ROUND(SomaAgrup,15-13*$X$7)))","v":{"v":611.5,"d":"611.50"}},"ACIMA REF.",{"$f":"IF(OR($A113=0,$A113=\"S\",$A113>CFF!$A$9),\"\",MAX(V$12:OFFSET(V113,-1,0))+1)","v":""},"SINAPI-89972",{"$f":"IF(AND(Fonte<>\"\",Código<>\"\"),MATCH(Fonte&\" \"&IF(Fonte=\"sinapi\",SUBSTITUTE(SUBSTITUTE(Código,\"/00\",\"/\"),\"/0\",\"/\"),Código),INDIRECT(\"'[Referência \"&_xlnm.Database&\".xls]Banco'!$a:$a\"),0),\"X\")","v":{"$error":"#REF!"}},{"$f":"IF(Import.Desoneracao=\"sim\",Referencia.Desonerado,Referencia.NaoDesonerado)","v":0},{"$f":"ROUND(IF(ISNUMBER(R113),R113,IF(LEFT(R113,3)=\"BDI\",HLOOKUP(R113,DADOS!$T$37:$X$38,2,FALSE),0)),15-11*$X$5)","v":{"v":0.2223,"d":"22.23%"}}]
[{"$f":"CHOOSE(1+LOG(1+2*(J114=\"Meta\")+4*(J114=\"Nível 2\")+8*(J114=\"Nível 3\")+16*(J114=\"Nível 4\")+32*(J114=\"Serviço\"),2),0,1,2,3,4,\"S\")","v":"S"},{"$f":"IF(OR(A114=\"S\",A114=0),0,IF(ISERROR(I114),H114,SMALL(H114:I114,1)))","v":0},{"$f":"IF($A114=1,OFFSET(C114,-1,0)+1,OFFSET(C114,-1,0))","v":4},{"$f":"IF($A114=1,0,IF($A114=2,OFFSET(D114,-1,0)+1,OFFSET(D114,-1,0)))","v":5},{"$f":"IF(AND($A114<=2,$A114<>0),0,IF($A114=3,OFFSET(E114,-1,0)+1,OFFSET(E114,-1,0)))","v":0},{"$f":"IF(AND($A114<=3,$A114<>0),0,IF($A114=4,OFFSET(F114,-1,0)+1,OFFSET(F114,-1,0)))","v":0},{"$f":"IF(AND($A114<=4,$A114<>0),0,IF($A114=\"S\",OFFSET(G114,-1,0)+1,OFFSET(G114,-1,0)))","v":4},0,0,"Serviço",{"$f":"IF($A114=0,\"-\",CONCATENATE(C114&\".\",IF(AND($A$5>=2,$A114>=2),D114&\".\",\"\"),IF(AND($A$5>=3,$A114>=3),E114&\".\",\"\"),IF(AND($A$5>=4,$A114>=4),F114&\".\",\"\"),IF($A114=\"S\",G114&\".\",\"\")))","v":"4.5.4."},"SINAPI","89957","PONTO DE CONSUMO TERMINAL DE ÁGUA FRIA (SUBRAMAL) COM TUBULAÇÃO DE PVC, DN 25 MM, INSTALADO EM RAMAL DE ÁGUA, INCLUSOS RASGO E CHUMBAMENTO EM ALVENARIA.","UN",{"v":42,"d":"42.00"},104.58,"BDI 1",{"$f":"IF($A114=\"S\",IF($Q$10=\"Preço Unitário (R$)\",PO.CustoUnitario,ROUND(PO.CustoUnitario*(1+$Z114),15-13*$X$6)),0)","v":127.83},{"$f":"IF($A114=\"S\",VTOTAL1,IF($A114=0,0,ROUND(SomaAgrup,15-13*$X$7)))","v":{"v":5368.86,"d":"5,368.86"}},{"$f":"IF($J114=\"\",\"\",IF($N114=\"\",\"DESCRIÇÃO\",IF(AND($J114=\"Serviço\",$O114=\"\"),\"UNIDADE\",IF($T114<=0,\"SEM VALOR\",IF(AND($Y114<>\"\",$Q114>$Y114),\"ACIMA REF.\",\"\")))))","v":"ACIMA REF."},{"$f":"IF(OR($A114=0,$A114=\"S\",$A114>CFF!$A$9),\"\",MAX(V$12:OFFSET(V114,-1,0))+1)","v":""},{"$f":"IF(AND($J114=\"Serviço\",$M114<>\"\"),IF($L114=\"\",$M114,CONCATENATE($L114,\"-\",$M114)))","v":"SINAPI-89957"},{"$f":"IF(AND(Fonte<>\"\",Código<>\"\"),MATCH(Fonte&\" \"&IF(Fonte=\"sinapi\",SUBSTITUTE(SUBSTITUTE(Código,\"/00\",\"/\"),\"/0\",\"/\"),Código),INDIRECT(\"'[Referência \"&_xlnm.Database&\".xls]Banco'!$a:$a\"),0),\"X\")","v":{"$error":"#REF!"}},{"$f":"IF(Import.Desoneracao=\"sim\",Referencia.Desonerado,Referencia.NaoDesonerado)","v":0},{"$f":"ROUND(IF(ISNUMBER(R114),R114,IF(LEFT(R114,3)=\"BDI\",HLOOKUP(R114,DADOS!$T$37:$X$38,2,FALSE),0)),15-11*$X$5)","v":{"v":0.2223,"d":"22.23%"}}]
["S",0,4,5,0,0,5,0,0,"Serviço","4.5.5.","SINAPI","89709","RALO SIFONADO, PVC, DN 100 X 40 MM, JUNTA SOLDÁVEL, FORNECIDO E INSTALADO EM RAMAL DE DESCARGA OU EM RAMAL DE ESGOTO SANITÁRIO.","UN",{"v":6,"d":"6.00"},{"v":10.3,"d":"10.30"},"BDI 1",12.59,75.54,"ACIMA REF.",{"$f":"IF(OR($A115=0,$A115=\"S\",$A115>CFF!$A$9),\"\",MAX(V$12:OFFSET(V115,-1,0))+1)","v":""},"SINAPI-89709",{"$error":"#REF!"},{"$f":"IF(Import.Desoneracao=\"sim\",Referencia.Desonerado,Referencia.NaoDesonerado)","v":0},{"$f":"ROUND(IF(ISNUMBER(R115),R115,IF(LEFT(R115,3)=\"BDI\",HLOOKUP(R115,DADOS!$T$37:$X$38,2,FALSE),0)),15-11*$X$5)","v":{"v":0.2223,"d":"22.23%"}}]
["S",0,4,5,0,0,6,0,0,"Serviço","4.5.6.","SINAPI","91795","(COMPOSIÇÃO REPRESENTATIVA) DO SERVIÇO DE INST. TUBO PVC, SÉRIE N, ESGOTO PREDIAL, 100 MM (INST. RAMAL DESCARGA, RAMAL DE ESG. SANIT., PRUMADA ESG. SANIT., VENTILAÇÃO OU SUB-COLETOR AÉREO), INCL. CONEXÕES E CORTES, FIXAÇÕES, P/ PRÉDIOS. AF_10/2015","M",{"v":80,"d":"80.00"},48.01,"BDI 1",58.68,{"v":4694.4,"d":"4,694.40"},"ACIMA REF.",{"$f":"IF(OR($A116=0,$A116=\"S\",$A116>CFF!$A$9),\"\",MAX(V$12:OFFSET(V116,-1,0))+1)","v":""},"SINAPI-91795",{"$error":"#REF!"},{"$f":"IF(Import.Desoneracao=\"sim\",Referencia.Desonerado,Referencia.NaoDesonerado)","v":0},{"$f":"ROUND(IF(ISNUMBER(R116),R116,IF(LEFT(R116,3)=\"BDI\",HLOOKUP(R116,DADOS!$T$37:$X$38,2,FALSE),0)),15-11*$X$5)","v":{"v":0.2223,"d":"22.23%"}}]
["S",0,4,5,0,0,7,0,0,"Serviço","4.5.7.","SINAPI","91794","(COMPOSIÇÃO REPRESENTATIVA) DO SERVIÇO DE INST. TUBO PVC, SÉRIE N, ESGOTO PREDIAL, DN 75 MM, (INST. EM RAMAL DE DESCARGA, RAMAL DE ESG. SANITÁRIO, PRUMADA DE ESG. SANITÁRIO OU VENTILAÇÃO), INCL. CONEXÕES, CORTES E FIXAÇÕES, P/ PRÉDIOS. AF_10/2015","M",{"v":28,"d":"28.00"},28.23,"BDI 1",34.51,966.28,"ACIMA REF.",{"$f":"IF(OR($A117=0,$A117=\"S\",$A117>CFF!$A$9),\"\",MAX(V$12:OFFSET(V117,-1,0))+1)","v":""},"SINAPI-91794",{"$error":"#REF!"},{"$f":"IF(Import.Desoneracao=\"sim\",Referencia.Desonerado,Referencia.NaoDesonerado)","v":0},{"$f":"ROUND(IF(ISNUMBER(R117),R117,IF(LEFT(R117,3)=\"BDI\",HLOOKUP(R117,DADOS!$T$37:$X$38,2,FALSE),0)),15-11*$X$5)","v":{"v":0.2223,"d":"22.23%"}}]
[1,13,5,0,0,0,0,16,13,"Meta","5.","SINAPI",null,"MURO DE CONTENÇÃO",{"$f":"Referencia.Unidade","v":""},null,null,"BDI 1",0,{"v":27645.73,"d":"27,645.73"},"",{"$f":"IF(OR($A118=0,$A118=\"S\",$A118>CFF!$A$9),\"\",MAX(V$12:OFFSET(V118,-1,0))+1)","v":15},false,"X",{"$f":"IF(Import.Desoneracao=\"sim\",Referencia.Desonerado,Referencia.NaoDesonerado)","v":0},{"$f":"ROUND(IF(ISNUMBER(R118),R118,IF(LEFT(R118,3)=\"BDI\",HLOOKUP(R118,DADOS!$T$37:$X$38,2,FALSE),0)),15-11*$X$5)","v":{"v":0.2223,"d":"22.23%"}}]
["S",0,5,0,0,0,1,0,0,"Serviço","5.0.1.","SINAPI","83336","ESCAVACAO MECANICA PARA ACERTO DE TALUDES, EM MATERIAL DE 1A CATEGORIA, COM ESCAVADEIRA HIDRAULICA","M3",57.59,3.96,"BDI 1",4.84,278.74,"ACIMA REF.",{"$f":"IF(OR($A119=0,$A119=\"S\",$A119>CFF!$A$9),\"\",MAX(V$12:OFFSET(V119,-1,0))+1)","v":""},"SINAPI-83336",{"$error":"#REF!"},{"$f":"IF(Import.Desoneracao=\"sim\",Referencia.Desonerado,Referencia.NaoDesonerado)","v":0},{"$f":"ROUND(IF(ISNUMBER(R119),R119,IF(LEFT(R119,3)=\"BDI\",HLOOKUP(R119,DADOS!$T$37:$X$38,2,FALSE),0)),15-11*$X$5)","v":{"v":0.2223,"d":"22.23%"}}]
["S",0,5,0,0,0,2,0,0,"Serviço","5.0.2.","SINAPI","96535","FABRICAÇÃO, MONTAGEM E DESMONTAGEM DE FÔRMA PARA SAPATA, EM MADEIRA SERRADA, E=25 MM","M2",{"v":6.4,"d":"6.40"},101.63,"BDI 1",124.22,795.01,"ACIMA REF.",{"$f":"IF(OR($A120=0,$A120=\"S\",$A120>CFF!$A$9),\"\",MAX(V$12:OFFSET(V120,-1,0))+1)","v":""},"SINAPI-96535",{"$error":"#REF!"},{"$f":"IF(Import.Desoneracao=\"sim\",Referencia.Desonerado,Referencia.NaoDesonerado)","v":0},{"$f":"ROUND(IF(ISNUMBER(R120),R120,IF(LEFT(R120,3)=\"BDI\",HLOOKUP(R120,DADOS!$T$37:$X$38,2,FALSE),0)),15-11*$X$5)","v":{"v":0.2223,"d":"22.23%"}}]
["S",0,5,0,0,0,3,0,0,"Serviço","5.0.3.","SINAPI","92419","MONTAGEM E DESMONTAGEM DE FÔRMA DE PILARES RETANGULARES E ESTRUTURAS SIMILARES COM ÁREA MÉDIA DAS SEÇÕES MAIOR QUE 0,25 M², PÉ-DIREITO SIMPLES, EM CHAPA DE MADEIRA COMPENSADA RESINADA","M2",17.78,59.01,"BDI 1",72.13,{"v":1282.47,"d":"1,282.47"},"ACIMA REF.",{"$f":"IF(OR($A121=0,$A121=\"S\",$A121>CFF!$A$9),\"\",MAX(V$12:OFFSET(V121,-1,0))+1)","v":""},"SINAPI-92419",{"$error":"#REF!"},{"$f":"IF(Import.Desoneracao=\"sim\",Referencia.Desonerado,Referencia.NaoDesonerado)","v":0},{"$f":"ROUND(IF(ISNUMBER(R121),R121,IF(LEFT(R121,3)=\"BDI\",HLOOKUP(R121,DADOS!$T$37:$X$38,2,FALSE),0)),15-11*$X$5)","v":{"v":0.2223,"d":"22.23%"}}]
["S",0,5,0,0,0,4,0,0,"Serviço","5.0.4.","SINAPI","100341","FABRICAÇÃO, MONTAGEM E DESMONTAGEM DE FÔRMA PARA CORTINA DE CONTENÇÃO, EM CHAPA DE MADEIRA COMPENSADA PLASTIFICADA, E = 18 MM","M2",108.36,24.39,"BDI 1",29.81,{"v":3230.21,"d":"3,230.21"},"ACIMA REF.",{"$f":"IF(OR($A122=0,$A122=\"S\",$A122>CFF!$A$9),\"\",MAX(V$12:OFFSET(V122,-1,0))+1)","v":""},"SINAPI-100341",{"$error":"#REF!"},{"$f":"IF(Import.Desoneracao=\"sim\",Referencia.Desonerado,Referencia.NaoDesonerado)","v":0},{"$f":"ROUND(IF(ISNUMBER(R122),R122,IF(LEFT(R122,3)=\"BDI\",HLOOKUP(R122,DADOS!$T$37:$X$38,2,FALSE),0)),15-11*$X$5)","v":{"v":0.2223,"d":"22.23%"}}]
["S",0,5,0,0,0,5,0,0,"Serviço","5.0.5.","SINAPI","96617","LASTRO DE CONCRETO MAGRO, APLICADO EM BLOCOS DE COROAMENTO OU SAPATAS, ESPESSURA DE 3 CM","M2",21.33,13.23,"BDI 1",16.17,344.91,"ACIMA REF.",{"$f":"IF(OR($A123=0,$A123=\"S\",$A123>CFF!$A$9),\"\",MAX(V$12:OFFSET(V123,-1,0))+1)","v":""},"SINAPI-96617",{"$error":"#REF!"},{"$f":"IF(Import.Desoneracao=\"sim\",Referencia.Desonerado,Referencia.NaoDesonerado)","v":0},{"$f":"ROUND(IF(ISNUMBER(R123),R123,IF(LEFT(R123,3)=\"BDI\",HLOOKUP(R123,DADOS!$T$37:$X$38,2,FALSE),0)),15-11*$X$5)","v":{"v":0.2223,"d":"22.23%"}}]
["S",0,5,0,0,0,6,0,0,"Serviço","5.0.6.","SINAPI","100344","ARMAÇÃO DE CORTINA DE CONTENÇÃO EM CONCRETO ARMADO, COM AÇO CA-50 DE 10 MM - MONTAGEM","KG",{"v":1113.63,"d":"1,113.63"},{"v":7.5,"d":"7.50"},"BDI 1",9.17,{"v":10211.99,"d":"10,211.99"},"ACIMA REF.",{"$f":"IF(OR($A124=0,$A124=\"S\",$A124>CFF!$A$9),\"\",MAX(V$12:OFFSET(V124,-1,0))+1)","v":""},"SINAPI-100344",{"$error":"#REF!"},{"$f":"IF(Import.Desoneracao=\"sim\",Referencia.Desonerado,Referencia.NaoDesonerado)","v":0},{"$f":"ROUND(IF(ISNUMBER(R124),R124,IF(LEFT(R124,3)=\"BDI\",HLOOKUP(R124,DADOS!$T$37:$X$38,2,FALSE),0)),15-11*$X$5)","v":{"v":0.2223,"d":"22.23%"}}]
["S",0,5,0,0,0,7,0,0,"Serviço","5.0.7.","SINAPI","92779","ARMAÇÃO DE PILAR OU VIGA DE UMA ESTRUTURA CONVENCIONAL DE CONCRETO ARMADO EM UMA EDIFICAÇÃO TÉRREA OU SOBRADO UTILIZANDO AÇO CA-50 DE 12,5 MM - MONTAGEM","KG",{"v":62.8,"d":"62.80"},6.83,"BDI 1",8.35,524.38,"ACIMA REF.",{"$f":"IF(OR($A125=0,$A125=\"S\",$A125>CFF!$A$9),\"\",MAX(V$12:OFFSET(V125,-1,0))+1)","v":""},"SINAPI-92779",{"$error":"#REF!"},{"$f":"IF(Import.Desoneracao=\"sim\",Referencia.Desonerado,Referencia.NaoDesonerado)","v":0},{"$f":"ROUND(IF(ISNUMBER(R125),R125,IF(LEFT(R125,3)=\"BDI\",HLOOKUP(R125,DADOS!$T$37:$X$38,2,FALSE),0)),15-11*$X$5)","v":{"v":0.2223,"d":"22.23%"}}]
["S",0,5,0,0,0,8,0,0,"Serviço","5.0.8.","SINAPI","92776","ARMAÇÃO DE PILAR OU VIGA DE UMA ESTRUTURA CONVENCIONAL DE CONCRETO ARMADO EM UMA EDIFICAÇÃO TÉRREA OU SOBRADO UTILIZANDO AÇO CA-50 DE 6,3 MM - MONTAGEM","KG",31.86,10.76,"BDI 1",13.15,418.96,"ACIMA REF.",{"$f":"IF(OR($A126=0,$A126=\"S\",$A126>CFF!$A$9),\"\",MAX(V$12:OFFSET(V126,-1,0))+1)","v":""},"SINAPI-92776",{"$error":"#REF!"},{"$f":"IF(Import.Desoneracao=\"sim\",Referencia.Desonerado,Referencia.NaoDesonerado)","v":0},{"$f":"ROUND(IF(ISNUMBER(R126),R126,IF(LEFT(R126,3)=\"BDI\",HLOOKUP(R126,DADOS!$T$37:$X$38,2,FALSE),0)),15-11*$X$5)","v":{"v":0.2223,"d":"22.23%"}}]
["S",0,5,0,0,0,9,0,0,"Serviço","5.0.9.","SINAPI","96558","CONCRETAGEM DE SAPATAS, FCK 30 MPA, COM USO DE BOMBA – LANÇAMENTO, ADENSAMENTO E ACABAMENTO","M3",{"v":6.4,"d":"6.40"},418.69,"BDI 1",511.76,{"v":3275.26,"d":"3,275.26"},"ACIMA REF.",{"$f":"IF(OR($A127=0,$A127=\"S\",$A127>CFF!$A$9),\"\",MAX(V$12:OFFSET(V127,-1,0))+1)","v":""},"SINAPI-96558",{"$error":"#REF!"},{"$f":"IF(Import.Desoneracao=\"sim\",Referencia.Desonerado,Referencia.NaoDesonerado)","v":0},{"$f":"ROUND(IF(ISNUMBER(R127),R127,IF(LEFT(R127,3)=\"BDI\",HLOOKUP(R127,DADOS!$T$37:$X$38,2,FALSE),0)),15-11*$X$5)","v":{"v":0.2223,"d":"22.23%"}}]
["S",0,5,0,0,0,10,0,0,"Serviço","5.0.10.","SINAPI","100349","CONCRETAGEM DE CORTINA DE CONTENÇÃO, INCLUSIVE CONTRA-FORTES, FCK 30 MPA, ATRAVÉS DE BOMBA  – LANÇAMENTO, ADENSAMENTO E ACABAMENTO","M3",12.35,402.11,"BDI 1",{"v":491.5,"d":"491.50"},{"v":6070.03,"d":"6,070.03"},"ACIMA REF.",{"$f":"IF(OR($A128=0,$A128=\"S\",$A128>CFF!$A$9),\"\",MAX(V$12:OFFSET(V128,-1,0))+1)","v":""},"SINAPI-100349",{"$error":"#REF!"},{"$f":"IF(Import.Desoneracao=\"sim\",Referencia.Desonerado,Referencia.NaoDesonerado)","v":0},{"$f":"ROUND(IF(ISNUMBER(R128),R128,IF(LEFT(R128,3)=\"BDI\",HLOOKUP(R128,DADOS!$T$37:$X$38,2,FALSE),0)),15-11*$X$5)","v":{"v":0.2223,"d":"22.23%"}}]
["S",0,5,0,0,0,11,0,0,"Serviço","5.0.11.","SINAPI","93368","REATERRO MECANIZADO COM ESCAVADEIRA HIDRÁULICA COM SOLO DE 1ª CATEGORIA EM LOCAIS COM BAIXO NÍVEL DE INTERFERÊNCIA","M3",38.84,{"v":10.9,"d":"10.90"},"BDI 1",13.32,517.35,"ACIMA REF.",{"$f":"IF(OR($A129=0,$A129=\"S\",$A129>CFF!$A$9),\"\",MAX(V$12:OFFSET(V129,-1,0))+1)","v":""},"SINAPI-93368",{"$error":"#REF!"},{"$f":"IF(Import.Desoneracao=\"sim\",Referencia.Desonerado,Referencia.NaoDesonerado)","v":0},{"$f":"ROUND(IF(ISNUMBER(R129),R129,IF(LEFT(R129,3)=\"BDI\",HLOOKUP(R129,DADOS!$T$37:$X$38,2,FALSE),0)),15-11*$X$5)","v":{"v":0.2223,"d":"22.23%"}}]
[{"$f":"CHOOSE(1+LOG(1+2*(J130=\"Meta\")+4*(J130=\"Nível 2\")+8*(J130=\"Nível 3\")+16*(J130=\"Nível 4\")+32*(J130=\"Serviço\"),2),0,1,2,3,4,\"S\")","v":"S"},{"$f":"IF(OR(A130=\"S\",A130=0),0,IF(ISERROR(I130),H130,SMALL(H130:I130,1)))","v":0},{"$f":"IF($A130=1,OFFSET(C130,-1,0)+1,OFFSET(C130,-1,0))","v":5},{"$f":"IF($A130=1,0,IF($A130=2,OFFSET(D130,-1,0)+1,OFFSET(D130,-1,0)))","v":0},{"$f":"IF(AND($A130<=2,$A130<>0),0,IF($A130=3,OFFSET(E130,-1,0)+1,OFFSET(E130,-1,0)))","v":0},{"$f":"IF(AND($A130<=3,$A130<>0),0,IF($A130=4,OFFSET(F130,-1,0)+1,OFFSET(F130,-1,0)))","v":0},{"$f":"IF(AND($A130<=4,$A130<>0),0,IF($A130=\"S\",OFFSET(G130,-1,0)+1,OFFSET(G130,-1,0)))","v":12},0,0,"Serviço",{"$f":"IF($A130=0,\"-\",CONCATENATE(C130&\".\",IF(AND($A$5>=2,$A130>=2),D130&\".\",\"\"),IF(AND($A$5>=3,$A130>=3),E130&\".\",\"\"),IF(AND($A$5>=4,$A130>=4),F130&\".\",\"\"),IF($A130=\"S\",G130&\".\",\"\")))","v":"5.0.12."},"SINAPI","73816/1","EXECUCAO DE DRENO COM TUBOS DE PVC CORRUGADO FLEXIVEL PERFURADO - DN 100","M",21.33,26.71,"BDI 1",{"$f":"IF($A130=\"S\",IF($Q$10=\"Preço Unitário (R$)\",PO.CustoUnitario,ROUND(PO.CustoUnitario*(1+$Z130),15-13*$X$6)),0)","v":32.65},{"$f":"IF($A130=\"S\",VTOTAL1,IF($A130=0,0,ROUND(SomaAgrup,15-13*$X$7)))","v":696.42},{"$f":"IF($J130=\"\",\"\",IF($N130=\"\",\"DESCRIÇÃO\",IF(AND($J130=\"Serviço\",$O130=\"\"),\"UNIDADE\",IF($T130<=0,\"SEM VALOR\",IF(AND($Y130<>\"\",$Q130>$Y130),\"ACIMA REF.\",\"\")))))","v":"ACIMA REF."},{"$f":"IF(OR($A130=0,$A130=\"S\",$A130>CFF!$A$9),\"\",MAX(V$12:OFFSET(V130,-1,0))+1)","v":""},{"$f":"IF(AND($J130=\"Serviço\",$M130<>\"\"),IF($L130=\"\",$M130,CONCATENATE($L130,\"-\",$M130)))","v":"SINAPI-73816/1"},{"$f":"IF(AND(Fonte<>\"\",Código<>\"\"),MATCH(Fonte&\" \"&IF(Fonte=\"sinapi\",SUBSTITUTE(SUBSTITUTE(Código,\"/00\",\"/\"),\"/0\",\"/\"),Código),INDIRECT(\"'[Referência \"&_xlnm.Database&\".xls]Banco'!$a:$a\"),0),\"X\")","v":{"$error":"#REF!"}},{"$f":"IF(Import.Desoneracao=\"sim\",Referencia.Desonerado,Referencia.NaoDesonerado)","v":0},{"$f":"ROUND(IF(ISNUMBER(R130),R130,IF(LEFT(R130,3)=\"BDI\",HLOOKUP(R130,DADOS!$T$37:$X$38,2,FALSE),0)),15-11*$X$5)","v":{"v":0.2223,"d":"22.23%"}}]
[1,3,6,0,0,0,0,3,{"$error":"#N/A"},"Meta","6.","SINAPI",null,"SERVIÇOS FINAIS",{"$f":"Referencia.Unidade","v":""},null,null,"BDI 1",0,{"v":1045.08,"d":"1,045.08"},"",{"$f":"IF(OR($A131=0,$A131=\"S\",$A131>CFF!$A$9),\"\",MAX(V$12:OFFSET(V131,-1,0))+1)","v":16},false,"X",{"$f":"IF(Import.Desoneracao=\"sim\",Referencia.Desonerado,Referencia.NaoDesonerado)","v":0},{"$f":"ROUND(IF(ISNUMBER(R131),R131,IF(LEFT(R131,3)=\"BDI\",HLOOKUP(R131,DADOS!$T$37:$X$38,2,FALSE),0)),15-11*$X$5)","v":{"v":0.2223,"d":"22.23%"}}]
["S",0,6,0,0,0,1,0,0,"Serviço","6.0.1.","SINAPI","99803","LIMPEZA DE PISO CERÂMICO OU PORCELANATO COM PANO ÚMIDO","M2",322.97,{"v":1.6,"d":"1.60"},"BDI 1",1.96,633.02,"ACIMA REF.",{"$f":"IF(OR($A132=0,$A132=\"S\",$A132>CFF!$A$9),\"\",MAX(V$12:OFFSET(V132,-1,0))+1)","v":""},"SINAPI-99803",{"$error":"#REF!"},{"$f":"IF(Import.Desoneracao=\"sim\",Referencia.Desonerado,Referencia.NaoDesonerado)","v":0},{"$f":"ROUND(IF(ISNUMBER(R132),R132,IF(LEFT(R132,3)=\"BDI\",HLOOKUP(R132,DADOS!$T$37:$X$38,2,FALSE),0)),15-11*$X$5)","v":{"v":0.2223,"d":"22.23%"}}]
["S",0,6,0,0,0,2,0,0,"Serviço","6.0.2.","SINAPI","99806","LIMPEZA DE REVESTIMENTO CERÂMICO EM PAREDE COM PANO ÚMIDO","M2",508.71,0.66,"BDI 1",0.81,412.06,"ACIMA REF.",{"$f":"IF(OR($A133=0,$A133=\"S\",$A133>CFF!$A$9),\"\",MAX(V$12:OFFSET(V133,-1,0))+1)","v":""},"SINAPI-99806",{"$error":"#REF!"},{"$f":"IF(Import.Desoneracao=\"sim\",Referencia.Desonerado,Referencia.NaoDesonerado)","v":0},{"$f":"ROUND(IF(ISNUMBER(R133),R133,IF(LEFT(R133,3)=\"BDI\",HLOOKUP(R133,DADOS!$T$37:$X$38,2,FALSE),0)),15-11*$X$5)","v":{"v":0.2223,"d":"22.23%"}}]
[-1,null,0,0,0,0,0]
[{"$nulls":10},"Encargos sociais:",null,"Para elaboração deste orçamento, foram utilizados os encargos sociais do SINAPI para a Unidade da Federação indicada."]
[]
[{"$nulls":10},"Observações:"]
[]
[]
[]
[]
[{"$nulls":10},{"$f":"IF(AND($X$3=FALSE,$X$4=FALSE,$X$5=FALSE,$X$6=FALSE,$X$7=FALSE),\"Não foi considerado arredondamento nos valores da planilha.\",CONCATENATE(\"Foi considerado arredondamento de duas casas decimais para \",IF($X$3=TRUE,\"Quantidade; \",\"\"),IF($X$4=TRUE,\"Custo Unitário; \",\"\"),IF($X$5=TRUE,\"BDI; \",\"\"),IF($X$6=TRUE,\"Preço Unitário; \",\"\"),IF($X$7=TRUE,\"Preço Total.\",\"\")))","v":"Foi considerado arredondamento de duas casas decimais para Quantidade; Custo Unitário; BDI; Preço Unitário; Preço Total."}]
[]
[]
[{"$nulls":10},{"$f":"Import.Município","v":"GUAPORÉ/RS"}]
[{"$nulls":10},"Local"]
[]
[{"$nulls":10},{"$f":"TODAY()","v":"2020-08-25"}]
[{"$nulls":10},"Data"]

{"sheet":"PLQ","index":3,"n_rows":140,"n_cols":21,"rows_kept":140,"hidden":true,"merged":[[135,1,135,2],[138,1,138,2]]}
[{"$nulls":4},"PLQ -","PLANILHA DE LEVANTAMENTO DE QUANTIDADES"]
[]
[]
[]
[]
[]
[{"$nulls":4},{"$f":"OFFSET(PO!$P$12,ROW($E7)-ROW(E$12),0)","v":0}]
[]
[{"$nulls":4},"-","Única"]
["Nível","Item","Descrição","Unid.","Quantidade",{"$f":"IF(OFFSET(F10,0,-1)=\"Quantidade\",1,OFFSET(F10,0,-1)+1)","v":1},2,3,4,5,6,7,8,9,10,{"$nulls":5},{"$f":"IF(OFFSET(U10,0,-1)=\"Quantidade\",1,OFFSET(U10,0,-1)+1)","v":1}]
[{"$f":"OFFSET(PO!J$12,ROW(A11)-ROW($A$12),0)","v":"Serviço"},{"$f":"IF($A11=0,\"\",OFFSET(PO!K$12,ROW(B11)-ROW(B$12),0))","v":{"$error":"#VALUE!"}},{"$f":"IF(OFFSET(PO!N$12,ROW(C11)-ROW(C$12),0)=0,\"\",OFFSET(PO!N$12,ROW(C11)-ROW(C$12),0))","v":""},{"$f":"IF(OFFSET(PO!O$12,ROW(D11)-ROW(D$12),0)=0,\"\",OFFSET(PO!O$12,ROW(D11)-ROW(D$12),0))","v":""},{"$f":"IF($A11<>\"Serviço\",0,ROUND(SUMIF($F$9:$P$9,\"<>\",$F11:$P11),15-13*PO!$X$3))","v":0},{"$f":"OFFSET(PO!$P$12,ROW($E11)-ROW(F$12),0)","v":0}]
[{"$f":"PO!J12","v":"LOTE"},null,{"$f":"PO!N12","v":"GINÁSIO DE ESPORTE MUNICIPAL MULTIUSO – 5ª ETAPA"}]
[{"$f":"OFFSET(PO!J$12,ROW(A13)-ROW($A$12),0)","v":"Meta"},{"$f":"IF($A13=0,\"\",OFFSET(PO!K$12,ROW(B13)-ROW(B$12),0))","v":"1."},{"$f":"IF(OFFSET(PO!N$12,ROW(C13)-ROW(C$12),0)=0,\"\",OFFSET(PO!N$12,ROW(C13)-ROW(C$12),0))","v":"SERVIÇOS INICIAIS"},{"$f":"IF(OFFSET(PO!O$12,ROW(D13)-ROW(D$12),0)=0,\"\",OFFSET(PO!O$12,ROW(D13)-ROW(D$12),0))","v":""},{"$f":"IF($A13<>\"Serviço\",0,ROUND(SUMIF($F$9:$P$9,\"<>\",$F13:$P13),15-13*PO!$X$3))","v":0},{"$f":"OFFSET(PO!$P$12,ROW($E13)-ROW(F$12),0)","v":0}]
[{"$f":"OFFSET(PO!J$12,ROW(A14)-ROW($A$12),0)","v":"Serviço"},{"$f":"IF($A14=0,\"\",OFFSET(PO!K$12,ROW(B14)-ROW(B$12),0))","v":"1.0.1."},{"$f":"IF(OFFSET(PO!N$12,ROW(C14)-ROW(C$12),0)=0,\"\",OFFSET(PO!N$12,ROW(C14)-ROW(C$12),0))","v":"PLACA DE OBRA EM CHAPA GALVANIZADA *N. 22*, ADESIVADA"},{"$f":"IF(OFFSET(PO!O$12,ROW(D14)-ROW(D$12),0)=0,\"\",OFFSET(PO!O$12,ROW(D14)-ROW(D$12),0))","v":"M2    "},{"$f":"IF($A14<>\"Serviço\",0,ROUND(SUMIF($F$9:$P$9,\"<>\",$F14:$P14),15-13*PO!$X$3))","v":2.88},{"$f":"OFFSET(PO!$P$12,ROW($E14)-ROW(F$12),0)","v":2.88}]
[{"$f":"OFFSET(PO!J$12,ROW(A15)-ROW($A$12),0)","v":"Serviço"},{"$f":"IF($A15=0,\"\",OFFSET(PO!K$12,ROW(B15)-ROW(B$12),0))","v":"1.0.2."},{"$f":"IF(OFFSET(PO!N$12,ROW(C15)-ROW(C$12),0)=0,\"\",OFFSET(PO!N$12,ROW(C15)-ROW(C$12),0))","v":"TAPUME COM TELHA METÁLICA. AF_05/2018"},{"$f":"IF(OFFSET(PO!O$12,ROW(D15)-ROW(D$12),0)=0,\"\",OFFSET(PO!O$12,ROW(D15)-ROW(D$12),0))","v":"M2"},{"$f":"IF($A15<>\"Serviço\",0,ROUND(SUMIF($F$9:$P$9,\"<>\",$F15:$P15),15-13*PO!$X$3))","v":{"v":180,"d":"180.00"}},{"$f":"OFFSET(PO!$P$12,ROW($E15)-ROW(F$12),0)","v":{"v":180,"d":"180.00"}}]
[{"$f":"OFFSET(PO!J$12,ROW(A16)-ROW($A$12),0)","v":"Serviço"},{"$f":"IF($A16=0,\"\",OFFSET(PO!K$12,ROW(B16)-ROW(B$12),0))","v":"1.0.3."},{"$f":"IF(OFFSET(PO!N$12,ROW(C16)-ROW(C$12),0)=0,\"\",OFFSET(PO!N$12,ROW(C16)-ROW(C$12),0))","v":"LIMPEZA DE PAREDES COM JATO DE ALTA PRESSÃO."},{"$f":"IF(OFFSET(PO!O$12,ROW(D16)-ROW(D$12),0)=0,\"\",OFFSET(PO!O$12,ROW(D16)-ROW(D$12),0))","v":"M2"},{"$f":"IF($A16<>\"Serviço\",0,ROUND(SUMIF($F$9:$P$9,\"<>\",$F16:$P16),15-13*PO!$X$3))","v":{"v":1856.42,"d":"1,856.42"}},{"$f":"OFFSET(PO!$P$12,ROW($E16)-ROW(F$12),0)","v":{"v":1856.42,"d":"1,856.42"}}]
[{"$f":"OFFSET(PO!J$12,ROW(A17)-ROW($A$12),0)","v":"Serviço"},{"$f":"IF($A17=0,\"\",OFFSET(PO!K$12,ROW(B17)-ROW(B$12),0))","v":"1.0.4."},{"$f":"IF(OFFSET(PO!N$12,ROW(C17)-ROW(C$12),0)=0,\"\",OFFSET(PO!N$12,ROW(C17)-ROW(C$12),0))","v":"DEMOLIÇÃO DE ALVENARIA DE TIJOLO MACIÇO, DE FORMA MANUAL, SEM REAPROVEITAMENTO."},{"$f":"IF(OFFSET(PO!O$12,ROW(D17)-ROW(D$12),0)=0,\"\",OFFSET(PO!O$12,ROW(D17)-ROW(D$12),0))","v":"M3"},{"$f":"IF($A17<>\"Serviço\",0,ROUND(SUMIF($F$9:$P$9,\"<>\",$F17:$P17),15-13*PO!$X$3))","v":1.27},{"$f":"OFFSET(PO!$P$12,ROW($E17)-ROW(F$12),0)","v":1.27}]
[{"$f":"OFFSET(PO!J$12,ROW(A18)-ROW($A$12),0)","v":"Serviço"},{"$f":"IF($A18=0,\"\",OFFSET(PO!K$12,ROW(B18)-ROW(B$12),0))","v":"1.0.5."},{"$f":"IF(OFFSET(PO!N$12,ROW(C18)-ROW(C$12),0)=0,\"\",OFFSET(PO!N$12,ROW(C18)-ROW(C$12),0))","v":"DEMOLIÇÃO DE REVESTIMENTO CERÂMICO - PISOS E PAREDES - DE FORMA MANUAL, SEM REAPROVEITAMENTO."},{"$f":"IF(OFFSET(PO!O$12,ROW(D18)-ROW(D$12),0)=0,\"\",OFFSET(PO!O$12,ROW(D18)-ROW(D$12),0))","v":"M2"},{"$f":"IF($A18<>\"Serviço\",0,ROUND(SUMIF($F$9:$P$9,\"<>\",$F18:$P18),15-13*PO!$X$3))","v":346.07},{"$f":"OFFSET(PO!$P$12,ROW($E18)-ROW(F$12),0)","v":346.07}]
[{"$f":"OFFSET(PO!J$12,ROW(A19)-ROW($A$12),0)","v":"Serviço"},{"$f":"IF($A19=0,\"\",OFFSET(PO!K$12,ROW(B19)-ROW(B$12),0))","v":"1.0.6."},{"$f":"IF(OFFSET(PO!N$12,ROW(C19)-ROW(C$12),0)=0,\"\",OFFSET(PO!N$12,ROW(C19)-ROW(C$12),0))","v":"DEMOLIÇÃO DE ARGAMASSAS - PAREDES E TETO - DE FORMA MANUAL, SEM REAPROVEITAMENTO."},{"$f":"IF(OFFSET(PO!O$12,ROW(D19)-ROW(D$12),0)=0,\"\",OFFSET(PO!O$12,ROW(D19)-ROW(D$12),0))","v":"M2"},{"$f":"IF($A19<>\"Serviço\",0,ROUND(SUMIF($F$9:$P$9,\"<>\",$F19:$P19),15-13*PO!$X$3))","v":{"v":219.7,"d":"219.70"}},{"$f":"OFFSET(PO!$P$12,ROW($E19)-ROW(F$12),0)","v":{"v":219.7,"d":"219.70"}}]
[{"$f":"OFFSET(PO!J$12,ROW(A20)-ROW($A$12),0)","v":"Serviço"},{"$f":"IF($A20=0,\"\",OFFSET(PO!K$12,ROW(B20)-ROW(B$12),0))","v":"1.0.7."},{"$f":"IF(OFFSET(PO!N$12,ROW(C20)-ROW(C$12),0)=0,\"\",OFFSET(PO!N$12,ROW(C20)-ROW(C$12),0))","v":"ALVENARIA EM TIJOLO CERAMICO MACICO 5X10X20CM (ESPESSURA 20CM), ASSENTADO COM ARGAMASSA TRACO 1:2:8 (CIMENTO, CAL E AREIA)"},{"$f":"IF(OFFSET(PO!O$12,ROW(D20)-ROW(D$12),0)=0,\"\",OFFSET(PO!O$12,ROW(D20)-ROW(D$12),0))","v":"M2"},{"$f":"IF($A20<>\"Serviço\",0,ROUND(SUMIF($F$9:$P$9,\"<>\",$F20:$P20),15-13*PO!$X$3))","v":53.28},{"$f":"OFFSET(PO!$P$12,ROW($E20)-ROW(F$12),0)","v":53.28}]
[{"$f":"OFFSET(PO!J$12,ROW(A21)-ROW($A$12),0)","v":"Serviço"},{"$f":"IF($A21=0,\"\",OFFSET(PO!K$12,ROW(B21)-ROW(B$12),0))","v":"1.0.8."},{"$f":"IF(OFFSET(PO!N$12,ROW(C21)-ROW(C$12),0)=0,\"\",OFFSET(PO!N$12,ROW(C21)-ROW(C$12),0))","v":"CARGA MANUAL DE ENTULHO EM CAMINHAO BASCULANTE"},{"$f":"IF(OFFSET(PO!O$12,ROW(D21)-ROW(D$12),0)=0,\"\",OFFSET(PO!O$12,ROW(D21)-ROW(D$12),0))","v":"M3"},{"$f":"IF($A21<>\"Serviço\",0,ROUND(SUMIF($F$9:$P$9,\"<>\",$F21:$P21),15-13*PO!$X$3))","v":13.01},{"$f":"OFFSET(PO!$P$12,ROW($E21)-ROW(F$12),0)","v":13.01}]
[{"$f":"OFFSET(PO!J$12,ROW(A22)-ROW($A$12),0)","v":"Serviço"},{"$f":"IF($A22=0,\"\",OFFSET(PO!K$12,ROW(B22)-ROW(B$12),0))","v":"1.0.9."},{"$f":"IF(OFFSET(PO!N$12,ROW(C22)-ROW(C$12),0)=0,\"\",OFFSET(PO!N$12,ROW(C22)-ROW(C$12),0))","v":"TRANSPORTE DE ENTULHO COM CAMINHÃO BASCULANTE"},{"$f":"IF(OFFSET(PO!O$12,ROW(D22)-ROW(D$12),0)=0,\"\",OFFSET(PO!O$12,ROW(D22)-ROW(D$12),0))","v":"M3"},{"$f":"IF($A22<>\"Serviço\",0,ROUND(SUMIF($F$9:$P$9,\"<>\",$F22:$P22),15-13*PO!$X$3))","v":13.01},{"$f":"OFFSET(PO!$P$12,ROW($E22)-ROW(F$12),0)","v":13.01}]
[{"$f":"OFFSET(PO!J$12,ROW(A23)-ROW($A$12),0)","v":"Serviço"},{"$f":"IF($A23=0,\"\",OFFSET(PO!K$12,ROW(B23)-ROW(B$12),0))","v":"1.0.10."},{"$f":"IF(OFFSET(PO!N$12,ROW(C23)-ROW(C$12),0)=0,\"\",OFFSET(PO!N$12,ROW(C23)-ROW(C$12),0))","v":"REMOÇÃO DE JANELAS, DE FORMA MANUAL"},{"$f":"IF(OFFSET(PO!O$12,ROW(D23)-ROW(D$12),0)=0,\"\",OFFSET(PO!O$12,ROW(D23)-ROW(D$12),0))","v":"M2"},{"$f":"IF($A23<>\"Serviço\",0,ROUND(SUMIF($F$9:$P$9,\"<>\",$F23:$P23),15-13*PO!$X$3))","v":14.64},{"$f":"OFFSET(PO!$P$12,ROW($E23)-ROW(F$12),0)","v":14.64}]
[{"$f":"OFFSET(PO!J$12,ROW(A24)-ROW($A$12),0)","v":"Serviço"},{"$f":"IF($A24=0,\"\",OFFSET(PO!K$12,ROW(B24)-ROW(B$12),0))","v":"1.0.11."},{"$f":"IF(OFFSET(PO!N$12,ROW(C24)-ROW(C$12),0)=0,\"\",OFFSET(PO!N$12,ROW(C24)-ROW(C$12),0))","v":"REMOÇÃO DE PORTAS, DE FORMA MANUAL"},{"$f":"IF(OFFSET(PO!O$12,ROW(D24)-ROW(D$12),0)=0,\"\",OFFSET(PO!O$12,ROW(D24)-ROW(D$12),0))","v":"M2"},{"$f":"IF($A24<>\"Serviço\",0,ROUND(SUMIF($F$9:$P$9,\"<>\",$F24:$P24),15-13*PO!$X$3))","v":{"v":33,"d":"33.00"}},{"$f":"OFFSET(PO!$P$12,ROW($E24)-ROW(F$12),0)","v":{"v":33,"d":"33.00"}}]
[{"$f":"OFFSET(PO!J$12,ROW(A25)-ROW($A$12),0)","v":"Meta"},{"$f":"IF($A25=0,\"\",OFFSET(PO!K$12,ROW(B25)-ROW(B$12),0))","v":"2."},{"$f":"IF(OFFSET(PO!N$12,ROW(C25)-ROW(C$12),0)=0,\"\",OFFSET(PO!N$12,ROW(C25)-ROW(C$12),0))","v":"REVESTIMENTOS EXTERNOS"},{"$f":"IF(OFFSET(PO!O$12,ROW(D25)-ROW(D$12),0)=0,\"\",OFFSET(PO!O$12,ROW(D25)-ROW(D$12),0))","v":""},{"$f":"IF($A25<>\"Serviço\",0,ROUND(SUMIF($F$9:$P$9,\"<>\",$F25:$P25),15-13*PO!$X$3))","v":0},{"$f":"OFFSET(PO!$P$12,ROW($E25)-ROW(F$12),0)","v":0}]
[{"$f":"OFFSET(PO!J$12,ROW(A26)-ROW($A$12),0)","v":"Serviço"},{"$f":"IF($A26=0,\"\",OFFSET(PO!K$12,ROW(B26)-ROW(B$12),0))","v":"2.0.1."},{"$f":"IF(OFFSET(PO!N$12,ROW(C26)-ROW(C$12),0)=0,\"\",OFFSET(PO!N$12,ROW(C26)-ROW(C$12),0))","v":"CHAPISCO APLICADO EM ALVENARIA (COM PRESENÇA DE VÃOS) E ESTRUTURAS DE CONCRETO DE FACHADA, COM EQUIPAMENTO DE PROJEÇÃO.  ARGAMASSA TRAÇO 1:3 COM PREPARO EM BETONEIRA 400 L. AF_06/2014"},{"$f":"IF(OFFSET(PO!O$12,ROW(D26)-ROW(D$12),0)=0,\"\",OFFSET(PO!O$12,ROW(D26)-ROW(D$12),0))","v":"M2"},{"$f":"IF($A26<>\"Serviço\",0,ROUND(SUMIF($F$9:$P$9,\"<>\",$F26:$P26),15-13*PO!$X$3))","v":{"v":1856.42,"d":"1,856.42"}},{"$f":"OFFSET(PO!$P$12,ROW($E26)-ROW(F$12),0)","v":{"v":1856.42,"d":"1,856.42"}}]
[{"$f":"OFFSET(PO!J$12,ROW(A27)-ROW($A$12),0)","v":"Serviço"},{"$f":"IF($A27=0,\"\",OFFSET(PO!K$12,ROW(B27)-ROW(B$12),0))","v":"2.0.2."},{"$f":"IF(OFFSET(PO!N$12,ROW(C27)-ROW(C$12),0)=0,\"\",OFFSET(PO!N$12,ROW(C27)-ROW(C$12),0))","v":"EMBOÇO OU MASSA ÚNICA EM ARGAMASSA TRAÇO 1:2:8, PREPARO MECÂNICO COM BETONEIRA 400 L, APLICADA MANUALMENTE EM PANOS DE FACHADA COM PRESENÇA DE VÃOS, ESPESSURA DE 25 MM."},{"$f":"IF(OFFSET(PO!O$12,ROW(D27)-ROW(D$12),0)=0,\"\",OFFSET(PO!O$12,ROW(D27)-ROW(D$12),0))","v":"M2"},{"$f":"IF($A27<>\"Serviço\",0,ROUND(SUMIF($F$9:$P$9,\"<>\",$F27:$P27),15-13*PO!$X$3))","v":539.82},{"$f":"OFFSET(PO!$P$12,ROW($E27)-ROW(F$12),0)","v":539.82}]
[{"$f":"OFFSET(PO!J$12,ROW(A28)-ROW($A$12),0)","v":"Serviço"},{"$f":"IF($A28=0,\"\",OFFSET(PO!K$12,ROW(B28)-ROW(B$12),0))","v":"2.0.3."},{"$f":"IF(OFFSET(PO!N$12,ROW(C28)-ROW(C$12),0)=0,\"\",OFFSET(PO!N$12,ROW(C28)-ROW(C$12),0))","v":"TEXTURA ACRÍLICA, APLICAÇÃO MANUAL EM PAREDE, UMA DEMÃO."},{"$f":"IF(OFFSET(PO!O$12,ROW(D28)-ROW(D$12),0)=0,\"\",OFFSET(PO!O$12,ROW(D28)-ROW(D$12),0))","v":"M2"},{"$f":"IF($A28<>\"Serviço\",0,ROUND(SUMIF($F$9:$P$9,\"<>\",$F28:$P28),15-13*PO!$X$3))","v":539.82},{"$f":"OFFSET(PO!$P$12,ROW($E28)-ROW(F$12),0)","v":539.82}]
[{"$f":"OFFSET(PO!J$12,ROW(A29)-ROW($A$12),0)","v":"Serviço"},{"$f":"IF($A29=0,\"\",OFFSET(PO!K$12,ROW(B29)-ROW(B$12),0))","v":"2.0.4."},{"$f":"IF(OFFSET(PO!N$12,ROW(C29)-ROW(C$12),0)=0,\"\",OFFSET(PO!N$12,ROW(C29)-ROW(C$12),0))","v":"APLICAÇÃO MANUAL DE PINTURA COM TINTA LÁTEX ACRÍLICA EM PAREDES, DUAS DEMÃOS. AF_06/2014"},{"$f":"IF(OFFSET(PO!O$12,ROW(D29)-ROW(D$12),0)=0,\"\",OFFSET(PO!O$12,ROW(D29)-ROW(D$12),0))","v":"M2"},{"$f":"IF($A29<>\"Serviço\",0,ROUND(SUMIF($F$9:$P$9,\"<>\",$F29:$P29),15-13*PO!$X$3))","v":539.82},{"$f":"OFFSET(PO!$P$12,ROW($E29)-ROW(F$12),0)","v":539.82}]
[{"$f":"OFFSET(PO!J$12,ROW(A30)-ROW($A$12),0)","v":"Meta"},{"$f":"IF($A30=0,\"\",OFFSET(PO!K$12,ROW(B30)-ROW(B$12),0))","v":"3."},{"$f":"IF(OFFSET(PO!N$12,ROW(C30)-ROW(C$12),0)=0,\"\",OFFSET(PO!N$12,ROW(C30)-ROW(C$12),0))","v":"PAVIMENTO TÉRREO"},{"$f":"IF(OFFSET(PO!O$12,ROW(D30)-ROW(D$12),0)=0,\"\",OFFSET(PO!O$12,ROW(D30)-ROW(D$12),0))","v":""},{"$f":"IF($A30<>\"Serviço\",0,ROUND(SUMIF($F$9:$P$9,\"<>\",$F30:$P30),15-13*PO!$X$3))","v":0},{"$f":"OFFSET(PO!$P$12,ROW($E30)-ROW(F$12),0)","v":0}]
[{"$f":"OFFSET(PO!J$12,ROW(A31)-ROW($A$12),0)","v":"Nível 2"},{"$f":"IF($A31=0,\"\",OFFSET(PO!K$12,ROW(B31)-ROW(B$12),0))","v":"3.1."},{"$f":"IF(OFFSET(PO!N$12,ROW(C31)-ROW(C$12),0)=0,\"\",OFFSET(PO!N$12,ROW(C31)-ROW(C$12),0))","v":"PAVIMENTAÇÃO"},{"$f":"IF(OFFSET(PO!O$12,ROW(D31)-ROW(D$12),0)=0,\"\",OFFSET(PO!O$12,ROW(D31)-ROW(D$12),0))","v":""},{"$f":"IF($A31<>\"Serviço\",0,ROUND(SUMIF($F$9:$P$9,\"<>\",$F31:$P31),15-13*PO!$X$3))","v":0},{"$f":"OFFSET(PO!$P$12,ROW($E31)-ROW(F$12),0)","v":0}]
[{"$f":"OFFSET(PO!J$12,ROW(A32)-ROW($A$12),0)","v":"Serviço"},{"$f":"IF($A32=0,\"\",OFFSET(PO!K$12,ROW(B32)-ROW(B$12),0))","v":"3.1.1."},{"$f":"IF(OFFSET(PO!N$12,ROW(C32)-ROW(C$12),0)=0,\"\",OFFSET(PO!N$12,ROW(C32)-ROW(C$12),0))","v":"ESCAVAÇÃO MANUAL DE MATERIAL PARA NIVELAMENTO DO CONTRAPISO"},{"$f":"IF(OFFSET(PO!O$12,ROW(D32)-ROW(D$12),0)=0,\"\",OFFSET(PO!O$12,ROW(D32)-ROW(D$12),0))","v":"M3"},{"$f":"IF($A32<>\"Serviço\",0,ROUND(SUMIF($F$9:$P$9,\"<>\",$F32:$P32),15-13*PO!$X$3))","v":23.62},{"$f":"OFFSET(PO!$P$12,ROW($E32)-ROW(F$12),0)","v":23.62}]
[{"$f":"OFFSET(PO!J$12,ROW(A33)-ROW($A$12),0)","v":"Serviço"},{"$f":"IF($A33=0,\"\",OFFSET(PO!K$12,ROW(B33)-ROW(B$12),0))","v":"3.1.2."},{"$f":"IF(OFFSET(PO!N$12,ROW(C33)-ROW(C$12),0)=0,\"\",OFFSET(PO!N$12,ROW(C33)-ROW(C$12),0))","v":"LASTRO DE BRITA, APLICAÇÃO EM PISOS, ESPESSURA DE 5 CM"},{"$f":"IF(OFFSET(PO!O$12,ROW(D33)-ROW(D$12),0)=0,\"\",OFFSET(PO!O$12,ROW(D33)-ROW(D$12),0))","v":"M3"},{"$f":"IF($A33<>\"Serviço\",0,ROUND(SUMIF($F$9:$P$9,\"<>\",$F33:$P33),15-13*PO!$X$3))","v":11.81},{"$f":"OFFSET(PO!$P$12,ROW($E33)-ROW(F$12),0)","v":11.81}]
[{"$f":"OFFSET(PO!J$12,ROW(A34)-ROW($A$12),0)","v":"Serviço"},{"$f":"IF($A34=0,\"\",OFFSET(PO!K$12,ROW(B34)-ROW(B$12),0))","v":"3.1.3."},{"$f":"IF(OFFSET(PO!N$12,ROW(C34)-ROW(C$12),0)=0,\"\",OFFSET(PO!N$12,ROW(C34)-ROW(C$12),0))","v":"LONA PLASTICA PRETA, E= 150 MICRA"},{"$f":"IF(OFFSET(PO!O$12,ROW(D34)-ROW(D$12),0)=0,\"\",OFFSET(PO!O$12,ROW(D34)-ROW(D$12),0))","v":"M2    "},{"$f":"IF($A34<>\"Serviço\",0,ROUND(SUMIF($F$9:$P$9,\"<>\",$F34:$P34),15-13*PO!$X$3))","v":236.24},{"$f":"OFFSET(PO!$P$12,ROW($E34)-ROW(F$12),0)","v":236.24}]
[{"$f":"OFFSET(PO!J$12,ROW(A35)-ROW($A$12),0)","v":"Serviço"},{"$f":"IF($A35=0,\"\",OFFSET(PO!K$12,ROW(B35)-ROW(B$12),0))","v":"3.1.4."},{"$f":"IF(OFFSET(PO!N$12,ROW(C35)-ROW(C$12),0)=0,\"\",OFFSET(PO!N$12,ROW(C35)-ROW(C$12),0))","v":"TELA DE ACO SOLDADA NERVURADA, CA-60, Q-283 (4,48 KG/M2), DIAMETRO DO FIO = 6,0 MM, ESPACAMENTO DA MALHA = 10 X 10 CM"},{"$f":"IF(OFFSET(PO!O$12,ROW(D35)-ROW(D$12),0)=0,\"\",OFFSET(PO!O$12,ROW(D35)-ROW(D$12),0))","v":"M2    "},{"$f":"IF($A35<>\"Serviço\",0,ROUND(SUMIF($F$9:$P$9,\"<>\",$F35:$P35),15-13*PO!$X$3))","v":236.24},{"$f":"OFFSET(PO!$P$12,ROW($E35)-ROW(F$12),0)","v":236.24}]
[{"$f":"OFFSET(PO!J$12,ROW(A36)-ROW($A$12),0)","v":"Serviço"},{"$f":"IF($A36=0,\"\",OFFSET(PO!K$12,ROW(B36)-ROW(B$12),0))","v":"3.1.5."},{"$f":"IF(OFFSET(PO!N$12,ROW(C36)-ROW(C$12),0)=0,\"\",OFFSET(PO!N$12,ROW(C36)-ROW(C$12),0))","v":"LASTRO DE CONCRETO MAGRO, APLICADO EM PISOS, ESPESSURA DE 5 CM."},{"$f":"IF(OFFSET(PO!O$12,ROW(D36)-ROW(D$12),0)=0,\"\",OFFSET(PO!O$12,ROW(D36)-ROW(D$12),0))","v":"M2"},{"$f":"IF($A36<>\"Serviço\",0,ROUND(SUMIF($F$9:$P$9,\"<>\",$F36:$P36),15-13*PO!$X$3))","v":236.24},{"$f":"OFFSET(PO!$P$12,ROW($E36)-ROW(F$12),0)","v":236.24}]
[{"$f":"OFFSET(PO!J$12,ROW(A37)-ROW($A$12),0)","v":"Serviço"},{"$f":"IF($A37=0,\"\",OFFSET(PO!K$12,ROW(B37)-ROW(B$12),0))","v":"3.1.6."},{"$f":"IF(OFFSET(PO!N$12,ROW(C37)-ROW(C$12),0)=0,\"\",OFFSET(PO!N$12,ROW(C37)-ROW(C$12),0))","v":"CONTRAPISO AUTONIVELANTE, APLICADO SOBRE LAJE, NÃO ADERIDO, ESPESSURA 4CM. AF_06/2014"},{"$f":"IF(OFFSET(PO!O$12,ROW(D37)-ROW(D$12),0)=0,\"\",OFFSET(PO!O$12,ROW(D37)-ROW(D$12),0))","v":"M2"},{"$f":"IF($A37<>\"Serviço\",0,ROUND(SUMIF($F$9:$P$9,\"<>\",$F37:$P37),15-13*PO!$X$3))","v":236.24},{"$f":"OFFSET(PO!$P$12,ROW($E37)-ROW(F$12),0)","v":236.24}]
[{"$f":"OFFSET(PO!J$12,ROW(A38)-ROW($A$12),0)","v":"Serviço"},{"$f":"IF($A38=0,\"\",OFFSET(PO!K$12,ROW(B38)-ROW(B$12),0))","v":"3.1.7."},{"$f":"IF(OFFSET(PO!N$12,ROW(C38)-ROW(C$12),0)=0,\"\",OFFSET(PO!N$12,ROW(C38)-ROW(C$12),0))","v":"REVESTIMENTO CERÂMICO PARA PISO COM PLACAS TIPO PORCELANATO DE DIMENSÕES 45X45 CM"},{"$f":"IF(OFFSET(PO!O$12,ROW(D38)-ROW(D$12),0)=0,\"\",OFFSET(PO!O$12,ROW(D38)-ROW(D$12),0))","v":"M2"},{"$f":"IF($A38<>\"Serviço\",0,ROUND(SUMIF($F$9:$P$9,\"<>\",$F38:$P38),15-13*PO!$X$3))","v":255.89},{"$f":"OFFSET(PO!$P$12,ROW($E38)-ROW(F$12),0)","v":255.89}]
[{"$f":"OFFSET(PO!J$12,ROW(A39)-ROW($A$12),0)","v":"Serviço"},{"$f":"IF($A39=0,\"\",OFFSET(PO!K$12,ROW(B39)-ROW(B$12),0))","v":"3.1.8."},{"$f":"IF(OFFSET(PO!N$12,ROW(C39)-ROW(C$12),0)=0,\"\",OFFSET(PO!N$12,ROW(C39)-ROW(C$12),0))","v":"EXECUÇÃO DE RAMPA EM CONCRETO ARMADO, MOLDADA IN LOCO, FCK = 25 MPA"},{"$f":"IF(OFFSET(PO!O$12,ROW(D39)-ROW(D$12),0)=0,\"\",OFFSET(PO!O$12,ROW(D39)-ROW(D$12),0))","v":"M3"},{"$f":"IF($A39<>\"Serviço\",0,ROUND(SUMIF($F$9:$P$9,\"<>\",$F39:$P39),15-13*PO!$X$3))","v":4.18},{"$f":"OFFSET(PO!$P$12,ROW($E39)-ROW(F$12),0)","v":4.18}]
[{"$f":"OFFSET(PO!J$12,ROW(A40)-ROW($A$12),0)","v":"Nível 2"},{"$f":"IF($A40=0,\"\",OFFSET(PO!K$12,ROW(B40)-ROW(B$12),0))","v":"3.2."},{"$f":"IF(OFFSET(PO!N$12,ROW(C40)-ROW(C$12),0)=0,\"\",OFFSET(PO!N$12,ROW(C40)-ROW(C$12),0))","v":"REVESTIMENTOS INTERNOS"},{"$f":"IF(OFFSET(PO!O$12,ROW(D40)-ROW(D$12),0)=0,\"\",OFFSET(PO!O$12,ROW(D40)-ROW(D$12),0))","v":""},{"$f":"IF($A40<>\"Serviço\",0,ROUND(SUMIF($F$9:$P$9,\"<>\",$F40:$P40),15-13*PO!$X$3))","v":0},{"$f":"OFFSET(PO!$P$12,ROW($E40)-ROW(F$12),0)","v":0}]
[{"$f":"OFFSET(PO!J$12,ROW(A41)-ROW($A$12),0)","v":"Serviço"},{"$f":"IF($A41=0,\"\",OFFSET(PO!K$12,ROW(B41)-ROW(B$12),0))","v":"3.2.1."},{"$f":"IF(OFFSET(PO!N$12,ROW(C41)-ROW(C$12),0)=0,\"\",OFFSET(PO!N$12,ROW(C41)-ROW(C$12),0))","v":"CHAPISCO APLICADO EM ALVENARIAS E ESTRUTURAS DE CONCRETO INTERNAS, ARGAMASSA TRAÇO 1:3"},{"$f":"IF(OFFSET(PO!O$12,ROW(D41)-ROW(D$12),0)=0,\"\",OFFSET(PO!O$12,ROW(D41)-ROW(D$12),0))","v":"M2"},{"$f":"IF($A41<>\"Serviço\",0,ROUND(SUMIF($F$9:$P$9,\"<>\",$F41:$P41),15-13*PO!$X$3))","v":428.54},{"$f":"OFFSET(PO!$P$12,ROW($E41)-ROW(F$12),0)","v":428.54}]
[{"$f":"OFFSET(PO!J$12,ROW(A42)-ROW($A$12),0)","v":"Serviço"},{"$f":"IF($A42=0,\"\",OFFSET(PO!K$12,ROW(B42)-ROW(B$12),0))","v":"3.2.2."},{"$f":"IF(OFFSET(PO!N$12,ROW(C42)-ROW(C$12),0)=0,\"\",OFFSET(PO!N$12,ROW(C42)-ROW(C$12),0))","v":"EMBOÇO, EM ARGAMASSA TRAÇO 1:2:8, PREPARO MECÂNICO COM BETONEIRA 400L, APLICADO MANUALMENTE EM FACES INTERNAS DE PAREDES, PARA AMBIENTE COM ÁREA  MAIOR QUE 10M2, ESPESSURA DE 20MM, COM EXECUÇÃO DE TALISCAS. AF_06/2014"},{"$f":"IF(OFFSET(PO!O$12,ROW(D42)-ROW(D$12),0)=0,\"\",OFFSET(PO!O$12,ROW(D42)-ROW(D$12),0))","v":"M2"},{"$f":"IF($A42<>\"Serviço\",0,ROUND(SUMIF($F$9:$P$9,\"<>\",$F42:$P42),15-13*PO!$X$3))","v":428.54},{"$f":"OFFSET(PO!$P$12,ROW($E42)-ROW(F$12),0)","v":428.54}]
[{"$f":"OFFSET(PO!J$12,ROW(A43)-ROW($A$12),0)","v":"Serviço"},{"$f":"IF($A43=0,\"\",OFFSET(PO!K$12,ROW(B43)-ROW(B$12),0))","v":"3.2.3."},{"$f":"IF(OFFSET(PO!N$12,ROW(C43)-ROW(C$12),0)=0,\"\",OFFSET(PO!N$12,ROW(C43)-ROW(C$12),0))","v":"REVESTIMENTO CERÂMICO PARA PAREDES INTERNAS COM PLACAS TIPO ESMALTADA EXTRA DE DIMENSÕES 33X45 CM NA ALTURA INTEIRA DAS PAREDES."},{"$f":"IF(OFFSET(PO!O$12,ROW(D43)-ROW(D$12),0)=0,\"\",OFFSET(PO!O$12,ROW(D43)-ROW(D$12),0))","v":"M2"},{"$f":"IF($A43<>\"Serviço\",0,ROUND(SUMIF($F$9:$P$9,\"<>\",$F43:$P43),15-13*PO!$X$3))","v":293.06},{"$f":"OFFSET(PO!$P$12,ROW($E43)-ROW(F$12),0)","v":293.06}]
[{"$f":"OFFSET(PO!J$12,ROW(A44)-ROW($A$12),0)","v":"Nível 2"},{"$f":"IF($A44=0,\"\",OFFSET(PO!K$12,ROW(B44)-ROW(B$12),0))","v":"3.3."},{"$f":"IF(OFFSET(PO!N$12,ROW(C44)-ROW(C$12),0)=0,\"\",OFFSET(PO!N$12,ROW(C44)-ROW(C$12),0))","v":"DIVISÓRIAS E ESQUADRIAS"},{"$f":"IF(OFFSET(PO!O$12,ROW(D44)-ROW(D$12),0)=0,\"\",OFFSET(PO!O$12,ROW(D44)-ROW(D$12),0))","v":""},{"$f":"IF($A44<>\"Serviço\",0,ROUND(SUMIF($F$9:$P$9,\"<>\",$F44:$P44),15-13*PO!$X$3))","v":0},{"$f":"OFFSET(PO!$P$12,ROW($E44)-ROW(F$12),0)","v":0}]
[{"$f":"OFFSET(PO!J$12,ROW(A45)-ROW($A$12),0)","v":"Serviço"},{"$f":"IF($A45=0,\"\",OFFSET(PO!K$12,ROW(B45)-ROW(B$12),0))","v":"3.3.1."},{"$f":"IF(OFFSET(PO!N$12,ROW(C45)-ROW(C$12),0)=0,\"\",OFFSET(PO!N$12,ROW(C45)-ROW(C$12),0))","v":"DIVISORIA EM GRANITO, COM DUAS FACES POLIDAS, TIPO ANDORINHA/ QUARTZ/ CASTELO/ CORUMBA OU OUTROS EQUIVALENTES DA REGIAO, E=  *3,0* CM"},{"$f":"IF(OFFSET(PO!O$12,ROW(D45)-ROW(D$12),0)=0,\"\",OFFSET(PO!O$12,ROW(D45)-ROW(D$12),0))","v":"M2    "},{"$f":"IF($A45<>\"Serviço\",0,ROUND(SUMIF($F$9:$P$9,\"<>\",$F45:$P45),15-13*PO!$X$3))","v":{"v":32.4,"d":"32.40"}},{"$f":"OFFSET(PO!$P$12,ROW($E45)-ROW(F$12),0)","v":{"v":32.4,"d":"32.40"}}]
[{"$f":"OFFSET(PO!J$12,ROW(A46)-ROW($A$12),0)","v":"Serviço"},{"$f":"IF($A46=0,\"\",OFFSET(PO!K$12,ROW(B46)-ROW(B$12),0))","v":"3.3.2."},{"$f":"IF(OFFSET(PO!N$12,ROW(C46)-ROW(C$12),0)=0,\"\",OFFSET(PO!N$12,ROW(C46)-ROW(C$12),0))","v":"PORTA EM ALUMÍNIO DE ABRIR COM GUARNIÇÃO, FIXAÇÃO COM PARAFUSOS - FORNECIMENTO E INSTALAÇÃO. - P1"},{"$f":"IF(OFFSET(PO!O$12,ROW(D46)-ROW(D$12),0)=0,\"\",OFFSET(PO!O$12,ROW(D46)-ROW(D$12),0))","v":"M2"},{"$f":"IF($A46<>\"Serviço\",0,ROUND(SUMIF($F$9:$P$9,\"<>\",$F46:$P46),15-13*PO!$X$3))","v":12.96},{"$f":"OFFSET(PO!$P$12,ROW($E46)-ROW(F$12),0)","v":12.96}]
[{"$f":"OFFSET(PO!J$12,ROW(A47)-ROW($A$12),0)","v":"Serviço"},{"$f":"IF($A47=0,\"\",OFFSET(PO!K$12,ROW(B47)-ROW(B$12),0))","v":"3.3.3."},{"$f":"IF(OFFSET(PO!N$12,ROW(C47)-ROW(C$12),0)=0,\"\",OFFSET(PO!N$12,ROW(C47)-ROW(C$12),0))","v":"PORTA DE AÇO CONFORME PADRÃO EXISTENTE INCLUSO FERRAGENS, PINTURA ANTICORROSIVA, REQUADRO E PINTURA ESMALTE - FORNECIMENTO E INSTALAÇÃO"},{"$f":"IF(OFFSET(PO!O$12,ROW(D47)-ROW(D$12),0)=0,\"\",OFFSET(PO!O$12,ROW(D47)-ROW(D$12),0))","v":"M2"},{"$f":"IF($A47<>\"Serviço\",0,ROUND(SUMIF($F$9:$P$9,\"<>\",$F47:$P47),15-13*PO!$X$3))","v":63.21},{"$f":"OFFSET(PO!$P$12,ROW($E47)-ROW(F$12),0)","v":63.21}]
[{"$f":"OFFSET(PO!J$12,ROW(A48)-ROW($A$12),0)","v":"Serviço"},{"$f":"IF($A48=0,\"\",OFFSET(PO!K$12,ROW(B48)-ROW(B$12),0))","v":"3.3.4."},{"$f":"IF(OFFSET(PO!N$12,ROW(C48)-ROW(C$12),0)=0,\"\",OFFSET(PO!N$12,ROW(C48)-ROW(C$12),0))","v":"PEITORIL EM GRANITO, LARGURA 15 CM, ESPESSURA 2,0 CM. AF_06/2018"},{"$f":"IF(OFFSET(PO!O$12,ROW(D48)-ROW(D$12),0)=0,\"\",OFFSET(PO!O$12,ROW(D48)-ROW(D$12),0))","v":"M"},{"$f":"IF($A48<>\"Serviço\",0,ROUND(SUMIF($F$9:$P$9,\"<>\",$F48:$P48),15-13*PO!$X$3))","v":{"v":17.6,"d":"17.60"}},{"$f":"OFFSET(PO!$P$12,ROW($E48)-ROW(F$12),0)","v":{"v":17.6,"d":"17.60"}}]
[{"$f":"OFFSET(PO!J$12,ROW(A49)-ROW($A$12),0)","v":"Serviço"},{"$f":"IF($A49=0,\"\",OFFSET(PO!K$12,ROW(B49)-ROW(B$12),0))","v":"3.3.5."},{"$f":"IF(OFFSET(PO!N$12,ROW(C49)-ROW(C$12),0)=0,\"\",OFFSET(PO!N$12,ROW(C49)-ROW(C$12),0))","v":"JANELA DE AÇO TIPO BASCULANTE COM BATENTE, FERRAGENS E PINTURA ANTICORROSIVA. INCLUSIVE VIDROS, REQUADRO E PINTURA ESMALTE - FORNECIMENTO E INSTALAÇÃO"},{"$f":"IF(OFFSET(PO!O$12,ROW(D49)-ROW(D$12),0)=0,\"\",OFFSET(PO!O$12,ROW(D49)-ROW(D$12),0))","v":"M2"},{"$f":"IF($A49<>\"Serviço\",0,ROUND(SUMIF($F$9:$P$9,\"<>\",$F49:$P49),15-13*PO!$X$3))","v":{"v":26.4,"d":"26.40"}},{"$f":"OFFSET(PO!$P$12,ROW($E49)-ROW(F$12),0)","v":{"v":26.4,"d":"26.40"}}]
[{"$f":"OFFSET(PO!J$12,ROW(A50)-ROW($A$12),0)","v":"Nível 2"},{"$f":"IF($A50=0,\"\",OFFSET(PO!K$12,ROW(B50)-ROW(B$12),0))","v":"3.4."},{"$f":"IF(OFFSET(PO!N$12,ROW(C50)-ROW(C$12),0)=0,\"\",OFFSET(PO!N$12,ROW(C50)-ROW(C$12),0))","v":"EQUIPAMENTO SANITÁRIO"},{"$f":"IF(OFFSET(PO!O$12,ROW(D50)-ROW(D$12),0)=0,\"\",OFFSET(PO!O$12,ROW(D50)-ROW(D$12),0))","v":""},{"$f":"IF($A50<>\"Serviço\",0,ROUND(SUMIF($F$9:$P$9,\"<>\",$F50:$P50),15-13*PO!$X$3))","v":0},{"$f":"OFFSET(PO!$P$12,ROW($E50)-ROW(F$12),0)","v":0}]
[{"$f":"OFFSET(PO!J$12,ROW(A51)-ROW($A$12),0)","v":"Serviço"},{"$f":"IF($A51=0,\"\",OFFSET(PO!K$12,ROW(B51)-ROW(B$12),0))","v":"3.4.1."},{"$f":"IF(OFFSET(PO!N$12,ROW(C51)-ROW(C$12),0)=0,\"\",OFFSET(PO!N$12,ROW(C51)-ROW(C$12),0))","v":"VASO SANITÁRIO SIFONADO COM CAIXA ACOPLADA LOUÇA BRANCA, INCLUSO ENGATE FLEXÍVEL EM PLÁSTICO BRANCO, 1/2  X 40CM - FORNECIMENTO E INSTALAÇÃO."},{"$f":"IF(OFFSET(PO!O$12,ROW(D51)-ROW(D$12),0)=0,\"\",OFFSET(PO!O$12,ROW(D51)-ROW(D$12),0))","v":"UN"},{"$f":"IF($A51<>\"Serviço\",0,ROUND(SUMIF($F$9:$P$9,\"<>\",$F51:$P51),15-13*PO!$X$3))","v":{"v":6,"d":"6.00"}},{"$f":"OFFSET(PO!$P$12,ROW($E51)-ROW(F$12),0)","v":{"v":6,"d":"6.00"}}]
[{"$f":"OFFSET(PO!J$12,ROW(A52)-ROW($A$12),0)","v":"Serviço"},{"$f":"IF($A52=0,\"\",OFFSET(PO!K$12,ROW(B52)-ROW(B$12),0))","v":"3.4.2."},{"$f":"IF(OFFSET(PO!N$12,ROW(C52)-ROW(C$12),0)=0,\"\",OFFSET(PO!N$12,ROW(C52)-ROW(C$12),0))","v":"VASO SANITARIO SIFONADO CONVENCIONAL PARA PCD SEM FURO FRONTAL COM LOUÇA BRANCA SEM ASSENTO, INCLUSO CONJUNTO DE LIGAÇÃO PARA BACIA SANITÁRIA AJUSTÁVEL - FORNECIMENTO E INSTALAÇÃO"},{"$f":"IF(OFFSET(PO!O$12,ROW(D52)-ROW(D$12),0)=0,\"\",OFFSET(PO!O$12,ROW(D52)-ROW(D$12),0))","v":"UN"},{"$f":"IF($A52<>\"Serviço\",0,ROUND(SUMIF($F$9:$P$9,\"<>\",$F52:$P52),15-13*PO!$X$3))","v":{"v":1,"d":"1.00"}},{"$f":"OFFSET(PO!$P$12,ROW($E52)-ROW(F$12),0)","v":{"v":1,"d":"1.00"}}]
[{"$f":"OFFSET(PO!J$12,ROW(A53)-ROW($A$12),0)","v":"Serviço"},{"$f":"IF($A53=0,\"\",OFFSET(PO!K$12,ROW(B53)-ROW(B$12),0))","v":"3.4.3."},{"$f":"IF(OFFSET(PO!N$12,ROW(C53)-ROW(C$12),0)=0,\"\",OFFSET(PO!N$12,ROW(C53)-ROW(C$12),0))","v":"CHUVEIRO ELÉTRICO COMUM CORPO PLÁSTICO, TIPO DUCHA – FORNECIMENTO E INSTALAÇÃO"},{"$f":"IF(OFFSET(PO!O$12,ROW(D53)-ROW(D$12),0)=0,\"\",OFFSET(PO!O$12,ROW(D53)-ROW(D$12),0))","v":"UN"},{"$f":"IF($A53<>\"Serviço\",0,ROUND(SUMIF($F$9:$P$9,\"<>\",$F53:$P53),15-13*PO!$X$3))","v":{"v":7,"d":"7.00"}},{"$f":"OFFSET(PO!$P$12,ROW($E53)-ROW(F$12),0)","v":{"v":7,"d":"7.00"}}]
[{"$f":"OFFSET(PO!J$12,ROW(A54)-ROW($A$12),0)","v":"Serviço"},{"$f":"IF($A54=0,\"\",OFFSET(PO!K$12,ROW(B54)-ROW(B$12),0))","v":"3.4.4."},{"$f":"IF(OFFSET(PO!N$12,ROW(C54)-ROW(C$12),0)=0,\"\",OFFSET(PO!N$12,ROW(C54)-ROW(C$12),0))","v":"BANCADA GRANITO CINZA,  50 X 60 CM, INCL. CUBA DE EMBUTIR OVAL LOUÇA BRANCA 35 X 50 CM, VÁLVULA METAL CROMADO, SIFÃO FLEXÍVEL PVC, ENGATE 30 CM FLEXÍVEL PLÁSTICO E TORNEIRA CROMADA DE MESA, PADRÃO POPULAR - FORNEC. E INSTALAÇÃO"},{"$f":"IF(OFFSET(PO!O$12,ROW(D54)-ROW(D$12),0)=0,\"\",OFFSET(PO!O$12,ROW(D54)-ROW(D$12),0))","v":"UN"},{"$f":"IF($A54<>\"Serviço\",0,ROUND(SUMIF($F$9:$P$9,\"<>\",$F54:$P54),15-13*PO!$X$3))","v":{"v":3,"d":"3.00"}},{"$f":"OFFSET(PO!$P$12,ROW($E54)-ROW(F$12),0)","v":{"v":3,"d":"3.00"}}]
[{"$f":"OFFSET(PO!J$12,ROW(A55)-ROW($A$12),0)","v":"Serviço"},{"$f":"IF($A55=0,\"\",OFFSET(PO!K$12,ROW(B55)-ROW(B$12),0))","v":"3.4.5."},{"$f":"IF(OFFSET(PO!N$12,ROW(C55)-ROW(C$12),0)=0,\"\",OFFSET(PO!N$12,ROW(C55)-ROW(C$12),0))","v":"LAVATÓRIO LOUÇA BRANCA SUSPENSO, 29,5 X 39CM OU EQUIVALENTE, PADRÃO POPULAR, INCLUSO SIFÃO TIPO GARRAFA EM PVC, VÁLVULA E ENGATE FLEXÍVEL 30CM EM PLÁSTICO E TORNEIRA CROMADA DE MESA, PADRÃO POPULAR - FORNECIMENTO E INSTALAÇÃO"},{"$f":"IF(OFFSET(PO!O$12,ROW(D55)-ROW(D$12),0)=0,\"\",OFFSET(PO!O$12,ROW(D55)-ROW(D$12),0))","v":"UN"},{"$f":"IF($A55<>\"Serviço\",0,ROUND(SUMIF($F$9:$P$9,\"<>\",$F55:$P55),15-13*PO!$X$3))","v":{"v":3,"d":"3.00"}},{"$f":"OFFSET(PO!$P$12,ROW($E55)-ROW(F$12),0)","v":{"v":3,"d":"3.00"}}]
[{"$f":"OFFSET(PO!J$12,ROW(A56)-ROW($A$12),0)","v":"Serviço"},{"$f":"IF($A56=0,\"\",OFFSET(PO!K$12,ROW(B56)-ROW(B$12),0))","v":"3.4.6."},{"$f":"IF(OFFSET(PO!N$12,ROW(C56)-ROW(C$12),0)=0,\"\",OFFSET(PO!N$12,ROW(C56)-ROW(C$12),0))","v":"BARRA DE APOIO LATERAL ARTICULADA, COM TRAVA, EM ACO INOX POLIDO, FIXADA NA PAREDE - FORNECIMENTO E INSTALAÇÃO. AF_01/2020"},{"$f":"IF(OFFSET(PO!O$12,ROW(D56)-ROW(D$12),0)=0,\"\",OFFSET(PO!O$12,ROW(D56)-ROW(D$12),0))","v":"UN"},{"$f":"IF($A56<>\"Serviço\",0,ROUND(SUMIF($F$9:$P$9,\"<>\",$F56:$P56),15-13*PO!$X$3))","v":{"v":1,"d":"1.00"}},{"$f":"OFFSET(PO!$P$12,ROW($E56)-ROW(F$12),0)","v":{"v":1,"d":"1.00"}}]
[{"$f":"OFFSET(PO!J$12,ROW(A57)-ROW($A$12),0)","v":"Serviço"},{"$f":"IF($A57=0,\"\",OFFSET(PO!K$12,ROW(B57)-ROW(B$12),0))","v":"3.4.7."},{"$f":"IF(OFFSET(PO!N$12,ROW(C57)-ROW(C$12),0)=0,\"\",OFFSET(PO!N$12,ROW(C57)-ROW(C$12),0))","v":"BARRA DE APOIO RETA, EM ACO INOX POLIDO, COMPRIMENTO 80 CM,  FIXADA NA PAREDE - FORNECIMENTO E INSTALAÇÃO. AF_01/2020"},{"$f":"IF(OFFSET(PO!O$12,ROW(D57)-ROW(D$12),0)=0,\"\",OFFSET(PO!O$12,ROW(D57)-ROW(D$12),0))","v":"UN"},{"$f":"IF($A57<>\"Serviço\",0,ROUND(SUMIF($F$9:$P$9,\"<>\",$F57:$P57),15-13*PO!$X$3))","v":{"v":1,"d":"1.00"}},{"$f":"OFFSET(PO!$P$12,ROW($E57)-ROW(F$12),0)","v":{"v":1,"d":"1.00"}}]
[{"$f":"OFFSET(PO!J$12,ROW(A58)-ROW($A$12),0)","v":"Serviço"},{"$f":"IF($A58=0,\"\",OFFSET(PO!K$12,ROW(B58)-ROW(B$12),0))","v":"3.4.8."},{"$f":"IF(OFFSET(PO!N$12,ROW(C58)-ROW(C$12),0)=0,\"\",OFFSET(PO!N$12,ROW(C58)-ROW(C$12),0))","v":"BARRA DE APOIO RETA, EM ACO INOX POLIDO, COMPRIMENTO 60CM, FIXADA NA PAREDE - FORNECIMENTO E INSTALAÇÃO. AF_01/2020"},{"$f":"IF(OFFSET(PO!O$12,ROW(D58)-ROW(D$12),0)=0,\"\",OFFSET(PO!O$12,ROW(D58)-ROW(D$12),0))","v":"UN"},{"$f":"IF($A58<>\"Serviço\",0,ROUND(SUMIF($F$9:$P$9,\"<>\",$F58:$P58),15-13*PO!$X$3))","v":{"v":1,"d":"1.00"}},{"$f":"OFFSET(PO!$P$12,ROW($E58)-ROW(F$12),0)","v":{"v":1,"d":"1.00"}}]
[{"$f":"OFFSET(PO!J$12,ROW(A59)-ROW($A$12),0)","v":"Serviço"},{"$f":"IF($A59=0,\"\",OFFSET(PO!K$12,ROW(B59)-ROW(B$12),0))","v":"3.4.9."},{"$f":"IF(OFFSET(PO!N$12,ROW(C59)-ROW(C$12),0)=0,\"\",OFFSET(PO!N$12,ROW(C59)-ROW(C$12),0))","v":"ASSENTO SANITARIO DE PLASTICO, TIPO CONVENCIONAL"},{"$f":"IF(OFFSET(PO!O$12,ROW(D59)-ROW(D$12),0)=0,\"\",OFFSET(PO!O$12,ROW(D59)-ROW(D$12),0))","v":"UN    "},{"$f":"IF($A59<>\"Serviço\",0,ROUND(SUMIF($F$9:$P$9,\"<>\",$F59:$P59),15-13*PO!$X$3))","v":{"v":7,"d":"7.00"}},{"$f":"OFFSET(PO!$P$12,ROW($E59)-ROW(F$12),0)","v":{"v":7,"d":"7.00"}}]
[{"$f":"OFFSET(PO!J$12,ROW(A60)-ROW($A$12),0)","v":"Serviço"},{"$f":"IF($A60=0,\"\",OFFSET(PO!K$12,ROW(B60)-ROW(B$12),0))","v":"3.4.10."},{"$f":"IF(OFFSET(PO!N$12,ROW(C60)-ROW(C$12),0)=0,\"\",OFFSET(PO!N$12,ROW(C60)-ROW(C$12),0))","v":"SABONETEIRA PLASTICA TIPO DISPENSER PARA SABONETE LIQUIDO COM RESERVATORIO 800 A 1500 ML, INCLUSO FIXAÇÃO. AF_01/2020"},{"$f":"IF(OFFSET(PO!O$12,ROW(D60)-ROW(D$12),0)=0,\"\",OFFSET(PO!O$12,ROW(D60)-ROW(D$12),0))","v":"UN"},{"$f":"IF($A60<>\"Serviço\",0,ROUND(SUMIF($F$9:$P$9,\"<>\",$F60:$P60),15-13*PO!$X$3))","v":{"v":6,"d":"6.00"}},{"$f":"OFFSET(PO!$P$12,ROW($E60)-ROW(F$12),0)","v":{"v":6,"d":"6.00"}}]
[{"$f":"OFFSET(PO!J$12,ROW(A61)-ROW($A$12),0)","v":"Serviço"},{"$f":"IF($A61=0,\"\",OFFSET(PO!K$12,ROW(B61)-ROW(B$12),0))","v":"3.4.11."},{"$f":"IF(OFFSET(PO!N$12,ROW(C61)-ROW(C$12),0)=0,\"\",OFFSET(PO!N$12,ROW(C61)-ROW(C$12),0))","v":"TOALHEIRO PLASTICO TIPO DISPENSER PARA PAPEL TOALHA INTERFOLHADO"},{"$f":"IF(OFFSET(PO!O$12,ROW(D61)-ROW(D$12),0)=0,\"\",OFFSET(PO!O$12,ROW(D61)-ROW(D$12),0))","v":"UN    "},{"$f":"IF($A61<>\"Serviço\",0,ROUND(SUMIF($F$9:$P$9,\"<>\",$F61:$P61),15-13*PO!$X$3))","v":{"v":6,"d":"6.00"}},{"$f":"OFFSET(PO!$P$12,ROW($E61)-ROW(F$12),0)","v":{"v":6,"d":"6.00"}}]
[{"$f":"OFFSET(PO!J$12,ROW(A62)-ROW($A$12),0)","v":"Serviço"},{"$f":"IF($A62=0,\"\",OFFSET(PO!K$12,ROW(B62)-ROW(B$12),0))","v":"3.4.12."},{"$f":"IF(OFFSET(PO!N$12,ROW(C62)-ROW(C$12),0)=0,\"\",OFFSET(PO!N$12,ROW(C62)-ROW(C$12),0))","v":"SABONETEIRA DE PAREDE EM METAL CROMADO, INCLUSO FIXAÇÃO. AF_01/2020"},{"$f":"IF(OFFSET(PO!O$12,ROW(D62)-ROW(D$12),0)=0,\"\",OFFSET(PO!O$12,ROW(D62)-ROW(D$12),0))","v":"UN"},{"$f":"IF($A62<>\"Serviço\",0,ROUND(SUMIF($F$9:$P$9,\"<>\",$F62:$P62),15-13*PO!$X$3))","v":{"v":7,"d":"7.00"}},{"$f":"OFFSET(PO!$P$12,ROW($E62)-ROW(F$12),0)","v":{"v":7,"d":"7.00"}}]
[{"$f":"OFFSET(PO!J$12,ROW(A63)-ROW($A$12),0)","v":"Serviço"},{"$f":"IF($A63=0,\"\",OFFSET(PO!K$12,ROW(B63)-ROW(B$12),0))","v":"3.4.13."},{"$f":"IF(OFFSET(PO!N$12,ROW(C63)-ROW(C$12),0)=0,\"\",OFFSET(PO!N$12,ROW(C63)-ROW(C$12),0))","v":"PORTA TOALHA BANHO EM METAL CROMADO, TIPO BARRA, INCLUSO FIXAÇÃO. AF_01/2020"},{"$f":"IF(OFFSET(PO!O$12,ROW(D63)-ROW(D$12),0)=0,\"\",OFFSET(PO!O$12,ROW(D63)-ROW(D$12),0))","v":"UN"},{"$f":"IF($A63<>\"Serviço\",0,ROUND(SUMIF($F$9:$P$9,\"<>\",$F63:$P63),15-13*PO!$X$3))","v":{"v":7,"d":"7.00"}},{"$f":"OFFSET(PO!$P$12,ROW($E63)-ROW(F$12),0)","v":{"v":7,"d":"7.00"}}]
[{"$f":"OFFSET(PO!J$12,ROW(A64)-ROW($A$12),0)","v":"Nível 2"},{"$f":"IF($A64=0,\"\",OFFSET(PO!K$12,ROW(B64)-ROW(B$12),0))","v":"3.5."},{"$f":"IF(OFFSET(PO!N$12,ROW(C64)-ROW(C$12),0)=0,\"\",OFFSET(PO!N$12,ROW(C64)-ROW(C$12),0))","v":"INSTALAÇÕES DE ÁGUA FRIA E ESGOTO SANITÁRIO"},{"$f":"IF(OFFSET(PO!O$12,ROW(D64)-ROW(D$12),0)=0,\"\",OFFSET(PO!O$12,ROW(D64)-ROW(D$12),0))","v":""},{"$f":"IF($A64<>\"Serviço\",0,ROUND(SUMIF($F$9:$P$9,\"<>\",$F64:$P64),15-13*PO!$X$3))","v":0},{"$f":"OFFSET(PO!$P$12,ROW($E64)-ROW(F$12),0)","v":0}]
[{"$f":"OFFSET(PO!J$12,ROW(A65)-ROW($A$12),0)","v":"Serviço"},{"$f":"IF($A65=0,\"\",OFFSET(PO!K$12,ROW(B65)-ROW(B$12),0))","v":"3.5.1."},{"$f":"IF(OFFSET(PO!N$12,ROW(C65)-ROW(C$12),0)=0,\"\",OFFSET(PO!N$12,ROW(C65)-ROW(C$12),0))","v":"INSTALAÇÃO DE CAIXA D'AGUA"},{"$f":"IF(OFFSET(PO!O$12,ROW(D65)-ROW(D$12),0)=0,\"\",OFFSET(PO!O$12,ROW(D65)-ROW(D$12),0))","v":"UN"},{"$f":"IF($A65<>\"Serviço\",0,ROUND(SUMIF($F$9:$P$9,\"<>\",$F65:$P65),15-13*PO!$X$3))","v":{"v":4,"d":"4.00"}},{"$f":"OFFSET(PO!$P$12,ROW($E65)-ROW(F$12),0)","v":{"v":4,"d":"4.00"}}]
[{"$f":"OFFSET(PO!J$12,ROW(A66)-ROW($A$12),0)","v":"Serviço"},{"$f":"IF($A66=0,\"\",OFFSET(PO!K$12,ROW(B66)-ROW(B$12),0))","v":"3.5.2."},{"$f":"IF(OFFSET(PO!N$12,ROW(C66)-ROW(C$12),0)=0,\"\",OFFSET(PO!N$12,ROW(C66)-ROW(C$12),0))","v":"BOMBA RECALQUE D'AGUA PREDIO 3 A 5 PAVTOS - 2UD"},{"$f":"IF(OFFSET(PO!O$12,ROW(D66)-ROW(D$12),0)=0,\"\",OFFSET(PO!O$12,ROW(D66)-ROW(D$12),0))","v":"UN"},{"$f":"IF($A66<>\"Serviço\",0,ROUND(SUMIF($F$9:$P$9,\"<>\",$F66:$P66),15-13*PO!$X$3))","v":{"v":2,"d":"2.00"}},{"$f":"OFFSET(PO!$P$12,ROW($E66)-ROW(F$12),0)","v":{"v":2,"d":"2.00"}}]
[{"$f":"OFFSET(PO!J$12,ROW(A67)-ROW($A$12),0)","v":"Serviço"},{"$f":"IF($A67=0,\"\",OFFSET(PO!K$12,ROW(B67)-ROW(B$12),0))","v":"3.5.3."},{"$f":"IF(OFFSET(PO!N$12,ROW(C67)-ROW(C$12),0)=0,\"\",OFFSET(PO!N$12,ROW(C67)-ROW(C$12),0))","v":"(COMPOSIÇÃO REPRESENTATIVA) DO SERVIÇO DE INSTALAÇÃO TUBOS DE PVC, SOLDÁVEL, ÁGUA FRIA, DN 32 MM (INSTALADO EM RAMAL, SUB-RAMAL, RAMAL DE DISTRIBUIÇÃO OU PRUMADA), INCLUSIVE CONEXÕES, CORTES E FIXAÇÕES, PARA PRÉDIOS. AF_10/2015"},{"$f":"IF(OFFSET(PO!O$12,ROW(D67)-ROW(D$12),0)=0,\"\",OFFSET(PO!O$12,ROW(D67)-ROW(D$12),0))","v":"M"},{"$f":"IF($A67<>\"Serviço\",0,ROUND(SUMIF($F$9:$P$9,\"<>\",$F67:$P67),15-13*PO!$X$3))","v":{"v":92,"d":"92.00"}},{"$f":"OFFSET(PO!$P$12,ROW($E67)-ROW(F$12),0)","v":{"v":92,"d":"92.00"}}]
[{"$f":"OFFSET(PO!J$12,ROW(A68)-ROW($A$12),0)","v":"Serviço"},{"$f":"IF($A68=0,\"\",OFFSET(PO!K$12,ROW(B68)-ROW(B$12),0))","v":"3.5.4."},{"$f":"IF(OFFSET(PO!N$12,ROW(C68)-ROW(C$12),0)=0,\"\",OFFSET(PO!N$12,ROW(C68)-ROW(C$12),0))","v":"(COMPOSIÇÃO REPRESENTATIVA) DO SERVIÇO DE INSTALAÇÃO DE TUBOS DE PVC, SOLDÁVEL, ÁGUA FRIA, DN 25 MM (INSTALADO EM RAMAL, SUB-RAMAL, RAMAL DE DISTRIBUIÇÃO OU PRUMADA), INCLUSIVE CONEXÕES, CORTES E FIXAÇÕES, PARA PRÉDIOS. AF_10/2015"},{"$f":"IF(OFFSET(PO!O$12,ROW(D68)-ROW(D$12),0)=0,\"\",OFFSET(PO!O$12,ROW(D68)-ROW(D$12),0))","v":"M"},{"$f":"IF($A68<>\"Serviço\",0,ROUND(SUMIF($F$9:$P$9,\"<>\",$F68:$P68),15-13*PO!$X$3))","v":{"v":10,"d":"10.00"}},{"$f":"OFFSET(PO!$P$12,ROW($E68)-ROW(F$12),0)","v":{"v":10,"d":"10.00"}}]
[{"$f":"OFFSET(PO!J$12,ROW(A69)-ROW($A$12),0)","v":"Serviço"},{"$f":"IF($A69=0,\"\",OFFSET(PO!K$12,ROW(B69)-ROW(B$12),0))","v":"3.5.5."},{"$f":"IF(OFFSET(PO!N$12,ROW(C69)-ROW(C$12),0)=0,\"\",OFFSET(PO!N$12,ROW(C69)-ROW(C$12),0))","v":"KIT DE REGISTRO DE GAVETA BRUTO DE LATÃO ¾\", INCLUSIVE CONEXÕES, ROSCÁVEL, INSTALADO EM RAMAL DE ÁGUA FRIA - FORNECIMENTO E INSTALAÇÃO. AF_12/2014"},{"$f":"IF(OFFSET(PO!O$12,ROW(D69)-ROW(D$12),0)=0,\"\",OFFSET(PO!O$12,ROW(D69)-ROW(D$12),0))","v":"UN"},{"$f":"IF($A69<>\"Serviço\",0,ROUND(SUMIF($F$9:$P$9,\"<>\",$F69:$P69),15-13*PO!$X$3))","v":{"v":6,"d":"6.00"}},{"$f":"OFFSET(PO!$P$12,ROW($E69)-ROW(F$12),0)","v":{"v":6,"d":"6.00"}}]
[{"$f":"OFFSET(PO!J$12,ROW(A70)-ROW($A$12),0)","v":"Serviço"},{"$f":"IF($A70=0,\"\",OFFSET(PO!K$12,ROW(B70)-ROW(B$12),0))","v":"3.5.6."},{"$f":"IF(OFFSET(PO!N$12,ROW(C70)-ROW(C$12),0)=0,\"\",OFFSET(PO!N$12,ROW(C70)-ROW(C$12),0))","v":"PONTO DE CONSUMO TERMINAL DE ÁGUA FRIA (SUBRAMAL) COM TUBULAÇÃO DE PVC, DN 25 MM, INSTALADO EM RAMAL DE ÁGUA, INCLUSOS RASGO E CHUMBAMENTO EM ALVENARIA"},{"$f":"IF(OFFSET(PO!O$12,ROW(D70)-ROW(D$12),0)=0,\"\",OFFSET(PO!O$12,ROW(D70)-ROW(D$12),0))","v":"UN"},{"$f":"IF($A70<>\"Serviço\",0,ROUND(SUMIF($F$9:$P$9,\"<>\",$F70:$P70),15-13*PO!$X$3))","v":{"v":20,"d":"20.00"}},{"$f":"OFFSET(PO!$P$12,ROW($E70)-ROW(F$12),0)","v":{"v":20,"d":"20.00"}}]
[{"$f":"OFFSET(PO!J$12,ROW(A71)-ROW($A$12),0)","v":"Serviço"},{"$f":"IF($A71=0,\"\",OFFSET(PO!K$12,ROW(B71)-ROW(B$12),0))","v":"3.5.7."},{"$f":"IF(OFFSET(PO!N$12,ROW(C71)-ROW(C$12),0)=0,\"\",OFFSET(PO!N$12,ROW(C71)-ROW(C$12),0))","v":"RALO SIFONADO, PVC, DN 100 X 40 MM, JUNTA SOLDÁVEL, FORNECIDO E INSTALADO EM RAMAL DE DESCARGA OU EM RAMAL DE ESGOTO SANITÁRIO"},{"$f":"IF(OFFSET(PO!O$12,ROW(D71)-ROW(D$12),0)=0,\"\",OFFSET(PO!O$12,ROW(D71)-ROW(D$12),0))","v":"UN"},{"$f":"IF($A71<>\"Serviço\",0,ROUND(SUMIF($F$9:$P$9,\"<>\",$F71:$P71),15-13*PO!$X$3))","v":{"v":10,"d":"10.00"}},{"$f":"OFFSET(PO!$P$12,ROW($E71)-ROW(F$12),0)","v":{"v":10,"d":"10.00"}}]
[{"$f":"OFFSET(PO!J$12,ROW(A72)-ROW($A$12),0)","v":"Serviço"},{"$f":"IF($A72=0,\"\",OFFSET(PO!K$12,ROW(B72)-ROW(B$12),0))","v":"3.5.8."},{"$f":"IF(OFFSET(PO!N$12,ROW(C72)-ROW(C$12),0)=0,\"\",OFFSET(PO!N$12,ROW(C72)-ROW(C$12),0))","v":"(COMPOSIÇÃO REPRESENTATIVA) DO SERVIÇO DE INST. TUBO PVC, SÉRIE N, ESGOTO PREDIAL, 100 MM (INST. RAMAL DESCARGA, RAMAL DE ESG. SANIT., PRUMADA ESG. SANIT., VENTILAÇÃO OU SUB-COLETOR AÉREO), INCL. CONEXÕES E CORTES, FIXAÇÕES, P/ PRÉDIOS. AF_10/2015"},{"$f":"IF(OFFSET(PO!O$12,ROW(D72)-ROW(D$12),0)=0,\"\",OFFSET(PO!O$12,ROW(D72)-ROW(D$12),0))","v":"M"},{"$f":"IF($A72<>\"Serviço\",0,ROUND(SUMIF($F$9:$P$9,\"<>\",$F72:$P72),15-13*PO!$X$3))","v":{"v":24,"d":"24.00"}},{"$f":"OFFSET(PO!$P$12,ROW($E72)-ROW(F$12),0)","v":{"v":24,"d":"24.00"}}]
[{"$f":"OFFSET(PO!J$12,ROW(A73)-ROW($A$12),0)","v":"Serviço"},{"$f":"IF($A73=0,\"\",OFFSET(PO!K$12,ROW(B73)-ROW(B$12),0))","v":"3.5.9."},{"$f":"IF(OFFSET(PO!N$12,ROW(C73)-ROW(C$12),0)=0,\"\",OFFSET(PO!N$12,ROW(C73)-ROW(C$12),0))","v":"(COMPOSIÇÃO REPRESENTATIVA) DO SERVIÇO DE INST. TUBO PVC, SÉRIE N, ESGOTO PREDIAL, DN 75 MM, (INST. EM RAMAL DE DESCARGA, RAMAL DE ESG. SANITÁRIO, PRUMADA DE ESG. SANITÁRIO OU VENTILAÇÃO), INCL. CONEXÕES, CORTES E FIXAÇÕES, P/ PRÉDIOS. AF_10/2015"},{"$f":"IF(OFFSET(PO!O$12,ROW(D73)-ROW(D$12),0)=0,\"\",OFFSET(PO!O$12,ROW(D73)-ROW(D$12),0))","v":"M"},{"$f":"IF($A73<>\"Serviço\",0,ROUND(SUMIF($F$9:$P$9,\"<>\",$F73:$P73),15-13*PO!$X$3))","v":{"v":18,"d":"18.00"}},{"$f":"OFFSET(PO!$P$12,ROW($E73)-ROW(F$12),0)","v":{"v":18,"d":"18.00"}}]
[{"$f":"OFFSET(PO!J$12,ROW(A74)-ROW($A$12),0)","v":"Serviço"},{"$f":"IF($A74=0,\"\",OFFSET(PO!K$12,ROW(B74)-ROW(B$12),0))","v":"3.5.10."},{"$f":"IF(OFFSET(PO!N$12,ROW(C74)-ROW(C$12),0)=0,\"\",OFFSET(PO!N$12,ROW(C74)-ROW(C$12),0))","v":"CAIXA ENTERRADA HIDRÁULICA RETANGULAR EM ALVENARIA COM TIJOLOS CERÂMICOS MACIÇOS, DIMENSÕES INTERNAS: 0,4X0,4X0,4 M PARA REDE DE ESGOTO. AF_05/2018"},{"$f":"IF(OFFSET(PO!O$12,ROW(D74)-ROW(D$12),0)=0,\"\",OFFSET(PO!O$12,ROW(D74)-ROW(D$12),0))","v":"UN"},{"$f":"IF($A74<>\"Serviço\",0,ROUND(SUMIF($F$9:$P$9,\"<>\",$F74:$P74),15-13*PO!$X$3))","v":{"v":5,"d":"5.00"}},{"$f":"OFFSET(PO!$P$12,ROW($E74)-ROW(F$12),0)","v":{"v":5,"d":"5.00"}}]
[{"$f":"OFFSET(PO!J$12,ROW(A75)-ROW($A$12),0)","v":"Serviço"},{"$f":"IF($A75=0,\"\",OFFSET(PO!K$12,ROW(B75)-ROW(B$12),0))","v":"3.5.11."},{"$f":"IF(OFFSET(PO!N$12,ROW(C75)-ROW(C$12),0)=0,\"\",OFFSET(PO!N$12,ROW(C75)-ROW(C$12),0))","v":"TANQUE SÉPTICO CIRCULAR, EM CONCRETO PRÉ-MOLDADO, DIÂMETRO INTERNO = 2,38 M, ALTURA INTERNA = 2,50 M, VOLUME ÚTIL: 10009,8 L (PARA 69 CONTRIBUINTES). AF_05/2018"},{"$f":"IF(OFFSET(PO!O$12,ROW(D75)-ROW(D$12),0)=0,\"\",OFFSET(PO!O$12,ROW(D75)-ROW(D$12),0))","v":"UN"},{"$f":"IF($A75<>\"Serviço\",0,ROUND(SUMIF($F$9:$P$9,\"<>\",$F75:$P75),15-13*PO!$X$3))","v":{"v":1,"d":"1.00"}},{"$f":"OFFSET(PO!$P$12,ROW($E75)-ROW(F$12),0)","v":{"v":1,"d":"1.00"}}]
[{"$f":"OFFSET(PO!J$12,ROW(A76)-ROW($A$12),0)","v":"Serviço"},{"$f":"IF($A76=0,\"\",OFFSET(PO!K$12,ROW(B76)-ROW(B$12),0))","v":"3.5.12."},{"$f":"IF(OFFSET(PO!N$12,ROW(C76)-ROW(C$12),0)=0,\"\",OFFSET(PO!N$12,ROW(C76)-ROW(C$12),0))","v":"FILTRO ANAERÓBIO RETANGULAR, EM ALVENARIA COM BLOCOS DE CONCRETO, DIMENSÕES INTERNAS: 1,6 X 4,6 X 1,67 M, VOLUME ÚTIL: 8832 L (PARA 84 CONTRIBUINTES). AF_05/2018"},{"$f":"IF(OFFSET(PO!O$12,ROW(D76)-ROW(D$12),0)=0,\"\",OFFSET(PO!O$12,ROW(D76)-ROW(D$12),0))","v":"UN"},{"$f":"IF($A76<>\"Serviço\",0,ROUND(SUMIF($F$9:$P$9,\"<>\",$F76:$P76),15-13*PO!$X$3))","v":{"v":1,"d":"1.00"}},{"$f":"OFFSET(PO!$P$12,ROW($E76)-ROW(F$12),0)","v":{"v":1,"d":"1.00"}}]
[{"$f":"OFFSET(PO!J$12,ROW(A77)-ROW($A$12),0)","v":"Serviço"},{"$f":"IF($A77=0,\"\",OFFSET(PO!K$12,ROW(B77)-ROW(B$12),0))","v":"3.5.13."},{"$f":"IF(OFFSET(PO!N$12,ROW(C77)-ROW(C$12),0)=0,\"\",OFFSET(PO!N$12,ROW(C77)-ROW(C$12),0))","v":"CAIXA D'AGUA FIBRA DE VIDRO PARA 7500 LITROS, COM TAMPA"},{"$f":"IF(OFFSET(PO!O$12,ROW(D77)-ROW(D$12),0)=0,\"\",OFFSET(PO!O$12,ROW(D77)-ROW(D$12),0))","v":"UN"},{"$f":"IF($A77<>\"Serviço\",0,ROUND(SUMIF($F$9:$P$9,\"<>\",$F77:$P77),15-13*PO!$X$3))","v":{"v":2,"d":"2.00"}},{"$f":"OFFSET(PO!$P$12,ROW($E77)-ROW(F$12),0)","v":{"v":2,"d":"2.00"}}]
[{"$f":"OFFSET(PO!J$12,ROW(A78)-ROW($A$12),0)","v":"Serviço"},{"$f":"IF($A78=0,\"\",OFFSET(PO!K$12,ROW(B78)-ROW(B$12),0))","v":"3.5.14."},{"$f":"IF(OFFSET(PO!N$12,ROW(C78)-ROW(C$12),0)=0,\"\",OFFSET(PO!N$12,ROW(C78)-ROW(C$12),0))","v":"(COMPOSIÇÃO REPRESENTATIVA) DO SERVIÇO DE INSTALAÇÃO DE TUBOS DE PVC, SOLDÁVEL, ÁGUA FRIA, DN 50 MM (INSTALADO EM PRUMADA), INCLUSIVE CONEXÕES, CORTES E FIXAÇÕES, PARA PRÉDIOS. AF_10/2015"},{"$f":"IF(OFFSET(PO!O$12,ROW(D78)-ROW(D$12),0)=0,\"\",OFFSET(PO!O$12,ROW(D78)-ROW(D$12),0))","v":"M"},{"$f":"IF($A78<>\"Serviço\",0,ROUND(SUMIF($F$9:$P$9,\"<>\",$F78:$P78),15-13*PO!$X$3))","v":{"v":26,"d":"26.00"}},{"$f":"OFFSET(PO!$P$12,ROW($E78)-ROW(F$12),0)","v":{"v":26,"d":"26.00"}}]
[{"$f":"OFFSET(PO!J$12,ROW(A79)-ROW($A$12),0)","v":"Serviço"},{"$f":"IF($A79=0,\"\",OFFSET(PO!K$12,ROW(B79)-ROW(B$12),0))","v":"3.5.15."},{"$f":"IF(OFFSET(PO!N$12,ROW(C79)-ROW(C$12),0)=0,\"\",OFFSET(PO!N$12,ROW(C79)-ROW(C$12),0))","v":"REGISTRO DE ESFERA, PVC, SOLDÁVEL, DN  50 MM, INSTALADO EM RESERVAÇÃO DE ÁGUA DE EDIFICAÇÃO QUE POSSUA RESERVATÓRIO DE FIBRA/FIBROCIMENTO   FORNECIMENTO E INSTALAÇÃO. AF_06/2016"},{"$f":"IF(OFFSET(PO!O$12,ROW(D79)-ROW(D$12),0)=0,\"\",OFFSET(PO!O$12,ROW(D79)-ROW(D$12),0))","v":"UN"},{"$f":"IF($A79<>\"Serviço\",0,ROUND(SUMIF($F$9:$P$9,\"<>\",$F79:$P79),15-13*PO!$X$3))","v":{"v":2,"d":"2.00"}},{"$f":"OFFSET(PO!$P$12,ROW($E79)-ROW(F$12),0)","v":{"v":2,"d":"2.00"}}]
[{"$f":"OFFSET(PO!J$12,ROW(A80)-ROW($A$12),0)","v":"Meta"},{"$f":"IF($A80=0,\"\",OFFSET(PO!K$12,ROW(B80)-ROW(B$12),0))","v":"4."},{"$f":"IF(OFFSET(PO!N$12,ROW(C80)-ROW(C$12),0)=0,\"\",OFFSET(PO!N$12,ROW(C80)-ROW(C$12),0))","v":"SEGUNDO PAVIMENTO - BANHEIROS"},{"$f":"IF(OFFSET(PO!O$12,ROW(D80)-ROW(D$12),0)=0,\"\",OFFSET(PO!O$12,ROW(D80)-ROW(D$12),0))","v":""},{"$f":"IF($A80<>\"Serviço\",0,ROUND(SUMIF($F$9:$P$9,\"<>\",$F80:$P80),15-13*PO!$X$3))","v":0},{"$f":"OFFSET(PO!$P$12,ROW($E80)-ROW(F$12),0)","v":0}]
[{"$f":"OFFSET(PO!J$12,ROW(A81)-ROW($A$12),0)","v":"Nível 2"},{"$f":"IF($A81=0,\"\",OFFSET(PO!K$12,ROW(B81)-ROW(B$12),0))","v":"4.1."},{"$f":"IF(OFFSET(PO!N$12,ROW(C81)-ROW(C$12),0)=0,\"\",OFFSET(PO!N$12,ROW(C81)-ROW(C$12),0))","v":"PAVIMENTAÇÃO"},{"$f":"IF(OFFSET(PO!O$12,ROW(D81)-ROW(D$12),0)=0,\"\",OFFSET(PO!O$12,ROW(D81)-ROW(D$12),0))","v":""},{"$f":"IF($A81<>\"Serviço\",0,ROUND(SUMIF($F$9:$P$9,\"<>\",$F81:$P81),15-13*PO!$X$3))","v":0},{"$f":"OFFSET(PO!$P$12,ROW($E81)-ROW(F$12),0)","v":0}]
[{"$f":"OFFSET(PO!J$12,ROW(A82)-ROW($A$12),0)","v":"Serviço"},{"$f":"IF($A82=0,\"\",OFFSET(PO!K$12,ROW(B82)-ROW(B$12),0))","v":"4.1.1."},{"$f":"IF(OFFSET(PO!N$12,ROW(C82)-ROW(C$12),0)=0,\"\",OFFSET(PO!N$12,ROW(C82)-ROW(C$12),0))","v":"IMPERMEABILIZAÇÃO DE SUPERFÍCIE COM MANTA ASFÁLTICA, UMA CAMADA, INCLUSIVE APLICAÇÃO DE PRIMER ASFÁLTICO, E=3MM"},{"$f":"IF(OFFSET(PO!O$12,ROW(D82)-ROW(D$12),0)=0,\"\",OFFSET(PO!O$12,ROW(D82)-ROW(D$12),0))","v":"M2"},{"$f":"IF($A82<>\"Serviço\",0,ROUND(SUMIF($F$9:$P$9,\"<>\",$F82:$P82),15-13*PO!$X$3))","v":57.78},{"$f":"OFFSET(PO!$P$12,ROW($E82)-ROW(F$12),0)","v":57.78}]
[{"$f":"OFFSET(PO!J$12,ROW(A83)-ROW($A$12),0)","v":"Serviço"},{"$f":"IF($A83=0,\"\",OFFSET(PO!K$12,ROW(B83)-ROW(B$12),0))","v":"4.1.2."},{"$f":"IF(OFFSET(PO!N$12,ROW(C83)-ROW(C$12),0)=0,\"\",OFFSET(PO!N$12,ROW(C83)-ROW(C$12),0))","v":"CONTRAPISO EM ARGAMASSA TRAÇO 1:4 (CIMENTO E AREIA), PREPARO MECÂNICO COM BETONEIRA 400 L, APLICADO EM ÁREAS MOLHADAS SOBRE IMPERMEABILIZAÇÃO, ESPESSURA 4CM"},{"$f":"IF(OFFSET(PO!O$12,ROW(D83)-ROW(D$12),0)=0,\"\",OFFSET(PO!O$12,ROW(D83)-ROW(D$12),0))","v":"M2"},{"$f":"IF($A83<>\"Serviço\",0,ROUND(SUMIF($F$9:$P$9,\"<>\",$F83:$P83),15-13*PO!$X$3))","v":67.08},{"$f":"OFFSET(PO!$P$12,ROW($E83)-ROW(F$12),0)","v":67.08}]
[{"$f":"OFFSET(PO!J$12,ROW(A84)-ROW($A$12),0)","v":"Serviço"},{"$f":"IF($A84=0,\"\",OFFSET(PO!K$12,ROW(B84)-ROW(B$12),0))","v":"4.1.3."},{"$f":"IF(OFFSET(PO!N$12,ROW(C84)-ROW(C$12),0)=0,\"\",OFFSET(PO!N$12,ROW(C84)-ROW(C$12),0))","v":"REVESTIMENTO CERÂMICO PARA PISO COM PLACAS TIPO PORCELANATO DE DIMENSÕES 45X45 CM"},{"$f":"IF(OFFSET(PO!O$12,ROW(D84)-ROW(D$12),0)=0,\"\",OFFSET(PO!O$12,ROW(D84)-ROW(D$12),0))","v":"M2"},{"$f":"IF($A84<>\"Serviço\",0,ROUND(SUMIF($F$9:$P$9,\"<>\",$F84:$P84),15-13*PO!$X$3))","v":67.08},{"$f":"OFFSET(PO!$P$12,ROW($E84)-ROW(F$12),0)","v":67.08}]
[{"$f":"OFFSET(PO!J$12,ROW(A85)-ROW($A$12),0)","v":"Serviço"},{"$f":"IF($A85=0,\"\",OFFSET(PO!K$12,ROW(B85)-ROW(B$12),0))","v":"4.1.4."},{"$f":"IF(OFFSET(PO!N$12,ROW(C85)-ROW(C$12),0)=0,\"\",OFFSET(PO!N$12,ROW(C85)-ROW(C$12),0))","v":"EXECUÇÃO DE ESCADA EM CONCRETO ARMADO, MOLDADA IN LOCO, FCK = 25 MPA"},{"$f":"IF(OFFSET(PO!O$12,ROW(D85)-ROW(D$12),0)=0,\"\",OFFSET(PO!O$12,ROW(D85)-ROW(D$12),0))","v":"M3"},{"$f":"IF($A85<>\"Serviço\",0,ROUND(SUMIF($F$9:$P$9,\"<>\",$F85:$P85),15-13*PO!$X$3))","v":{"v":2,"d":"2.00"}},{"$f":"OFFSET(PO!$P$12,ROW($E85)-ROW(F$12),0)","v":{"v":2,"d":"2.00"}}]
[{"$f":"OFFSET(PO!J$12,ROW(A86)-ROW($A$12),0)","v":"Serviço"},{"$f":"IF($A86=0,\"\",OFFSET(PO!K$12,ROW(B86)-ROW(B$12),0))","v":"4.1.5."},{"$f":"IF(OFFSET(PO!N$12,ROW(C86)-ROW(C$12),0)=0,\"\",OFFSET(PO!N$12,ROW(C86)-ROW(C$12),0))","v":"EXECUÇÃO DE RAMPA EM CONCRETO ARMADO, MOLDADA IN LOCO, FCK = 25 MPA"},{"$f":"IF(OFFSET(PO!O$12,ROW(D86)-ROW(D$12),0)=0,\"\",OFFSET(PO!O$12,ROW(D86)-ROW(D$12),0))","v":"M3"},{"$f":"IF($A86<>\"Serviço\",0,ROUND(SUMIF($F$9:$P$9,\"<>\",$F86:$P86),15-13*PO!$X$3))","v":3.85},{"$f":"OFFSET(PO!$P$12,ROW($E86)-ROW(F$12),0)","v":3.85}]
[{"$f":"OFFSET(PO!J$12,ROW(A87)-ROW($A$12),0)","v":"Nível 2"},{"$f":"IF($A87=0,\"\",OFFSET(PO!K$12,ROW(B87)-ROW(B$12),0))","v":"4.2."},{"$f":"IF(OFFSET(PO!N$12,ROW(C87)-ROW(C$12),0)=0,\"\",OFFSET(PO!N$12,ROW(C87)-ROW(C$12),0))","v":"REVESTIMENTOS INTERNOS"},{"$f":"IF(OFFSET(PO!O$12,ROW(D87)-ROW(D$12),0)=0,\"\",OFFSET(PO!O$12,ROW(D87)-ROW(D$12),0))","v":""},{"$f":"IF($A87<>\"Serviço\",0,ROUND(SUMIF($F$9:$P$9,\"<>\",$F87:$P87),15-13*PO!$X$3))","v":0},{"$f":"OFFSET(PO!$P$12,ROW($E87)-ROW(F$12),0)","v":0}]
[{"$f":"OFFSET(PO!J$12,ROW(A88)-ROW($A$12),0)","v":"Serviço"},{"$f":"IF($A88=0,\"\",OFFSET(PO!K$12,ROW(B88)-ROW(B$12),0))","v":"4.2.1."},{"$f":"IF(OFFSET(PO!N$12,ROW(C88)-ROW(C$12),0)=0,\"\",OFFSET(PO!N$12,ROW(C88)-ROW(C$12),0))","v":"CHAPISCO APLICADO EM ALVENARIAS E ESTRUTURAS DE CONCRETO INTERNAS, ARGAMASSA TRAÇO 1:3"},{"$f":"IF(OFFSET(PO!O$12,ROW(D88)-ROW(D$12),0)=0,\"\",OFFSET(PO!O$12,ROW(D88)-ROW(D$12),0))","v":"M2"},{"$f":"IF($A88<>\"Serviço\",0,ROUND(SUMIF($F$9:$P$9,\"<>\",$F88:$P88),15-13*PO!$X$3))","v":215.65},{"$f":"OFFSET(PO!$P$12,ROW($E88)-ROW(F$12),0)","v":215.65}]
[{"$f":"OFFSET(PO!J$12,ROW(A89)-ROW($A$12),0)","v":"Serviço"},{"$f":"IF($A89=0,\"\",OFFSET(PO!K$12,ROW(B89)-ROW(B$12),0))","v":"4.2.2."},{"$f":"IF(OFFSET(PO!N$12,ROW(C89)-ROW(C$12),0)=0,\"\",OFFSET(PO!N$12,ROW(C89)-ROW(C$12),0))","v":"EMBOÇO, EM ARGAMASSA TRAÇO 1:2:8, PREPARO MECÂNICO COM BETONEIRA 400L, APLICADO MANUALMENTE EM FACES INTERNAS DE PAREDES, PARA AMBIENTE COM ÁREA  MAIOR QUE 10M2, ESPESSURA DE 20MM, COM EXECUÇÃO DE TALISCAS. AF_06/2014"},{"$f":"IF(OFFSET(PO!O$12,ROW(D89)-ROW(D$12),0)=0,\"\",OFFSET(PO!O$12,ROW(D89)-ROW(D$12),0))","v":"M2"},{"$f":"IF($A89<>\"Serviço\",0,ROUND(SUMIF($F$9:$P$9,\"<>\",$F89:$P89),15-13*PO!$X$3))","v":215.65},{"$f":"OFFSET(PO!$P$12,ROW($E89)-ROW(F$12),0)","v":215.65}]
[{"$f":"OFFSET(PO!J$12,ROW(A90)-ROW($A$12),0)","v":"Serviço"},{"$f":"IF($A90=0,\"\",OFFSET(PO!K$12,ROW(B90)-ROW(B$12),0))","v":"4.2.3."},{"$f":"IF(OFFSET(PO!N$12,ROW(C90)-ROW(C$12),0)=0,\"\",OFFSET(PO!N$12,ROW(C90)-ROW(C$12),0))","v":"REVESTIMENTO CERÂMICO PARA PAREDES INTERNAS COM PLACAS TIPO ESMALTADA EXTRA DE DIMENSÕES 33X45 CM NA ALTURA INTEIRA DAS PAREDES."},{"$f":"IF(OFFSET(PO!O$12,ROW(D90)-ROW(D$12),0)=0,\"\",OFFSET(PO!O$12,ROW(D90)-ROW(D$12),0))","v":"M2"},{"$f":"IF($A90<>\"Serviço\",0,ROUND(SUMIF($F$9:$P$9,\"<>\",$F90:$P90),15-13*PO!$X$3))","v":215.65},{"$f":"OFFSET(PO!$P$12,ROW($E90)-ROW(F$12),0)","v":215.65}]
[{"$f":"OFFSET(PO!J$12,ROW(A91)-ROW($A$12),0)","v":"Nível 2"},{"$f":"IF($A91=0,\"\",OFFSET(PO!K$12,ROW(B91)-ROW(B$12),0))","v":"4.3."},{"$f":"IF(OFFSET(PO!N$12,ROW(C91)-ROW(C$12),0)=0,\"\",OFFSET(PO!N$12,ROW(C91)-ROW(C$12),0))","v":"ESQUADRIAS E DIVISÓRIAS"},{"$f":"IF(OFFSET(PO!O$12,ROW(D91)-ROW(D$12),0)=0,\"\",OFFSET(PO!O$12,ROW(D91)-ROW(D$12),0))","v":""},{"$f":"IF($A91<>\"Serviço\",0,ROUND(SUMIF($F$9:$P$9,\"<>\",$F91:$P91),15-13*PO!$X$3))","v":0},{"$f":"OFFSET(PO!$P$12,ROW($E91)-ROW(F$12),0)","v":0}]
[{"$f":"OFFSET(PO!J$12,ROW(A92)-ROW($A$12),0)","v":"Serviço"},{"$f":"IF($A92=0,\"\",OFFSET(PO!K$12,ROW(B92)-ROW(B$12),0))","v":"4.3.1."},{"$f":"IF(OFFSET(PO!N$12,ROW(C92)-ROW(C$12),0)=0,\"\",OFFSET(PO!N$12,ROW(C92)-ROW(C$12),0))","v":"DIVISORIA EM GRANITO, COM DUAS FACES POLIDAS, TIPO ANDORINHA/ QUARTZ/ CASTELO/ CORUMBA OU OUTROS EQUIVALENTES DA REGIAO, E=  *3,0* CM"},{"$f":"IF(OFFSET(PO!O$12,ROW(D92)-ROW(D$12),0)=0,\"\",OFFSET(PO!O$12,ROW(D92)-ROW(D$12),0))","v":"M2    "},{"$f":"IF($A92<>\"Serviço\",0,ROUND(SUMIF($F$9:$P$9,\"<>\",$F92:$P92),15-13*PO!$X$3))","v":29.16},{"$f":"OFFSET(PO!$P$12,ROW($E92)-ROW(F$12),0)","v":29.16}]
[{"$f":"OFFSET(PO!J$12,ROW(A93)-ROW($A$12),0)","v":"Serviço"},{"$f":"IF($A93=0,\"\",OFFSET(PO!K$12,ROW(B93)-ROW(B$12),0))","v":"4.3.2."},{"$f":"IF(OFFSET(PO!N$12,ROW(C93)-ROW(C$12),0)=0,\"\",OFFSET(PO!N$12,ROW(C93)-ROW(C$12),0))","v":"PORTA EM ALUMÍNIO DE ABRIR COM GUARNIÇÃO, FIXAÇÃO COM PARAFUSOS - FORNECIMENTO E INSTALAÇÃO. - P1"},{"$f":"IF(OFFSET(PO!O$12,ROW(D93)-ROW(D$12),0)=0,\"\",OFFSET(PO!O$12,ROW(D93)-ROW(D$12),0))","v":"M2"},{"$f":"IF($A93<>\"Serviço\",0,ROUND(SUMIF($F$9:$P$9,\"<>\",$F93:$P93),15-13*PO!$X$3))","v":15.12},{"$f":"OFFSET(PO!$P$12,ROW($E93)-ROW(F$12),0)","v":15.12}]
[{"$f":"OFFSET(PO!J$12,ROW(A94)-ROW($A$12),0)","v":"Serviço"},{"$f":"IF($A94=0,\"\",OFFSET(PO!K$12,ROW(B94)-ROW(B$12),0))","v":"4.3.3."},{"$f":"IF(OFFSET(PO!N$12,ROW(C94)-ROW(C$12),0)=0,\"\",OFFSET(PO!N$12,ROW(C94)-ROW(C$12),0))","v":"PORTA DE AÇO CONFORME PADRÃO EXISTENTE INCLUSO FERRAGENS, PINTURA ANTICORROSIVA, REQUADRO E PINTURA ESMALTE - FORNECIMENTO E INSTALAÇÃO"},{"$f":"IF(OFFSET(PO!O$12,ROW(D94)-ROW(D$12),0)=0,\"\",OFFSET(PO!O$12,ROW(D94)-ROW(D$12),0))","v":"M2"},{"$f":"IF($A94<>\"Serviço\",0,ROUND(SUMIF($F$9:$P$9,\"<>\",$F94:$P94),15-13*PO!$X$3))","v":16.33},{"$f":"OFFSET(PO!$P$12,ROW($E94)-ROW(F$12),0)","v":16.33}]
[{"$f":"OFFSET(PO!J$12,ROW(A95)-ROW($A$12),0)","v":"Serviço"},{"$f":"IF($A95=0,\"\",OFFSET(PO!K$12,ROW(B95)-ROW(B$12),0))","v":"4.3.4."},{"$f":"IF(OFFSET(PO!N$12,ROW(C95)-ROW(C$12),0)=0,\"\",OFFSET(PO!N$12,ROW(C95)-ROW(C$12),0))","v":"PEITORIL EM GRANITO, LARGURA 15 CM, ESPESSURA 2,0 CM. AF_06/2018"},{"$f":"IF(OFFSET(PO!O$12,ROW(D95)-ROW(D$12),0)=0,\"\",OFFSET(PO!O$12,ROW(D95)-ROW(D$12),0))","v":"M"},{"$f":"IF($A95<>\"Serviço\",0,ROUND(SUMIF($F$9:$P$9,\"<>\",$F95:$P95),15-13*PO!$X$3))","v":{"v":13.6,"d":"13.60"}},{"$f":"OFFSET(PO!$P$12,ROW($E95)-ROW(F$12),0)","v":{"v":13.6,"d":"13.60"}}]
[{"$f":"OFFSET(PO!J$12,ROW(A96)-ROW($A$12),0)","v":"Serviço"},{"$f":"IF($A96=0,\"\",OFFSET(PO!K$12,ROW(B96)-ROW(B$12),0))","v":"4.3.5."},{"$f":"IF(OFFSET(PO!N$12,ROW(C96)-ROW(C$12),0)=0,\"\",OFFSET(PO!N$12,ROW(C96)-ROW(C$12),0))","v":"JANELA DE AÇO TIPO BASCULANTE COM BATENTE, FERRAGENS E PINTURA ANTICORROSIVA. INCLUSIVE VIDROS, REQUADRO E PINTURA ESMALTE - FORNECIMENTO E INSTALAÇÃO"},{"$f":"IF(OFFSET(PO!O$12,ROW(D96)-ROW(D$12),0)=0,\"\",OFFSET(PO!O$12,ROW(D96)-ROW(D$12),0))","v":"M2"},{"$f":"IF($A96<>\"Serviço\",0,ROUND(SUMIF($F$9:$P$9,\"<>\",$F96:$P96),15-13*PO!$X$3))","v":10.72},{"$f":"OFFSET(PO!$P$12,ROW($E96)-ROW(F$12),0)","v":10.72}]
[{"$f":"OFFSET(PO!J$12,ROW(A97)-ROW($A$12),0)","v":"Serviço"},{"$f":"IF($A97=0,\"\",OFFSET(PO!K$12,ROW(B97)-ROW(B$12),0))","v":"4.3.6."},{"$f":"IF(OFFSET(PO!N$12,ROW(C97)-ROW(C$12),0)=0,\"\",OFFSET(PO!N$12,ROW(C97)-ROW(C$12),0))","v":"VERGA PRÉ-MOLDADA PARA PORTAS COM ATÉ 1,5 M DE VÃO. AF_03/2016"},{"$f":"IF(OFFSET(PO!O$12,ROW(D97)-ROW(D$12),0)=0,\"\",OFFSET(PO!O$12,ROW(D97)-ROW(D$12),0))","v":"M"},{"$f":"IF($A97<>\"Serviço\",0,ROUND(SUMIF($F$9:$P$9,\"<>\",$F97:$P97),15-13*PO!$X$3))","v":{"v":2.3,"d":"2.30"}},{"$f":"OFFSET(PO!$P$12,ROW($E97)-ROW(F$12),0)","v":{"v":2.3,"d":"2.30"}}]
[{"$f":"OFFSET(PO!J$12,ROW(A98)-ROW($A$12),0)","v":"Nível 2"},{"$f":"IF($A98=0,\"\",OFFSET(PO!K$12,ROW(B98)-ROW(B$12),0))","v":"4.4."},{"$f":"IF(OFFSET(PO!N$12,ROW(C98)-ROW(C$12),0)=0,\"\",OFFSET(PO!N$12,ROW(C98)-ROW(C$12),0))","v":"EQUIPAMENTO SANITÁRIO"},{"$f":"IF(OFFSET(PO!O$12,ROW(D98)-ROW(D$12),0)=0,\"\",OFFSET(PO!O$12,ROW(D98)-ROW(D$12),0))","v":""},{"$f":"IF($A98<>\"Serviço\",0,ROUND(SUMIF($F$9:$P$9,\"<>\",$F98:$P98),15-13*PO!$X$3))","v":0},{"$f":"OFFSET(PO!$P$12,ROW($E98)-ROW(F$12),0)","v":0}]
[{"$f":"OFFSET(PO!J$12,ROW(A99)-ROW($A$12),0)","v":"Serviço"},{"$f":"IF($A99=0,\"\",OFFSET(PO!K$12,ROW(B99)-ROW(B$12),0))","v":"4.4.1."},{"$f":"IF(OFFSET(PO!N$12,ROW(C99)-ROW(C$12),0)=0,\"\",OFFSET(PO!N$12,ROW(C99)-ROW(C$12),0))","v":"VASO SANITÁRIO SIFONADO COM CAIXA ACOPLADA LOUÇA BRANCA, INCLUSO ENGATE FLEXÍVEL EM PLÁSTICO BRANCO, 1/2  X 40CM - FORNECIMENTO E INSTALAÇÃO."},{"$f":"IF(OFFSET(PO!O$12,ROW(D99)-ROW(D$12),0)=0,\"\",OFFSET(PO!O$12,ROW(D99)-ROW(D$12),0))","v":"UN"},{"$f":"IF($A99<>\"Serviço\",0,ROUND(SUMIF($F$9:$P$9,\"<>\",$F99:$P99),15-13*PO!$X$3))","v":{"v":14,"d":"14.00"}},{"$f":"OFFSET(PO!$P$12,ROW($E99)-ROW(F$12),0)","v":{"v":14,"d":"14.00"}}]
[{"$f":"OFFSET(PO!J$12,ROW(A100)-ROW($A$12),0)","v":"Serviço"},{"$f":"IF($A100=0,\"\",OFFSET(PO!K$12,ROW(B100)-ROW(B$12),0))","v":"4.4.2."},{"$f":"IF(OFFSET(PO!N$12,ROW(C100)-ROW(C$12),0)=0,\"\",OFFSET(PO!N$12,ROW(C100)-ROW(C$12),0))","v":"VASO SANITARIO SIFONADO CONVENCIONAL PARA PCD SEM FURO FRONTAL COM LOUÇA BRANCA SEM ASSENTO, INCLUSO CONJUNTO DE LIGAÇÃO PARA BACIA SANITÁRIA AJUSTÁVEL - FORNECIMENTO E INSTALAÇÃO"},{"$f":"IF(OFFSET(PO!O$12,ROW(D100)-ROW(D$12),0)=0,\"\",OFFSET(PO!O$12,ROW(D100)-ROW(D$12),0))","v":"UN"},{"$f":"IF($A100<>\"Serviço\",0,ROUND(SUMIF($F$9:$P$9,\"<>\",$F100:$P100),15-13*PO!$X$3))","v":{"v":2,"d":"2.00"}},{"$f":"OFFSET(PO!$P$12,ROW($E100)-ROW(F$12),0)","v":{"v":2,"d":"2.00"}}]
[{"$f":"OFFSET(PO!J$12,ROW(A101)-ROW($A$12),0)","v":"Serviço"},{"$f":"IF($A101=0,\"\",OFFSET(PO!K$12,ROW(B101)-ROW(B$12),0))","v":"4.4.3."},{"$f":"IF(OFFSET(PO!N$12,ROW(C101)-ROW(C$12),0)=0,\"\",OFFSET(PO!N$12,ROW(C101)-ROW(C$12),0))","v":"MICTORIO SIFONADO LOUCA BRANCA - FORNECIMENTO E INSTALAÇÃO - INCLUSIVE ACESSÓRIOS"},{"$f":"IF(OFFSET(PO!O$12,ROW(D101)-ROW(D$12),0)=0,\"\",OFFSET(PO!O$12,ROW(D101)-ROW(D$12),0))","v":"UN    "},{"$f":"IF($A101<>\"Serviço\",0,ROUND(SUMIF($F$9:$P$9,\"<>\",$F101:$P101),15-13*PO!$X$3))","v":{"v":10,"d":"10.00"}},{"$f":"OFFSET(PO!$P$12,ROW($E101)-ROW(F$12),0)","v":{"v":10,"d":"10.00"}}]
[{"$f":"OFFSET(PO!J$12,ROW(A102)-ROW($A$12),0)","v":"Serviço"},{"$f":"IF($A102=0,\"\",OFFSET(PO!K$12,ROW(B102)-ROW(B$12),0))","v":"4.4.4."},{"$f":"IF(OFFSET(PO!N$12,ROW(C102)-ROW(C$12),0)=0,\"\",OFFSET(PO!N$12,ROW(C102)-ROW(C$12),0))","v":"LAVATÓRIO LOUÇA BRANCA COM COLUNA, *44 X 35,5* CM, PADRÃO POPULAR, INCLUSO SIFÃO FLEXÍVEL EM PVC, VÁLVULA E ENGATE FLEXÍVEL 30CM EM PLÁSTICO E COM TORNEIRA CROMADA PADRÃO POPULAR - FORNECIMENTO E INSTALAÇÃO."},{"$f":"IF(OFFSET(PO!O$12,ROW(D102)-ROW(D$12),0)=0,\"\",OFFSET(PO!O$12,ROW(D102)-ROW(D$12),0))","v":"UN"},{"$f":"IF($A102<>\"Serviço\",0,ROUND(SUMIF($F$9:$P$9,\"<>\",$F102:$P102),15-13*PO!$X$3))","v":{"v":14,"d":"14.00"}},{"$f":"OFFSET(PO!$P$12,ROW($E102)-ROW(F$12),0)","v":{"v":14,"d":"14.00"}}]
[{"$f":"OFFSET(PO!J$12,ROW(A103)-ROW($A$12),0)","v":"Serviço"},{"$f":"IF($A103=0,\"\",OFFSET(PO!K$12,ROW(B103)-ROW(B$12),0))","v":"4.4.5."},{"$f":"IF(OFFSET(PO!N$12,ROW(C103)-ROW(C$12),0)=0,\"\",OFFSET(PO!N$12,ROW(C103)-ROW(C$12),0))","v":"LAVATÓRIO LOUÇA BRANCA SUSPENSO, 29,5 X 39CM OU EQUIVALENTE, PADRÃO POPULAR, INCLUSO SIFÃO TIPO GARRAFA EM PVC, VÁLVULA E ENGATE FLEXÍVEL 30CM EM PLÁSTICO E TORNEIRA CROMADA DE MESA, PADRÃO POPULAR - FORNECIMENTO E INSTALAÇÃO."},{"$f":"IF(OFFSET(PO!O$12,ROW(D103)-ROW(D$12),0)=0,\"\",OFFSET(PO!O$12,ROW(D103)-ROW(D$12),0))","v":"UN"},{"$f":"IF($A103<>\"Serviço\",0,ROUND(SUMIF($F$9:$P$9,\"<>\",$F103:$P103),15-13*PO!$X$3))","v":{"v":2,"d":"2.00"}},{"$f":"OFFSET(PO!$P$12,ROW($E103)-ROW(F$12),0)","v":{"v":2,"d":"2.00"}}]
[{"$f":"OFFSET(PO!J$12,ROW(A104)-ROW($A$12),0)","v":"Serviço"},{"$f":"IF($A104=0,\"\",OFFSET(PO!K$12,ROW(B104)-ROW(B$12),0))","v":"4.4.6."},{"$f":"IF(OFFSET(PO!N$12,ROW(C104)-ROW(C$12),0)=0,\"\",OFFSET(PO!N$12,ROW(C104)-ROW(C$12),0))","v":"BARRA DE APOIO LATERAL ARTICULADA, COM TRAVA, EM ACO INOX POLIDO, FIXADA NA PAREDE - FORNECIMENTO E INSTALAÇÃO. AF_01/2020"},{"$f":"IF(OFFSET(PO!O$12,ROW(D104)-ROW(D$12),0)=0,\"\",OFFSET(PO!O$12,ROW(D104)-ROW(D$12),0))","v":"UN"},{"$f":"IF($A104<>\"Serviço\",0,ROUND(SUMIF($F$9:$P$9,\"<>\",$F104:$P104),15-13*PO!$X$3))","v":{"v":2,"d":"2.00"}},{"$f":"OFFSET(PO!$P$12,ROW($E104)-ROW(F$12),0)","v":{"v":2,"d":"2.00"}}]
[{"$f":"OFFSET(PO!J$12,ROW(A105)-ROW($A$12),0)","v":"Serviço"},{"$f":"IF($A105=0,\"\",OFFSET(PO!K$12,ROW(B105)-ROW(B$12),0))","v":"4.4.7."},{"$f":"IF(OFFSET(PO!N$12,ROW(C105)-ROW(C$12),0)=0,\"\",OFFSET(PO!N$12,ROW(C105)-ROW(C$12),0))","v":"BARRA DE APOIO RETA, EM ACO INOX POLIDO, COMPRIMENTO 80 CM,  FIXADA NA PAREDE - FORNECIMENTO E INSTALAÇÃO. AF_01/2020"},{"$f":"IF(OFFSET(PO!O$12,ROW(D105)-ROW(D$12),0)=0,\"\",OFFSET(PO!O$12,ROW(D105)-ROW(D$12),0))","v":"UN"},{"$f":"IF($A105<>\"Serviço\",0,ROUND(SUMIF($F$9:$P$9,\"<>\",$F105:$P105),15-13*PO!$X$3))","v":{"v":2,"d":"2.00"}},{"$f":"OFFSET(PO!$P$12,ROW($E105)-ROW(F$12),0)","v":{"v":2,"d":"2.00"}}]
[{"$f":"OFFSET(PO!J$12,ROW(A106)-ROW($A$12),0)","v":"Serviço"},{"$f":"IF($A106=0,\"\",OFFSET(PO!K$12,ROW(B106)-ROW(B$12),0))","v":"4.4.8."},{"$f":"IF(OFFSET(PO!N$12,ROW(C106)-ROW(C$12),0)=0,\"\",OFFSET(PO!N$12,ROW(C106)-ROW(C$12),0))","v":"BARRA DE APOIO RETA, EM ACO INOX POLIDO, COMPRIMENTO 60CM, FIXADA NA PAREDE - FORNECIMENTO E INSTALAÇÃO. AF_01/2020"},{"$f":"IF(OFFSET(PO!O$12,ROW(D106)-ROW(D$12),0)=0,\"\",OFFSET(PO!O$12,ROW(D106)-ROW(D$12),0))","v":"UN"},{"$f":"IF($A106<>\"Serviço\",0,ROUND(SUMIF($F$9:$P$9,\"<>\",$F106:$P106),15-13*PO!$X$3))","v":{"v":2,"d":"2.00"}},{"$f":"OFFSET(PO!$P$12,ROW($E106)-ROW(F$12),0)","v":{"v":2,"d":"2.00"}}]
[{"$f":"OFFSET(PO!J$12,ROW(A107)-ROW($A$12),0)","v":"Serviço"},{"$f":"IF($A107=0,\"\",OFFSET(PO!K$12,ROW(B107)-ROW(B$12),0))","v":"4.4.9."},{"$f":"IF(OFFSET(PO!N$12,ROW(C107)-ROW(C$12),0)=0,\"\",OFFSET(PO!N$12,ROW(C107)-ROW(C$12),0))","v":"ASSENTO SANITARIO DE PLASTICO, TIPO CONVENCIONAL"},{"$f":"IF(OFFSET(PO!O$12,ROW(D107)-ROW(D$12),0)=0,\"\",OFFSET(PO!O$12,ROW(D107)-ROW(D$12),0))","v":"UN    "},{"$f":"IF($A107<>\"Serviço\",0,ROUND(SUMIF($F$9:$P$9,\"<>\",$F107:$P107),15-13*PO!$X$3))","v":{"v":16,"d":"16.00"}},{"$f":"OFFSET(PO!$P$12,ROW($E107)-ROW(F$12),0)","v":{"v":16,"d":"16.00"}}]
[{"$f":"OFFSET(PO!J$12,ROW(A108)-ROW($A$12),0)","v":"Serviço"},{"$f":"IF($A108=0,\"\",OFFSET(PO!K$12,ROW(B108)-ROW(B$12),0))","v":"4.4.10."},{"$f":"IF(OFFSET(PO!N$12,ROW(C108)-ROW(C$12),0)=0,\"\",OFFSET(PO!N$12,ROW(C108)-ROW(C$12),0))","v":"SABONETEIRA PLASTICA TIPO DISPENSER PARA SABONETE LIQUIDO COM RESERVATORIO 800 A 1500 ML, INCLUSO FIXAÇÃO. AF_01/2020"},{"$f":"IF(OFFSET(PO!O$12,ROW(D108)-ROW(D$12),0)=0,\"\",OFFSET(PO!O$12,ROW(D108)-ROW(D$12),0))","v":"UN"},{"$f":"IF($A108<>\"Serviço\",0,ROUND(SUMIF($F$9:$P$9,\"<>\",$F108:$P108),15-13*PO!$X$3))","v":{"v":10,"d":"10.00"}},{"$f":"OFFSET(PO!$P$12,ROW($E108)-ROW(F$12),0)","v":{"v":10,"d":"10.00"}}]
[{"$f":"OFFSET(PO!J$12,ROW(A109)-ROW($A$12),0)","v":"Serviço"},{"$f":"IF($A109=0,\"\",OFFSET(PO!K$12,ROW(B109)-ROW(B$12),0))","v":"4.4.11."},{"$f":"IF(OFFSET(PO!N$12,ROW(C109)-ROW(C$12),0)=0,\"\",OFFSET(PO!N$12,ROW(C109)-ROW(C$12),0))","v":"TOALHEIRO PLASTICO TIPO DISPENSER PARA PAPEL TOALHA INTERFOLHADO"},{"$f":"IF(OFFSET(PO!O$12,ROW(D109)-ROW(D$12),0)=0,\"\",OFFSET(PO!O$12,ROW(D109)-ROW(D$12),0))","v":"UN    "},{"$f":"IF($A109<>\"Serviço\",0,ROUND(SUMIF($F$9:$P$9,\"<>\",$F109:$P109),15-13*PO!$X$3))","v":{"v":10,"d":"10.00"}},{"$f":"OFFSET(PO!$P$12,ROW($E109)-ROW(F$12),0)","v":{"v":10,"d":"10.00"}}]
[{"$f":"OFFSET(PO!J$12,ROW(A110)-ROW($A$12),0)","v":"Nível 2"},{"$f":"IF($A110=0,\"\",OFFSET(PO!K$12,ROW(B110)-ROW(B$12),0))","v":"4.5."},{"$f":"IF(OFFSET(PO!N$12,ROW(C110)-ROW(C$12),0)=0,\"\",OFFSET(PO!N$12,ROW(C110)-ROW(C$12),0))","v":"INSTALAÇÕES DE ÁGUA FRIA E ESGOTO SANITÁRIO"},{"$f":"IF(OFFSET(PO!O$12,ROW(D110)-ROW(D$12),0)=0,\"\",OFFSET(PO!O$12,ROW(D110)-ROW(D$12),0))","v":""},{"$f":"IF($A110<>\"Serviço\",0,ROUND(SUMIF($F$9:$P$9,\"<>\",$F110:$P110),15-13*PO!$X$3))","v":0},{"$f":"OFFSET(PO!$P$12,ROW($E110)-ROW(F$12),0)","v":0}]
[{"$f":"OFFSET(PO!J$12,ROW(A111)-ROW($A$12),0)","v":"Serviço"},{"$f":"IF($A111=0,\"\",OFFSET(PO!K$12,ROW(B111)-ROW(B$12),0))","v":"4.5.1."},{"$f":"IF(OFFSET(PO!N$12,ROW(C111)-ROW(C$12),0)=0,\"\",OFFSET(PO!N$12,ROW(C111)-ROW(C$12),0))","v":"(COMPOSIÇÃO REPRESENTATIVA) DO SERVIÇO DE INSTALAÇÃO TUBOS DE PVC, SOLDÁVEL, ÁGUA FRIA, DN 32 MM (INSTALADO EM RAMAL, SUB-RAMAL, RAMAL DE DISTRIBUIÇÃO OU PRUMADA), INCLUSIVE CONEXÕES, CORTES E FIXAÇÕES, PARA PRÉDIOS. AF_10/2015"},{"$f":"IF(OFFSET(PO!O$12,ROW(D111)-ROW(D$12),0)=0,\"\",OFFSET(PO!O$12,ROW(D111)-ROW(D$12),0))","v":"M"},{"$f":"IF($A111<>\"Serviço\",0,ROUND(SUMIF($F$9:$P$9,\"<>\",$F111:$P111),15-13*PO!$X$3))","v":{"v":60,"d":"60.00"}},{"$f":"OFFSET(PO!$P$12,ROW($E111)-ROW(F$12),0)","v":{"v":60,"d":"60.00"}}]
[{"$f":"OFFSET(PO!J$12,ROW(A112)-ROW($A$12),0)","v":"Serviço"},{"$f":"IF($A112=0,\"\",OFFSET(PO!K$12,ROW(B112)-ROW(B$12),0))","v":"4.5.2."},{"$f":"IF(OFFSET(PO!N$12,ROW(C112)-ROW(C$12),0)=0,\"\",OFFSET(PO!N$12,ROW(C112)-ROW(C$12),0))","v":"(COMPOSIÇÃO REPRESENTATIVA) DO SERVIÇO DE INSTALAÇÃO DE TUBOS DE PVC, SOLDÁVEL, ÁGUA FRIA, DN 25 MM (INSTALADO EM RAMAL, SUB-RAMAL, RAMAL DE DISTRIBUIÇÃO OU PRUMADA), INCLUSIVE CONEXÕES, CORTES E FIXAÇÕES, PARA PRÉDIOS. AF_10/2015"},{"$f":"IF(OFFSET(PO!O$12,ROW(D112)-ROW(D$12),0)=0,\"\",OFFSET(PO!O$12,ROW(D112)-ROW(D$12),0))","v":"M"},{"$f":"IF($A112<>\"Serviço\",0,ROUND(SUMIF($F$9:$P$9,\"<>\",$F112:$P112),15-13*PO!$X$3))","v":{"v":20,"d":"20.00"}},{"$f":"OFFSET(PO!$P$12,ROW($E112)-ROW(F$12),0)","v":{"v":20,"d":"20.00"}}]
[{"$f":"OFFSET(PO!J$12,ROW(A113)-ROW($A$12),0)","v":"Serviço"},{"$f":"IF($A113=0,\"\",OFFSET(PO!K$12,ROW(B113)-ROW(B$12),0))","v":"4.5.3."},{"$f":"IF(OFFSET(PO!N$12,ROW(C113)-ROW(C$12),0)=0,\"\",OFFSET(PO!N$12,ROW(C113)-ROW(C$12),0))","v":"KIT DE REGISTRO DE GAVETA BRUTO DE LATÃO ¾\", INCLUSIVE CONEXÕES, ROSCÁVEL, INSTALADO EM RAMAL DE ÁGUA FRIA - FORNECIMENTO E INSTALAÇÃO. AF_12/2014"},{"$f":"IF(OFFSET(PO!O$12,ROW(D113)-ROW(D$12),0)=0,\"\",OFFSET(PO!O$12,ROW(D113)-ROW(D$12),0))","v":"UN"},{"$f":"IF($A113<>\"Serviço\",0,ROUND(SUMIF($F$9:$P$9,\"<>\",$F113:$P113),15-13*PO!$X$3))","v":{"v":10,"d":"10.00"}},{"$f":"OFFSET(PO!$P$12,ROW($E113)-ROW(F$12),0)","v":{"v":10,"d":"10.00"}}]
[{"$f":"OFFSET(PO!J$12,ROW(A114)-ROW($A$12),0)","v":"Serviço"},{"$f":"IF($A114=0,\"\",OFFSET(PO!K$12,ROW(B114)-ROW(B$12),0))","v":"4.5.4."},{"$f":"IF(OFFSET(PO!N$12,ROW(C114)-ROW(C$12),0)=0,\"\",OFFSET(PO!N$12,ROW(C114)-ROW(C$12),0))","v":"PONTO DE CONSUMO TERMINAL DE ÁGUA FRIA (SUBRAMAL) COM TUBULAÇÃO DE PVC, DN 25 MM, INSTALADO EM RAMAL DE ÁGUA, INCLUSOS RASGO E CHUMBAMENTO EM ALVENARIA."},{"$f":"IF(OFFSET(PO!O$12,ROW(D114)-ROW(D$12),0)=0,\"\",OFFSET(PO!O$12,ROW(D114)-ROW(D$12),0))","v":"UN"},{"$f":"IF($A114<>\"Serviço\",0,ROUND(SUMIF($F$9:$P$9,\"<>\",$F114:$P114),15-13*PO!$X$3))","v":{"v":42,"d":"42.00"}},{"$f":"OFFSET(PO!$P$12,ROW($E114)-ROW(F$12),0)","v":{"v":42,"d":"42.00"}}]
[{"$f":"OFFSET(PO!J$12,ROW(A115)-ROW($A$12),0)","v":"Serviço"},{"$f":"IF($A115=0,\"\",OFFSET(PO!K$12,ROW(B115)-ROW(B$12),0))","v":"4.5.5."},{"$f":"IF(OFFSET(PO!N$12,ROW(C115)-ROW(C$12),0)=0,\"\",OFFSET(PO!N$12,ROW(C115)-ROW(C$12),0))","v":"RALO SIFONADO, PVC, DN 100 X 40 MM, JUNTA SOLDÁVEL, FORNECIDO E INSTALADO EM RAMAL DE DESCARGA OU EM RAMAL DE ESGOTO SANITÁRIO."},{"$f":"IF(OFFSET(PO!O$12,ROW(D115)-ROW(D$12),0)=0,\"\",OFFSET(PO!O$12,ROW(D115)-ROW(D$12),0))","v":"UN"},{"$f":"IF($A115<>\"Serviço\",0,ROUND(SUMIF($F$9:$P$9,\"<>\",$F115:$P115),15-13*PO!$X$3))","v":{"v":6,"d":"6.00"}},{"$f":"OFFSET(PO!$P$12,ROW($E115)-ROW(F$12),0)","v":{"v":6,"d":"6.00"}}]
[{"$f":"OFFSET(PO!J$12,ROW(A116)-ROW($A$12),0)","v":"Serviço"},{"$f":"IF($A116=0,\"\",OFFSET(PO!K$12,ROW(B116)-ROW(B$12),0))","v":"4.5.6."},{"$f":"IF(OFFSET(PO!N$12,ROW(C116)-ROW(C$12),0)=0,\"\",OFFSET(PO!N$12,ROW(C116)-ROW(C$12),0))","v":"(COMPOSIÇÃO REPRESENTATIVA) DO SERVIÇO DE INST. TUBO PVC, SÉRIE N, ESGOTO PREDIAL, 100 MM (INST. RAMAL DESCARGA, RAMAL DE ESG. SANIT., PRUMADA ESG. SANIT., VENTILAÇÃO OU SUB-COLETOR AÉREO), INCL. CONEXÕES E CORTES, FIXAÇÕES, P/ PRÉDIOS. AF_10/2015"},{"$f":"IF(OFFSET(PO!O$12,ROW(D116)-ROW(D$12),0)=0,\"\",OFFSET(PO!O$12,ROW(D116)-ROW(D$12),0))","v":"M"},{"$f":"IF($A116<>\"Serviço\",0,ROUND(SUMIF($F$9:$P$9,\"<>\",$F116:$P116),15-13*PO!$X$3))","v":{"v":80,"d":"80.00"}},{"$f":"OFFSET(PO!$P$12,ROW($E116)-ROW(F$12),0)","v":{"v":80,"d":"80.00"}}]
[{"$f":"OFFSET(PO!J$12,ROW(A117)-ROW($A$12),0)","v":"Serviço"},{"$f":"IF($A117=0,\"\",OFFSET(PO!K$12,ROW(B117)-ROW(B$12),0))","v":"4.5.7."},{"$f":"IF(OFFSET(PO!N$12,ROW(C117)-ROW(C$12),0)=0,\"\",OFFSET(PO!N$12,ROW(C117)-ROW(C$12),0))","v":"(COMPOSIÇÃO REPRESENTATIVA) DO SERVIÇO DE INST. TUBO PVC, SÉRIE N, ESGOTO PREDIAL, DN 75 MM, (INST. EM RAMAL DE DESCARGA, RAMAL DE ESG. SANITÁRIO, PRUMADA DE ESG. SANITÁRIO OU VENTILAÇÃO), INCL. CONEXÕES, CORTES E FIXAÇÕES, P/ PRÉDIOS. AF_10/2015"},{"$f":"IF(OFFSET(PO!O$12,ROW(D117)-ROW(D$12),0)=0,\"\",OFFSET(PO!O$12,ROW(D117)-ROW(D$12),0))","v":"M"},{"$f":"IF($A117<>\"Serviço\",0,ROUND(SUMIF($F$9:$P$9,\"<>\",$F117:$P117),15-13*PO!$X$3))","v":{"v":28,"d":"28.00"}},{"$f":"OFFSET(PO!$P$12,ROW($E117)-ROW(F$12),0)","v":{"v":28,"d":"28.00"}}]
[{"$f":"OFFSET(PO!J$12,ROW(A118)-ROW($A$12),0)","v":"Meta"},{"$f":"IF($A118=0,\"\",OFFSET(PO!K$12,ROW(B118)-ROW(B$12),0))","v":"5."},{"$f":"IF(OFFSET(PO!N$12,ROW(C118)-ROW(C$12),0)=0,\"\",OFFSET(PO!N$12,ROW(C118)-ROW(C$12),0))","v":"MURO DE CONTENÇÃO"},{"$f":"IF(OFFSET(PO!O$12,ROW(D118)-ROW(D$12),0)=0,\"\",OFFSET(PO!O$12,ROW(D118)-ROW(D$12),0))","v":""},{"$f":"IF($A118<>\"Serviço\",0,ROUND(SUMIF($F$9:$P$9,\"<>\",$F118:$P118),15-13*PO!$X$3))","v":0},{"$f":"OFFSET(PO!$P$12,ROW($E118)-ROW(F$12),0)","v":0}]
[{"$f":"OFFSET(PO!J$12,ROW(A119)-ROW($A$12),0)","v":"Serviço"},{"$f":"IF($A119=0,\"\",OFFSET(PO!K$12,ROW(B119)-ROW(B$12),0))","v":"5.0.1."},{"$f":"IF(OFFSET(PO!N$12,ROW(C119)-ROW(C$12),0)=0,\"\",OFFSET(PO!N$12,ROW(C119)-ROW(C$12),0))","v":"ESCAVACAO MECANICA PARA ACERTO DE TALUDES, EM MATERIAL DE 1A CATEGORIA, COM ESCAVADEIRA HIDRAULICA"},{"$f":"IF(OFFSET(PO!O$12,ROW(D119)-ROW(D$12),0)=0,\"\",OFFSET(PO!O$12,ROW(D119)-ROW(D$12),0))","v":"M3"},{"$f":"IF($A119<>\"Serviço\",0,ROUND(SUMIF($F$9:$P$9,\"<>\",$F119:$P119),15-13*PO!$X$3))","v":57.59},{"$f":"OFFSET(PO!$P$12,ROW($E119)-ROW(F$12),0)","v":57.59}]
[{"$f":"OFFSET(PO!J$12,ROW(A120)-ROW($A$12),0)","v":"Serviço"},{"$f":"IF($A120=0,\"\",OFFSET(PO!K$12,ROW(B120)-ROW(B$12),0))","v":"5.0.2."},{"$f":"IF(OFFSET(PO!N$12,ROW(C120)-ROW(C$12),0)=0,\"\",OFFSET(PO!N$12,ROW(C120)-ROW(C$12),0))","v":"FABRICAÇÃO, MONTAGEM E DESMONTAGEM DE FÔRMA PARA SAPATA, EM MADEIRA SERRADA, E=25 MM"},{"$f":"IF(OFFSET(PO!O$12,ROW(D120)-ROW(D$12),0)=0,\"\",OFFSET(PO!O$12,ROW(D120)-ROW(D$12),0))","v":"M2"},{"$f":"IF($A120<>\"Serviço\",0,ROUND(SUMIF($F$9:$P$9,\"<>\",$F120:$P120),15-13*PO!$X$3))","v":{"v":6.4,"d":"6.40"}},{"$f":"OFFSET(PO!$P$12,ROW($E120)-ROW(F$12),0)","v":{"v":6.4,"d":"6.40"}}]
[{"$f":"OFFSET(PO!J$12,ROW(A121)-ROW($A$12),0)","v":"Serviço"},{"$f":"IF($A121=0,\"\",OFFSET(PO!K$12,ROW(B121)-ROW(B$12),0))","v":"5.0.3."},{"$f":"IF(OFFSET(PO!N$12,ROW(C121)-ROW(C$12),0)=0,\"\",OFFSET(PO!N$12,ROW(C121)-ROW(C$12),0))","v":"MONTAGEM E DESMONTAGEM DE FÔRMA DE PILARES RETANGULARES E ESTRUTURAS SIMILARES COM ÁREA MÉDIA DAS SEÇÕES MAIOR QUE 0,25 M², PÉ-DIREITO SIMPLES, EM CHAPA DE MADEIRA COMPENSADA RESINADA"},{"$f":"IF(OFFSET(PO!O$12,ROW(D121)-ROW(D$12),0)=0,\"\",OFFSET(PO!O$12,ROW(D121)-ROW(D$12),0))","v":"M2"},{"$f":"IF($A121<>\"Serviço\",0,ROUND(SUMIF($F$9:$P$9,\"<>\",$F121:$P121),15-13*PO!$X$3))","v":17.78},{"$f":"OFFSET(PO!$P$12,ROW($E121)-ROW(F$12),0)","v":17.78}]
[{"$f":"OFFSET(PO!J$12,ROW(A122)-ROW($A$12),0)","v":"Serviço"},{"$f":"IF($A122=0,\"\",OFFSET(PO!K$12,ROW(B122)-ROW(B$12),0))","v":"5.0.4."},{"$f":"IF(OFFSET(PO!N$12,ROW(C122)-ROW(C$12),0)=0,\"\",OFFSET(PO!N$12,ROW(C122)-ROW(C$12),0))","v":"FABRICAÇÃO, MONTAGEM E DESMONTAGEM DE FÔRMA PARA CORTINA DE CONTENÇÃO, EM CHAPA DE MADEIRA COMPENSADA PLASTIFICADA, E = 18 MM"},{"$f":"IF(OFFSET(PO!O$12,ROW(D122)-ROW(D$12),0)=0,\"\",OFFSET(PO!O$12,ROW(D122)-ROW(D$12),0))","v":"M2"},{"$f":"IF($A122<>\"Serviço\",0,ROUND(SUMIF($F$9:$P$9,\"<>\",$F122:$P122),15-13*PO!$X$3))","v":108.36},{"$f":"OFFSET(PO!$P$12,ROW($E122)-ROW(F$12),0)","v":108.36}]
[{"$f":"OFFSET(PO!J$12,ROW(A123)-ROW($A$12),0)","v":"Serviço"},{"$f":"IF($A123=0,\"\",OFFSET(PO!K$12,ROW(B123)-ROW(B$12),0))","v":"5.0.5."},{"$f":"IF(OFFSET(PO!N$12,ROW(C123)-ROW(C$12),0)=0,\"\",OFFSET(PO!N$12,ROW(C123)-ROW(C$12),0))","v":"LASTRO DE CONCRETO MAGRO, APLICADO EM BLOCOS DE COROAMENTO OU SAPATAS, ESPESSURA DE 3 CM"},{"$f":"IF(OFFSET(PO!O$12,ROW(D123)-ROW(D$12),0)=0,\"\",OFFSET(PO!O$12,ROW(D123)-ROW(D$12),0))","v":"M2"},{"$f":"IF($A123<>\"Serviço\",0,ROUND(SUMIF($F$9:$P$9,\"<>\",$F123:$P123),15-13*PO!$X$3))","v":21.33},{"$f":"OFFSET(PO!$P$12,ROW($E123)-ROW(F$12),0)","v":21.33}]
[{"$f":"OFFSET(PO!J$12,ROW(A124)-ROW($A$12),0)","v":"Serviço"},{"$f":"IF($A124=0,\"\",OFFSET(PO!K$12,ROW(B124)-ROW(B$12),0))","v":"5.0.6."},{"$f":"IF(OFFSET(PO!N$12,ROW(C124)-ROW(C$12),0)=0,\"\",OFFSET(PO!N$12,ROW(C124)-ROW(C$12),0))","v":"ARMAÇÃO DE CORTINA DE CONTENÇÃO EM CONCRETO ARMADO, COM AÇO CA-50 DE 10 MM - MONTAGEM"},{"$f":"IF(OFFSET(PO!O$12,ROW(D124)-ROW(D$12),0)=0,\"\",OFFSET(PO!O$12,ROW(D124)-ROW(D$12),0))","v":"KG"},{"$f":"IF($A124<>\"Serviço\",0,ROUND(SUMIF($F$9:$P$9,\"<>\",$F124:$P124),15-13*PO!$X$3))","v":{"v":1113.63,"d":"1,113.63"}},{"$f":"OFFSET(PO!$P$12,ROW($E124)-ROW(F$12),0)","v":{"v":1113.63,"d":"1,113.63"}}]
[{"$f":"OFFSET(PO!J$12,ROW(A125)-ROW($A$12),0)","v":"Serviço"},{"$f":"IF($A125=0,\"\",OFFSET(PO!K$12,ROW(B125)-ROW(B$12),0))","v":"5.0.7."},{"$f":"IF(OFFSET(PO!N$12,ROW(C125)-ROW(C$12),0)=0,\"\",OFFSET(PO!N$12,ROW(C125)-ROW(C$12),0))","v":"ARMAÇÃO DE PILAR OU VIGA DE UMA ESTRUTURA CONVENCIONAL DE CONCRETO ARMADO EM UMA EDIFICAÇÃO TÉRREA OU SOBRADO UTILIZANDO AÇO CA-50 DE 12,5 MM - MONTAGEM"},{"$f":"IF(OFFSET(PO!O$12,ROW(D125)-ROW(D$12),0)=0,\"\",OFFSET(PO!O$12,ROW(D125)-ROW(D$12),0))","v":"KG"},{"$f":"IF($A125<>\"Serviço\",0,ROUND(SUMIF($F$9:$P$9,\"<>\",$F125:$P125),15-13*PO!$X$3))","v":{"v":62.8,"d":"62.80"}},{"$f":"OFFSET(PO!$P$12,ROW($E125)-ROW(F$12),0)","v":{"v":62.8,"d":"62.80"}}]
[{"$f":"OFFSET(PO!J$12,ROW(A126)-ROW($A$12),0)","v":"Serviço"},{"$f":"IF($A126=0,\"\",OFFSET(PO!K$12,ROW(B126)-ROW(B$12),0))","v":"5.0.8."},{"$f":"IF(OFFSET(PO!N$12,ROW(C126)-ROW(C$12),0)=0,\"\",OFFSET(PO!N$12,ROW(C126)-ROW(C$12),0))","v":"ARMAÇÃO DE PILAR OU VIGA DE UMA ESTRUTURA CONVENCIONAL DE CONCRETO ARMADO EM UMA EDIFICAÇÃO TÉRREA OU SOBRADO UTILIZANDO AÇO CA-50 DE 6,3 MM - MONTAGEM"},{"$f":"IF(OFFSET(PO!O$12,ROW(D126)-ROW(D$12),0)=0,\"\",OFFSET(PO!O$12,ROW(D126)-ROW(D$12),0))","v":"KG"},{"$f":"IF($A126<>\"Serviço\",0,ROUND(SUMIF($F$9:$P$9,\"<>\",$F126:$P126),15-13*PO!$X$3))","v":31.86},{"$f":"OFFSET(PO!$P$12,ROW($E126)-ROW(F$12),0)","v":31.86}]
[{"$f":"OFFSET(PO!J$12,ROW(A127)-ROW($A$12),0)","v":"Serviço"},{"$f":"IF($A127=0,\"\",OFFSET(PO!K$12,ROW(B127)-ROW(B$12),0))","v":"5.0.9."},{"$f":"IF(OFFSET(PO!N$12,ROW(C127)-ROW(C$12),0)=0,\"\",OFFSET(PO!N$12,ROW(C127)-ROW(C$12),0))","v":"CONCRETAGEM DE SAPATAS, FCK 30 MPA, COM USO DE BOMBA – LANÇAMENTO, ADENSAMENTO E ACABAMENTO"},{"$f":"IF(OFFSET(PO!O$12,ROW(D127)-ROW(D$12),0)=0,\"\",OFFSET(PO!O$12,ROW(D127)-ROW(D$12),0))","v":"M3"},{"$f":"IF($A127<>\"Serviço\",0,ROUND(SUMIF($F$9:$P$9,\"<>\",$F127:$P127),15-13*PO!$X$3))","v":{"v":6.4,"d":"6.40"}},{"$f":"OFFSET(PO!$P$12,ROW($E127)-ROW(F$12),0)","v":{"v":6.4,"d":"6.40"}}]
[{"$f":"OFFSET(PO!J$12,ROW(A128)-ROW($A$12),0)","v":"Serviço"},{"$f":"IF($A128=0,\"\",OFFSET(PO!K$12,ROW(B128)-ROW(B$12),0))","v":"5.0.10."},{"$f":"IF(OFFSET(PO!N$12,ROW(C128)-ROW(C$12),0)=0,\"\",OFFSET(PO!N$12,ROW(C128)-ROW(C$12),0))","v":"CONCRETAGEM DE CORTINA DE CONTENÇÃO, INCLUSIVE CONTRA-FORTES, FCK 30 MPA, ATRAVÉS DE BOMBA  – LANÇAMENTO, ADENSAMENTO E ACABAMENTO"},{"$f":"IF(OFFSET(PO!O$12,ROW(D128)-ROW(D$12),0)=0,\"\",OFFSET(PO!O$12,ROW(D128)-ROW(D$12),0))","v":"M3"},{"$f":"IF($A128<>\"Serviço\",0,ROUND(SUMIF($F$9:$P$9,\"<>\",$F128:$P128),15-13*PO!$X$3))","v":12.35},{"$f":"OFFSET(PO!$P$12,ROW($E128)-ROW(F$12),0)","v":12.35}]
[{"$f":"OFFSET(PO!J$12,ROW(A129)-ROW($A$12),0)","v":"Serviço"},{"$f":"IF($A129=0,\"\",OFFSET(PO!K$12,ROW(B129)-ROW(B$12),0))","v":"5.0.11."},{"$f":"IF(OFFSET(PO!N$12,ROW(C129)-ROW(C$12),0)=0,\"\",OFFSET(PO!N$12,ROW(C129)-ROW(C$12),0))","v":"REATERRO MECANIZADO COM ESCAVADEIRA HIDRÁULICA COM SOLO DE 1ª CATEGORIA EM LOCAIS COM BAIXO NÍVEL DE INTERFERÊNCIA"},{"$f":"IF(OFFSET(PO!O$12,ROW(D129)-ROW(D$12),0)=0,\"\",OFFSET(PO!O$12,ROW(D129)-ROW(D$12),0))","v":"M3"},{"$f":"IF($A129<>\"Serviço\",0,ROUND(SUMIF($F$9:$P$9,\"<>\",$F129:$P129),15-13*PO!$X$3))","v":38.84},{"$f":"OFFSET(PO!$P$12,ROW($E129)-ROW(F$12),0)","v":38.84}]
[{"$f":"OFFSET(PO!J$12,ROW(A130)-ROW($A$12),0)","v":"Serviço"},{"$f":"IF($A130=0,\"\",OFFSET(PO!K$12,ROW(B130)-ROW(B$12),0))","v":"5.0.12."},{"$f":"IF(OFFSET(PO!N$12,ROW(C130)-ROW(C$12),0)=0,\"\",OFFSET(PO!N$12,ROW(C130)-ROW(C$12),0))","v":"EXECUCAO DE DRENO COM TUBOS DE PVC CORRUGADO FLEXIVEL PERFURADO - DN 100"},{"$f":"IF(OFFSET(PO!O$12,ROW(D130)-ROW(D$12),0)=0,\"\",OFFSET(PO!O$12,ROW(D130)-ROW(D$12),0))","v":"M"},{"$f":"IF($A130<>\"Serviço\",0,ROUND(SUMIF($F$9:$P$9,\"<>\",$F130:$P130),15-13*PO!$X$3))","v":21.33},{"$f":"OFFSET(PO!$P$12,ROW($E130)-ROW(F$12),0)","v":21.33}]
[{"$f":"OFFSET(PO!J$12,ROW(A131)-ROW($A$12),0)","v":"Meta"},{"$f":"IF($A131=0,\"\",OFFSET(PO!K$12,ROW(B131)-ROW(B$12),0))","v":"6."},{"$f":"IF(OFFSET(PO!N$12,ROW(C131)-ROW(C$12),0)=0,\"\",OFFSET(PO!N$12,ROW(C131)-ROW(C$12),0))","v":"SERVIÇOS FINAIS"},{"$f":"IF(OFFSET(PO!O$12,ROW(D131)-ROW(D$12),0)=0,\"\",OFFSET(PO!O$12,ROW(D131)-ROW(D$12),0))","v":""},{"$f":"IF($A131<>\"Serviço\",0,ROUND(SUMIF($F$9:$P$9,\"<>\",$F131:$P131),15-13*PO!$X$3))","v":0},{"$f":"OFFSET(PO!$P$12,ROW($E131)-ROW(F$12),0)","v":0}]
[{"$f":"OFFSET(PO!J$12,ROW(A132)-ROW($A$12),0)","v":"Serviço"},{"$f":"IF($A132=0,\"\",OFFSET(PO!K$12,ROW(B132)-ROW(B$12),0))","v":"6.0.1."},{"$f":"IF(OFFSET(PO!N$12,ROW(C132)-ROW(C$12),0)=0,\"\",OFFSET(PO!N$12,ROW(C132)-ROW(C$12),0))","v":"LIMPEZA DE PISO CERÂMICO OU PORCELANATO COM PANO ÚMIDO"},{"$f":"IF(OFFSET(PO!O$12,ROW(D132)-ROW(D$12),0)=0,\"\",OFFSET(PO!O$12,ROW(D132)-ROW(D$12),0))","v":"M2"},{"$f":"IF($A132<>\"Serviço\",0,ROUND(SUMIF($F$9:$P$9,\"<>\",$F132:$P132),15-13*PO!$X$3))","v":322.97},{"$f":"OFFSET(PO!$P$12,ROW($E132)-ROW(F$12),0)","v":322.97}]
[{"$f":"OFFSET(PO!J$12,ROW(A133)-ROW($A$12),0)","v":"Serviço"},{"$f":"IF($A133=0,\"\",OFFSET(PO!K$12,ROW(B133)-ROW(B$12),0))","v":"6.0.2."},{"$f":"IF(OFFSET(PO!N$12,ROW(C133)-ROW(C$12),0)=0,\"\",OFFSET(PO!N$12,ROW(C133)-ROW(C$12),0))","v":"LIMPEZA DE REVESTIMENTO CERÂMICO EM PAREDE COM PANO ÚMIDO"},{"$f":"IF(OFFSET(PO!O$12,ROW(D133)-ROW(D$12),0)=0,\"\",OFFSET(PO!O$12,ROW(D133)-ROW(D$12),0))","v":"M2"},{"$f":"IF($A133<>\"Serviço\",0,ROUND(SUMIF($F$9:$P$9,\"<>\",$F133:$P133),15-13*PO!$X$3))","v":508.71},{"$f":"OFFSET(PO!$P$12,ROW($E133)-ROW(F$12),0)","v":508.71}]
[]
[]
[null,{"$f":"PO!$K$145","v":"GUAPORÉ/RS"}]
[null,"Local"]
[]
[null,{"$f":"PO!$K$148","v":"2020-08-25"}]
[null,"Data"]

{"sheet":"CFF","index":4,"n_rows":72,"n_cols":29,"rows_kept":72,"merged":[[7,11,7,12],[10,11,12,11],[10,12,12,12],[10,13,12,13],[13,11,16,12],[13,13,16,13],[17,11,19,11],[17,12,19,12],[17,13,19,13],[20,11,22,11],[20,12,22,12],[20,13,22,13],[23,11,25,11],[23,12,25,12],[23,13,25,13],[26,11,28,11],[26,12,28,12],[26,13,28,13],[29,11,31,11],[29,12,31,12],[29,13,31,13],[32,11,34,11],[32,12,34,12],[32,13,34,13],[35,11,37,11],[35,12,37,12],[35,13,37,13],[38,11,40,11],[38,12,40,12],[38,13,40,13],[41,11,43,11],[41,12,43,12],[41,13,43,13],[44,11,46,11],[44,12,46,12],[44,13,46,13],[47,11,49,11],[47,12,49,12],[47,13,49,13],[50,11,52,11],[50,12,52,12],[50,13,52,13],[53,11,55,11],[53,12,55,12],[53,13,55,13],[56,11,58,11],[56,12,58,12],[56,13,58,13],[59,11,61,11],[59,12,61,12],[59,13,61,13],[62,11,64,11],[62,12,64,12],[62,13,64,13],[67,11,67,13],[67,16,67,18],[68,12,68,13],[68,16,68,18],[69,12,69,13],[69,16,69,18],[70,11,70,13]]}
[{"$nulls":14},"    CFF -","CRONOGRAMA FÍSICO-FINANCEIRO"]
[{"$nulls":15},{"$f":"CHOOSE(1+LOG(1+2*(TipoOrçamento=\"BASE\")+4*(TipoOrçamento=\"LICITADO\")+8*(TipoOrçamento=\"REPROGRAMADOAC\")+16*(TipoOrçamento=\"REPROGRAMADONPL\"),2),\"nada\",\"Cronograma Base para Licitação\",\"Cronograma Licitado\",\"Cronograma Licitado Reprogramado\",\"Cronograma Base para Licitação - Reprogramado\")","v":"Cronograma Base para Licitação"}]
[]
[]
[]
[]
[]
["Nível Máx Crono",{"$nulls":10},{"$f":"IF(MAX($A$14:$A$67)<>MAX(PO!$V$12:$V$134),\"ERRO: CRONOGRAMA DESATUALIZADO\",IF(OR(COUNTIF($O$16:$X$16,\">1\")>0,OFFSET($X$17,0,-1)<>$N$14),\"ERRO: CRONOGRAMA NÃO FECHA EM 100%\",\"\"))","v":""},null,{"$f":"IF(TipoOrçamento=\"REPROGRAMADOAC\",\"Qtde de Medições realizadas\",\"\")","v":""}]
[2,{"$nulls":12},1,{"$f":"IF(AND(TipoOrçamento=\"REPROGRAMADOAC\",$N$9>0),$N$9-1,0)","v":0},{"$f":"OFFSET(P9,0,-1)+1","v":1},2,3,4,5,6,7,8,{"$nulls":5},{"$f":"OFFSET(AC9,0,-1)+1","v":1}]
["Lista Crono","Último Nível","Nível","Altura","N1","N2","N3","N4","Czero","Cnível","VTOTAL SOMA","Item","Descrição das Metas / Macrosserviços","Valores Totais (R$)",{"$f":"IF(TipoOrçamento=\"REPROGRAMADOAC\",\"Reinício de Obra\",\"Início de Obra\")&CHAR(10)&TEXT(DADOS!A48,\"dd/mm/aa\")","v":"Início de Obra\n01/08/20"},{"$f":"IF(AND(TipoOrçamento=\"REPROGRAMADOAC\",$N$9>0,N10=\"Valores Totais (R$)\"),\"Parcela \"&$N$9&\" Executado\",\"Parcela \"&P$9&CHAR(10)&TEXT(DATE(YEAR(DADOS!$A$48),MONTH(DADOS!$A$48)+P$9-IF(AND(TipoOrçamento=\"REPROGRAMADOAC\",$N$9>0),$N$9,0),1),\"mmm/aa\"))","v":"Parcela 1\nset/20"},{"$f":"IF(AND(TipoOrçamento=\"REPROGRAMADOAC\",$N$9>0,O10=\"Valores Totais (R$)\"),\"Parcela \"&$N$9&\" Executado\",\"Parcela \"&Q$9&CHAR(10)&TEXT(DATE(YEAR(DADOS!$A$48),MONTH(DADOS!$A$48)+Q$9-IF(AND(TipoOrçamento=\"REPROGRAMADOAC\",$N$9>0),$N$9,0),1),\"mmm/aa\"))","v":"Parcela 2\nout/20"},{"$f":"IF(AND(TipoOrçamento=\"REPROGRAMADOAC\",$N$9>0,P10=\"Valores Totais (R$)\"),\"Parcela \"&$N$9&\" Executado\",\"Parcela \"&R$9&CHAR(10)&TEXT(DATE(YEAR(DADOS!$A$48),MONTH(DADOS!$A$48)+R$9-IF(AND(TipoOrçamento=\"REPROGRAMADOAC\",$N$9>0),$N$9,0),1),\"mmm/aa\"))","v":"Parcela 3\nnov/20"},{"$f":"IF(AND(TipoOrçamento=\"REPROGRAMADOAC\",$N$9>0,Q10=\"Valores Totais (R$)\"),\"Parcela \"&$N$9&\" Executado\",\"Parcela \"&S$9&CHAR(10)&TEXT(DATE(YEAR(DADOS!$A$48),MONTH(DADOS!$A$48)+S$9-IF(AND(TipoOrçamento=\"REPROGRAMADOAC\",$N$9>0),$N$9,0),1),\"mmm/aa\"))","v":"Parcela 4\ndez/20"},{"$f":"IF(AND(TipoOrçamento=\"REPROGRAMADOAC\",$N$9>0,R10=\"Valores Totais (R$)\"),\"Parcela \"&$N$9&\" Executado\",\"Parcela \"&T$9&CHAR(10)&TEXT(DATE(YEAR(DADOS!$A$48),MONTH(DADOS!$A$48)+T$9-IF(AND(TipoOrçamento=\"REPROGRAMADOAC\",$N$9>0),$N$9,0),1),\"mmm/aa\"))","v":"Parcela 5\njan/21"},{"$f":"IF(AND(TipoOrçamento=\"REPROGRAMADOAC\",$N$9>0,S10=\"Valores Totais (R$)\"),\"Parcela \"&$N$9&\" Executado\",\"Parcela \"&U$9&CHAR(10)&TEXT(DATE(YEAR(DADOS!$A$48),MONTH(DADOS!$A$48)+U$9-IF(AND(TipoOrçamento=\"REPROGRAMADOAC\",$N$9>0),$N$9,0),1),\"mmm/aa\"))","v":"Parcela 6\nfev/21"},{"$f":"IF(AND(TipoOrçamento=\"REPROGRAMADOAC\",$N$9>0,T10=\"Valores Totais (R$)\"),\"Parcela \"&$N$9&\" Executado\",\"Parcela \"&V$9&CHAR(10)&TEXT(DATE(YEAR(DADOS!$A$48),MONTH(DADOS!$A$48)+V$9-IF(AND(TipoOrçamento=\"REPROGRAMADOAC\",$N$9>0),$N$9,0),1),\"mmm/aa\"))","v":"Parcela 7\nmar/21"},{"$f":"IF(AND(TipoOrçamento=\"REPROGRAMADOAC\",$N$9>0,U10=\"Valores Totais (R$)\"),\"Parcela \"&$N$9&\" Executado\",\"Parcela \"&W$9&CHAR(10)&TEXT(DATE(YEAR(DADOS!$A$48),MONTH(DADOS!$A$48)+W$9-IF(AND(TipoOrçamento=\"REPROGRAMADOAC\",$N$9>0),$N$9,0),1),\"mmm/aa\"))","v":"Parcela 8\nabr/21"},{"$nulls":5},{"$f":"IF(AND(TipoOrçamento=\"REPROGRAMADOAC\",$N$9>0,AA10=\"Valores Totais (R$)\"),\"Parcela \"&$N$9&\" Executado\",\"Parcela \"&AC$9&CHAR(10)&TEXT(DATE(YEAR(DADOS!$A$48),MONTH(DADOS!$A$48)+AC$9-IF(AND(TipoOrçamento=\"REPROGRAMADOAC\",$N$9>0),$N$9,0),1),\"mmm/aa\"))","v":"Parcela 1\nset/20"}]
[{"$nulls":11},{"$f":"INDEX(PO!K$12:K$134,MATCH($A13,PO!$V$12:$V$134,0))","v":{"$error":"#VALUE!"}},{"$f":"INDEX(PO!N$12:N$134,MATCH($A13,PO!$V$12:$V$134,0))","v":{"$error":"#VALUE!"}},{"$f":"IF(ROUND(K13,2)=0,K13,ROUND(K13,2))","v":{"$error":"#VALUE!"}},"Parcela (%)",{"$f":"IF($B13,0,P12-IF(ISNUMBER(O12),O12,0))","v":{"$error":"#VALUE!"}},{"$f":"IF($B13,0,Q12-IF(ISNUMBER(P12),P12,0))","v":{"$error":"#VALUE!"}},{"$error":"#VALUE!"},{"$error":"#VALUE!"},{"$error":"#VALUE!"},{"$error":"#VALUE!"},{"$error":"#VALUE!"},{"$error":"#VALUE!"},{"$nulls":5},{"$f":"IF($B13,0,AC12-IF(ISNUMBER(AB12),AB12,0))","v":{"$error":"#VALUE!"}}]
[{"$nulls":14},"Acumulado (%)",{"$f":"MIN(IF($B13,P11+IF(ISNUMBER(O12),O12,0),P13/$N11),1)","v":{"$error":"#VALUE!"}},{"$f":"MIN(IF($B13,Q11+IF(ISNUMBER(P12),P12,0),Q13/$N11),1)","v":{"$error":"#VALUE!"}},{"$error":"#VALUE!"},{"$error":"#VALUE!"},{"$error":"#VALUE!"},{"$error":"#VALUE!"},{"$error":"#VALUE!"},{"$error":"#VALUE!"},{"$nulls":5},{"$f":"MIN(IF($B13,AC11+IF(ISNUMBER(AB12),AB12,0),AC13/$N11),1)","v":{"$error":"#VALUE!"}}]
[{"$f":"OFFSET(A13,-CFF.NumLinha,0)+1","v":{"$error":"#VALUE!"}},{"$f":"$C13>=OFFSET($C13,CFF.NumLinha,0)","v":{"$error":"#VALUE!"}},{"$f":"INDEX(PO!A$12:A$134,MATCH($A13,PO!$V$12:$V$134,0))","v":{"$error":"#VALUE!"}},{"$f":"IF(ISERROR(J13),I13,SMALL(I13:J13,1))-1","v":{"$error":"#VALUE!"}},{"$f":"IF($C13=1,OFFSET(E13,-CFF.NumLinha,0)+1,OFFSET(E13,-CFF.NumLinha,0))","v":{"$error":"#VALUE!"}},{"$f":"IF($C13=1,0,IF($C13=2,OFFSET(F13,-CFF.NumLinha,0)+1,OFFSET(F13,-CFF.NumLinha,0)))","v":{"$error":"#VALUE!"}},{"$f":"IF(AND($C13<=2,$C13<>0),0,IF($C13=3,OFFSET(G13,-CFF.NumLinha,0)+1,OFFSET(G13,-CFF.NumLinha,0)))","v":{"$error":"#VALUE!"}},{"$f":"IF(AND($C13<=3,$C13<>0),0,IF($C13=4,OFFSET(H13,-CFF.NumLinha,0)+1,OFFSET(H13,-CFF.NumLinha,0)))","v":{"$error":"#VALUE!"}},{"$f":"MATCH(0,OFFSET($D13,1,$C13,ROW($A$66)-ROW($A13)),0)","v":{"$error":"#VALUE!"}},{"$f":"MATCH(OFFSET($D13,0,$C13)+1,OFFSET($D13,1,$C13,ROW($A$66)-ROW($A13)),0)","v":{"$error":"#VALUE!"}},{"$f":"ROUND(INDEX(PO!T$12:T$134,MATCH($A13,PO!$V$12:$V$134,0)),2)+10^-12","v":{"$error":"#VALUE!"}},{"$nulls":3},"Acumulado (R$)",{"$f":"IF($B13,ROUND(P12*$N11,2),ROUND(SUMIF(OFFSET($B13,1,0,$D13),TRUE,OFFSET(P13,1,0,$D13))/SUMIF(OFFSET($B13,1,0,$D13),TRUE,OFFSET($K13,1,0,$D13))*$N11,2))","v":{"$error":"#VALUE!"}},{"$f":"IF($B13,ROUND(Q12*$N11,2),ROUND(SUMIF(OFFSET($B13,1,0,$D13),TRUE,OFFSET(Q13,1,0,$D13))/SUMIF(OFFSET($B13,1,0,$D13),TRUE,OFFSET($K13,1,0,$D13))*$N11,2))","v":{"$error":"#VALUE!"}},{"$error":"#VALUE!"},{"$error":"#VALUE!"},{"$error":"#VALUE!"},{"$error":"#VALUE!"},{"$error":"#VALUE!"},{"$error":"#VALUE!"},{"$nulls":5},{"$f":"IF($B13,ROUND(AC12*$N11,2),ROUND(SUMIF(OFFSET($B13,1,0,$D13),TRUE,OFFSET(AC13,1,0,$D13))/SUMIF(OFFSET($B13,1,0,$D13),TRUE,OFFSET($K13,1,0,$D13))*$N11,2))","v":{"$error":"#VALUE!"}}]
[{"$nulls":11},"CRONOGRAMA GLOBAL DO LOTE",null,{"$f":"IF(PO!$T$12=0,10^-12,PO!$T$12)","v":{"v":482701.42999999993,"d":"482,701.43"}},"Parcela (%)",{"$f":"ROUND(P15/$N14,4)","v":{"v":0.1773,"d":"17.73%"}},{"$f":"ROUND(Q15/$N14,4)","v":{"v":0.1442,"d":"14.42%"}},{"v":0.2609,"d":"26.09%"},{"v":0.2717,"d":"27.17%"},{"v":0.146,"d":"14.60%"},{"v":0,"d":"0.00%"},{"v":0,"d":"0.00%"},{"v":0,"d":"0.00%"},{"$nulls":5},{"$f":"ROUND(AC15/$N14,4)","v":{"v":0,"d":"0.00%"}}]
[{"$nulls":14},"Parcela (R$)",{"$f":"P17-IF(ISNUMBER(O17),O17,0)","v":{"v":85561.85,"d":"85,561.85"}},{"$f":"Q17-IF(ISNUMBER(P17),P17,0)","v":{"v":69589.10999999999,"d":"69,589.11"}},{"v":125940.93999999997,"d":"125,940.94"},{"v":131150.06,"d":"131,150.06"},{"v":70459.47000000003,"d":"70,459.47"},{"v":0,"d":"0.00"},{"v":0,"d":"0.00"},{"v":0,"d":"0.00"},{"$nulls":5},{"$f":"AC17-IF(ISNUMBER(AB17),AB17,0)","v":{"v":0,"d":"0.00"}}]
[{"$nulls":14},"Acumulado (%)",{"$f":"ROUND(P17/$N14,4)","v":{"v":0.1773,"d":"17.73%"}},{"$f":"ROUND(Q17/$N14,4)","v":{"v":0.3214,"d":"32.14%"}},{"v":0.5823,"d":"58.23%"},{"v":0.854,"d":"85.40%"},{"v":1,"d":"100.00%"},{"v":1,"d":"100.00%"},{"v":1,"d":"100.00%"},{"v":1,"d":"100.00%"},{"$nulls":5},{"$f":"ROUND(AC17/$N14,4)","v":{"v":0,"d":"0.00%"}}]
[0,null,null,{"$f":"ROW(D$66)-ROW(D18)","v":48},{"$nulls":10},"Acumulado (R$)",{"$f":"SUMIF(OFFSET($C17,1,0):$C$66,1,OFFSET(P17,1,0):P$66)","v":{"v":85561.85,"d":"85,561.85"}},{"$f":"SUMIF(OFFSET($C17,1,0):$C$66,1,OFFSET(Q17,1,0):Q$66)","v":{"v":155150.96,"d":"155,150.96"}},{"$f":"SUMIF(OFFSET($C17,1,0):$C$66,1,OFFSET(R17,1,0):R$66)","v":{"v":281091.89999999997,"d":"281,091.90"}},{"$f":"SUMIF(OFFSET($C17,1,0):$C$66,1,OFFSET(S17,1,0):S$66)","v":{"v":412241.95999999996,"d":"412,241.96"}},{"$f":"SUMIF(OFFSET($C17,1,0):$C$66,1,OFFSET(T17,1,0):T$66)","v":{"v":482701.43,"d":"482,701.43"}},{"$f":"SUMIF(OFFSET($C17,1,0):$C$66,1,OFFSET(U17,1,0):U$66)","v":{"v":482701.43,"d":"482,701.43"}},{"$f":"SUMIF(OFFSET($C17,1,0):$C$66,1,OFFSET(V17,1,0):V$66)","v":{"v":482701.43,"d":"482,701.43"}},{"$f":"SUMIF(OFFSET($C17,1,0):$C$66,1,OFFSET(W17,1,0):W$66)","v":{"v":482701.43,"d":"482,701.43"}},{"$nulls":5},{"$f":"SUMIF(OFFSET($C17,1,0):$C$66,1,OFFSET(AC17,1,0):AC$66)","v":{"v":0,"d":"0.00"}}]
[{"$nulls":11},{"$f":"INDEX(PO!K$12:K$134,MATCH($A20,PO!$V$12:$V$134,0))","v":"1."},{"$f":"INDEX(PO!N$12:N$134,MATCH($A20,PO!$V$12:$V$134,0))","v":"SERVIÇOS INICIAIS"},{"$f":"IF(ROUND(K20,2)=0,K20,ROUND(K20,2))","v":{"v":31572.52,"d":"31,572.52"}},"Parcela (%)",{"v":1,"d":"100.00%"},{"$f":"IF($B20,0,Q19-IF(ISNUMBER(P19),P19,0))","v":{"v":0,"d":"0.00%"}},{"v":0,"d":"0.00%"},{"v":0,"d":"0.00%"},{"v":0,"d":"0.00%"},{"v":0,"d":"0.00%"},{"v":0,"d":"0.00%"},{"v":0,"d":"0.00%"},"",{"$nulls":4},{"$f":"IF($B20,0,AC19-IF(ISNUMBER(AB19),AB19,0))","v":{"v":0,"d":"0.00%"}}]
[{"$nulls":14},"Acumulado (%)",{"$f":"MIN(IF($B20,P18+IF(ISNUMBER(O19),O19,0),P20/$N18),1)","v":{"v":1,"d":"100.00%"}},{"v":1,"d":"100.00%"},{"v":1,"d":"100.00%"},{"v":1,"d":"100.00%"},{"v":1,"d":"100.00%"},{"v":1,"d":"100.00%"},{"v":1,"d":"100.00%"},{"v":1,"d":"100.00%"},{"$nulls":5},{"$f":"MIN(IF($B20,AC18+IF(ISNUMBER(AB19),AB19,0),AC20/$N18),1)","v":{"v":0,"d":"0.00%"}}]
[{"$f":"OFFSET(A20,-CFF.NumLinha,0)+1","v":1},{"$f":"$C20>=OFFSET($C20,CFF.NumLinha,0)","v":true},{"$f":"INDEX(PO!A$12:A$134,MATCH($A20,PO!$V$12:$V$134,0))","v":1},{"$f":"IF(ISERROR(J20),I20,SMALL(I20:J20,1))-1","v":2},{"$f":"IF($C20=1,OFFSET(E20,-CFF.NumLinha,0)+1,OFFSET(E20,-CFF.NumLinha,0))","v":1},{"$f":"IF($C20=1,0,IF($C20=2,OFFSET(F20,-CFF.NumLinha,0)+1,OFFSET(F20,-CFF.NumLinha,0)))","v":0},{"$f":"IF(AND($C20<=2,$C20<>0),0,IF($C20=3,OFFSET(G20,-CFF.NumLinha,0)+1,OFFSET(G20,-CFF.NumLinha,0)))","v":0},{"$f":"IF(AND($C20<=3,$C20<>0),0,IF($C20=4,OFFSET(H20,-CFF.NumLinha,0)+1,OFFSET(H20,-CFF.NumLinha,0)))","v":0},{"$f":"MATCH(0,OFFSET($D20,1,$C20,ROW($A$66)-ROW($A20)),0)","v":46},{"$f":"MATCH(OFFSET($D20,0,$C20)+1,OFFSET($D20,1,$C20,ROW($A$66)-ROW($A20)),0)","v":3},{"$f":"ROUND(INDEX(PO!T$12:T$134,MATCH($A20,PO!$V$12:$V$134,0)),2)+10^-12","v":{"v":31572.52,"d":"31,572.52"}},{"$nulls":3},"Acumulado (R$)",{"$f":"IF($B20,ROUND(P19*$N18,2),ROUND(SUMIF(OFFSET($B20,1,0,$D20),TRUE,OFFSET(P20,1,0,$D20))/SUMIF(OFFSET($B20,1,0,$D20),TRUE,OFFSET($K20,1,0,$D20))*$N18,2))","v":{"v":31572.52,"d":"31,572.52"}},{"v":31572.52,"d":"31,572.52"},{"v":31572.52,"d":"31,572.52"},{"v":31572.52,"d":"31,572.52"},{"v":31572.52,"d":"31,572.52"},{"v":31572.52,"d":"31,572.52"},{"v":31572.52,"d":"31,572.52"},{"v":31572.52,"d":"31,572.52"},{"$nulls":5},{"$f":"IF($B20,ROUND(AC19*$N18,2),ROUND(SUMIF(OFFSET($B20,1,0,$D20),TRUE,OFFSET(AC20,1,0,$D20))/SUMIF(OFFSET($B20,1,0,$D20),TRUE,OFFSET($K20,1,0,$D20))*$N18,2))","v":{"v":0,"d":"0.00"}}]
[{"$nulls":11},{"$f":"INDEX(PO!K$12:K$134,MATCH($A23,PO!$V$12:$V$134,0))","v":"2."},{"$f":"INDEX(PO!N$12:N$134,MATCH($A23,PO!$V$12:$V$134,0))","v":"REVESTIMENTOS EXTERNOS"},{"$f":"IF(ROUND(K23,2)=0,K23,ROUND(K23,2))","v":{"v":58847.37,"d":"58,847.37"}},"Parcela (%)",{"v":0.8,"d":"80.00%"},{"v":0.2,"d":"20.00%"},{"$f":"IF($B23,0,R22-IF(ISNUMBER(Q22),Q22,0))","v":{"v":0,"d":"0.00%"}},{"$f":"IF($B23,0,S22-IF(ISNUMBER(R22),R22,0))","v":{"v":0,"d":"0.00%"}},{"$f":"IF($B23,0,T22-IF(ISNUMBER(S22),S22,0))","v":{"v":0,"d":"0.00%"}},{"$f":"IF($B23,0,U22-IF(ISNUMBER(T22),T22,0))","v":{"v":0,"d":"0.00%"}},{"$f":"IF($B23,0,V22-IF(ISNUMBER(U22),U22,0))","v":{"v":0,"d":"0.00%"}},{"$f":"IF($B23,0,W22-IF(ISNUMBER(V22),V22,0))","v":{"v":0,"d":"0.00%"}},{"$nulls":5},{"$f":"IF($B23,0,AC22-IF(ISNUMBER(AB22),AB22,0))","v":{"v":0,"d":"0.00%"}}]
[{"$nulls":14},"Acumulado (%)",{"$f":"MIN(IF($B23,P21+IF(ISNUMBER(O22),O22,0),P23/$N21),1)","v":{"v":0.8,"d":"80.00%"}},{"$f":"MIN(IF($B23,Q21+IF(ISNUMBER(P22),P22,0),Q23/$N21),1)","v":{"v":1,"d":"100.00%"}},{"$f":"MIN(IF($B23,R21+IF(ISNUMBER(Q22),Q22,0),R23/$N21),1)","v":{"v":1,"d":"100.00%"}},{"$f":"MIN(IF($B23,S21+IF(ISNUMBER(R22),R22,0),S23/$N21),1)","v":{"v":1,"d":"100.00%"}},{"$f":"MIN(IF($B23,T21+IF(ISNUMBER(S22),S22,0),T23/$N21),1)","v":{"v":1,"d":"100.00%"}},{"$f":"MIN(IF($B23,U21+IF(ISNUMBER(T22),T22,0),U23/$N21),1)","v":{"v":1,"d":"100.00%"}},{"$f":"MIN(IF($B23,V21+IF(ISNUMBER(U22),U22,0),V23/$N21),1)","v":{"v":1,"d":"100.00%"}},{"$f":"MIN(IF($B23,W21+IF(ISNUMBER(V22),V22,0),W23/$N21),1)","v":{"v":1,"d":"100.00%"}},{"$nulls":5},{"$f":"MIN(IF($B23,AC21+IF(ISNUMBER(AB22),AB22,0),AC23/$N21),1)","v":{"v":0,"d":"0.00%"}}]
[{"$f":"OFFSET(A23,-CFF.NumLinha,0)+1","v":2},{"$f":"$C23>=OFFSET($C23,CFF.NumLinha,0)","v":true},{"$f":"INDEX(PO!A$12:A$134,MATCH($A23,PO!$V$12:$V$134,0))","v":1},{"$f":"IF(ISERROR(J23),I23,SMALL(I23:J23,1))-1","v":2},{"$f":"IF($C23=1,OFFSET(E23,-CFF.NumLinha,0)+1,OFFSET(E23,-CFF.NumLinha,0))","v":2},{"$f":"IF($C23=1,0,IF($C23=2,OFFSET(F23,-CFF.NumLinha,0)+1,OFFSET(F23,-CFF.NumLinha,0)))","v":0},{"$f":"IF(AND($C23<=2,$C23<>0),0,IF($C23=3,OFFSET(G23,-CFF.NumLinha,0)+1,OFFSET(G23,-CFF.NumLinha,0)))","v":0},{"$f":"IF(AND($C23<=3,$C23<>0),0,IF($C23=4,OFFSET(H23,-CFF.NumLinha,0)+1,OFFSET(H23,-CFF.NumLinha,0)))","v":0},{"$f":"MATCH(0,OFFSET($D23,1,$C23,ROW($A$66)-ROW($A23)),0)","v":43},{"$f":"MATCH(OFFSET($D23,0,$C23)+1,OFFSET($D23,1,$C23,ROW($A$66)-ROW($A23)),0)","v":3},{"$f":"ROUND(INDEX(PO!T$12:T$134,MATCH($A23,PO!$V$12:$V$134,0)),2)+10^-12","v":{"v":58847.37,"d":"58,847.37"}},{"$nulls":3},"Acumulado (R$)",{"$f":"IF($B23,ROUND(P22*$N21,2),ROUND(SUMIF(OFFSET($B23,1,0,$D23),TRUE,OFFSET(P23,1,0,$D23))/SUMIF(OFFSET($B23,1,0,$D23),TRUE,OFFSET($K23,1,0,$D23))*$N21,2))","v":{"v":47077.9,"d":"47,077.90"}},{"v":58847.37,"d":"58,847.37"},{"v":58847.37,"d":"58,847.37"},{"v":58847.37,"d":"58,847.37"},{"v":58847.37,"d":"58,847.37"},{"v":58847.37,"d":"58,847.37"},{"v":58847.37,"d":"58,847.37"},{"v":58847.37,"d":"58,847.37"},{"$nulls":5},{"$f":"IF($B23,ROUND(AC22*$N21,2),ROUND(SUMIF(OFFSET($B23,1,0,$D23),TRUE,OFFSET(AC23,1,0,$D23))/SUMIF(OFFSET($B23,1,0,$D23),TRUE,OFFSET($K23,1,0,$D23))*$N21,2))","v":{"v":0,"d":"0.00"}}]
[{"$nulls":11},{"$f":"INDEX(PO!K$12:K$134,MATCH($A26,PO!$V$12:$V$134,0))","v":"3."},{"$f":"INDEX(PO!N$12:N$134,MATCH($A26,PO!$V$12:$V$134,0))","v":"PAVIMENTO TÉRREO"},{"$f":"IF(ROUND(K26,2)=0,K26,ROUND(K26,2))","v":{"v":232977.69,"d":"232,977.69"}},"Parcela (%)",{"v":0.25,"d":"25.00%"},{"v":0.5,"d":"50.00%"},{"v":0.25,"d":"25.00%"},{"$f":"IF($B26,0,S25-IF(ISNUMBER(R25),R25,0))","v":{"v":0.30869509436719034,"d":"30.87%"}},{"$f":"IF($B26,0,T25-IF(ISNUMBER(S25),S25,0))","v":{"v":0.19411738523117805,"d":"19.41%"}},{"$f":"IF($B26,0,U25-IF(ISNUMBER(T25),T25,0))","v":{"v":0,"d":"0.00%"}},{"$f":"IF($B26,0,V25-IF(ISNUMBER(U25),U25,0))","v":{"v":0,"d":"0.00%"}},{"$f":"IF($B26,0,W25-IF(ISNUMBER(V25),V25,0))","v":{"v":0,"d":"0.00%"}},{"$nulls":5},{"$f":"IF($B26,0,AC25-IF(ISNUMBER(AB25),AB25,0))","v":{"v":0,"d":"0.00%"}}]
[{"$nulls":14},"Acumulado (%)",{"$f":"MIN(IF($B26,P24+IF(ISNUMBER(O25),O25,0),P26/$N24),1)","v":{"v":0,"d":"0.00%"}},{"$f":"MIN(IF($B26,Q24+IF(ISNUMBER(P25),P25,0),Q26/$N24),1)","v":{"v":0.11070029924324513,"d":"11.07%"}},{"$f":"MIN(IF($B26,R24+IF(ISNUMBER(Q25),Q25,0),R26/$N24),1)","v":{"v":0.4971875204016316,"d":"49.72%"}},{"$f":"MIN(IF($B26,S24+IF(ISNUMBER(R25),R25,0),S26/$N24),1)","v":{"v":0.805882614768822,"d":"80.59%"}},{"$f":"MIN(IF($B26,T24+IF(ISNUMBER(S25),S25,0),T26/$N24),1)","v":{"v":1,"d":"100.00%"}},{"$f":"MIN(IF($B26,U24+IF(ISNUMBER(T25),T25,0),U26/$N24),1)","v":{"v":1,"d":"100.00%"}},{"$f":"MIN(IF($B26,V24+IF(ISNUMBER(U25),U25,0),V26/$N24),1)","v":{"v":1,"d":"100.00%"}},{"$f":"MIN(IF($B26,W24+IF(ISNUMBER(V25),V25,0),W26/$N24),1)","v":{"v":1,"d":"100.00%"}},{"$nulls":5},{"$f":"MIN(IF($B26,AC24+IF(ISNUMBER(AB25),AB25,0),AC26/$N24),1)","v":{"v":0,"d":"0.00%"}}]
[{"$f":"OFFSET(A26,-CFF.NumLinha,0)+1","v":3},{"$f":"$C26>=OFFSET($C26,CFF.NumLinha,0)","v":false},{"$f":"INDEX(PO!A$12:A$134,MATCH($A26,PO!$V$12:$V$134,0))","v":1},{"$f":"IF(ISERROR(J26),I26,SMALL(I26:J26,1))-1","v":17},{"$f":"IF($C26=1,OFFSET(E26,-CFF.NumLinha,0)+1,OFFSET(E26,-CFF.NumLinha,0))","v":3},{"$f":"IF($C26=1,0,IF($C26=2,OFFSET(F26,-CFF.NumLinha,0)+1,OFFSET(F26,-CFF.NumLinha,0)))","v":0},{"$f":"IF(AND($C26<=2,$C26<>0),0,IF($C26=3,OFFSET(G26,-CFF.NumLinha,0)+1,OFFSET(G26,-CFF.NumLinha,0)))","v":0},{"$f":"IF(AND($C26<=3,$C26<>0),0,IF($C26=4,OFFSET(H26,-CFF.NumLinha,0)+1,OFFSET(H26,-CFF.NumLinha,0)))","v":0},{"$f":"MATCH(0,OFFSET($D26,1,$C26,ROW($A$66)-ROW($A26)),0)","v":40},{"$f":"MATCH(OFFSET($D26,0,$C26)+1,OFFSET($D26,1,$C26,ROW($A$66)-ROW($A26)),0)","v":18},{"$f":"ROUND(INDEX(PO!T$12:T$134,MATCH($A26,PO!$V$12:$V$134,0)),2)+10^-12","v":{"v":232977.69,"d":"232,977.69"}},{"$nulls":3},"Acumulado (R$)",{"$f":"IF($B26,ROUND(P25*$N24,2),ROUND(SUMIF(OFFSET($B26,1,0,$D26),TRUE,OFFSET(P26,1,0,$D26))/SUMIF(OFFSET($B26,1,0,$D26),TRUE,OFFSET($K26,1,0,$D26))*$N24,2))","v":{"v":0,"d":"0.00"}},{"v":25790.7,"d":"25,790.70"},{"v":115833.6,"d":"115,833.60"},{"v":187752.67,"d":"187,752.67"},{"v":232977.69,"d":"232,977.69"},{"v":232977.69,"d":"232,977.69"},{"v":232977.69,"d":"232,977.69"},{"v":232977.69,"d":"232,977.69"},{"$nulls":5},{"$f":"IF($B26,ROUND(AC25*$N24,2),ROUND(SUMIF(OFFSET($B26,1,0,$D26),TRUE,OFFSET(AC26,1,0,$D26))/SUMIF(OFFSET($B26,1,0,$D26),TRUE,OFFSET($K26,1,0,$D26))*$N24,2))","v":{"v":0,"d":"0.00"}}]
[{"$nulls":11},{"$f":"INDEX(PO!K$12:K$134,MATCH($A29,PO!$V$12:$V$134,0))","v":"3.1."},{"$f":"INDEX(PO!N$12:N$134,MATCH($A29,PO!$V$12:$V$134,0))","v":"PAVIMENTAÇÃO"},{"$f":"IF(ROUND(K29,2)=0,K29,ROUND(K29,2))","v":{"v":51581.4,"d":"51,581.40"}},"Parcela (%)",{"$f":"IF($B29,0,P28-IF(ISNUMBER(O28),O28,0))","v":{"v":0,"d":"0.00%"}},{"v":0.5,"d":"50.00%"},{"v":0.5,"d":"50.00%"},{"v":0,"d":"0.00%"},{"v":0,"d":"0.00%"},{"$f":"IF($B29,0,U28-IF(ISNUMBER(T28),T28,0))","v":{"v":0,"d":"0.00%"}},{"$f":"IF($B29,0,V28-IF(ISNUMBER(U28),U28,0))","v":{"v":0,"d":"0.00%"}},{"$f":"IF($B29,0,W28-IF(ISNUMBER(V28),V28,0))","v":{"v":0,"d":"0.00%"}},{"$nulls":5},{"$f":"IF($B29,0,AC28-IF(ISNUMBER(AB28),AB28,0))","v":{"v":0,"d":"0.00%"}}]
[{"$nulls":14},"Acumulado (%)",{"$f":"MIN(IF($B29,P27+IF(ISNUMBER(O28),O28,0),P29/$N27),1)","v":{"v":0,"d":"0.00%"}},{"$f":"MIN(IF($B29,Q27+IF(ISNUMBER(P28),P28,0),Q29/$N27),1)","v":{"v":0.5,"d":"50.00%"}},{"$f":"MIN(IF($B29,R27+IF(ISNUMBER(Q28),Q28,0),R29/$N27),1)","v":{"v":1,"d":"100.00%"}},{"$f":"MIN(IF($B29,S27+IF(ISNUMBER(R28),R28,0),S29/$N27),1)","v":{"v":1,"d":"100.00%"}},{"$f":"MIN(IF($B29,T27+IF(ISNUMBER(S28),S28,0),T29/$N27),1)","v":{"v":1,"d":"100.00%"}},{"$f":"MIN(IF($B29,U27+IF(ISNUMBER(T28),T28,0),U29/$N27),1)","v":{"v":1,"d":"100.00%"}},{"$f":"MIN(IF($B29,V27+IF(ISNUMBER(U28),U28,0),V29/$N27),1)","v":{"v":1,"d":"100.00%"}},{"$f":"MIN(IF($B29,W27+IF(ISNUMBER(V28),V28,0),W29/$N27),1)","v":{"v":1,"d":"100.00%"}},{"$nulls":5},{"$f":"MIN(IF($B29,AC27+IF(ISNUMBER(AB28),AB28,0),AC29/$N27),1)","v":{"v":0,"d":"0.00%"}}]
[{"$f":"OFFSET(A29,-CFF.NumLinha,0)+1","v":4},{"$f":"$C29>=OFFSET($C29,CFF.NumLinha,0)","v":true},{"$f":"INDEX(PO!A$12:A$134,MATCH($A29,PO!$V$12:$V$134,0))","v":2},{"$f":"IF(ISERROR(J29),I29,SMALL(I29:J29,1))-1","v":2},{"$f":"IF($C29=1,OFFSET(E29,-CFF.NumLinha,0)+1,OFFSET(E29,-CFF.NumLinha,0))","v":3},{"$f":"IF($C29=1,0,IF($C29=2,OFFSET(F29,-CFF.NumLinha,0)+1,OFFSET(F29,-CFF.NumLinha,0)))","v":1},{"$f":"IF(AND($C29<=2,$C29<>0),0,IF($C29=3,OFFSET(G29,-CFF.NumLinha,0)+1,OFFSET(G29,-CFF.NumLinha,0)))","v":0},{"$f":"IF(AND($C29<=3,$C29<>0),0,IF($C29=4,OFFSET(H29,-CFF.NumLinha,0)+1,OFFSET(H29,-CFF.NumLinha,0)))","v":0},{"$f":"MATCH(0,OFFSET($D29,1,$C29,ROW($A$66)-ROW($A29)),0)","v":15},{"$f":"MATCH(OFFSET($D29,0,$C29)+1,OFFSET($D29,1,$C29,ROW($A$66)-ROW($A29)),0)","v":3},{"$f":"ROUND(INDEX(PO!T$12:T$134,MATCH($A29,PO!$V$12:$V$134,0)),2)+10^-12","v":{"v":51581.4,"d":"51,581.40"}},{"$nulls":3},"Acumulado (R$)",{"$f":"IF($B29,ROUND(P28*$N27,2),ROUND(SUMIF(OFFSET($B29,1,0,$D29),TRUE,OFFSET(P29,1,0,$D29))/SUMIF(OFFSET($B29,1,0,$D29),TRUE,OFFSET($K29,1,0,$D29))*$N27,2))","v":{"v":0,"d":"0.00"}},{"v":25790.7,"d":"25,790.70"},{"v":51581.4,"d":"51,581.40"},{"v":51581.4,"d":"51,581.40"},{"v":51581.4,"d":"51,581.40"},{"v":51581.4,"d":"51,581.40"},{"v":51581.4,"d":"51,581.40"},{"v":51581.4,"d":"51,581.40"},{"$nulls":5},{"$f":"IF($B29,ROUND(AC28*$N27,2),ROUND(SUMIF(OFFSET($B29,1,0,$D29),TRUE,OFFSET(AC29,1,0,$D29))/SUMIF(OFFSET($B29,1,0,$D29),TRUE,OFFSET($K29,1,0,$D29))*$N27,2))","v":{"v":0,"d":"0.00"}}]
[{"$nulls":11},{"$f":"INDEX(PO!K$12:K$134,MATCH($A32,PO!$V$12:$V$134,0))","v":"3.2."},{"$f":"INDEX(PO!N$12:N$134,MATCH($A32,PO!$V$12:$V$134,0))","v":"REVESTIMENTOS INTERNOS"},{"$f":"IF(ROUND(K32,2)=0,K32,ROUND(K32,2))","v":{"v":32884.21,"d":"32,884.21"}},"Parcela (%)",{"$f":"IF($B32,0,P31-IF(ISNUMBER(O31),O31,0))","v":{"v":0,"d":"0.00%"}},{"$f":"IF($B32,0,Q31-IF(ISNUMBER(P31),P31,0))","v":{"v":0,"d":"0.00%"}},{"v":0.5,"d":"50.00%"},{"v":0.5,"d":"50.00%"},{"v":0,"d":"0.00%"},{"$f":"IF($B32,0,U31-IF(ISNUMBER(T31),T31,0))","v":{"v":0,"d":"0.00%"}},{"$f":"IF($B32,0,V31-IF(ISNUMBER(U31),U31,0))","v":{"v":0,"d":"0.00%"}},{"$f":"IF($B32,0,W31-IF(ISNUMBER(V31),V31,0))","v":{"v":0,"d":"0.00%"}},{"$nulls":5},{"$f":"IF($B32,0,AC31-IF(ISNUMBER(AB31),AB31,0))","v":{"v":0,"d":"0.00%"}}]
[{"$nulls":14},"Acumulado (%)",{"$f":"MIN(IF($B32,P30+IF(ISNUMBER(O31),O31,0),P32/$N30),1)","v":{"v":0,"d":"0.00%"}},{"$f":"MIN(IF($B32,Q30+IF(ISNUMBER(P31),P31,0),Q32/$N30),1)","v":{"v":0,"d":"0.00%"}},{"$f":"MIN(IF($B32,R30+IF(ISNUMBER(Q31),Q31,0),R32/$N30),1)","v":{"v":0.5,"d":"50.00%"}},{"$f":"MIN(IF($B32,S30+IF(ISNUMBER(R31),R31,0),S32/$N30),1)","v":{"v":1,"d":"100.00%"}},{"$f":"MIN(IF($B32,T30+IF(ISNUMBER(S31),S31,0),T32/$N30),1)","v":{"v":1,"d":"100.00%"}},{"$f":"MIN(IF($B32,U30+IF(ISNUMBER(T31),T31,0),U32/$N30),1)","v":{"v":1,"d":"100.00%"}},{"$f":"MIN(IF($B32,V30+IF(ISNUMBER(U31),U31,0),V32/$N30),1)","v":{"v":1,"d":"100.00%"}},{"$f":"MIN(IF($B32,W30+IF(ISNUMBER(V31),V31,0),W32/$N30),1)","v":{"v":1,"d":"100.00%"}},{"$nulls":5},{"$f":"MIN(IF($B32,AC30+IF(ISNUMBER(AB31),AB31,0),AC32/$N30),1)","v":{"v":0,"d":"0.00%"}}]
[{"$f":"OFFSET(A32,-CFF.NumLinha,0)+1","v":5},{"$f":"$C32>=OFFSET($C32,CFF.NumLinha,0)","v":true},{"$f":"INDEX(PO!A$12:A$134,MATCH($A32,PO!$V$12:$V$134,0))","v":2},{"$f":"IF(ISERROR(J32),I32,SMALL(I32:J32,1))-1","v":2},{"$f":"IF($C32=1,OFFSET(E32,-CFF.NumLinha,0)+1,OFFSET(E32,-CFF.NumLinha,0))","v":3},{"$f":"IF($C32=1,0,IF($C32=2,OFFSET(F32,-CFF.NumLinha,0)+1,OFFSET(F32,-CFF.NumLinha,0)))","v":2},{"$f":"IF(AND($C32<=2,$C32<>0),0,IF($C32=3,OFFSET(G32,-CFF.NumLinha,0)+1,OFFSET(G32,-CFF.NumLinha,0)))","v":0},{"$f":"IF(AND($C32<=3,$C32<>0),0,IF($C32=4,OFFSET(H32,-CFF.NumLinha,0)+1,OFFSET(H32,-CFF.NumLinha,0)))","v":0},{"$f":"MATCH(0,OFFSET($D32,1,$C32,ROW($A$66)-ROW($A32)),0)","v":12},{"$f":"MATCH(OFFSET($D32,0,$C32)+1,OFFSET($D32,1,$C32,ROW($A$66)-ROW($A32)),0)","v":3},{"$f":"ROUND(INDEX(PO!T$12:T$134,MATCH($A32,PO!$V$12:$V$134,0)),2)+10^-12","v":{"v":32884.21,"d":"32,884.21"}},{"$nulls":3},"Acumulado (R$)",{"$f":"IF($B32,ROUND(P31*$N30,2),ROUND(SUMIF(OFFSET($B32,1,0,$D32),TRUE,OFFSET(P32,1,0,$D32))/SUMIF(OFFSET($B32,1,0,$D32),TRUE,OFFSET($K32,1,0,$D32))*$N30,2))","v":{"v":0,"d":"0.00"}},{"v":0,"d":"0.00"},{"v":16442.11,"d":"16,442.11"},{"v":32884.21,"d":"32,884.21"},{"v":32884.21,"d":"32,884.21"},{"v":32884.21,"d":"32,884.21"},{"v":32884.21,"d":"32,884.21"},{"v":32884.21,"d":"32,884.21"},{"$nulls":5},{"$f":"IF($B32,ROUND(AC31*$N30,2),ROUND(SUMIF(OFFSET($B32,1,0,$D32),TRUE,OFFSET(AC32,1,0,$D32))/SUMIF(OFFSET($B32,1,0,$D32),TRUE,OFFSET($K32,1,0,$D32))*$N30,2))","v":{"v":0,"d":"0.00"}}]
[{"$nulls":11},{"$f":"INDEX(PO!K$12:K$134,MATCH($A35,PO!$V$12:$V$134,0))","v":"3.3."},{"$f":"INDEX(PO!N$12:N$134,MATCH($A35,PO!$V$12:$V$134,0))","v":"DIVISÓRIAS E ESQUADRIAS"},{"$f":"IF(ROUND(K35,2)=0,K35,ROUND(K35,2))","v":{"v":90450.05,"d":"90,450.05"}},"Parcela (%)",{"$f":"IF($B35,0,P34-IF(ISNUMBER(O34),O34,0))","v":{"v":0,"d":"0.00%"}},{"v":0,"d":"0.00%"},{"v":0,"d":"0.00%"},{"v":0.5,"d":"50.00%"},{"v":0.5,"d":"50.00%"},{"$f":"IF($B35,0,U34-IF(ISNUMBER(T34),T34,0))","v":{"v":0,"d":"0.00%"}},{"$f":"IF($B35,0,V34-IF(ISNUMBER(U34),U34,0))","v":{"v":0,"d":"0.00%"}},{"$f":"IF($B35,0,W34-IF(ISNUMBER(V34),V34,0))","v":{"v":0,"d":"0.00%"}},{"$nulls":5},{"$f":"IF($B35,0,AC34-IF(ISNUMBER(AB34),AB34,0))","v":{"v":0,"d":"0.00%"}}]
[{"$nulls":14},"Acumulado (%)",{"$f":"MIN(IF($B35,P33+IF(ISNUMBER(O34),O34,0),P35/$N33),1)","v":{"v":0,"d":"0.00%"}},{"$f":"MIN(IF($B35,Q33+IF(ISNUMBER(P34),P34,0),Q35/$N33),1)","v":{"v":0,"d":"0.00%"}},{"$f":"MIN(IF($B35,R33+IF(ISNUMBER(Q34),Q34,0),R35/$N33),1)","v":{"v":0,"d":"0.00%"}},{"$f":"MIN(IF($B35,S33+IF(ISNUMBER(R34),R34,0),S35/$N33),1)","v":{"v":0.5,"d":"50.00%"}},{"$f":"MIN(IF($B35,T33+IF(ISNUMBER(S34),S34,0),T35/$N33),1)","v":{"v":1,"d":"100.00%"}},{"$f":"MIN(IF($B35,U33+IF(ISNUMBER(T34),T34,0),U35/$N33),1)","v":{"v":1,"d":"100.00%"}},{"$f":"MIN(IF($B35,V33+IF(ISNUMBER(U34),U34,0),V35/$N33),1)","v":{"v":1,"d":"100.00%"}},{"$f":"MIN(IF($B35,W33+IF(ISNUMBER(V34),V34,0),W35/$N33),1)","v":{"v":1,"d":"100.00%"}},{"$nulls":5},{"$f":"MIN(IF($B35,AC33+IF(ISNUMBER(AB34),AB34,0),AC35/$N33),1)","v":{"v":0,"d":"0.00%"}}]
[{"$f":"OFFSET(A35,-CFF.NumLinha,0)+1","v":6},{"$f":"$C35>=OFFSET($C35,CFF.NumLinha,0)","v":true},{"$f":"INDEX(PO!A$12:A$134,MATCH($A35,PO!$V$12:$V$134,0))","v":2},{"$f":"IF(ISERROR(J35),I35,SMALL(I35:J35,1))-1","v":2},{"$f":"IF($C35=1,OFFSET(E35,-CFF.NumLinha,0)+1,OFFSET(E35,-CFF.NumLinha,0))","v":3},{"$f":"IF($C35=1,0,IF($C35=2,OFFSET(F35,-CFF.NumLinha,0)+1,OFFSET(F35,-CFF.NumLinha,0)))","v":3},{"$f":"IF(AND($C35<=2,$C35<>0),0,IF($C35=3,OFFSET(G35,-CFF.NumLinha,0)+1,OFFSET(G35,-CFF.NumLinha,0)))","v":0},{"$f":"IF(AND($C35<=3,$C35<>0),0,IF($C35=4,OFFSET(H35,-CFF.NumLinha,0)+1,OFFSET(H35,-CFF.NumLinha,0)))","v":0},{"$f":"MATCH(0,OFFSET($D35,1,$C35,ROW($A$66)-ROW($A35)),0)","v":9},{"$f":"MATCH(OFFSET($D35,0,$C35)+1,OFFSET($D35,1,$C35,ROW($A$66)-ROW($A35)),0)","v":3},{"$f":"ROUND(INDEX(PO!T$12:T$134,MATCH($A35,PO!$V$12:$V$134,0)),2)+10^-12","v":{"v":90450.05,"d":"90,450.05"}},{"$nulls":3},"Acumulado (R$)",{"$f":"IF($B35,ROUND(P34*$N33,2),ROUND(SUMIF(OFFSET($B35,1,0,$D35),TRUE,OFFSET(P35,1,0,$D35))/SUMIF(OFFSET($B35,1,0,$D35),TRUE,OFFSET($K35,1,0,$D35))*$N33,2))","v":{"v":0,"d":"0.00"}},{"v":0,"d":"0.00"},{"v":0,"d":"0.00"},{"v":45225.03,"d":"45,225.03"},{"v":90450.05,"d":"90,450.05"},{"v":90450.05,"d":"90,450.05"},{"v":90450.05,"d":"90,450.05"},{"v":90450.05,"d":"90,450.05"},{"$nulls":5},{"$f":"IF($B35,ROUND(AC34*$N33,2),ROUND(SUMIF(OFFSET($B35,1,0,$D35),TRUE,OFFSET(AC35,1,0,$D35))/SUMIF(OFFSET($B35,1,0,$D35),TRUE,OFFSET($K35,1,0,$D35))*$N33,2))","v":{"v":0,"d":"0.00"}}]
[{"$nulls":11},{"$f":"INDEX(PO!K$12:K$134,MATCH($A38,PO!$V$12:$V$134,0))","v":"3.4."},{"$f":"INDEX(PO!N$12:N$134,MATCH($A38,PO!$V$12:$V$134,0))","v":"EQUIPAMENTO SANITÁRIO"},{"$f":"IF(ROUND(K38,2)=0,K38,ROUND(K38,2))","v":{"v":10251.94,"d":"10,251.94"}},"Parcela (%)",{"$f":"IF($B38,0,P37-IF(ISNUMBER(O37),O37,0))","v":{"v":0,"d":"0.00%"}},{"$f":"IF($B38,0,Q37-IF(ISNUMBER(P37),P37,0))","v":{"v":0,"d":"0.00%"}},{"$f":"IF($B38,0,R37-IF(ISNUMBER(Q37),Q37,0))","v":{"v":0,"d":"0.00%"}},{"v":1,"d":"100.00%"},{"v":0,"d":"0.00%"},{"$f":"IF($B38,0,U37-IF(ISNUMBER(T37),T37,0))","v":{"v":0,"d":"0.00%"}},{"$f":"IF($B38,0,V37-IF(ISNUMBER(U37),U37,0))","v":{"v":0,"d":"0.00%"}},{"$f":"IF($B38,0,W37-IF(ISNUMBER(V37),V37,0))","v":{"v":0,"d":"0.00%"}},{"$nulls":5},{"$f":"IF($B38,0,AC37-IF(ISNUMBER(AB37),AB37,0))","v":{"v":0,"d":"0.00%"}}]
[{"$nulls":14},"Acumulado (%)",{"$f":"MIN(IF($B38,P36+IF(ISNUMBER(O37),O37,0),P38/$N36),1)","v":{"v":0,"d":"0.00%"}},{"$f":"MIN(IF($B38,Q36+IF(ISNUMBER(P37),P37,0),Q38/$N36),1)","v":{"v":0,"d":"0.00%"}},{"$f":"MIN(IF($B38,R36+IF(ISNUMBER(Q37),Q37,0),R38/$N36),1)","v":{"v":0,"d":"0.00%"}},{"$f":"MIN(IF($B38,S36+IF(ISNUMBER(R37),R37,0),S38/$N36),1)","v":{"v":1,"d":"100.00%"}},{"$f":"MIN(IF($B38,T36+IF(ISNUMBER(S37),S37,0),T38/$N36),1)","v":{"v":1,"d":"100.00%"}},{"$f":"MIN(IF($B38,U36+IF(ISNUMBER(T37),T37,0),U38/$N36),1)","v":{"v":1,"d":"100.00%"}},{"$f":"MIN(IF($B38,V36+IF(ISNUMBER(U37),U37,0),V38/$N36),1)","v":{"v":1,"d":"100.00%"}},{"$f":"MIN(IF($B38,W36+IF(ISNUMBER(V37),V37,0),W38/$N36),1)","v":{"v":1,"d":"100.00%"}},{"$nulls":5},{"$f":"MIN(IF($B38,AC36+IF(ISNUMBER(AB37),AB37,0),AC38/$N36),1)","v":{"v":0,"d":"0.00%"}}]
[{"$f":"OFFSET(A38,-CFF.NumLinha,0)+1","v":7},{"$f":"$C38>=OFFSET($C38,CFF.NumLinha,0)","v":true},{"$f":"INDEX(PO!A$12:A$134,MATCH($A38,PO!$V$12:$V$134,0))","v":2},{"$f":"IF(ISERROR(J38),I38,SMALL(I38:J38,1))-1","v":2},{"$f":"IF($C38=1,OFFSET(E38,-CFF.NumLinha,0)+1,OFFSET(E38,-CFF.NumLinha,0))","v":3},{"$f":"IF($C38=1,0,IF($C38=2,OFFSET(F38,-CFF.NumLinha,0)+1,OFFSET(F38,-CFF.NumLinha,0)))","v":4},{"$f":"IF(AND($C38<=2,$C38<>0),0,IF($C38=3,OFFSET(G38,-CFF.NumLinha,0)+1,OFFSET(G38,-CFF.NumLinha,0)))","v":0},{"$f":"IF(AND($C38<=3,$C38<>0),0,IF($C38=4,OFFSET(H38,-CFF.NumLinha,0)+1,OFFSET(H38,-CFF.NumLinha,0)))","v":0},{"$f":"MATCH(0,OFFSET($D38,1,$C38,ROW($A$66)-ROW($A38)),0)","v":6},{"$f":"MATCH(OFFSET($D38,0,$C38)+1,OFFSET($D38,1,$C38,ROW($A$66)-ROW($A38)),0)","v":3},{"$f":"ROUND(INDEX(PO!T$12:T$134,MATCH($A38,PO!$V$12:$V$134,0)),2)+10^-12","v":{"v":10251.940000000002,"d":"10,251.94"}},{"$nulls":3},"Acumulado (R$)",{"$f":"IF($B38,ROUND(P37*$N36,2),ROUND(SUMIF(OFFSET($B38,1,0,$D38),TRUE,OFFSET(P38,1,0,$D38))/SUMIF(OFFSET($B38,1,0,$D38),TRUE,OFFSET($K38,1,0,$D38))*$N36,2))","v":{"v":0,"d":"0.00"}},{"v":0,"d":"0.00"},{"v":0,"d":"0.00"},{"v":10251.94,"d":"10,251.94"},{"v":10251.94,"d":"10,251.94"},{"v":10251.94,"d":"10,251.94"},{"v":10251.94,"d":"10,251.94"},{"v":10251.94,"d":"10,251.94"},{"$nulls":5},{"$f":"IF($B38,ROUND(AC37*$N36,2),ROUND(SUMIF(OFFSET($B38,1,0,$D38),TRUE,OFFSET(AC38,1,0,$D38))/SUMIF(OFFSET($B38,1,0,$D38),TRUE,OFFSET($K38,1,0,$D38))*$N36,2))","v":{"v":0,"d":"0.00"}}]
[{"$nulls":11},{"$f":"INDEX(PO!K$12:K$134,MATCH($A41,PO!$V$12:$V$134,0))","v":"3.5."},{"$f":"INDEX(PO!N$12:N$134,MATCH($A41,PO!$V$12:$V$134,0))","v":"INSTALAÇÕES DE ÁGUA FRIA E ESGOTO SANITÁRIO"},{"$f":"IF(ROUND(K41,2)=0,K41,ROUND(K41,2))","v":{"v":47810.09,"d":"47,810.09"}},"Parcela (%)",{"$f":"IF($B41,0,P40-IF(ISNUMBER(O40),O40,0))","v":{"v":0,"d":"0.00%"}},{"$f":"IF($B41,0,Q40-IF(ISNUMBER(P40),P40,0))","v":{"v":0,"d":"0.00%"}},{"v":1,"d":"100.00%"},{"$f":"IF($B41,0,S40-IF(ISNUMBER(R40),R40,0))","v":{"v":0,"d":"0.00%"}},{"$f":"IF($B41,0,T40-IF(ISNUMBER(S40),S40,0))","v":{"v":0,"d":"0.00%"}},{"$f":"IF($B41,0,U40-IF(ISNUMBER(T40),T40,0))","v":{"v":0,"d":"0.00%"}},{"$f":"IF($B41,0,V40-IF(ISNUMBER(U40),U40,0))","v":{"v":0,"d":"0.00%"}},{"$f":"IF($B41,0,W40-IF(ISNUMBER(V40),V40,0))","v":{"v":0,"d":"0.00%"}},{"$nulls":5},{"$f":"IF($B41,0,AC40-IF(ISNUMBER(AB40),AB40,0))","v":{"v":0,"d":"0.00%"}}]
[{"$nulls":14},"Acumulado (%)",{"$f":"MIN(IF($B41,P39+IF(ISNUMBER(O40),O40,0),P41/$N39),1)","v":{"v":0,"d":"0.00%"}},{"$f":"MIN(IF($B41,Q39+IF(ISNUMBER(P40),P40,0),Q41/$N39),1)","v":{"v":0,"d":"0.00%"}},{"$f":"MIN(IF($B41,R39+IF(ISNUMBER(Q40),Q40,0),R41/$N39),1)","v":{"v":1,"d":"100.00%"}},{"$f":"MIN(IF($B41,S39+IF(ISNUMBER(R40),R40,0),S41/$N39),1)","v":{"v":1,"d":"100.00%"}},{"$f":"MIN(IF($B41,T39+IF(ISNUMBER(S40),S40,0),T41/$N39),1)","v":{"v":1,"d":"100.00%"}},{"$f":"MIN(IF($B41,U39+IF(ISNUMBER(T40),T40,0),U41/$N39),1)","v":{"v":1,"d":"100.00%"}},{"$f":"MIN(IF($B41,V39+IF(ISNUMBER(U40),U40,0),V41/$N39),1)","v":{"v":1,"d":"100.00%"}},{"$f":"MIN(IF($B41,W39+IF(ISNUMBER(V40),V40,0),W41/$N39),1)","v":{"v":1,"d":"100.00%"}},{"$nulls":5},{"$f":"MIN(IF($B41,AC39+IF(ISNUMBER(AB40),AB40,0),AC41/$N39),1)","v":{"v":0,"d":"0.00%"}}]
[{"$f":"OFFSET(A41,-CFF.NumLinha,0)+1","v":8},{"$f":"$C41>=OFFSET($C41,CFF.NumLinha,0)","v":true},{"$f":"INDEX(PO!A$12:A$134,MATCH($A41,PO!$V$12:$V$134,0))","v":2},{"$f":"IF(ISERROR(J41),I41,SMALL(I41:J41,1))-1","v":2},{"$f":"IF($C41=1,OFFSET(E41,-CFF.NumLinha,0)+1,OFFSET(E41,-CFF.NumLinha,0))","v":3},{"$f":"IF($C41=1,0,IF($C41=2,OFFSET(F41,-CFF.NumLinha,0)+1,OFFSET(F41,-CFF.NumLinha,0)))","v":5},{"$f":"IF(AND($C41<=2,$C41<>0),0,IF($C41=3,OFFSET(G41,-CFF.NumLinha,0)+1,OFFSET(G41,-CFF.NumLinha,0)))","v":0},{"$f":"IF(AND($C41<=3,$C41<>0),0,IF($C41=4,OFFSET(H41,-CFF.NumLinha,0)+1,OFFSET(H41,-CFF.NumLinha,0)))","v":0},{"$f":"MATCH(0,OFFSET($D41,1,$C41,ROW($A$66)-ROW($A41)),0)","v":3},{"$f":"MATCH(OFFSET($D41,0,$C41)+1,OFFSET($D41,1,$C41,ROW($A$66)-ROW($A41)),0)","v":{"$error":"#N/A"}},{"$f":"ROUND(INDEX(PO!T$12:T$134,MATCH($A41,PO!$V$12:$V$134,0)),2)+10^-12","v":{"v":47810.09,"d":"47,810.09"}},{"$nulls":3},"Acumulado (R$)",{"$f":"IF($B41,ROUND(P40*$N39,2),ROUND(SUMIF(OFFSET($B41,1,0,$D41),TRUE,OFFSET(P41,1,0,$D41))/SUMIF(OFFSET($B41,1,0,$D41),TRUE,OFFSET($K41,1,0,$D41))*$N39,2))","v":{"v":0,"d":"0.00"}},{"v":0,"d":"0.00"},{"v":47810.09,"d":"47,810.09"},{"v":47810.09,"d":"47,810.09"},{"v":47810.09,"d":"47,810.09"},{"v":47810.09,"d":"47,810.09"},{"v":47810.09,"d":"47,810.09"},{"v":47810.09,"d":"47,810.09"},{"$nulls":5},{"$f":"IF($B41,ROUND(AC40*$N39,2),ROUND(SUMIF(OFFSET($B41,1,0,$D41),TRUE,OFFSET(AC41,1,0,$D41))/SUMIF(OFFSET($B41,1,0,$D41),TRUE,OFFSET($K41,1,0,$D41))*$N39,2))","v":{"v":0,"d":"0.00"}}]
[{"$nulls":11},{"$f":"INDEX(PO!K$12:K$134,MATCH($A44,PO!$V$12:$V$134,0))","v":"4."},{"$f":"INDEX(PO!N$12:N$134,MATCH($A44,PO!$V$12:$V$134,0))","v":"SEGUNDO PAVIMENTO - BANHEIROS"},{"$f":"IF(ROUND(K44,2)=0,K44,ROUND(K44,2))","v":{"v":130613.04,"d":"130,613.04"}},"Parcela (%)",{"$f":"IF($B44,0,P43-IF(ISNUMBER(O43),O43,0))","v":{"v":0,"d":"0.00%"}},{"$f":"IF($B44,0,Q43-IF(ISNUMBER(P43),P43,0))","v":{"v":0.08647406108915312,"d":"8.65%"}},{"$f":"IF($B44,0,R43-IF(ISNUMBER(Q43),Q43,0))","v":{"v":0.2748426956450903,"d":"27.48%"}},{"$f":"IF($B44,0,S43-IF(ISNUMBER(R43),R43,0))","v":{"v":0.4534845066005661,"d":"45.35%"}},{"$f":"IF($B44,0,T43-IF(ISNUMBER(S43),S43,0))","v":{"v":0.1851987366651905,"d":"18.52%"}},{"$f":"IF($B44,0,U43-IF(ISNUMBER(T43),T43,0))","v":{"v":0,"d":"0.00%"}},{"$f":"IF($B44,0,V43-IF(ISNUMBER(U43),U43,0))","v":{"v":0,"d":"0.00%"}},{"$f":"IF($B44,0,W43-IF(ISNUMBER(V43),V43,0))","v":{"v":0,"d":"0.00%"}},{"$nulls":5},{"$f":"IF($B44,0,AC43-IF(ISNUMBER(AB43),AB43,0))","v":{"v":0,"d":"0.00%"}}]
[{"$nulls":14},"Acumulado (%)",{"$f":"MIN(IF($B44,P42+IF(ISNUMBER(O43),O43,0),P44/$N42),1)","v":{"v":0,"d":"0.00%"}},{"$f":"MIN(IF($B44,Q42+IF(ISNUMBER(P43),P43,0),Q44/$N42),1)","v":{"v":0.08647406108915312,"d":"8.65%"}},{"$f":"MIN(IF($B44,R42+IF(ISNUMBER(Q43),Q43,0),R44/$N42),1)","v":{"v":0.3613167567342434,"d":"36.13%"}},{"$f":"MIN(IF($B44,S42+IF(ISNUMBER(R43),R43,0),S44/$N42),1)","v":{"v":0.8148012633348095,"d":"81.48%"}},{"$f":"MIN(IF($B44,T42+IF(ISNUMBER(S43),S43,0),T44/$N42),1)","v":{"v":1,"d":"100.00%"}},{"$f":"MIN(IF($B44,U42+IF(ISNUMBER(T43),T43,0),U44/$N42),1)","v":{"v":1,"d":"100.00%"}},{"$f":"MIN(IF($B44,V42+IF(ISNUMBER(U43),U43,0),V44/$N42),1)","v":{"v":1,"d":"100.00%"}},{"$f":"MIN(IF($B44,W42+IF(ISNUMBER(V43),V43,0),W44/$N42),1)","v":{"v":1,"d":"100.00%"}},{"$nulls":5},{"$f":"MIN(IF($B44,AC42+IF(ISNUMBER(AB43),AB43,0),AC44/$N42),1)","v":{"v":0,"d":"0.00%"}}]
[{"$f":"OFFSET(A44,-CFF.NumLinha,0)+1","v":9},{"$f":"$C44>=OFFSET($C44,CFF.NumLinha,0)","v":false},{"$f":"INDEX(PO!A$12:A$134,MATCH($A44,PO!$V$12:$V$134,0))","v":1},{"$f":"IF(ISERROR(J44),I44,SMALL(I44:J44,1))-1","v":17},{"$f":"IF($C44=1,OFFSET(E44,-CFF.NumLinha,0)+1,OFFSET(E44,-CFF.NumLinha,0))","v":4},{"$f":"IF($C44=1,0,IF($C44=2,OFFSET(F44,-CFF.NumLinha,0)+1,OFFSET(F44,-CFF.NumLinha,0)))","v":0},{"$f":"IF(AND($C44<=2,$C44<>0),0,IF($C44=3,OFFSET(G44,-CFF.NumLinha,0)+1,OFFSET(G44,-CFF.NumLinha,0)))","v":0},{"$f":"IF(AND($C44<=3,$C44<>0),0,IF($C44=4,OFFSET(H44,-CFF.NumLinha,0)+1,OFFSET(H44,-CFF.NumLinha,0)))","v":0},{"$f":"MATCH(0,OFFSET($D44,1,$C44,ROW($A$66)-ROW($A44)),0)","v":22},{"$f":"MATCH(OFFSET($D44,0,$C44)+1,OFFSET($D44,1,$C44,ROW($A$66)-ROW($A44)),0)","v":18},{"$f":"ROUND(INDEX(PO!T$12:T$134,MATCH($A44,PO!$V$12:$V$134,0)),2)+10^-12","v":{"v":130613.04,"d":"130,613.04"}},{"$nulls":3},"Acumulado (R$)",{"$f":"IF($B44,ROUND(P43*$N42,2),ROUND(SUMIF(OFFSET($B44,1,0,$D44),TRUE,OFFSET(P44,1,0,$D44))/SUMIF(OFFSET($B44,1,0,$D44),TRUE,OFFSET($K44,1,0,$D44))*$N42,2))","v":{"v":0,"d":"0.00"}},{"v":11294.64,"d":"11,294.64"},{"v":47192.68,"d":"47,192.68"},{"v":106423.67,"d":"106,423.67"},{"v":130613.04,"d":"130,613.04"},{"v":130613.04,"d":"130,613.04"},{"v":130613.04,"d":"130,613.04"},{"v":130613.04,"d":"130,613.04"},{"$nulls":5},{"$f":"IF($B44,ROUND(AC43*$N42,2),ROUND(SUMIF(OFFSET($B44,1,0,$D44),TRUE,OFFSET(AC44,1,0,$D44))/SUMIF(OFFSET($B44,1,0,$D44),TRUE,OFFSET($K44,1,0,$D44))*$N42,2))","v":{"v":0,"d":"0.00"}}]
[{"$nulls":11},{"$f":"INDEX(PO!K$12:K$134,MATCH($A47,PO!$V$12:$V$134,0))","v":"4.1."},{"$f":"INDEX(PO!N$12:N$134,MATCH($A47,PO!$V$12:$V$134,0))","v":"PAVIMENTAÇÃO"},{"$f":"IF(ROUND(K47,2)=0,K47,ROUND(K47,2))","v":{"v":22589.28,"d":"22,589.28"}},"Parcela (%)",{"$f":"IF($B47,0,P46-IF(ISNUMBER(O46),O46,0))","v":{"v":0,"d":"0.00%"}},{"v":0.5,"d":"50.00%"},{"v":0.5,"d":"50.00%"},{"$f":"IF($B47,0,S46-IF(ISNUMBER(R46),R46,0))","v":{"v":0,"d":"0.00%"}},{"$f":"IF($B47,0,T46-IF(ISNUMBER(S46),S46,0))","v":{"v":0,"d":"0.00%"}},{"$f":"IF($B47,0,U46-IF(ISNUMBER(T46),T46,0))","v":{"v":0,"d":"0.00%"}},{"$f":"IF($B47,0,V46-IF(ISNUMBER(U46),U46,0))","v":{"v":0,"d":"0.00%"}},{"$f":"IF($B47,0,W46-IF(ISNUMBER(V46),V46,0))","v":{"v":0,"d":"0.00%"}},{"$nulls":5},{"$f":"IF($B47,0,AC46-IF(ISNUMBER(AB46),AB46,0))","v":{"v":0,"d":"0.00%"}}]
[{"$nulls":14},"Acumulado (%)",{"$f":"MIN(IF($B47,P45+IF(ISNUMBER(O46),O46,0),P47/$N45),1)","v":{"v":0,"d":"0.00%"}},{"$f":"MIN(IF($B47,Q45+IF(ISNUMBER(P46),P46,0),Q47/$N45),1)","v":{"v":0.5,"d":"50.00%"}},{"$f":"MIN(IF($B47,R45+IF(ISNUMBER(Q46),Q46,0),R47/$N45),1)","v":{"v":1,"d":"100.00%"}},{"$f":"MIN(IF($B47,S45+IF(ISNUMBER(R46),R46,0),S47/$N45),1)","v":{"v":1,"d":"100.00%"}},{"$f":"MIN(IF($B47,T45+IF(ISNUMBER(S46),S46,0),T47/$N45),1)","v":{"v":1,"d":"100.00%"}},{"$f":"MIN(IF($B47,U45+IF(ISNUMBER(T46),T46,0),U47/$N45),1)","v":{"v":1,"d":"100.00%"}},{"$f":"MIN(IF($B47,V45+IF(ISNUMBER(U46),U46,0),V47/$N45),1)","v":{"v":1,"d":"100.00%"}},{"$f":"MIN(IF($B47,W45+IF(ISNUMBER(V46),V46,0),W47/$N45),1)","v":{"v":1,"d":"100.00%"}},{"$nulls":5},{"$f":"MIN(IF($B47,AC45+IF(ISNUMBER(AB46),AB46,0),AC47/$N45),1)","v":{"v":0,"d":"0.00%"}}]
[{"$f":"OFFSET(A47,-CFF.NumLinha,0)+1","v":10},{"$f":"$C47>=OFFSET($C47,CFF.NumLinha,0)","v":true},{"$f":"INDEX(PO!A$12:A$134,MATCH($A47,PO!$V$12:$V$134,0))","v":2},{"$f":"IF(ISERROR(J47),I47,SMALL(I47:J47,1))-1","v":2},{"$f":"IF($C47=1,OFFSET(E47,-CFF.NumLinha,0)+1,OFFSET(E47,-CFF.NumLinha,0))","v":4},{"$f":"IF($C47=1,0,IF($C47=2,OFFSET(F47,-CFF.NumLinha,0)+1,OFFSET(F47,-CFF.NumLinha,0)))","v":1},{"$f":"IF(AND($C47<=2,$C47<>0),0,IF($C47=3,OFFSET(G47,-CFF.NumLinha,0)+1,OFFSET(G47,-CFF.NumLinha,0)))","v":0},{"$f":"IF(AND($C47<=3,$C47<>0),0,IF($C47=4,OFFSET(H47,-CFF.NumLinha,0)+1,OFFSET(H47,-CFF.NumLinha,0)))","v":0},{"$f":"MATCH(0,OFFSET($D47,1,$C47,ROW($A$66)-ROW($A47)),0)","v":15},{"$f":"MATCH(OFFSET($D47,0,$C47)+1,OFFSET($D47,1,$C47,ROW($A$66)-ROW($A47)),0)","v":3},{"$f":"ROUND(INDEX(PO!T$12:T$134,MATCH($A47,PO!$V$12:$V$134,0)),2)+10^-12","v":{"v":22589.28,"d":"22,589.28"}},{"$nulls":3},"Acumulado (R$)",{"$f":"IF($B47,ROUND(P46*$N45,2),ROUND(SUMIF(OFFSET($B47,1,0,$D47),TRUE,OFFSET(P47,1,0,$D47))/SUMIF(OFFSET($B47,1,0,$D47),TRUE,OFFSET($K47,1,0,$D47))*$N45,2))","v":{"v":0,"d":"0.00"}},{"v":11294.64,"d":"11,294.64"},{"v":22589.28,"d":"22,589.28"},{"v":22589.28,"d":"22,589.28"},{"v":22589.28,"d":"22,589.28"},{"v":22589.28,"d":"22,589.28"},{"v":22589.28,"d":"22,589.28"},{"v":22589.28,"d":"22,589.28"},{"$nulls":5},{"$f":"IF($B47,ROUND(AC46*$N45,2),ROUND(SUMIF(OFFSET($B47,1,0,$D47),TRUE,OFFSET(AC47,1,0,$D47))/SUMIF(OFFSET($B47,1,0,$D47),TRUE,OFFSET($K47,1,0,$D47))*$N45,2))","v":{"v":0,"d":"0.00"}}]
[{"$nulls":11},{"$f":"INDEX(PO!K$12:K$134,MATCH($A50,PO!$V$12:$V$134,0))","v":"4.2."},{"$f":"INDEX(PO!N$12:N$134,MATCH($A50,PO!$V$12:$V$134,0))","v":"REVESTIMENTOS INTERNOS"},{"$f":"IF(ROUND(K50,2)=0,K50,ROUND(K50,2))","v":{"v":21077.64,"d":"21,077.64"}},"Parcela (%)",{"$f":"IF($B50,0,P49-IF(ISNUMBER(O49),O49,0))","v":{"v":0,"d":"0.00%"}},{"$f":"IF($B50,0,Q49-IF(ISNUMBER(P49),P49,0))","v":{"v":0,"d":"0.00%"}},{"v":0.5,"d":"50.00%"},{"v":0.5,"d":"50.00%"},{"$f":"IF($B50,0,T49-IF(ISNUMBER(S49),S49,0))","v":{"v":0,"d":"0.00%"}},{"$f":"IF($B50,0,U49-IF(ISNUMBER(T49),T49,0))","v":{"v":0,"d":"0.00%"}},{"$f":"IF($B50,0,V49-IF(ISNUMBER(U49),U49,0))","v":{"v":0,"d":"0.00%"}},{"$f":"IF($B50,0,W49-IF(ISNUMBER(V49),V49,0))","v":{"v":0,"d":"0.00%"}},{"$nulls":5},{"$f":"IF($B50,0,AC49-IF(ISNUMBER(AB49),AB49,0))","v":{"v":0,"d":"0.00%"}}]
[{"$nulls":14},"Acumulado (%)",{"$f":"MIN(IF($B50,P48+IF(ISNUMBER(O49),O49,0),P50/$N48),1)","v":{"v":0,"d":"0.00%"}},{"$f":"MIN(IF($B50,Q48+IF(ISNUMBER(P49),P49,0),Q50/$N48),1)","v":{"v":0,"d":"0.00%"}},{"$f":"MIN(IF($B50,R48+IF(ISNUMBER(Q49),Q49,0),R50/$N48),1)","v":{"v":0.5,"d":"50.00%"}},{"$f":"MIN(IF($B50,S48+IF(ISNUMBER(R49),R49,0),S50/$N48),1)","v":{"v":1,"d":"100.00%"}},{"$f":"MIN(IF($B50,T48+IF(ISNUMBER(S49),S49,0),T50/$N48),1)","v":{"v":1,"d":"100.00%"}},{"$f":"MIN(IF($B50,U48+IF(ISNUMBER(T49),T49,0),U50/$N48),1)","v":{"v":1,"d":"100.00%"}},{"$f":"MIN(IF($B50,V48+IF(ISNUMBER(U49),U49,0),V50/$N48),1)","v":{"v":1,"d":"100.00%"}},{"$f":"MIN(IF($B50,W48+IF(ISNUMBER(V49),V49,0),W50/$N48),1)","v":{"v":1,"d":"100.00%"}},{"$nulls":5},{"$f":"MIN(IF($B50,AC48+IF(ISNUMBER(AB49),AB49,0),AC50/$N48),1)","v":{"v":0,"d":"0.00%"}}]
[{"$f":"OFFSET(A50,-CFF.NumLinha,0)+1","v":11},{"$f":"$C50>=OFFSET($C50,CFF.NumLinha,0)","v":true},{"$f":"INDEX(PO!A$12:A$134,MATCH($A50,PO!$V$12:$V$134,0))","v":2},{"$f":"IF(ISERROR(J50),I50,SMALL(I50:J50,1))-1","v":2},{"$f":"IF($C50=1,OFFSET(E50,-CFF.NumLinha,0)+1,OFFSET(E50,-CFF.NumLinha,0))","v":4},{"$f":"IF($C50=1,0,IF($C50=2,OFFSET(F50,-CFF.NumLinha,0)+1,OFFSET(F50,-CFF.NumLinha,0)))","v":2},{"$f":"IF(AND($C50<=2,$C50<>0),0,IF($C50=3,OFFSET(G50,-CFF.NumLinha,0)+1,OFFSET(G50,-CFF.NumLinha,0)))","v":0},{"$f":"IF(AND($C50<=3,$C50<>0),0,IF($C50=4,OFFSET(H50,-CFF.NumLinha,0)+1,OFFSET(H50,-CFF.NumLinha,0)))","v":0},{"$f":"MATCH(0,OFFSET($D50,1,$C50,ROW($A$66)-ROW($A50)),0)","v":12},{"$f":"MATCH(OFFSET($D50,0,$C50)+1,OFFSET($D50,1,$C50,ROW($A$66)-ROW($A50)),0)","v":3},{"$f":"ROUND(INDEX(PO!T$12:T$134,MATCH($A50,PO!$V$12:$V$134,0)),2)+10^-12","v":{"v":21077.64,"d":"21,077.64"}},{"$nulls":3},"Acumulado (R$)",{"$f":"IF($B50,ROUND(P49*$N48,2),ROUND(SUMIF(OFFSET($B50,1,0,$D50),TRUE,OFFSET(P50,1,0,$D50))/SUMIF(OFFSET($B50,1,0,$D50),TRUE,OFFSET($K50,1,0,$D50))*$N48,2))","v":{"v":0,"d":"0.00"}},{"v":0,"d":"0.00"},{"v":10538.82,"d":"10,538.82"},{"v":21077.64,"d":"21,077.64"},{"v":21077.64,"d":"21,077.64"},{"v":21077.64,"d":"21,077.64"},{"v":21077.64,"d":"21,077.64"},{"v":21077.64,"d":"21,077.64"},{"$nulls":5},{"$f":"IF($B50,ROUND(AC49*$N48,2),ROUND(SUMIF(OFFSET($B50,1,0,$D50),TRUE,OFFSET(AC50,1,0,$D50))/SUMIF(OFFSET($B50,1,0,$D50),TRUE,OFFSET($K50,1,0,$D50))*$N48,2))","v":{"v":0,"d":"0.00"}}]
[{"$nulls":11},{"$f":"INDEX(PO!K$12:K$134,MATCH($A53,PO!$V$12:$V$134,0))","v":"4.3."},{"$f":"INDEX(PO!N$12:N$134,MATCH($A53,PO!$V$12:$V$134,0))","v":"ESQUADRIAS E DIVISÓRIAS"},{"$f":"IF(ROUND(K53,2)=0,K53,ROUND(K53,2))","v":{"v":48378.74,"d":"48,378.74"}},"Parcela (%)",{"$f":"IF($B53,0,P52-IF(ISNUMBER(O52),O52,0))","v":{"v":0,"d":"0.00%"}},{"$f":"IF($B53,0,Q52-IF(ISNUMBER(P52),P52,0))","v":{"v":0,"d":"0.00%"}},{"$f":"IF($B53,0,R52-IF(ISNUMBER(Q52),Q52,0))","v":{"v":0,"d":"0.00%"}},{"v":0.5,"d":"50.00%"},{"v":0.5,"d":"50.00%"},{"$f":"IF($B53,0,U52-IF(ISNUMBER(T52),T52,0))","v":{"v":0,"d":"0.00%"}},{"$f":"IF($B53,0,V52-IF(ISNUMBER(U52),U52,0))","v":{"v":0,"d":"0.00%"}},{"$f":"IF($B53,0,W52-IF(ISNUMBER(V52),V52,0))","v":{"v":0,"d":"0.00%"}},{"$nulls":5},{"$f":"IF($B53,0,AC52-IF(ISNUMBER(AB52),AB52,0))","v":{"v":0,"d":"0.00%"}}]
[{"$nulls":14},"Acumulado (%)",{"$f":"MIN(IF($B53,P51+IF(ISNUMBER(O52),O52,0),P53/$N51),1)","v":{"v":0,"d":"0.00%"}},{"$f":"MIN(IF($B53,Q51+IF(ISNUMBER(P52),P52,0),Q53/$N51),1)","v":{"v":0,"d":"0.00%"}},{"$f":"MIN(IF($B53,R51+IF(ISNUMBER(Q52),Q52,0),R53/$N51),1)","v":{"v":0,"d":"0.00%"}},{"$f":"MIN(IF($B53,S51+IF(ISNUMBER(R52),R52,0),S53/$N51),1)","v":{"v":0.5,"d":"50.00%"}},{"$f":"MIN(IF($B53,T51+IF(ISNUMBER(S52),S52,0),T53/$N51),1)","v":{"v":1,"d":"100.00%"}},{"$f":"MIN(IF($B53,U51+IF(ISNUMBER(T52),T52,0),U53/$N51),1)","v":{"v":1,"d":"100.00%"}},{"$f":"MIN(IF($B53,V51+IF(ISNUMBER(U52),U52,0),V53/$N51),1)","v":{"v":1,"d":"100.00%"}},{"$f":"MIN(IF($B53,W51+IF(ISNUMBER(V52),V52,0),W53/$N51),1)","v":{"v":1,"d":"100.00%"}},{"$nulls":5},{"$f":"MIN(IF($B53,AC51+IF(ISNUMBER(AB52),AB52,0),AC53/$N51),1)","v":{"v":0,"d":"0.00%"}}]
[{"$f":"OFFSET(A53,-CFF.NumLinha,0)+1","v":12},{"$f":"$C53>=OFFSET($C53,CFF.NumLinha,0)","v":true},{"$f":"INDEX(PO!A$12:A$134,MATCH($A53,PO!$V$12:$V$134,0))","v":2},{"$f":"IF(ISERROR(J53),I53,SMALL(I53:J53,1))-1","v":2},{"$f":"IF($C53=1,OFFSET(E53,-CFF.NumLinha,0)+1,OFFSET(E53,-CFF.NumLinha,0))","v":4},{"$f":"IF($C53=1,0,IF($C53=2,OFFSET(F53,-CFF.NumLinha,0)+1,OFFSET(F53,-CFF.NumLinha,0)))","v":3},{"$f":"IF(AND($C53<=2,$C53<>0),0,IF($C53=3,OFFSET(G53,-CFF.NumLinha,0)+1,OFFSET(G53,-CFF.NumLinha,0)))","v":0},{"$f":"IF(AND($C53<=3,$C53<>0),0,IF($C53=4,OFFSET(H53,-CFF.NumLinha,0)+1,OFFSET(H53,-CFF.NumLinha,0)))","v":0},{"$f":"MATCH(0,OFFSET($D53,1,$C53,ROW($A$66)-ROW($A53)),0)","v":9},{"$f":"MATCH(OFFSET($D53,0,$C53)+1,OFFSET($D53,1,$C53,ROW($A$66)-ROW($A53)),0)","v":3},{"$f":"ROUND(INDEX(PO!T$12:T$134,MATCH($A53,PO!$V$12:$V$134,0)),2)+10^-12","v":{"v":48378.74,"d":"48,378.74"}},{"$nulls":3},"Acumulado (R$)",{"$f":"IF($B53,ROUND(P52*$N51,2),ROUND(SUMIF(OFFSET($B53,1,0,$D53),TRUE,OFFSET(P53,1,0,$D53))/SUMIF(OFFSET($B53,1,0,$D53),TRUE,OFFSET($K53,1,0,$D53))*$N51,2))","v":{"v":0,"d":"0.00"}},{"v":0,"d":"0.00"},{"v":0,"d":"0.00"},{"v":24189.37,"d":"24,189.37"},{"v":48378.74,"d":"48,378.74"},{"v":48378.74,"d":"48,378.74"},{"v":48378.74,"d":"48,378.74"},{"v":48378.74,"d":"48,378.74"},{"$nulls":5},{"$f":"IF($B53,ROUND(AC52*$N51,2),ROUND(SUMIF(OFFSET($B53,1,0,$D53),TRUE,OFFSET(AC53,1,0,$D53))/SUMIF(OFFSET($B53,1,0,$D53),TRUE,OFFSET($K53,1,0,$D53))*$N51,2))","v":{"v":0,"d":"0.00"}}]
[{"$nulls":11},{"$f":"INDEX(PO!K$12:K$134,MATCH($A56,PO!$V$12:$V$134,0))","v":"4.4."},{"$f":"INDEX(PO!N$12:N$134,MATCH($A56,PO!$V$12:$V$134,0))","v":"EQUIPAMENTO SANITÁRIO"},{"$f":"IF(ROUND(K56,2)=0,K56,ROUND(K56,2))","v":{"v":24502.8,"d":"24,502.80"}},"Parcela (%)",{"$f":"IF($B56,0,P55-IF(ISNUMBER(O55),O55,0))","v":{"v":0,"d":"0.00%"}},{"$f":"IF($B56,0,Q55-IF(ISNUMBER(P55),P55,0))","v":{"v":0,"d":"0.00%"}},{"$f":"IF($B56,0,R55-IF(ISNUMBER(Q55),Q55,0))","v":{"v":0,"d":"0.00%"}},{"v":1,"d":"100.00%"},{"$f":"IF($B56,0,T55-IF(ISNUMBER(S55),S55,0))","v":{"v":0,"d":"0.00%"}},{"$f":"IF($B56,0,U55-IF(ISNUMBER(T55),T55,0))","v":{"v":0,"d":"0.00%"}},{"$f":"IF($B56,0,V55-IF(ISNUMBER(U55),U55,0))","v":{"v":0,"d":"0.00%"}},{"$f":"IF($B56,0,W55-IF(ISNUMBER(V55),V55,0))","v":{"v":0,"d":"0.00%"}},{"$nulls":5},{"$f":"IF($B56,0,AC55-IF(ISNUMBER(AB55),AB55,0))","v":{"v":0,"d":"0.00%"}}]
[{"$nulls":14},"Acumulado (%)",{"$f":"MIN(IF($B56,P54+IF(ISNUMBER(O55),O55,0),P56/$N54),1)","v":{"v":0,"d":"0.00%"}},{"$f":"MIN(IF($B56,Q54+IF(ISNUMBER(P55),P55,0),Q56/$N54),1)","v":{"v":0,"d":"0.00%"}},{"$f":"MIN(IF($B56,R54+IF(ISNUMBER(Q55),Q55,0),R56/$N54),1)","v":{"v":0,"d":"0.00%"}},{"$f":"MIN(IF($B56,S54+IF(ISNUMBER(R55),R55,0),S56/$N54),1)","v":{"v":1,"d":"100.00%"}},{"$f":"MIN(IF($B56,T54+IF(ISNUMBER(S55),S55,0),T56/$N54),1)","v":{"v":1,"d":"100.00%"}},{"$f":"MIN(IF($B56,U54+IF(ISNUMBER(T55),T55,0),U56/$N54),1)","v":{"v":1,"d":"100.00%"}},{"$f":"MIN(IF($B56,V54+IF(ISNUMBER(U55),U55,0),V56/$N54),1)","v":{"v":1,"d":"100.00%"}},{"$f":"MIN(IF($B56,W54+IF(ISNUMBER(V55),V55,0),W56/$N54),1)","v":{"v":1,"d":"100.00%"}},{"$nulls":5},{"$f":"MIN(IF($B56,AC54+IF(ISNUMBER(AB55),AB55,0),AC56/$N54),1)","v":{"v":0,"d":"0.00%"}}]
[{"$f":"OFFSET(A56,-CFF.NumLinha,0)+1","v":13},{"$f":"$C56>=OFFSET($C56,CFF.NumLinha,0)","v":true},{"$f":"INDEX(PO!A$12:A$134,MATCH($A56,PO!$V$12:$V$134,0))","v":2},{"$f":"IF(ISERROR(J56),I56,SMALL(I56:J56,1))-1","v":2},{"$f":"IF($C56=1,OFFSET(E56,-CFF.NumLinha,0)+1,OFFSET(E56,-CFF.NumLinha,0))","v":4},{"$f":"IF($C56=1,0,IF($C56=2,OFFSET(F56,-CFF.NumLinha,0)+1,OFFSET(F56,-CFF.NumLinha,0)))","v":4},{"$f":"IF(AND($C56<=2,$C56<>0),0,IF($C56=3,OFFSET(G56,-CFF.NumLinha,0)+1,OFFSET(G56,-CFF.NumLinha,0)))","v":0},{"$f":"IF(AND($C56<=3,$C56<>0),0,IF($C56=4,OFFSET(H56,-CFF.NumLinha,0)+1,OFFSET(H56,-CFF.NumLinha,0)))","v":0},{"$f":"MATCH(0,OFFSET($D56,1,$C56,ROW($A$66)-ROW($A56)),0)","v":6},{"$f":"MATCH(OFFSET($D56,0,$C56)+1,OFFSET($D56,1,$C56,ROW($A$66)-ROW($A56)),0)","v":3},{"$f":"ROUND(INDEX(PO!T$12:T$134,MATCH($A56,PO!$V$12:$V$134,0)),2)+10^-12","v":{"v":24502.8,"d":"24,502.80"}},{"$nulls":3},"Acumulado (R$)",{"$f":"IF($B56,ROUND(P55*$N54,2),ROUND(SUMIF(OFFSET($B56,1,0,$D56),TRUE,OFFSET(P56,1,0,$D56))/SUMIF(OFFSET($B56,1,0,$D56),TRUE,OFFSET($K56,1,0,$D56))*$N54,2))","v":{"v":0,"d":"0.00"}},{"v":0,"d":"0.00"},{"v":0,"d":"0.00"},{"v":24502.8,"d":"24,502.80"},{"v":24502.8,"d":"24,502.80"},{"v":24502.8,"d":"24,502.80"},{"v":24502.8,"d":"24,502.80"},{"v":24502.8,"d":"24,502.80"},{"$nulls":5},{"$f":"IF($B56,ROUND(AC55*$N54,2),ROUND(SUMIF(OFFSET($B56,1,0,$D56),TRUE,OFFSET(AC56,1,0,$D56))/SUMIF(OFFSET($B56,1,0,$D56),TRUE,OFFSET($K56,1,0,$D56))*$N54,2))","v":{"v":0,"d":"0.00"}}]
[{"$nulls":11},{"$f":"INDEX(PO!K$12:K$134,MATCH($A59,PO!$V$12:$V$134,0))","v":"4.5."},{"$f":"INDEX(PO!N$12:N$134,MATCH($A59,PO!$V$12:$V$134,0))","v":"INSTALAÇÕES DE ÁGUA FRIA E ESGOTO SANITÁRIO"},{"$f":"IF(ROUND(K59,2)=0,K59,ROUND(K59,2))","v":{"v":14064.58,"d":"14,064.58"}},"Parcela (%)",{"$f":"IF($B59,0,P58-IF(ISNUMBER(O58),O58,0))","v":{"v":0,"d":"0.00%"}},{"$f":"IF($B59,0,Q58-IF(ISNUMBER(P58),P58,0))","v":{"v":0,"d":"0.00%"}},{"v":1,"d":"100.00%"},{"$f":"IF($B59,0,S58-IF(ISNUMBER(R58),R58,0))","v":{"v":0,"d":"0.00%"}},{"$f":"IF($B59,0,T58-IF(ISNUMBER(S58),S58,0))","v":{"v":0,"d":"0.00%"}},{"$f":"IF($B59,0,U58-IF(ISNUMBER(T58),T58,0))","v":{"v":0,"d":"0.00%"}},{"$f":"IF($B59,0,V58-IF(ISNUMBER(U58),U58,0))","v":{"v":0,"d":"0.00%"}},{"$f":"IF($B59,0,W58-IF(ISNUMBER(V58),V58,0))","v":{"v":0,"d":"0.00%"}},{"$nulls":5},{"$f":"IF($B59,0,AC58-IF(ISNUMBER(AB58),AB58,0))","v":{"v":0,"d":"0.00%"}}]
[{"$nulls":14},"Acumulado (%)",{"$f":"MIN(IF($B59,P57+IF(ISNUMBER(O58),O58,0),P59/$N57),1)","v":{"v":0,"d":"0.00%"}},{"$f":"MIN(IF($B59,Q57+IF(ISNUMBER(P58),P58,0),Q59/$N57),1)","v":{"v":0,"d":"0.00%"}},{"$f":"MIN(IF($B59,R57+IF(ISNUMBER(Q58),Q58,0),R59/$N57),1)","v":{"v":1,"d":"100.00%"}},{"$f":"MIN(IF($B59,S57+IF(ISNUMBER(R58),R58,0),S59/$N57),1)","v":{"v":1,"d":"100.00%"}},{"$f":"MIN(IF($B59,T57+IF(ISNUMBER(S58),S58,0),T59/$N57),1)","v":{"v":1,"d":"100.00%"}},{"$f":"MIN(IF($B59,U57+IF(ISNUMBER(T58),T58,0),U59/$N57),1)","v":{"v":1,"d":"100.00%"}},{"$f":"MIN(IF($B59,V57+IF(ISNUMBER(U58),U58,0),V59/$N57),1)","v":{"v":1,"d":"100.00%"}},{"$f":"MIN(IF($B59,W57+IF(ISNUMBER(V58),V58,0),W59/$N57),1)","v":{"v":1,"d":"100.00%"}},{"$nulls":5},{"$f":"MIN(IF($B59,AC57+IF(ISNUMBER(AB58),AB58,0),AC59/$N57),1)","v":{"v":0,"d":"0.00%"}}]
[{"$f":"OFFSET(A59,-CFF.NumLinha,0)+1","v":14},{"$f":"$C59>=OFFSET($C59,CFF.NumLinha,0)","v":true},{"$f":"INDEX(PO!A$12:A$134,MATCH($A59,PO!$V$12:$V$134,0))","v":2},{"$f":"IF(ISERROR(J59),I59,SMALL(I59:J59,1))-1","v":2},{"$f":"IF($C59=1,OFFSET(E59,-CFF.NumLinha,0)+1,OFFSET(E59,-CFF.NumLinha,0))","v":4},{"$f":"IF($C59=1,0,IF($C59=2,OFFSET(F59,-CFF.NumLinha,0)+1,OFFSET(F59,-CFF.NumLinha,0)))","v":5},{"$f":"IF(AND($C59<=2,$C59<>0),0,IF($C59=3,OFFSET(G59,-CFF.NumLinha,0)+1,OFFSET(G59,-CFF.NumLinha,0)))","v":0},{"$f":"IF(AND($C59<=3,$C59<>0),0,IF($C59=4,OFFSET(H59,-CFF.NumLinha,0)+1,OFFSET(H59,-CFF.NumLinha,0)))","v":0},{"$f":"MATCH(0,OFFSET($D59,1,$C59,ROW($A$66)-ROW($A59)),0)","v":3},{"$f":"MATCH(OFFSET($D59,0,$C59)+1,OFFSET($D59,1,$C59,ROW($A$66)-ROW($A59)),0)","v":{"$error":"#N/A"}},{"$f":"ROUND(INDEX(PO!T$12:T$134,MATCH($A59,PO!$V$12:$V$134,0)),2)+10^-12","v":{"v":14064.580000000002,"d":"14,064.58"}},{"$nulls":3},"Acumulado (R$)",{"$f":"IF($B59,ROUND(P58*$N57,2),ROUND(SUMIF(OFFSET($B59,1,0,$D59),TRUE,OFFSET(P59,1,0,$D59))/SUMIF(OFFSET($B59,1,0,$D59),TRUE,OFFSET($K59,1,0,$D59))*$N57,2))","v":{"v":0,"d":"0.00"}},{"v":0,"d":"0.00"},{"v":14064.58,"d":"14,064.58"},{"v":14064.58,"d":"14,064.58"},{"v":14064.58,"d":"14,064.58"},{"v":14064.58,"d":"14,064.58"},{"v":14064.58,"d":"14,064.58"},{"v":14064.58,"d":"14,064.58"},{"$nulls":5},{"$f":"IF($B59,ROUND(AC58*$N57,2),ROUND(SUMIF(OFFSET($B59,1,0,$D59),TRUE,OFFSET(AC59,1,0,$D59))/SUMIF(OFFSET($B59,1,0,$D59),TRUE,OFFSET($K59,1,0,$D59))*$N57,2))","v":{"v":0,"d":"0.00"}}]
[{"$nulls":11},{"$f":"INDEX(PO!K$12:K$134,MATCH($A62,PO!$V$12:$V$134,0))","v":"5."},{"$f":"INDEX(PO!N$12:N$134,MATCH($A62,PO!$V$12:$V$134,0))","v":"MURO DE CONTENÇÃO"},{"$f":"IF(ROUND(K62,2)=0,K62,ROUND(K62,2))","v":{"v":27645.73,"d":"27,645.73"}},"Parcela (%)",{"v":0.25,"d":"25.00%"},{"v":0.75,"d":"75.00%"},{"$f":"IF($B62,0,R61-IF(ISNUMBER(Q61),Q61,0))","v":{"v":0,"d":"0.00%"}},{"$f":"IF($B62,0,S61-IF(ISNUMBER(R61),R61,0))","v":{"v":0,"d":"0.00%"}},{"$f":"IF($B62,0,T61-IF(ISNUMBER(S61),S61,0))","v":{"v":0,"d":"0.00%"}},{"$f":"IF($B62,0,U61-IF(ISNUMBER(T61),T61,0))","v":{"v":0,"d":"0.00%"}},{"$f":"IF($B62,0,V61-IF(ISNUMBER(U61),U61,0))","v":{"v":0,"d":"0.00%"}},{"$f":"IF($B62,0,W61-IF(ISNUMBER(V61),V61,0))","v":{"v":0,"d":"0.00%"}},{"$nulls":5},{"$f":"IF($B62,0,AC61-IF(ISNUMBER(AB61),AB61,0))","v":{"v":0,"d":"0.00%"}}]
[{"$nulls":14},"Acumulado (%)",{"$f":"MIN(IF($B62,P60+IF(ISNUMBER(O61),O61,0),P62/$N60),1)","v":{"v":0.25,"d":"25.00%"}},{"$f":"MIN(IF($B62,Q60+IF(ISNUMBER(P61),P61,0),Q62/$N60),1)","v":{"v":1,"d":"100.00%"}},{"$f":"MIN(IF($B62,R60+IF(ISNUMBER(Q61),Q61,0),R62/$N60),1)","v":{"v":1,"d":"100.00%"}},{"$f":"MIN(IF($B62,S60+IF(ISNUMBER(R61),R61,0),S62/$N60),1)","v":{"v":1,"d":"100.00%"}},{"$f":"MIN(IF($B62,T60+IF(ISNUMBER(S61),S61,0),T62/$N60),1)","v":{"v":1,"d":"100.00%"}},{"$f":"MIN(IF($B62,U60+IF(ISNUMBER(T61),T61,0),U62/$N60),1)","v":{"v":1,"d":"100.00%"}},{"$f":"MIN(IF($B62,V60+IF(ISNUMBER(U61),U61,0),V62/$N60),1)","v":{"v":1,"d":"100.00%"}},{"$f":"MIN(IF($B62,W60+IF(ISNUMBER(V61),V61,0),W62/$N60),1)","v":{"v":1,"d":"100.00%"}},{"$nulls":5},{"$f":"MIN(IF($B62,AC60+IF(ISNUMBER(AB61),AB61,0),AC62/$N60),1)","v":{"v":0,"d":"0.00%"}}]
[{"$f":"OFFSET(A62,-CFF.NumLinha,0)+1","v":15},{"$f":"$C62>=OFFSET($C62,CFF.NumLinha,0)","v":true},{"$f":"INDEX(PO!A$12:A$134,MATCH($A62,PO!$V$12:$V$134,0))","v":1},{"$f":"IF(ISERROR(J62),I62,SMALL(I62:J62,1))-1","v":2},{"$f":"IF($C62=1,OFFSET(E62,-CFF.NumLinha,0)+1,OFFSET(E62,-CFF.NumLinha,0))","v":5},{"$f":"IF($C62=1,0,IF($C62=2,OFFSET(F62,-CFF.NumLinha,0)+1,OFFSET(F62,-CFF.NumLinha,0)))","v":0},{"$f":"IF(AND($C62<=2,$C62<>0),0,IF($C62=3,OFFSET(G62,-CFF.NumLinha,0)+1,OFFSET(G62,-CFF.NumLinha,0)))","v":0},{"$f":"IF(AND($C62<=3,$C62<>0),0,IF($C62=4,OFFSET(H62,-CFF.NumLinha,0)+1,OFFSET(H62,-CFF.NumLinha,0)))","v":0},{"$f":"MATCH(0,OFFSET($D62,1,$C62,ROW($A$66)-ROW($A62)),0)","v":4},{"$f":"MATCH(OFFSET($D62,0,$C62)+1,OFFSET($D62,1,$C62,ROW($A$66)-ROW($A62)),0)","v":3},{"$f":"ROUND(INDEX(PO!T$12:T$134,MATCH($A62,PO!$V$12:$V$134,0)),2)+10^-12","v":{"v":27645.73,"d":"27,645.73"}},{"$nulls":3},"Acumulado (R$)",{"$f":"IF($B62,ROUND(P61*$N60,2),ROUND(SUMIF(OFFSET($B62,1,0,$D62),TRUE,OFFSET(P62,1,0,$D62))/SUMIF(OFFSET($B62,1,0,$D62),TRUE,OFFSET($K62,1,0,$D62))*$N60,2))","v":{"v":6911.43,"d":"6,911.43"}},{"v":27645.73,"d":"27,645.73"},{"v":27645.73,"d":"27,645.73"},{"v":27645.73,"d":"27,645.73"},{"v":27645.73,"d":"27,645.73"},{"v":27645.73,"d":"27,645.73"},{"v":27645.73,"d":"27,645.73"},{"v":27645.73,"d":"27,645.73"},{"$nulls":5},{"$f":"IF($B62,ROUND(AC61*$N60,2),ROUND(SUMIF(OFFSET($B62,1,0,$D62),TRUE,OFFSET(AC62,1,0,$D62))/SUMIF(OFFSET($B62,1,0,$D62),TRUE,OFFSET($K62,1,0,$D62))*$N60,2))","v":{"v":0,"d":"0.00"}}]
[{"$nulls":11},{"$f":"INDEX(PO!K$12:K$134,MATCH($A65,PO!$V$12:$V$134,0))","v":"6."},{"$f":"INDEX(PO!N$12:N$134,MATCH($A65,PO!$V$12:$V$134,0))","v":"SERVIÇOS FINAIS"},{"$f":"IF(ROUND(K65,2)=0,K65,ROUND(K65,2))","v":{"v":1045.08,"d":"1,045.08"}},"Parcela (%)",{"$f":"IF($B65,0,P64-IF(ISNUMBER(O64),O64,0))","v":{"v":0,"d":"0.00%"}},{"$f":"IF($B65,0,Q64-IF(ISNUMBER(P64),P64,0))","v":{"v":0,"d":"0.00%"}},{"$f":"IF($B65,0,R64-IF(ISNUMBER(Q64),Q64,0))","v":{"v":0,"d":"0.00%"}},{"$f":"IF($B65,0,S64-IF(ISNUMBER(R64),R64,0))","v":{"v":0,"d":"0.00%"}},{"v":1,"d":"100.00%"},{"$f":"IF($B65,0,U64-IF(ISNUMBER(T64),T64,0))","v":{"v":0,"d":"0.00%"}},{"$f":"IF($B65,0,V64-IF(ISNUMBER(U64),U64,0))","v":{"v":0,"d":"0.00%"}},{"$f":"IF($B65,0,W64-IF(ISNUMBER(V64),V64,0))","v":{"v":0,"d":"0.00%"}},{"$nulls":5},{"$f":"IF($B65,0,AC64-IF(ISNUMBER(AB64),AB64,0))","v":{"v":0,"d":"0.00%"}}]
[{"$nulls":14},"Acumulado (%)",{"$f":"MIN(IF($B65,P63+IF(ISNUMBER(O64),O64,0),P65/$N63),1)","v":{"v":0,"d":"0.00%"}},{"$f":"MIN(IF($B65,Q63+IF(ISNUMBER(P64),P64,0),Q65/$N63),1)","v":{"v":0,"d":"0.00%"}},{"$f":"MIN(IF($B65,R63+IF(ISNUMBER(Q64),Q64,0),R65/$N63),1)","v":{"v":0,"d":"0.00%"}},{"$f":"MIN(IF($B65,S63+IF(ISNUMBER(R64),R64,0),S65/$N63),1)","v":{"v":0,"d":"0.00%"}},{"$f":"MIN(IF($B65,T63+IF(ISNUMBER(S64),S64,0),T65/$N63),1)","v":{"v":1,"d":"100.00%"}},{"$f":"MIN(IF($B65,U63+IF(ISNUMBER(T64),T64,0),U65/$N63),1)","v":{"v":1,"d":"100.00%"}},{"$f":"MIN(IF($B65,V63+IF(ISNUMBER(U64),U64,0),V65/$N63),1)","v":{"v":1,"d":"100.00%"}},{"$f":"MIN(IF($B65,W63+IF(ISNUMBER(V64),V64,0),W65/$N63),1)","v":{"v":1,"d":"100.00%"}},{"$nulls":5},{"$f":"MIN(IF($B65,AC63+IF(ISNUMBER(AB64),AB64,0),AC65/$N63),1)","v":{"v":0,"d":"0.00%"}}]
[{"$f":"OFFSET(A65,-CFF.NumLinha,0)+1","v":16},{"$f":"$C65>=OFFSET($C65,CFF.NumLinha,0)","v":true},{"$f":"INDEX(PO!A$12:A$134,MATCH($A65,PO!$V$12:$V$134,0))","v":1},{"$f":"IF(ISERROR(J65),I65,SMALL(I65:J65,1))-1","v":0},{"$f":"IF($C65=1,OFFSET(E65,-CFF.NumLinha,0)+1,OFFSET(E65,-CFF.NumLinha,0))","v":6},{"$f":"IF($C65=1,0,IF($C65=2,OFFSET(F65,-CFF.NumLinha,0)+1,OFFSET(F65,-CFF.NumLinha,0)))","v":0},{"$f":"IF(AND($C65<=2,$C65<>0),0,IF($C65=3,OFFSET(G65,-CFF.NumLinha,0)+1,OFFSET(G65,-CFF.NumLinha,0)))","v":0},{"$f":"IF(AND($C65<=3,$C65<>0),0,IF($C65=4,OFFSET(H65,-CFF.NumLinha,0)+1,OFFSET(H65,-CFF.NumLinha,0)))","v":0},{"$f":"MATCH(0,OFFSET($D65,1,$C65,ROW($A$66)-ROW($A65)),0)","v":1},{"$f":"MATCH(OFFSET($D65,0,$C65)+1,OFFSET($D65,1,$C65,ROW($A$66)-ROW($A65)),0)","v":{"$error":"#N/A"}},{"$f":"ROUND(INDEX(PO!T$12:T$134,MATCH($A65,PO!$V$12:$V$134,0)),2)+10^-12","v":{"v":1045.0800000000008,"d":"1,045.08"}},{"$nulls":3},"Acumulado (R$)",{"$f":"IF($B65,ROUND(P64*$N63,2),ROUND(SUMIF(OFFSET($B65,1,0,$D65),TRUE,OFFSET(P65,1,0,$D65))/SUMIF(OFFSET($B65,1,0,$D65),TRUE,OFFSET($K65,1,0,$D65))*$N63,2))","v":{"v":0,"d":"0.00"}},{"v":0,"d":"0.00"},{"v":0,"d":"0.00"},{"v":0,"d":"0.00"},{"v":1045.08,"d":"1,045.08"},{"v":1045.08,"d":"1,045.08"},{"v":1045.08,"d":"1,045.08"},{"v":1045.08,"d":"1,045.08"},{"$nulls":5},{"$f":"IF($B65,ROUND(AC64*$N63,2),ROUND(SUMIF(OFFSET($B65,1,0,$D65),TRUE,OFFSET(AC65,1,0,$D65))/SUMIF(OFFSET($B65,1,0,$D65),TRUE,OFFSET($K65,1,0,$D65))*$N63,2))","v":{"v":0,"d":"0.00"}}]
[null,null,-1,null,0,0,0,0]
[]
[{"$nulls":11},{"$f":"DADOS!I32","v":0}]
[{"$nulls":11},"Local"]
[]
[{"$nulls":11},{"$f":"PO!K148","v":"2020-08-25"}]
[{"$nulls":11},"Data"]